{"text_format":"3","workbook":"xlsx","n_sheets":18,"sheets":["F2  PLAN ANUAL DE COMPRAS AP...","F4  PLANES DE ACCIÓN Y EJECU...","F7.1  RELACIÓN PROYECTOS FIN...","F7.2  RELACIÓN PROYECTOS DES...","F8.1  COMPROMISOS PRESUPUEST...","F8.4  TRÁMITES OTORGADOS POR...","F8.6.1.1  PLAN INSTITUCIONAL...","F8.6.1.3.1.5  FUENTES INFORM...","F8.6.1.3.1.5  INDIC DE GESTI...","F8.7  ESTUDIOS DE VALORACIÓN...","F9  RELACIÓN DE PROCESOS JUD...","F25  PROG PPTAL GASTOS EMPR ...","F25.2  TRANSFERENCIAS PRESUP...","F25.3  AUTORIZACIÓN DE NOTIF...","F39.1.1  ACTIVIDADES DE LA P...","F39.1.2  ACTIVIDADES Y RESUL...","F39.1.3  RESULTADOS DE LA PA...","F39.2  ACCIONES PARA GARANTI..."],"not_rendered":{"images":1},"read":"whole","date_system":"1900"}

{"sheet":"F2  PLAN ANUAL DE COMPRAS AP...","index":0,"n_rows":351011,"n_cols":20,"rows_kept":351011,"merged":[[7,1,7,19],[163,1,163,19]]}
[null,"Tipo Modalidad",51,"M-1: CUENTA O INFORME ANUAL CONSOLIDADO"]
[null,"Formulario",2,"F2: PLAN ANUAL DE COMPRAS APROBADO"]
[null,"Moneda Informe",1]
[null,"Entidad",104]
[null,"Fecha","2019-12-31"]
[null,"Periodicidad",12,"ANUAL"]
[]
["[2]","0 INFORMACIÓN DE PLAN DE COMPRAS (Registre las cifras en PESOS)"]
[null,null,2,3,4,8,12,16,20,24,28,32,36,40,44,48,52,55,56,60]
[null,null,"FORMULARIO CON INFORMACION","JUSTIFICACION","ACTO ADMINISTRATIVO DE APROBACIÓN","DESCRIPCIÓN DE LOS BIENES O SERVICIOS","MODALIDAD DE ADQUISICIÓN REALIZADO","CÓDIGO DEL RUBRO PRESUPUESTAL A AFECTAR","CANTIDAD DE BIENES O SERVICIOS ESTIMADOS A COMPRAR / NÚMERO","CANTIDAD DE BIENES O SERVICIOS ESTIMADOS A COMPRAR / UNIDAD DE MEDIDA","CANTIDAD DE BIENES O SERVICIOS ESTIMADOS A COMPRAR / PRECIO UNITARIO ESTIMADO","CANTIDAD DE BIENES O SERVICIOS ESTIMADOS A COMPRAR / VALOR TOTAL ESTIMADO","FECHA ESTIMADA DE LA COMPRA","CANTIDAD DE BIENES O SERVICIOS ADQUIRIDOS / NÚMERO","CANTIDAD DE BIENES O SERVICIOS ADQUIRIDOS / UNIDAD DE MEDIDA","CANTIDAD DE BIENES O SERVICIOS ADQUIRIDOS / PRECIO UNITARIO","CANTIDAD DE BIENES O SERVICIOS ADQUIRIDOS / VALOR TOTAL","No. CERTIFICADO DE DISPONIBLIDAD PRESUSPUESTAL - CDP","FECHA DE REALIZACIÓN DE LA COMPRA","OBSERVACIONES"]
[1,"FILA_1","1 SI","","","AZUCAR ALTA PUREZA REFINADA GRANULADA  EN SOLSA  DE POLIETILENO X 200 SOBRE PRESENTACION 5 GRAMOS","7 SELECCIÓN ABREVIADA","A020201002",310,"LIBRA",4679,1450490,"2019/01/24",310,"LIBRA",4679,1450490,"19-58-186-299","2019/01/24","Invitacion publica 001 de 2019; Contrato 012 de 2019 y Cto 033 de 2019"]
[2,"FILA_2","1 SI","","","CAFÉ TOTAL MOLIDO TIPO FUERTE GRADO DE TOSTION 180-190 MOLIDA FINA ESCALA 450 X 500GR","7 SELECCIÓN ABREVIADA","A020201002",335,"LIBRA",9810,3286350,"2019/01/24",335,"LIBRA",9810,3286350,"19-58-186-299","2019/01/24","Invitacion publica 001 de 2019; Contrato 012 de 2019 y Cto 033 de 2019"]
[3,"FILA_3","1 SI","","","AGUA EN BOLSA 100% NATURAL","7 SELECCIÓN ABREVIADA","A020201002",5,"Paca x 25",3800,19000,"2019/01/24",5,"Paca x 25",3800,19000,"58","2019/01/24","Invitacion publica 001 de 2019; Contrato 012 de 2019 y Cto 033 de 2019"]
[4,"FILA_4","1 SI","","","AGUA EN BOTELLON X 20 LTS 100% NATURAL","7 SELECCIÓN ABREVIADA","A020201002",1203,"UNIDAD",6450,7759350,"2019/01/24",1203,"UNIDAD",6450,7759350,"19-58-186-299","2019/01/24","Invitacion publica 001 de 2019; Contrato 012 de 2019 y Cto 033 de 2019"]
[5,"FILA_5","1 SI","","","BEBIDA AROMATICA SURTIDAS POR 20 BOLSITA 100% PURA","7 SELECCIÓN ABREVIADA","A020201002",177,"cajax20",3480,615960,"2019/01/24",177,"cajax20",3480,615960,"58-186-299","2019/01/24","Invitacion publica 001 de 2019; Contrato 012 de 2019 y Cto 033 de 2019"]
[6,"FILA_6","1 SI","","","BAYETILLA ALGODON BLANCA","7 SELECCIÓN ABREVIADA","A020201002",65,"METRO",2726,177190,"2019/01/24",65,"METRO",2726,177190,"58-186-299","2019/01/24","Invitacion publica 001 de 2019; Contrato 012 de 2019 y Cto 033 de 2019"]
[7,"FILA_7","1 SI","","","BAYETILLA ALGODON ROJA","7 SELECCIÓN ABREVIADA","A020201002",65,"METRO",2726,177190,"2019/01/24",65,"METRO",2726,177190,"58-186-299","2019/01/24","Invitacion publica 001 de 2019; Contrato 012 de 2019 y Cto 033 de 2019"]
[8,"FILA_8","1 SI","","","TAPABOCAS DESECHABLES  RE: MK-1247 WHITE EAR LOOP","7 SELECCIÓN ABREVIADA","A020201002",15,"caja x50",15172,227580,"2019/01/24",15,"caja x50",15172,227580,"58","2019/01/24","Invitacion publica 001 de 2019; Contrato 012 de 2019 y Cto 033 de 2019"]
[9,"FILA_9","1 SI","","","TRAPERO FABRICADO EN FIBRA DE ALGODÓN DE FIBRA  35CMS, MANGO EN MADERA DE 140 CMS","7 SELECCIÓN ABREVIADA","A020201002",50,"UNIDAD",7235,361750,"2019/01/24",50,"UNIDAD",7235,361750,"58-186","2019/01/24","Invitacion publica 001 de 2019; Contrato 012 de 2019 y Cto 033 de 2019"]
[10,"FILA_10","1 SI","","","TRAPERO PINZA CON MOPA ABSORVENTE","7 SELECCIÓN ABREVIADA","A020201002",2,"UNIDAD",18207,36414,"2019/01/24",2,"UNIDAD",18207,36414,"58","2019/01/24","Invitacion publica 001 de 2019; Contrato 012 de 2019 y Cto 033 de 2019"]
[11,"FILA_11","1 SI","","","BOLSA PARA COLAR CAFÉ GRECA GRECA DE 30 POCILLOS","7 SELECCIÓN ABREVIADA","A020201002",12,"UNIDAD",6069,72828,"2019/01/24",12,"UNIDAD",6069,72828,"19","2019/01/24","Invitacion publica 001 de 2019; Contrato 012 de 2019 y Cto 033 de 2019"]
[12,"FILA_12","1 SI","","","PAPEL HIGIENICO DOBLE HOJA, NATURAL ECOLOGICO Y HOJA DOBLE PARA DISPENSADOR DE 250M DE LARGO X 11.5 DE ANCHO,","7 SELECCIÓN ABREVIADA","A020201003",108,"Paquete x 4",61589,6651612,"2019/01/24",108,"Paquete x 4",61589,6651612,"19-58-186-385","2019/01/24","Invitacion publica 001 de 2019; Contrato 012 de 2019 y Cto 033 de 2019"]
[13,"FILA_13","1 SI","","","TOALLAS EN Z NATURAL, ECOLOGICA HOJA DOBLE DESECHABLES","7 SELECCIÓN ABREVIADA","A020201003",36,"Paquete x 150",8861,318996,"2019/01/24",36,"Paquete x 150",8861,318996,"58-186-299","2019/01/24","Invitacion publica 001 de 2019; Contrato 012 de 2019 y Cto 033 de 2019"]
[14,"FILA_14","1 SI","","","SERVILLETAS NATURAL Y ECOLOGICA","7 SELECCIÓN ABREVIADA","A020201003",26,"Paquete x1000",3089,80314,"2019/01/24",26,"Paquete x1000",3089,80314,"19-58-385","2019/01/24","Invitacion publica 001 de 2019; Contrato 012 de 2019 y Cto 033 de 2019"]
[15,"FILA_15","1 SI","","","AMBIENTADOR ELECTRICO TIPO SPRAY X 500 CC CON FRAGANCIA","7 SELECCIÓN ABREVIADA","A020201003",10,"UNIDAD",12138,121380,"2019/01/24",10,"UNIDAD",12138,121380,"58-385","2019/01/24","Invitacion publica 001 de 2019; Contrato 012 de 2019 y Cto 033 de 2019"]
[16,"FILA_16","1 SI","","","VARSOL MULTIUSO","7 SELECCIÓN ABREVIADA","A020201003",4,"GALON",22259,89036,"2019/01/24",4,"GALON",22259,89036,"19-58-385","2019/01/24","Invitacion publica 001 de 2019; Contrato 012 de 2019 y Cto 033 de 2019"]
[17,"FILA_17","1 SI","","","REPUESTO LIQUIDO AMBIENTADOR","7 SELECCIÓN ABREVIADA","A020201003",18,"UNIDAD",9103,163854,"2019/01/24",18,"UNIDAD",9103,163854,"19-58-385","2019/01/24","Invitacion publica 001 de 2019; Contrato 012 de 2019 y Cto 033 de 2019"]
[18,"FILA_18","1 SI","","","AMBIENTADOR SPRAY AEROSOL CONTENIDO X500ML FRESCURA AMBIENTAL","7 SELECCIÓN ABREVIADA","A020201003",18,"UNIDAD",9401,169218,"2019/01/24",18,"UNIDAD",9401,169218,"19-58-385","2019/01/24","Invitacion publica 001 de 2019; Contrato 012 de 2019 y Cto 033 de 2019"]
[19,"FILA_19","1 SI","","","BLANQUEADOR CLORO 6% CONCETRADO","7 SELECCIÓN ABREVIADA","A020201003",75,"GALON",10258,769350,"2019/01/24",75,"GALON",10258,769350,"19-58-186-299","2019/01/24","Invitacion publica 001 de 2019; Contrato 012 de 2019 y Cto 033 de 2019"]
[20,"FILA_20","1 SI","","","GUANTES DE NITRILO  ( SUPREMO SU-690-XL)","7 SELECCIÓN ABREVIADA","A020201003",10,"Caja x 100",18207,182070,"2019/01/24",10,"Caja x 100",18207,182070,"58","2019/01/24","Invitacion publica 001 de 2019; Contrato 012 de 2019 y Cto 033 de 2019"]
[21,"FILA_21","1 SI","","","CREOLINA CONCENTRADA X 4000CC","7 SELECCIÓN ABREVIADA","A020201003",4,"GALON",15173,60692,"2019/01/24",4,"GALON",15173,60692,"58-385","2019/01/24","Invitacion publica 001 de 2019; Contrato 012 de 2019 y Cto 033 de 2019"]
[22,"FILA_22","1 SI","","","DESINFECTANTE  LIQUIDO PARA PISOS CON FRAGANCIA X 4000CC CONCENTRADO","7 SELECCIÓN ABREVIADA","A020201003",77,"GALON",11994,923538,"2019/01/24",77,"GALON",11994,923538,"19-58-299","2019/01/24","Invitacion publica 001 de 2019; Contrato 012 de 2019 y Cto 033 de 2019"]
[23,"FILA_23","1 SI","","","DETERGENTE EN  POLVO NEUTRO DE USO GENERAL CON FRAGANCIA","7 SELECCIÓN ABREVIADA","A020201003",32,"LIBRA",5916,189312,"2019/01/24",32,"LIBRA",5916,189312,"58-186-299","2019/01/24","Invitacion publica 001 de 2019; Contrato 012 de 2019 y Cto 033 de 2019"]
[24,"FILA_24","1 SI","","","JABON LIQUIDO PARA MANOS X 1000CC","7 SELECCIÓN ABREVIADA","A020201003",38,"LITRO",8414,319732,"2019/01/24",38,"LITRO",8414,319732,"299-385","2019/01/24","Invitacion publica 001 de 2019; Contrato 012 de 2019 y Cto 033 de 2019"]
[25,"FILA_25","1 SI","","","JABON LIQUIDO PISOS MULTIUSOS","7 SELECCIÓN ABREVIADA","A020201003",2,"GALON",9912,19824,"2019/01/24",2,"GALON",9912,19824,"299","2019/01/24","Invitacion publica 001 de 2019; Contrato 012 de 2019 y Cto 033 de 2019"]
[26,"FILA_26","1 SI","","","LIMPIA VIDRIOS SPRAY","7 SELECCIÓN ABREVIADA","A020201003",50,"LITRO",5112,255600,"2019/01/24",50,"LITRO",5112,255600,"58-299","2019/01/24","Invitacion publica 001 de 2019; Contrato 012 de 2019 y Cto 033 de 2019"]
[27,"FILA_27","1 SI","","","JABON EN CREMA LAVAPLATOS PODER DESENGRASANTE","7 SELECCIÓN ABREVIADA","A020201003",60,"LIBRA",5272,316320,"2019/01/24",60,"LIBRA",5272,316320,"19-58-385","2019/01/24","Invitacion publica 001 de 2019; Contrato 012 de 2019 y Cto 033 de 2019"]
[28,"FILA_28","1 SI","","","GUANTES LATEX PARA ASEO NATURAL LATEX 100% NATURAL CALIBRE  NO25  TALLA 9 1/2","7 SELECCIÓN ABREVIADA","A020201003",24,"PAQUETE",4248,101952,"2019/01/24",24,"PAQUETE",4248,101952,"19-58-","2019/01/24","Invitacion publica 001 de 2019; Contrato 012 de 2019 y Cto 033 de 2019"]
[29,"FILA_29","1 SI","","","BALDE PLASTICO 12 LTS CON MANGO PLASTICO","7 SELECCIÓN ABREVIADA","A020201003",3,"UNIDAD",6069,18207,"2019/01/24",3,"UNIDAD",6069,18207,"58-","2019/01/24","Invitacion publica 001 de 2019; Contrato 012 de 2019 y Cto 033 de 2019"]
[30,"FILA_30","1 SI","","","BOLSA PARA ALTA DENSIDAD CALIBRE 0.6 BLANCA PARA CANASTA DE BAÑO 40CMX60CM","7 SELECCIÓN ABREVIADA","A020201003",10,"PAQUETE",9103,91030,"2019/01/24",10,"PAQUETE",9103,91030,"58-","2019/01/24","Invitacion publica 001 de 2019; Contrato 012 de 2019 y Cto 033 de 2019"]
[31,"FILA_31","1 SI","","","BOLSA DE BASURA TAMAÑO JUMBO BIODEGRADABLES","7 SELECCIÓN ABREVIADA","A020201003",105,"PAQUETE",15086,1584030,"2019/01/24",105,"PAQUETE",15086,1584030,"299-58-186","2019/01/24","Invitacion publica 001 de 2019; Contrato 012 de 2019 y Cto 033 de 2019"]
[32,"FILA_32","1 SI","","","BOLSAS DE BASURA POLIETILENO GRANDE CALIBRE NO.1.3 DENSIDAD BAJA DE 60 CM X 78CM NEGRA","7 SELECCIÓN ABREVIADA","A020201003",131,"PAQUETE",16624,2177744,"2019/01/24",131,"PAQUETE",16624,2177744,"299-58-186","2019/01/24","Invitacion publica 001 de 2019; Contrato 012 de 2019 y Cto 033 de 2019"]
[33,"FILA_33","1 SI","","","MEZCLADORES PARA BEBIDAS CALIENTES EN POLIETILENO COLOR BLANCO","7 SELECCIÓN ABREVIADA","A020201003",54,"PAQUETE",1973,106542,"2019/01/24",54,"PAQUETE",1973,106542,"299-58-186","2019/01/24","Invitacion publica 001 de 2019; Contrato 012 de 2019 y Cto 033 de 2019"]
[34,"FILA_34","1 SI","","","RECOGEDOR DE BASURA","7 SELECCIÓN ABREVIADA","A020201003",20,"UNIDAD",3034,60680,"2019/01/24",20,"UNIDAD",3034,60680,"58-186","2019/01/24","Invitacion publica 001 de 2019; Contrato 012 de 2019 y Cto 033 de 2019"]
[35,"FILA_35","1 SI","","","VASO PARA TINTO DESECHABLE BIODEGRADABLE","7 SELECCIÓN ABREVIADA","A020201003",12,"PAQUETEX25",5260,63120,"2019/01/24",12,"PAQUETEX25",5260,63120,"58-","2019/01/24","Invitacion publica 001 de 2019; Contrato 012 de 2019 y Cto 033 de 2019"]
[36,"FILA_36","1 SI","","","VASOS DESECHABLES 7 ONZA BIODEGRADABLES","7 SELECCIÓN ABREVIADA","A020201003",15,"PAQUETEX25",6069,91035,"2019/01/24",15,"PAQUETEX25",6069,91035,"58-","2019/01/24","Invitacion publica 001 de 2019; Contrato 012 de 2019 y Cto 033 de 2019"]
[37,"FILA_37","1 SI","","","POCILLOS PARA TINTO LINEA HOTELERA PORCELANA  COLOR BLANCO","7 SELECCIÓN ABREVIADA","A020201003",3,"DOCENA",118345,355035,"2019/01/24",3,"DOCENA",118345,355035,"58-","2019/01/24","Invitacion publica 001 de 2019; Contrato 012 de 2019 y Cto 033 de 2019"]
[38,"FILA_38","1 SI","","","VASOS DE VIDRIO SENCILLO REF 0700033","7 SELECCIÓN ABREVIADA","A020201003",3,"DOCENA",30345,91035,"2019/01/24",3,"DOCENA",30345,91035,"58","2019/01/24","Invitacion publica 001 de 2019; Contrato 012 de 2019 y Cto 033 de 2019"]
[39,"FILA_39","1 SI","","","ESCOBAS CON AREA BARRIDO MAYOR A 30 Y MENOR O IGUAL A 41CM CERDAS DURAS","7 SELECCIÓN ABREVIADA","A020201003",3,"UNIDAD",5867,17601,"2019/01/24",3,"UNIDAD",5867,17601,"58-","2019/01/24","Invitacion publica 001 de 2019; Contrato 012 de 2019 y Cto 033 de 2019"]
[40,"FILA_40","1 SI","","","ESCOBAS PLASTICA CON AREA BARRIDO MAYOR A 16 Y MENOR O IGUAL A 30 CM CERDAS SUAVES","7 SELECCIÓN ABREVIADA","A020201003",44,"UNIDAD",6800,299200,"2019/01/24",44,"UNIDAD",6800,299200,"58-385-299","2019/01/24","Invitacion publica 001 de 2019; Contrato 012 de 2019 y Cto 033 de 2019"]
[41,"FILA_41","1 SI","","","ESPONJILLAS SINTETICAS DOBLE USO","7 SELECCIÓN ABREVIADA","A020201003",115,"UNIDAD",766,88090,"2019/01/24",115,"UNIDAD",766,88090,"19-58-385","2019/01/24","Invitacion publica 001 de 2019; Contrato 012 de 2019 y Cto 033 de 2019"]
[42,"FILA_42","1 SI","","","CEPILLO PARA BAÑO EN PLASTICO CON CERDA DURA CON MANGO PLASTICO Y BASE","7 SELECCIÓN ABREVIADA","A020201003",16,"UNIDAD",7579,121264,"2019/01/24",16,"UNIDAD",7579,121264,"19-58-385","2019/01/24","Invitacion publica 001 de 2019; Contrato 012 de 2019 y Cto 033 de 2019"]
[43,"FILA_43","1 SI","","","CEPILLO PARA LIMPIAR TECHO FIBRA SINTETICA  PLASTICA CON CUERPO EN MADERA","7 SELECCIÓN ABREVIADA","A020201003",5,"UNIDAD",7081,35405,"2019/01/24",5,"UNIDAD",7081,35405,"19-58-","2019/01/24","Invitacion publica 001 de 2019; Contrato 012 de 2019 y Cto 033 de 2019"]
[44,"FILA_44","1 SI","","","ENGRAPADORA METALICA PARA GANCHOS ESTÁNDAR 26/6","7 SELECCIÓN ABREVIADA","A020101004",7,"UNIDAD",7314,51198,"2019/04/24",7,"UNIDAD",7314,51198,"57","2019/04/24","Contrato 013 de 2019 y la IP 017 de 2019"]
[45,"FILA_45","1 SI","","","COSEDORA PARA GRAPA NO 24/6 CON CAPACIDAD MAXIMA DE 150 GRAPAS, CON PROFUNDIDAD DE ENTRADA HORIZONTAL EN EL PAPEL DE 0-65MM, CON CAPACIDAD DE COSIDO PARA MAXIMO 40 HOJAS.","7 SELECCIÓN ABREVIADA","A020101004",1,"UNIDAD",120478,120478,"2019/04/24",1,"UNIDAD",120478,120478,"57","2019/04/24","Contrato 013 de 2019 y la IP 017 de 2019"]
[46,"FILA_46","1 SI","","","PERFORADORA METALICA  ESTÁNDAR  DE  DOS (2) PERFORACIONES CON TRAMPILLA PARA VACIAR LOS CONFETIS, SIN SISTEMA DE BLOQUEO","7 SELECCIÓN ABREVIADA","A020101004",4,"UNIDAD",9426,37704,"2019/04/24",4,"UNIDAD",9426,37704,"57","2019/04/24","Contrato 013 de 2019 y la IP 017 de 2019"]
[47,"FILA_47","1 SI","","","SACAGANCHOS PARA GRAPAS NO.26/6, ELABORADO EN METAL Y PLASTICO CON UN PESO MAYOR A 33 Y MENOR O IGUAL A 75 GRAMOS","7 SELECCIÓN ABREVIADA","A020101004",10,"UNIDAD",1624,16240,"2019/04/24",10,"UNIDAD",1624,16240,"57","2019/04/24","Contrato 013 de 2019 y la IP 017 de 2019"]
[48,"FILA_48","1 SI","","","PIILAS RECARGABLES, DE TAMAÑO AA, CON VOLTAJE DE 1600MAH  Y PRESENTACION TIPO BLISTER DE 2 UNIDADES","7 SELECCIÓN ABREVIADA","A020101004",3,"PAQUETEX25",14261,42783,"2019/04/24",3,"PAQUETEX25",14261,42783,"57","2019/04/24","Contrato 013 de 2019 y la IP 017 de 2019"]
[49,"FILA_49","1 SI","","","PILAS RECARGABLES, DE TAMAÑO AAA, CON VOLTAJE DE 1600MAH  Y PRESENTACION TIPO BLISTER DE 2 UNIDADES","7 SELECCIÓN ABREVIADA","A020101004",3,"Paquetex2",23729,71187,"2019/04/24",3,"Paquetex2",23729,71187,"57","2019/04/24","Contrato 013 de 2019 y la IP 017 de 2019"]
[50,"FILA_50","1 SI","","","BATERIA 9V","7 SELECCIÓN ABREVIADA","A020101004",8,"UNIDAD",7151,57208,"2019/04/24",8,"UNIDAD",7151,57208,"57","2019/04/24","Contrato 013 de 2019 y la IP 017 de 2019"]
[51,"FILA_51","1 SI","","","MEMORIA USB  DE 16 GB","7 SELECCIÓN ABREVIADA","A020101004",10,"UNIDAD",16171,161710,"2019/04/24",10,"UNIDAD",16171,161710,"57","2019/04/24","Contrato 013 de 2019 y la IP 017 de 2019"]
[52,"FILA_52","1 SI","","","DISCO COMPACTO  CD-R DE 700 MB 80 MINUTOS","7 SELECCIÓN ABREVIADA","A020101004",20,"UNIDAD",813,16260,"2019/04/24",20,"UNIDAD",813,16260,"57","2019/04/24","Contrato 013 de 2019 y la IP 017 de 2019"]
[53,"FILA_53","1 SI","","","DISCO COMPACTO DVD REGRABABLE ESTÁNDAR 5,7 GB","7 SELECCIÓN ABREVIADA","A020101004",20,"UNIDAD",853,17060,"2019/04/24",20,"UNIDAD",853,17060,"57","2019/04/24","Contrato 013 de 2019 y la IP 017 de 2019"]
[54,"FILA_54","1 SI","","","ACTAS DE FLORA Y FAUNA","8 OTROS","A020201003",1000,"UNIDAD",2841,2841000,"2019/04/24",1000,"UNIDAD",2841,2841000,"338","2019/04/24","Invitacion Publica 025 de 2019"]
[55,"FILA_55","1 SI","","","PAPEL DE SEGURIDAD PARA SALVOCONDUCTOS","8 OTROS","A020201003",2000,"UNIDAD",4082,8164000,"2019/04/24",2000,"UNIDAD",4082,8164000,"274","2019/04/24","Invitacion Publica 015 de 2019"]
[56,"FILA_56","1 SI","","","ETIQUETAS ADHESIVAS PUNTA REDONDA BLANCA SIN IMPRESIÓN, TAMAÑO DE 7.3CMX 2,4CM; PAPEL DE TRANSFERENCIA PARA ARCHIVO Y CORRESPONDENCIA","7 SELECCIÓN ABREVIADA","A020201003",5000,"UNIDAD",92,460000,"2019/04/24",5000,"UNIDAD",92,460000,"320","2019/04/24","Contrato 013 de 2019 y la IP 017 de 2019"]
[57,"FILA_57","1 SI","","","FOLDERES MANILA CARTON KRAFT TAMAÑO 25 CM X 35 CM. IMPRESIÓN GRAFADO Y TROQUELADO COLOR VERDE CON EL LOGOTIPO DE LA CVS","7 SELECCIÓN ABREVIADA","A020201003",500,"UNIDAD",3511,1755500,"2019/04/24",500,"UNIDAD",3511,1755500,"57","2019/04/24","Contrato 013 de 2019 y la IP 017 de 2019"]
[58,"FILA_58","1 SI","","","PAPEL BOND  CARTA 75 G/M2 POR RESMA DE 500 HOJAS","7 SELECCIÓN ABREVIADA","A020201003",237,"RESMA",9317,2208129,"2019/04/24",237,"RESMA",9317,2208129,"57-320","2019/04/24","Contrato 013 de 2019 y la IP 017 de 2019"]
[59,"FILA_59","1 SI","","","PAPEL BOND BLANCO OFICIO 75 G/M2 POR RESMA","7 SELECCIÓN ABREVIADA","A020201003",5,"RESMA",11295,56475,"2019/04/24",5,"RESMA",11295,56475,"57","2019/04/24","Contrato 013 de 2019 y la IP 017 de 2019"]
[60,"FILA_60","1 SI","","","SOBRE MANILA TAMAÑO CARTA MEMBRETEADO","7 SELECCIÓN ABREVIADA","A020201003",200,"UNIDAD",121,24200,"2019/04/24",200,"UNIDAD",121,24200,"57","2019/04/24","Contrato 013 de 2019 y la IP 017 de 2019"]
[61,"FILA_61","1 SI","","","SOBRE MANILA TAMAÑO OFICIO MEMBRETEADO","7 SELECCIÓN ABREVIADA","A020201003",800,"UNIDAD",119,95200,"2019/04/24",800,"UNIDAD",119,95200,"57","2019/04/24","Contrato 013 de 2019 y la IP 017 de 2019"]
[62,"FILA_62","1 SI","","","SEPARADORES ADHESIVOS DE COLORES SURTIDOS","7 SELECCIÓN ABREVIADA","A020201003",5,"PAQUETEX10",1544,7720,"2019/04/24",5,"PAQUETEX10",1544,7720,"57","2019/04/24","Contrato 013 de 2019 y la IP 017 de 2019"]
[63,"FILA_63","1 SI","","","LIBRO DE INVENTARIO Y BALANCE DE 3 COLUMNAS 200 HOJA CON FOLIOS","7 SELECCIÓN ABREVIADA","A020201003",3,"UNIDAD",12391,37173,"2019/04/24",3,"UNIDAD",12391,37173,"57","2019/04/24","Contrato 013 de 2019 y la IP 017 de 2019"]
[64,"FILA_64","1 SI","","","LIBRO DE INVENTARIO Y BALANCE DE 3 COLUMNAS 400 HOJAS CON FOLIOS","7 SELECCIÓN ABREVIADA","A020201003",3,"UNIDAD",35958,107874,"2019/04/24",3,"UNIDAD",35958,107874,"57","2019/04/24","Contrato 013 de 2019 y la IP 017 de 2019"]
[65,"FILA_65","1 SI","","","LIBRO INVENTARIO Y BALANCE 3 COLUMNAS 600  HOJAS CON FOLIOS","7 SELECCIÓN ABREVIADA","A020201003",3,"UNIDAD",47049,141147,"2019/04/24",3,"UNIDAD",47049,141147,"57","2019/04/24","Contrato 013 de 2019 y la IP 017 de 2019"]
[66,"FILA_66","1 SI","","","TINTA PARA SELLOS DE CAUCHO, DE COLOR NEGRO, Y PRESENTACION DE 15 CMS3","7 SELECCIÓN ABREVIADA","A020201003",2,"UNIDAD",2113,4226,"2019/04/24",2,"UNIDAD",2113,4226,"57","2019/04/24","Contrato 013 de 2019 y la IP 017 de 2019"]
[67,"FILA_67","1 SI","","","PEGANTE LIQUIDO EN PRESENTACION DE 125 GRS","7 SELECCIÓN ABREVIADA","A020201003",5,"UNIDAD",1133,5665,"2019/04/24",5,"UNIDAD",1133,5665,"57","2019/04/24","Contrato 013 de 2019 y la IP 017 de 2019"]
[68,"FILA_68","1 SI","","","PEGANTE EN BARRA EN PRESENTACION DE 20 GRAMOS SIN GLICERINA","7 SELECCIÓN ABREVIADA","A020201003",5,"UNIDAD",2519,12595,"2019/04/24",5,"UNIDAD",2519,12595,"57","2019/04/24","Contrato 013 de 2019 y la IP 017 de 2019"]
[69,"FILA_69","1 SI","","","BORRADOR PARA TABLERO TIPO FELPA SINTETICA BASE EN MADERA, POR 1 UND","7 SELECCIÓN ABREVIADA","A020201003",1,"UNIDAD",1144,1144,"2019/04/24",1,"UNIDAD",1144,1144,"57","2019/04/24","Contrato 013 de 2019 y la IP 017 de 2019"]
[70,"FILA_70","1 SI","","","BANDA ELASTICA EN CAUCHO 60MM DE DIÁMETRO SIN ESTIRAR","7 SELECCIÓN ABREVIADA","A020201003",30,"PAQUETEXKILO",528,15840,"2019/04/24",30,"PAQUETEXKILO",528,15840,"57","2019/04/24","Contrato 013 de 2019 y la IP 017 de 2019"]
[71,"FILA_71","1 SI","","","CINTA PEGANTE TRANSPARENTE DELGADA  12MM X 33M.","7 SELECCIÓN ABREVIADA","A020201003",6,"ROLLO",1544,9264,"2019/04/24",6,"ROLLO",1544,9264,"57","2019/04/24","Contrato 013 de 2019 y la IP 017 de 2019"]
[72,"FILA_72","1 SI","","","CINTA PEGANTE PARA EMPAQUE DE 25 MICRAS, TRANSPARENTE  48MMX40M","7 SELECCIÓN ABREVIADA","A020201003",6,"ROLLO",1544,9264,"2019/04/24",6,"ROLLO",1544,9264,"57","2019/04/24","Contrato 013 de 2019 y la IP 017 de 2019"]
[73,"FILA_73","1 SI","","","GANCHO LEGAJADOR DE PLASTICO X20","7 SELECCIÓN ABREVIADA","A020201003",30,"PAQUETE X 25",1950,58500,"2019/04/24",30,"PAQUETE X 25",1950,58500,"57","2019/04/24","Contrato 013 de 2019 y la IP 017 de 2019"]
[74,"FILA_74","1 SI","","","FECHADOR DE ENTINTADO MANUAL, ELABORADO EN PVC DE ALTA DENSIDAD, SELLO  RECTANGULAR, DE DIMENSIONES MAYOR O IGUAL 40 X 20MM Y MENOR A 60 X 40MM,","7 SELECCIÓN ABREVIADA","A020201003",5,"UNIDAD",2925,14625,"2019/04/24",5,"UNIDAD",2925,14625,"57","2019/04/24","Contrato 013 de 2019 y la IP 017 de 2019"]
[75,"FILA_75","1 SI","","","BOLIGRAFOS DESECHABLES TINTA COLOR NEGRO EN PASTA PRESENTACION 1 UNIDAD CON TAPA, NEGROS UNIDAD","7 SELECCIÓN ABREVIADA","A020201003",200,"UNIDAD",528,105600,"2019/04/24",200,"UNIDAD",528,105600,"57","2019/04/24","Contrato 013 de 2019 y la IP 017 de 2019"]
[76,"FILA_76","1 SI","","","LAPIZ PARA ESCRITURA EN MADERA DUREZA NO 2","7 SELECCIÓN ABREVIADA","A020201003",12,"UNIDAD",272,3264,"2019/04/24",12,"UNIDAD",272,3264,"57","2019/04/24","Contrato 013 de 2019 y la IP 017 de 2019"]
[77,"FILA_77","1 SI","","","MARCADOR  PUNTA FINA PARA CD Y ACETATOS","7 SELECCIÓN ABREVIADA","A020201003",10,"UNIDAD",1463,14630,"2019/04/24",10,"UNIDAD",1463,14630,"57","2019/04/24","Contrato 013 de 2019 y la IP 017 de 2019"]
[78,"FILA_78","1 SI","","","MARCADOR BORRABLE DESECHABLE","7 SELECCIÓN ABREVIADA","A020201003",5,"UNIDAD",1666,8330,"2019/04/24",5,"UNIDAD",1666,8330,"57","2019/04/24","Contrato 013 de 2019 y la IP 017 de 2019"]
[79,"FILA_79","1 SI","","","MARCADOR PERMANENTE, DESECHABLE, CONTENIDO DE TINTA MAYOR A 5 Y MENOR O IGUAL A 8,5 G DE PUNTA BISELADA PARA HACER LINEAS DE APROX. 2-12MM,","7 SELECCIÓN ABREVIADA","A020201003",5,"UNIDAD",1382,6910,"2019/04/24",5,"UNIDAD",1382,6910,"57","2019/04/24","Contrato 013 de 2019 y la IP 017 de 2019"]
[80,"FILA_80","1 SI","","","NUMERADOR MANUAL DE 4  DIGITOS  GRANDE","7 SELECCIÓN ABREVIADA","A020201003",5,"UNIDAD",10523,52615,"2019/04/24",5,"UNIDAD",10523,52615,"57","2019/04/24","Contrato 013 de 2019 y la IP 017 de 2019"]
[81,"FILA_81","1 SI","","","RESALTADOR","7 SELECCIÓN ABREVIADA","A020201003",10,"UNIDAD",1220,12200,"2019/04/24",10,"UNIDAD",1220,12200,"57","2019/04/24","Contrato 013 de 2019 y la IP 017 de 2019"]
[82,"FILA_82","1 SI","","","TIJERAS DE ACERO INOXIDABLE, LONGITUD DE 11 CMS","7 SELECCIÓN ABREVIADA","A020201003",5,"UNIDAD",3006,15030,"2019/04/24",5,"UNIDAD",3006,15030,"57","2019/04/24","Contrato 013 de 2019 y la IP 017 de 2019"]
[83,"FILA_83","1 SI","","","ALMOHADILLA PARA SELLOS ESTUCHE METÁLICO","7 SELECCIÓN ABREVIADA","A020201003",2,"UNIDAD",3615,7230,"2019/04/24",2,"UNIDAD",3615,7230,"57","2019/04/24","Contrato 013 de 2019 y la IP 017 de 2019"]
[84,"FILA_84","1 SI","","","BISTURI  PLASTICO 18 MM, CON BLOQUEO Y CON CORTA CUCHILLA","7 SELECCIÓN ABREVIADA","A020201004",5,"UNIDAD",1190,5950,"2019/04/24",5,"UNIDAD",1190,5950,"57","2019/04/24","Contrato 013 de 2019 y la IP 017 de 2019"]
[85,"FILA_85","1 SI","","","SACAPUNTAS METALICO DE UN SOLO ORIFICIO DE USO MANUAL, SIN DISPOSITIVO PARA SUJECION EN SUPERFICIES","7 SELECCIÓN ABREVIADA","A020201004",5,"UNIDAD",244,1220,"2019/04/24",5,"UNIDAD",244,1220,"57","2019/04/24","Contrato 013 de 2019 y la IP 017 de 2019"]
[86,"FILA_86","1 SI","","","CLIP MARIPOSA, EN ALAMBRE METALICO GALVANIZADO DE 30MM X 50","7 SELECCIÓN ABREVIADA","A020201004",6,"CAJA",1785,10710,"2019/04/24",6,"CAJA",1785,10710,"57","2019/04/24","Contrato 013 de 2019 y la IP 017 de 2019"]
[87,"FILA_87","1 SI","","","CLIP ESTANDAR, EN ALAMBRE PLASTICO, DE 50MM POR 50 UNIDADES","7 SELECCIÓN ABREVIADA","A020201004",48,"CAJA",1257,60336,"2019/04/24",48,"CAJA",1257,60336,"57","2019/04/24","Contrato 013 de 2019 y la IP 017 de 2019"]
[88,"FILA_88","1 SI","","","CHINCHE CRISTAL  X 40 UNIDAD","7 SELECCIÓN ABREVIADA","A020201004",2,"CAJA",2020,4040,"2019/04/24",2,"CAJA",2020,4040,"57","2019/04/24","Contrato 013 de 2019 y la IP 017 de 2019"]
[89,"FILA_89","1 SI","","","GANCHO LEGAJADOR CABEZA REDONDA METALICO DE 76,8 MM X 11,6 MM, # 8 POR 100 UND","7 SELECCIÓN ABREVIADA","A020201004",3,"CAJA",6013,18039,"2019/04/24",3,"CAJA",6013,18039,"57","2019/04/24","Contrato 013 de 2019 y la IP 017 de 2019"]
[90,"FILA_90","1 SI","","","GRAPAS ESTÁNDAR","7 SELECCIÓN ABREVIADA","A020201004",10,"CAJA",1870,18700,"2019/04/24",10,"CAJA",1870,18700,"57","2019/04/24","Contrato 013 de 2019 y la IP 017 de 2019"]
[91,"FILA_91","1 SI","","","RECARGA  O TONNER  PARA FOCOPIADORA SHARP AL 2030/2040","7 SELECCIÓN ABREVIADA","A020202008",7,"UNIDAD",22258,155806,"2019/04/24",7,"UNIDAD",22258,155806,"57","2019/04/24","Contrato 013 de 2019 y la IP 017 de 2019"]
[92,"FILA_92","1 SI","","","CARTUCHO HP DESKJET 810, 840C NEGRO (15A)","7 SELECCIÓN ABREVIADA","A020202008",1,"UNIDAD",398161,398161,"2019/04/24",1,"UNIDAD",398161,398161,"57","2019/04/24","Contrato 013 de 2019 y la IP 017 de 2019"]
[93,"FILA_93","1 SI","","","TONNER HP LASERJET P1006  # CB435A","7 SELECCIÓN ABREVIADA","A020202008",2,"UNIDAD",302838,605676,"2019/04/24",2,"UNIDAD",302838,605676,"57-320","2019/04/24","Contrato 013 de 2019 y la IP 017 de 2019"]
[94,"FILA_94","1 SI","","","TONNER LHP LASERJET 36A","7 SELECCIÓN ABREVIADA","A020202008",2,"UNIDAD",342040,684080,"2019/04/24",2,"UNIDAD",342040,684080,"57-320","2019/04/24","Contrato 013 de 2019 y la IP 017 de 2019"]
[95,"FILA_95","1 SI","","","TONNER HP  CE 390A NEGRO","7 SELECCIÓN ABREVIADA","A020202008",5,"UNIDAD",734250,3671250,"2019/04/24",5,"UNIDAD",734250,3671250,"57","2019/04/24","Contrato 013 de 2019 y la IP 017 de 2019"]
[96,"FILA_96","1 SI","","","TONNER HP CE 400A NEGRO","7 SELECCIÓN ABREVIADA","A020202008",4,"UNIDAD",705174,2820696,"2019/04/24",4,"UNIDAD",705174,2820696,"57-320","2019/04/24","Contrato 013 de 2019 y la IP 017 de 2019"]
[97,"FILA_97","1 SI","","","TONNER HP CE 401A CYAN","7 SELECCIÓN ABREVIADA","A020202008",2,"UNIDAD",640646,1281292,"2019/04/24",2,"UNIDAD",640646,1281292,"57-320","2019/04/24","Contrato 013 de 2019 y la IP 017 de 2019"]
[98,"FILA_98","1 SI","","","TONNER HP CE 402 AMARILLO","7 SELECCIÓN ABREVIADA","A020202008",1,"UNIDAD",419954,419954,"2019/04/24",1,"UNIDAD",419954,419954,"57-320","2019/04/24","Contrato 013 de 2019 y la IP 017 de 2019"]
[99,"FILA_99","1 SI","","","TONNER HP CE 403A  MAGENTA","7 SELECCIÓN ABREVIADA","A020202008",2,"UNIDAD",648243,1296486,"2019/04/24",2,"UNIDAD",648243,1296486,"57-320","2019/04/24","Contrato 013 de 2019 y la IP 017 de 2019"]
[100,"FILA_100","1 SI","","","TONNER SHARP AL -2030 (FOTOCOPIADORA)","7 SELECCIÓN ABREVIADA","A020202008",1,"UNIDAD",373386,373386,"2019/04/24",1,"UNIDAD",373386,373386,"57","2019/04/24","Contrato 013 de 2019 y la IP 017 de 2019"]
[101,"FILA_101","1 SI","","","TONNER HP LASERJET 4250 HP    LASER Q5942A DE ALTO RENDIMIENTO PARA 20 MIL COPIAS","7 SELECCIÓN ABREVIADA","A020202008",1,"UNIDAD",848157,848157,"2019/04/24",1,"UNIDAD",848157,848157,"57","2019/04/24","Contrato 013 de 2019 y la IP 017 de 2019"]
[102,"FILA_102","1 SI","","","TONNER  LASERJET  HP CE285A","7 SELECCIÓN ABREVIADA","A020202008",4,"UNIDAD",297628,1190512,"2019/04/24",4,"UNIDAD",297628,1190512,"57","2019/04/24","Contrato 013 de 2019 y la IP 017 de 2019"]
[103,"FILA_103","1 SI","","","TONNER HP LASERJET  HP 12A","7 SELECCIÓN ABREVIADA","A020202008",2,"UNIDAD",359170,718340,"2019/04/24",2,"UNIDAD",359170,718340,"57","2019/04/24","Contrato 013 de 2019 y la IP 017 de 2019"]
[104,"FILA_104","1 SI","","","CARTUCHO OFFICEJET HP 950 NEGRO","7 SELECCIÓN ABREVIADA","A020202008",3,"UNIDAD",116039,348117,"2019/04/24",3,"UNIDAD",116039,348117,"57","2019/04/24","Contrato 013 de 2019 y la IP 017 de 2019"]
[105,"FILA_105","1 SI","","","CARTUCHO OFFICEJET HP 951 MAGENTA","7 SELECCIÓN ABREVIADA","A020202008",3,"UNIDAD",84714,254142,"2019/04/24",3,"UNIDAD",84714,254142,"57","2019/04/24","Contrato 013 de 2019 y la IP 017 de 2019"]
[106,"FILA_106","1 SI","","","CARTUCHO OFICEJET HP 951 AMARILLO","7 SELECCIÓN ABREVIADA","A020202008",3,"UNIDAD",84714,254142,"2019/04/24",3,"UNIDAD",84714,254142,"57","2019/04/24","Contrato 013 de 2019 y la IP 017 de 2019"]
[107,"FILA_107","1 SI","","","CARTUCHO OFICEJET HP 951 AZUL","7 SELECCIÓN ABREVIADA","A020202008",3,"UNIDAD",84714,254142,"2019/04/24",3,"UNIDAD",84714,254142,"57","2019/04/24","Contrato 013 de 2019 y la IP 017 de 2019"]
[108,"FILA_108","1 SI","","","TINTA EPSON 664 BLACK  X70 ML","7 SELECCIÓN ABREVIADA","A020202008",15,"UNIDAD",24663,369945,"2019/04/24",15,"UNIDAD",24663,369945,"57","2019/04/24","Contrato 013 de 2019 y la IP 017 de 2019"]
[109,"FILA_109","1 SI","","","TINTA EPSON 664 CYAN X 70 ML","7 SELECCIÓN ABREVIADA","A020202008",4,"UNIDAD",24663,98652,"2019/04/24",4,"UNIDAD",24663,98652,"57","2019/04/24","Contrato 013 de 2019 y la IP 017 de 2019"]
[110,"FILA_110","1 SI","","","TINTA EPSON 664 YELLOW X 70 ML","7 SELECCIÓN ABREVIADA","A020202008",4,"UNIDAD",24663,98652,"2019/04/24",4,"UNIDAD",24663,98652,"57","2019/04/24","Contrato 013 de 2019 y la IP 017 de 2019"]
[111,"FILA_111","1 SI","","","TINTA EPSON 664 MAGENTA X 70 ML","7 SELECCIÓN ABREVIADA","A020202008",4,"UNIDAD",24663,98652,"2019/04/24",4,"UNIDAD",24663,98652,"57","2019/04/24","Contrato 013 de 2019 y la IP 017 de 2019"]
[112,"FILA_112","1 SI","","","TONNER TK 162  KYOCERA FS 1120D","7 SELECCIÓN ABREVIADA","A020202008",1,"UNIDAD",234557,234557,"2019/04/24",1,"UNIDAD",234557,234557,"57","2019/04/24","Contrato 013 de 2019 y la IP 017 de 2019"]
[113,"FILA_113","1 SI","","","TONNER HP CE 505A","7 SELECCIÓN ABREVIADA","A020202008",1,"UNIDAD",388916,388916,"2019/04/24",1,"UNIDAD",388916,388916,"57","2019/04/24","Contrato 013 de 2019 y la IP 017 de 2019"]
[114,"FILA_114","1 SI","","","TONNER SAMSUNG TS 101 (IMPRESORA DE LORICA)","7 SELECCIÓN ABREVIADA","A020202008",3,"UNIDAD",209079,627237,"2019/04/24",3,"UNIDAD",209079,627237,"57","2019/04/24","Contrato 013 de 2019 y la IP 017 de 2019"]
[115,"FILA_115","1 SI","","","TONNER SAMSUMG TS 104(PRENSA )","7 SELECCIÓN ABREVIADA","A020202008",3,"UNIDAD",208594,625782,"2019/04/24",3,"UNIDAD",208594,625782,"57","2019/04/24","Contrato 013 de 2019 y la IP 017 de 2019"]
[116,"FILA_116","1 SI","","","TONNER LASERJET HP CE 217A","7 SELECCIÓN ABREVIADA","A020202008",3,"UNIDAD",234600,703800,"2019/04/24",3,"UNIDAD",234600,703800,"320","2019/04/24","Contrato 013 de 2019 y la IP 017 de 2019"]
[117,"FILA_117","1 SI","","","TONNER LASEJET HP CE 226ANEGRO","7 SELECCIÓN ABREVIADA","A020202008",6,"UNIDAD",504560,3027360,"2019/04/24",6,"UNIDAD",504560,3027360,"320","2019/04/24","Contrato 013 de 2019 y la IP 017 de 2019"]
[118,"FILA_118","1 SI","","","PATCH CORD POWEST CAT 6A DE 3 METROS","8 OTROS","A020101004",5,"UNIDAD",43057,215285,"2019/11/27",5,"UNIDAD",43057,215285,"297","2019/11/27","Invitacion Publica 020 de 2019"]
[119,"FILA_119","1 SI","","","BOMBILLO AHORRADOR  LED DE 12 VATIOS","8 OTROS","A020101004",10,"UNIDAD",8000,80000,"2019/11/27",10,"UNIDAD",8000,80000,"297","2019/11/27","Invitacion Publica 020 de 2019"]
[120,"FILA_120","1 SI","","","BOMBILLO AHORRADOR DE 20 W","8 OTROS","A020101004",39,"UNIDAD",11999,467961,"2019/11/27",39,"UNIDAD",11999,467961,"297","2019/11/27","Invitacion Publica 020 de 2019"]
[121,"FILA_121","1 SI","","","BOMBILLO DE 36 W LED","8 OTROS","A020101004",20,"UNIDAD",46608,932160,"2019/11/27",20,"UNIDAD",46608,932160,"297","2019/11/27","Invitacion Publica 020 de 2019"]
[122,"FILA_122","1 SI","","","BOMBILLOS AHORRADORES DE 45 W","8 OTROS","A020101004",10,"UNIDAD",33159,331590,"2019/11/27",10,"UNIDAD",33159,331590,"297","2019/11/27","Invitacion Publica 020 de 2019"]
[123,"FILA_123","1 SI","","","LAMPARAS (TUBO) FLUORESCENTES DE 32 VATIOS T8","8 OTROS","A020101004",20,"UNIDAD",7841,156820,"2019/11/27",20,"UNIDAD",7841,156820,"297","2019/11/27","Invitacion Publica 020 de 2019"]
[124,"FILA_124","1 SI","","","INTERIORES PARA TAZA DE BAÑO","8 OTROS","A020201003",2,"UNIDAD",35000,70000,"2019/11/27",2,"UNIDAD",35000,70000,"297","2019/11/27","Invitacion Publica 020 de 2019"]
[125,"FILA_125","1 SI","","","MEZCLADORES PARA LAVAMANO Y LAVAPLATO","8 OTROS","A020201003",2,"UNIDAD",68717,137434,"2019/11/27",2,"UNIDAD",68717,137434,"297","2019/11/27","Invitacion Publica 020 de 2019"]
[126,"FILA_126","1 SI","","","MULTITOMAS","8 OTROS","A020201003",5,"UNIDAD",62000,310000,"2019/11/27",5,"UNIDAD",62000,310000,"297","2019/11/27","Invitacion Publica 020 de 2019"]
[127,"FILA_127","1 SI","","","SIFONES LAVAPLATO","8 OTROS","A020201003",2,"UNIDAD",15000,30000,"2019/11/27",2,"UNIDAD",15000,30000,"297","2019/11/27","Invitacion Publica 020 de 2019"]
[128,"FILA_128","1 SI","","","LIMPIADOR DE CONTACTOS","8 OTROS","A020201003",5,"UNIDAD",24999,124995,"2019/11/27",5,"UNIDAD",24999,124995,"297","2019/11/27","Invitacion Publica 020 de 2019"]
[129,"FILA_129","1 SI","","","CERRADURA DE BOLA METALICA PARA PUERTA METÁLICA","8 OTROS","A020201004",5,"UNIDAD",20000,100000,"2019/11/27",5,"UNIDAD",20000,100000,"297","2019/11/27","Invitacion Publica 020 de 2019"]
[130,"FILA_130","1 SI","","","CONECTORES RJ45 CATEGORIA 6 BLINDADO","8 OTROS","A020201004",1,"Paquete x1000",43023,43023,"2019/11/27",1,"Paquete x1000",43023,43023,"297","2019/11/27","Invitacion Publica 020 de 2019"]
[131,"FILA_131","1 SI","","","CANDADO GRANDE","8 OTROS","A020201004",3,"UNIDAD",74999,224997,"2019/11/27",3,"UNIDAD",74999,224997,"297","2019/11/27","Invitacion Publica 020 de 2019"]
[132,"FILA_132","1 SI","","","CABLE UTP 6A  AMP","8 OTROS","A020201004",35,"caja x35mts",4900,171500,"2019/11/27",35,"caja x35mts",4900,171500,"297","2019/11/27","Invitacion Publica 020 de 2019"]
[133,"FILA_133","1 SI","","","CIERRA PUERTA (GATO) HIDRAULICO 80 KG","8 OTROS","A020201004",3,"UNIDAD",169616,508848,"2019/11/27",3,"UNIDAD",169616,508848,"297","2019/11/27","Invitacion Publica 020 de 2019"]
[134,"FILA_134","1 SI","","","CAMISUETER HOMBRE","8 OTROS","A020201002",5,"UNIDAD",48195,240975,"2019/11/15",5,"UNIDAD",48195,240975,"296","2019/11/15","Invitacion Pública No 018 de 2019"]
[135,"FILA_135","1 SI","","","CAMISA HOMBRE","8 OTROS","A020201002",10,"UNIDAD",71400,714000,"2019/11/15",10,"UNIDAD",71400,714000,"296","2019/11/15","Invitacion Pública No 018 de 2019"]
[136,"FILA_136","1 SI","","","PANTALON DRIL","8 OTROS","A020201002",10,"UNIDAD",77350,773500,"2019/11/15",10,"UNIDAD",77350,773500,"296","2019/11/15","Invitacion Pública No 018 de 2019"]
[137,"FILA_137","1 SI","","","JEAN","8 OTROS","A020201002",5,"UNIDAD",52360,261800,"2019/11/15",5,"UNIDAD",52360,261800,"296","2019/11/15","Invitacion Pública No 018 de 2019"]
[138,"FILA_138","1 SI","","","CALZADO HOMBRE","8 OTROS","A020201002",15,"PAR",131496,1972440,"2019/11/15",15,"PAR",131496,1972440,"296","2019/11/15","Invitacion Pública No 018 de 2019"]
[139,"FILA_139","1 SI","","","CONJUNTOS DAMA","8 OTROS","A020201002",19,"UNIDAD",128520,2441880,"2019/11/15",19,"UNIDAD",128520,2441880,"296","2019/11/15","Invitacion Pública No 018 de 2019"]
[140,"FILA_140","1 SI","","","CALZADO DAMA","8 OTROS","A020201002",19,"PAR",119000,2261000,"2019/11/15",19,"PAR",119000,2261000,"296","2019/11/15","Invitacion Pública No 018 de 2019"]
[141,"FILA_141","1 SI","","","COMBUSTIBLE","8 OTROS","A020201003",2335,"GALON",15088,35230480,"2019/03/07",2335,"GALON",15088,35230480,"46-53-280-356","2019/03/07","Invitacion Pública No 018 de 2019"]
[142,"FILA_142","1 SI","","","BOTIQUINES","8 OTROS","A020201003",12,"UNIDAD",201266,2415192,"2019/06/07",12,"UNIDAD",201266,2415192,"162","2019/06/07","Invitacion Pública No 012 de 2019"]
[143,"FILA_143","1 SI","","","LICENCIA ADOBE ACROBAT PRO DC","8 OTROS","A020101006",3,"UNIDAD",702100,2106300,"2019/04/08",3,"UNIDAD",702100,2106300,"107","2019/04/08","Invitación Pública 008 de 2019"]
[144,"FILA_144","1 SI","","","LICENCIAS SOFTWARE MICROSOF","8 OTROS","A020101006",5,"UNIDAD",559300,2796500,"2019/04/08",5,"UNIDAD",559300,2796500,"235","2019/04/08","Invitación Pública 014 de 2019"]
[145,"FILA_145","1 SI","","","LICENCIAS ANTIVIRUS KARPERSKY","8 OTROS","A020101006",156,"UNIDAD",55930,8725080,"2019/04/08",156,"UNIDAD",55930,8725080,"107","2019/04/08","Invitación Pública 008 de 2019"]
[146,"FILA_146","1 SI","","","CAJA MENOR","8 OTROS","A020201003",1,"GLOBAL",300000,300000,"2019/01/24",1,"GLOBAL",300000,300000,"27","2019/01/24","Caja menor"]
[147,"FILA_147","1 SI","","","CAJA MENOR","8 OTROS","A020201003",1,"GLOBAL",350000,350000,"2019/01/24",1,"GLOBAL",350000,350000,"28","2019/01/24","Caja menor"]
[148,"FILA_148","1 SI","","","CAJA MENOR","8 OTROS","A020201003",1,"GLOBAL",285600,285600,"2019/04/10",1,"GLOBAL",285600,285600,"142","2019/04/10","Caja menor"]
[149,"FILA_149","1 SI","","","CAJA MENOR","8 OTROS","A020201003",1,"GLOBAL",292200,292200,"2019/07/04",1,"GLOBAL",292200,292200,"239","2019/07/04","Caja menor"]
[150,"FILA_150","1 SI","","","CAJA MENOR","8 OTROS","A020201003",1,"GLOBAL",262500,262500,"2019/09/06",1,"GLOBAL",262500,262500,"537","2019/09/06","Caja menor"]
[-1,null,"","","","","","","","","","","","","","","","","",""]
[999999,"FILA_999999","","","","","","","","","",null,"","","","",null,"","",""]
[]
["[3]","0 ACTO ADMINISTRATIVO DE APROBACIÓN"]
[null,null,2,3,4,8,12,16,20,24,28,32,36,40,44,48,52,55,56,60]
[null,null,"FORMULARIO CON INFORMACION","JUSTIFICACION","ACTO ADMINISTRATIVO DE APROBACIÓN","DESCRIPCIÓN DE LOS BIENES O SERVICIOS","MODALIDAD DE ADQUISICIÓN REALIZADO","CÓDIGO DEL RUBRO PRESUPUESTAL A AFECTAR","CANTIDAD DE BIENES O SERVICIOS ESTIMADOS A COMPRAR / NÚMERO","CANTIDAD DE BIENES O SERVICIOS ESTIMADOS A COMPRAR / UNIDAD DE MEDIDA","CANTIDAD DE BIENES O SERVICIOS ESTIMADOS A COMPRAR / PRECIO UNITARIO ESTIMADO","CANTIDAD DE BIENES O SERVICIOS ESTIMADOS A COMPRAR / VALOR TOTAL ESTIMADO","FECHA ESTIMADA DE LA COMPRA","CANTIDAD DE BIENES O SERVICIOS ADQUIRIDOS / NÚMERO","CANTIDAD DE BIENES O SERVICIOS ADQUIRIDOS / UNIDAD DE MEDIDA","CANTIDAD DE BIENES O SERVICIOS ADQUIRIDOS / PRECIO UNITARIO","CANTIDAD DE BIENES O SERVICIOS ADQUIRIDOS / VALOR TOTAL","No. CERTIFICADO DE DISPONIBLIDAD PRESUSPUESTAL - CDP","FECHA DE REALIZACIÓN DE LA COMPRA","OBSERVACIONES"]
[10,"FILA_10","","","25618","","","","","","","","","","","","","","",""]
{"$rows_empty":350835}
["1 SI","1 CONCURSO DE MÉRITOS ABIERTO"]
["2 NO","2 CONTRATACIÓN DIRECTA"]
[null,"3 INVITACIÓN POR LISTA CORTA"]
[null,"4 LICITACIÓN PÚBLICA"]
[null,"5 PRIVADO (NORMATIVIDAD DE DERECHO PRIVADO)"]
[null,"6 RÉGIMEN ESPECIAL"]
[null,"7 SELECCIÓN ABREVIADA"]
[null,"8 OTROS"]
[null,"9 FORMULARIO SIN INFORMACIÓN"]

{"sheet":"F4  PLANES DE ACCIÓN Y EJECU...","index":1,"n_rows":351004,"n_cols":19,"rows_kept":351004,"merged":[[7,1,7,18]]}
[null,"Tipo Modalidad",51,"M-1: CUENTA O INFORME ANUAL CONSOLIDADO"]
[null,"Formulario",68,"F4: PLANES DE ACCIÓN Y EJECUCIÓN DEL PLAN ESTRATÉGICO 1.2"]
[null,"Moneda Informe",1]
[null,"Entidad",104]
[null,"Fecha","2019-12-31"]
[null,"Periodicidad",12,"ANUAL"]
[]
["[1]","0 PLANES DE ACCIÓN Y EJECUCIÓN DEL PLAN ESTRATÉGICO"]
[null,null,2,3,4,8,12,16,20,24,28,32,36,40,44,48,52,56,60]
[null,null,"CON INFORMACIÓN","JUSTIFICACIÓN","ACTO ADMINISTRATIVO DE APROBACIÓN","OBJETIVO ESTRATÉGICO","OBJETIVO TACTICO (CUANDO APLIQUE)","PROGRAMA","PROYECTO","META","CÓDIGO DEL RUBRO PRESUPUESTAL","RECURSOS A INVERTIR POR PROYECTO","RESPONSABLE","TIEMPO PROGRAMADO","VALOR EJECUTADO POR PROYECTO","AVANCE DEL PROYECTO / PORCENTAJE ( % ) EN TIEMPO","AVANCE DEL PROYECTO / PORCENTAJE ( % ) ALCANZADO DE LA META ","AJUSTES  REALIZADOS","OBSERVACIONES"]
[1,"FILA_1","1 SI","","Acuerdo 384 del 07 de  2018","Promover y fortalecer procesos sostenible de desarrollo regional y uso adecuado del territorio","","ORDENAMIENTO AMBIENTAL Y NUVEA VISION DEL DESARROLLO TERRITORIAL","Planeación para la incorporación de la variable ambiental  en los procesos de ordenamiento territorial","Identificación y diseño de determinantes ambientales","1C721",306643793,"Cesar Buelvas",240,306643793,100,100,"No","Ninguna"]
[2,"FILA_2","","","","Promover y fortalecer procesos sostenible de desarrollo regional y uso adecuado del territorio","","ORDENAMIENTO AMBIENTAL Y NUVEA VISION DEL DESARROLLO TERRITORIAL","Definición caracterización y espacialización de las estructuras ecologicas ecologicas rural y urbanas en el departamento de Córdoba","Definir y diseñar con las orientaciones del MADS la Estructura Ecologica Territorial","1C711",132948728,"Cesar Buelvas",240,132948728,100,100,"No","Ninguna"]
[3,"FILA_3","","","","Desarrollar  mecanismos para impulsar la competitividad y sostenibilidad de los sectores productivos","","LO URBANO, PRODUCTIVO Y MARINO ARMONIZADO CON LA OFERTA AMBIENTAL","Gestión en producción y consumo sostenible en el departamento de Córdoba","Acompañamiento fortalecimento  a los sectores productivos del departamento","1C641",187485628,"Albeiro Arrieta",210,187485628,100,100,"No","Ninguna"]
[4,"FILA_4","","","","Desarrollar  mecanismos para impulsar la competitividad y sostenibilidad de los sectores productivos","","LO URBANO, PRODUCTIVO Y MARINO ARMONIZADO CON LA OFERTA AMBIENTAL","Gestión ambiental urbana en el departamento de córdoba.","Optimización  del funcionamiento del Sistema de Vigilancia de Calidad de Aire-SVCA del Municipio de Montería y seguimiento al RESPEL","1C631",2654270056,"Albeiro Arrieta",240,2654270056,100,100,"No","Ninguna"]
[5,"FILA_5","","","","Desarrollar  mecanismos para impulsar la competitividad y sostenibilidad de los sectores productivos","","LO URBANO, PRODUCTIVO Y MARINO ARMONIZADO CON LA OFERTA AMBIENTAL","Saneamiento ambiental en el departamento de Córdoba","Seguimiento  a planes PSMV  PGIRS y apoyo técnico planes maestros acueducto y alcantarillado","1C651",364587191,"Albeiro Arrieta",180,364587191,100,100,"No","Ninguna"]
[6,"FILA_6","","","","Desarrollar  mecanismos para impulsar la competitividad y sostenibilidad de los sectores productivos","","LO URBANO, PRODUCTIVO Y MARINO ARMONIZADO CON LA OFERTA AMBIENTAL","Gestión ambiental de zona marino costera en el departamento de Córdoba","Realizar Monitoreos continuo de la erosión marino costera y de la  REDCAM","1C611",166185911,"Albeiro Arrieta",300,166185911,100,100,"No","Ninguna"]
[7,"FILA_7","","","","Desarrollar  mecanismos para impulsar la competitividad y sostenibilidad de los sectores productivos","","LO URBANO, PRODUCTIVO Y MARINO ARMONIZADO CON LA OFERTA AMBIENTAL","Gestión ambiental en el sector minero en el departamento de Córdoba","Regsitro control y seguimiento de las minas con licenciado plan de manejo y restaurar areas por mineria","1C621",66474364,"Albeiro Arrieta",240,66474364,100,100,"No","Ninguna"]
[8,"FILA_8","","","","Gestionar y conservar el recurso hidrico, suelo para garantizar su sostenibilidad mediante su ordenamiento y manejo adecuado","","GESTIÓN INTEGRAL DEL RECURSO SUELO EN EL DEPARTAMENTO DE CÓRDOBA","Recuperación y protección del recurso suelo en el departamento de córdoba","100 hectáreas rehabilitadas mediante la implementación de sistemas silvopastoriles","1C311",139478795,"Albeiro Arrieta",180,139478795,100,100,"No","Ninguna"]
[9,"FILA_9","","","","Promover la conservación, el uso sostenible y la distribución justa y equitativa de los beneficios derivados de la biodiversidad","","LA BIODIVERSIDAD EN FUNCION DE SERVICIOS ECOSISTEMICOS Y SOSTENIBILDAD DEL TERRITORIO","Áreas protegidas y ecosistemas estratégicos como garantía de funcionalidad ecosistémica en el departamento de Córdoba","Declaratoria y delimitación de nuevas áreas protegidas delimitación de ecosistemas y apoyo a SIRAP caribe","1C511",751054080,"Albeiro Arrieta",300,751054080,100,100,"No","Ninguna"]
[10,"FILA_10","","","","Promover la conservación, el uso sostenible y la distribución justa y equitativa de los beneficios derivados de la biodiversidad","","LA BIODIVERSIDAD EN FUNCION DE SERVICIOS ECOSISTEMICOS Y SOSTENIBILDAD DEL TERRITORIO","Conservación y uso sostenible de la biodiversidad en el departamento de Córdoba","Implementar planes de manejo e identificar nuevas de especie focales de fauna silvestre para su conservación","1C521",324350979,"Albeiro Arrieta",180,324350979,100,100,"No","Ninguna"]
[11,"FILA_11","","","","Promover la conservación, el uso sostenible y la distribución justa y equitativa de los beneficios derivados de la biodiversidad","","LA BIODIVERSIDAD EN FUNCION DE SERVICIOS ECOSISTEMICOS Y SOSTENIBILDAD DEL TERRITORIO","Conservación del recurso hidrobiológico y pesquero en el departamento de Córdoba","Producción de 10,000,000 de alevinos de especies nativas","1C531",521485958,"Albeiro Arrieta",300,521485958,100,100,"No","Ninguna"]
[12,"FILA_12","","","","Promover la conservación, el uso sostenible y la distribución justa y equitativa de los beneficios derivados de la biodiversidad","","LA BIODIVERSIDAD EN FUNCION DE SERVICIOS ECOSISTEMICOS Y SOSTENIBILDAD DEL TERRITORIO","Restauración ecosistémica con énfasis en conectividad para la construcción y recuperación de la estructura ecológica natural de soporte en el departamento de Córdoba","Realizar el mantenimiento de plantaciones forestales protectoras e interventorias de 4114 ha","1C541",8137106656,"Albeiro Arrieta",240,8137106656,100,100,"No","Ninguna"]
[13,"FILA_13","","","","Gestionar y conservar el recurso hidrico, suelo para garantizar su sostenibilidad mediante su ordenamiento y manejo adecuado","","RECURSO HÍDRICO Y MANEJO INTEGRADO","Planificación y ordenamiento del recurso hídrico en el departamento de Córdoba","Formulación de un  plan de manejo de microcuencas y adopción de  pomcas microcuenca y un plan de manejo de acuiferos","1C821",895195717,"Albeiro Arrieta",150,895195717,100,100,"No","Ninguna"]
[14,"FILA_14","","","","Gestionar y conservar el recurso hidrico, suelo para garantizar su sostenibilidad mediante su ordenamiento y manejo adecuado","","RECURSO HÍDRICO Y MANEJO INTEGRADO","Manejo Integral del Recurso Hídrico en el departamento de Córdoba","Actualización sistemas y registros de usuarios y campañas ahorro y uso del agua","1C811",1561621547,"Cesar Buelvas",240,1561621547,100,100,"No","Ninguna"]
[15,"FILA_15","","","","Mejorar la dinámica hídrica de corrientes que se encuentren en estado de deterioro y de los ecosistemas","","CONECTIVIDAD HIDROLÓGICA","Conectividad hidrológica con énfasis en la funcionalidad del ecosistema","Diseñar y construir obras para el mejoramiento de la dinámica  hidrologica","1C111",0,"Albeiro Arrieta",0,0,0,0,"No","Ninguna"]
[16,"FILA_16","","","","Orientar el proceso de diseño y planificación de uso del territorio y de los recursos naturales renovables","","GESTIÓN DE RIESGO, ADAPTACIÓN Y MITIGACIÓN FRENTE AL CAMBIO CLIMÁTICO, PARA LA REDUCCIÓN DE LA VULNERABILIDAD DEL TERRITORIO","Adaptación al cambio climático en departamento de Córdoba e Implementación de un proyecto piloto","Monitoreo de ecosistemas, desarrollo proyecto piloto, crear una mesa de trabajo y fortalecimiento a la comunidad","1C221",645215365,"Albeiro Arrieta",270,645215365,100,100,"No","Ninguna"]
[17,"FILA_17","","","","Orientar el proceso de diseño y planificación de uso del territorio y de los recursos naturales renovables","","GESTIÓN DE RIESGO, ADAPTACIÓN Y MITIGACIÓN FRENTE AL CAMBIO CLIMÁTICO, PARA LA REDUCCIÓN DE LA VULNERABILIDAD DEL TERRITORIO","Mitigación frente al cambio climático en los sectores económicos del departamento de Córdoba","Apoyo  a la implementación de estrategias sectoriales","1C231",123100674,"Albeiro Arrieta",270,123100674,100,100,"No","Ninguna"]
[18,"FILA_18","","","","Orientar el proceso de diseño y planificación de uso del territorio y de los recursos naturales renovables","","GESTIÓN DE RIESGO, ADAPTACIÓN Y MITIGACIÓN FRENTE AL CAMBIO CLIMÁTICO, PARA LA REDUCCIÓN DE LA VULNERABILIDAD DEL TERRITORIO","Gestión del riesgo y cambio climático en el departamento de Córdoba","Capacitación  a 10 municipios en temas de gestión del riesgo y apoyo a 3 municipios en prevención y efectos climáticos y 280 monitoreos de amenazas","1C211",508879284,"Albeiro Arrieta",210,508879284,100,100,"No","Ninguna"]
[19,"FILA_19","","","","Mejorar continuamente los procesos misionales a través del diseño y puesta en marcha de herramientas o sistemas de información ambiental","","INSTITUCIONALIDAD FORTALECIDA PARA LA GESTIÓN AMBIENTAL REGIONAL Y EL BUEN GOBIERNO","Educación y Participación para la construcción de Córdoba Biocultural y sostenible en el territorio","Vigilancia y control al trafico ilegal, apoyo a CIDEA PRAE  PROCEDA DMI politica nacional","1C431",1191178681,"Albeiro Arrieta",180,1191178681,100,100,"No","Ninguna"]
[20,"FILA_20","","","","Mejorar continuamente los procesos misionales a través del diseño y puesta en marcha de herramientas o sistemas de información ambiental","","INSTITUCIONALIDAD FORTALECIDA PARA LA GESTIÓN AMBIENTAL REGIONAL Y EL BUEN GOBIERNO","Sistemas para el mejoramiento de la eficiencia en la gestión","Continuar con la implementación de la estrategia de gobierno en linea","1C451",282878519,"Albeiro Arrieta",270,282878519,100,100,"No","Ninguna"]
[21,"FILA_21","","","","Mejorar continuamente los procesos misionales a través del diseño y puesta en marcha de herramientas o sistemas de información ambiental","","INSTITUCIONALIDAD FORTALECIDA PARA LA GESTIÓN AMBIENTAL REGIONAL Y EL BUEN GOBIERNO","Autoridad Ambiental y Licenciamiento en el departamento de Córdoba","Control seguimientos a autorizaciones y/o permisos ambientales, implementación VITAL, quejas y reclamos","1C411",100610088,"Albeiro Arrieta",270,100610088,100,100,"No","Ninguna"]
[22,"FILA_22","","","","Mejorar continuamente los procesos misionales a través del diseño y puesta en marcha de herramientas o sistemas de información ambiental","","INSTITUCIONALIDAD FORTALECIDA PARA LA GESTIÓN AMBIENTAL REGIONAL Y EL BUEN GOBIERNO","Fortalecimiento de la gestión financiera","Implementar estrategias para finanaciar proyectos","1C441",296532055,"Albeiro Arrieta",270,296532055,100,100,"No","Ninguna"]
[23,"FILA_23","","","","Mejorar continuamente los procesos misionales a través del diseño y puesta en marcha de herramientas o sistemas de información ambiental","","INSTITUCIONALIDAD FORTALECIDA PARA LA GESTIÓN AMBIENTAL REGIONAL Y EL BUEN GOBIERNO","Construcción y/o adecuación de las sedes y subsedes dotación y modernización de inmuebles de la CVS","Construcción adecuación y mejoramiento de las instalaciones","1C421",229889914,"Cesar Buelvas",45,229889914,100,100,"No","Ninguna"]
{"$rows_empty":350969}
["1 SI"]
["2 NO"]

{"sheet":"F7.1  RELACIÓN PROYECTOS FIN...","index":2,"n_rows":351010,"n_cols":17,"rows_kept":351010,"merged":[[7,1,7,16]]}
[null,"Tipo Modalidad",51,"M-1: CUENTA O INFORME ANUAL CONSOLIDADO"]
[null,"Formulario",7,"F7.1: RELACIÓN PROYECTOS FINANCIADOS CON BANCA MULTILATERAL Y DE COOP INTERNAL_EMPRÉSTITOS"]
[null,"Moneda Informe",1]
[null,"Entidad",104]
[null,"Fecha","2019-12-31"]
[null,"Periodicidad",12,"ANUAL"]
[]
["[1]","0 EMPRÉSTITOS (Registre las cifras en PESOS, exceptuando los valores en MONEDA EXTRANJERA)"]
[null,null,2,3,4,8,12,16,20,24,27,28,32,36,40,44,48]
[null,null,"FORMULARIO CON INFORMACIÓN","JUSTIFICACIÓN","NÚMERO DEL EMPRÉSTITO","ORGANISMO MULTILATERAL    ","FECHA DEL EMPRÈSTITO","OBJETO DEL PROYECTO   ","TIPO DE  MONEDA","VALOR TOTAL / CANTIDAD ","VALOR TRANSACCIÓN (En pesos)"," CERTIFICACIÓN MINHACIENDA   ","VALOR DEL DESEMBOLSO EN EL PERÍODO","VALOR ACUMULADO DE LOS DESEMBOLSOS   ","VALOR PENDIENTE DE DESEMBOLSO   ","PLAZO ACORDADO","OBSERVACIONES"]
[1,"FILA_1","2 NO","En la vigencia 2019 no se financiaron proyectos con banca multilateral ni de cooperacion internacional ni emprestitos","0","NA","1900/01/01","NA","8 FORMULARIO SIN INFORMACIÓN",0,0,"NA",0,0,0,0,"NINGUNA"]
[-1,null,"","","","","","","","","","","","","","",""]
[999999,"FILA_999999","","","","","","","","",null,"",{"$nulls":3},"",""]
{"$rows_empty":350989}
["1 SI","1 PESOS COLOMBIANOS"]
["2 NO","2 DÓLAR ESTADOUNIDENSE"]
[null,"3 EURO"]
[null,"4 LIBRA ESTERLINA"]
[null,"5 YEN JAPONÉS"]
[null,"6 FRANCO SUIZO"]
[null,"7 OTRA MONEDA"]
[null,"8 FORMULARIO SIN INFORMACIÓN"]

{"sheet":"F7.2  RELACIÓN PROYECTOS DES...","index":3,"n_rows":351010,"n_cols":19,"rows_kept":351010,"merged":[[7,1,7,18]]}
[null,"Tipo Modalidad",51,"M-1: CUENTA O INFORME ANUAL CONSOLIDADO"]
[null,"Formulario",120,"F7.2: RELACIÓN PROYECTOS DESARROLLADOS CON BANCA MULTILAT Y DE COOP INTERN NO REEMB_DONAC Y/O COOP"]
[null,"Moneda Informe",1]
[null,"Entidad",104]
[null,"Fecha","2019-12-31"]
[null,"Periodicidad",12,"ANUAL"]
[]
["[1]","0 DONACIONES Y/O COOPERACIÓN Ver 1.1 (Registre las cifras en PESOS, exceptuando los valores en MONEDA EXTRANJERA)"]
[null,null,2,3,4,8,12,15,16,20,24,27,28,32,36,40,44,48,52]
[null,null,"FORMULARIO CON INFORMACIÓN","JUSTIFICACIÓN","IDENTIFICACIÓN DE LA DONACIÓN   ","ORGANISMO DONANTE   ","FECHA DONACIÓN Y/O COOPERACIÓN","ADMINISTRADOR DE LOS RECURSOS FINANACIEROS","DESCRIPCIÓN DE LA DONACIÓN O COOPERACIÓN","VALOR TOTAL DONACIÓN / MONEDA","VALOR TOTAL DONACIÓN / CANTIDAD","VALOR DE LA TRANSACCIÓN (En pesos)","REGISTRO MINHACIENDA   ","VALOR DESEMBOLSADO EN EL PERÍODO","VALOR DESEMBOLSO ACUMULADO    ","VALOR PENDIENTE DE DESEMBOLSO    ","PLAZO ACORDADO","MODIFICACIONES","OBSERVACIONES"]
[1,"FILA_1","2 NO","En la vigencia 2019 no se financiaron proyectos con banca multilateral ni de cooperacion internacional ni de donaciones","","","","","","",null,null,"",{"$nulls":4},"","NINGUNA"]
[-1,null,"","","","","","","","","","","","","","","","",""]
[999999,"FILA_999999","","","","","",null,"","","",null,"",{"$nulls":3},"","",""]
{"$rows_empty":350989}
["1 SI","1 PESOS COLOMBIANOS"]
["2 NO","2 DÓLAR ESTADOUNIDENSE"]
[null,"3 EURO"]
[null,"4 LIBRA ESTERLINA"]
[null,"5 YEN JAPONÉS"]
[null,"6 FRANCO SUIZO"]
[null,"7 OTRA MONEDA"]
[null,"8 FORMULARIO SIN INFORMACIÓN"]

{"sheet":"F8.1  COMPROMISOS PRESUPUEST...","index":4,"n_rows":351004,"n_cols":25,"rows_kept":351004,"merged":[[7,1,7,24]]}
[null,"Tipo Modalidad",51,"M-1: CUENTA O INFORME ANUAL CONSOLIDADO"]
[null,"Formulario",366,"F8.1: COMPROMISOS PRESUPUESTALES DE LA VIG PARA ACTIVIDADES AMBIENTALES (Registre cifras EN PESOS)"]
[null,"Moneda Informe",1]
[null,"Entidad",104]
[null,"Fecha","2019-12-31"]
[null,"Periodicidad",12,"ANUAL"]
[]
["[1]","0 CLASIFICACIÓN DEL GASTO DE INVERSIÓN AMBIENTAL (Registre las cifras en PESOS) "]
[null,null,2,3,4,6,7,8,9,11,12,28,32,36,40,44,48,52,56,60,64,123,124,127,128]
[null,null,"FORMULARIO CON INFORMACIÓN","JUSTIFICACIÓN","NOMBRE DEL PROYECTO","INVERSIÓN OPERATIVA (O DE APOYO) / EDUCACIÓN","INVERSIÓN OPERATIVA (O DE APOYO) / FOMENTO","INVERSIÓN OPERATIVA (O DE APOYO) / ADMINISTRACIÓN","INVERSIÓN OPERATIVA (O DE APOYO) / OTROS"," INVERSIÓN EN MEDIO AMBIENTE / RECURSO HÍDRICO","INVERSIÓN EN MEDIO AMBIENTE / BOSQUES","INVERSIÓN EN MEDIO AMBIENTE / AIRE","INVERSIÓN EN MEDIO AMBIENTE / SUELO","INVERSIÓN EN MEDIO AMBIENTE / BIODIVERSIDAD","INVERSIÓN EN AGUA POTABLE Y SANEAMIENTO BASICO / AGUA POTABLE","INVERSIÓN EN AGUA POTABLE Y SANEAMIENTO BASICO  / TRATAMIENTO DE VERTIMIENTOS","INVERSIÓN EN AGUA POTABLE Y SANEAMIENTO BÁSICO / MANEJO Y DISPOSICIÓN DE RESIDUOS SÓLIDOS","INVERSIÓN EN AGUA POTABLE Y SANEAMIENTO BÁSICO / MANEJO Y DISPOSICIÓN DE RESIDUOS PELIGROSOS","INVERSIÓN EN GESTIÓN DEL RIESGO / PREVENCIÓN DE DESASTRES","INVERSIÓN EN GESTIÓN DEL RIESGO / INCENDIOS FORESTALES","INVERSIÓN EN GESTIÓN DEL RIESGO / APOYO A LA ATENCIÓN DE DESASTRES","INVERSIÓN EN GESTIÓN DEL RIESGO / ACTIVIDADES POST-DESASTRE","INVERSIÓN EN GESTIÓN AMBIENTAL URBANA","PORCENTAJE ( % ) DE EJECUCIÓN FÍSICA","OBSERVACIONES"]
[1,"FILA_1","1 SI","","Planeación para la incorporación de la variable ambiental en los procesos de ordenamiento territorial",0,0,492874052,0,0,0,0,398113527,0,0,0,0,0,0,0,0,0,0,100,"Ninguna"]
[2,"FILA_2","1 SI","","Definición caracterización y espacialización de las estructuras ecologicas ecologicas rural y urbanas en el departamento de Córdoba",0,0,0,0,0,0,0,0,132948728,0,0,0,0,0,0,0,0,0,100,"Ninguna"]
[3,"FILA_3","1 SI","","Gestión en producción y consumo sostenible en el departamento de Córdoba",0,0,0,0,0,0,0,0,187485628,0,0,0,0,0,0,0,0,0,100,"Ninguna"]
[4,"FILA_4","1 SI","","Gestión ambiental urbana en el departamento de córdoba.",0,0,0,0,0,0,2654270056,0,0,0,0,0,0,0,0,0,0,0,100,"Ninguna"]
[5,"FILA_5","1 SI","","Saneamiento ambiental en el departamento de Córdoba",0,0,0,0,0,0,0,0,0,0,364587191,0,0,0,0,0,0,0,100,"Ninguna"]
[6,"FILA_6","1 SI","","Gestión ambiental de zona marino costera en el departamento de Córdoba",0,0,0,0,0,0,0,0,0,0,0,0,0,166185911,0,0,0,0,100,"Ninguna"]
[7,"FILA_7","1 SI","","Gestión ambiental en el sector minero en el departamento de Córdoba",0,0,0,0,0,0,0,66474364,0,0,0,0,0,0,0,0,0,0,100,"Ninguna"]
[8,"FILA_8","1 SI","","Recuperación y protección del recurso suelo en el departamento de córdoba",0,0,0,0,0,0,0,139478795,0,0,0,0,0,0,0,0,0,0,100,"Ninguna"]
[9,"FILA_9","1 SI","","Áreas protegidas y ecosistemas estratégicos como garantía de funcionalidad ecosistémica en el departamento de Córdoba",0,0,0,0,0,0,0,0,751054080,0,0,0,0,0,0,0,0,0,100,"Ninguna"]
[10,"FILA_10","1 SI","","Conservación y uso sostenible de la biodiversidad en el departamento de Córdoba",0,0,0,0,0,0,0,0,324350979,0,0,0,0,0,0,0,0,0,100,"Ninguna"]
[11,"FILA_11","1 SI","","Conservación del recurso hidrobiológico y pesquero en el departamento de Córdoba",0,0,0,0,0,0,0,0,521485958,0,0,0,0,0,0,0,0,0,100,"Ninguna"]
[12,"FILA_12","1 SI","","Restauración ecosistémica con énfasis en conectividad para la construcción y recuperación de la estructura ecológica natural de soporte en el departamento de Córdoba",0,129458530,0,0,0,8137106656,0,0,0,0,0,0,0,0,0,0,0,0,100,"Ninguna"]
[13,"FILA_13","1 SI","","Planificación y ordenamiento del recurso hídrico en el departamento de Córdoba",0,0,0,0,895195717,0,0,0,0,0,0,0,0,0,0,0,0,0,100,"Ninguna"]
[14,"FILA_14","1 SI","","Manejo Integral del Recurso Hídrico en el departamento de Córdoba",0,0,0,0,1561621547,0,0,0,0,0,0,0,0,0,0,0,0,0,100,"Ninguna"]
[15,"FILA_15","1 SI","","Conectividad hidrológica con énfasis en la funcionalidad del ecosistema",0,0,0,0,0,0,0,0,0,0,0,0,0,0,0,341948762,0,0,100,"Ninguna"]
[16,"FILA_16","1 SI","","Adaptación al cambio climático en departamento de Córdoba e Implementación de un proyecto piloto",0,0,0,0,0,0,0,0,0,0,0,0,0,645215365,0,0,0,0,100,"Ninguna"]
[17,"FILA_17","1 SI","","Mitigación frente al cambio climático en los sectores económicos del departamento de Córdoba",0,0,0,0,0,0,0,0,0,0,0,0,0,123100674,0,0,0,0,100,"Ninguna"]
[18,"FILA_18","1 SI","","Gestión del riesgo y cambio climático en el departamento de Córdoba",0,0,0,0,0,0,0,0,0,0,0,0,0,508879284,0,0,0,0,100,"Ninguna"]
[19,"FILA_19","1 SI","","Educación y Participación para la construcción de Córdoba Biocultural y sostenible en el territorio",613096212,0,0,0,0,0,0,0,1191178681,0,0,0,0,0,0,0,0,0,100,"Ninguna"]
[20,"FILA_20","1 SI","","Sistemas para el mejoramiento de la eficiencia en la gestión",0,0,390468620,0,0,0,0,0,0,0,0,0,0,0,0,0,0,0,100,"Ninguna"]
[21,"FILA_21","1 SI","","Autoridad Ambiental y Licenciamiento en el departamento de Córdoba",0,0,0,1433334669,610185451,0,0,0,0,0,0,0,0,0,0,0,0,0,100,"Ninguna"]
[22,"FILA_22","1 SI","","Fortalecimiento de la gestión financiera",0,0,296532055,0,0,0,0,0,0,0,0,0,0,0,0,0,0,0,100,"Ninguna"]
[23,"FILA_23","1 SI","","Construcción y/o adecuación de las sedes y subsedes dotación y modernización de inmuebles de la CVS",0,0,0,0,0,0,0,0,0,0,0,0,0,0,0,0,0,0,100,"Ninguna"]
{"$rows_empty":350969}
["1 SI"]
["2 NO"]

{"sheet":"F8.4  TRÁMITES OTORGADOS POR...","index":5,"n_rows":352159,"n_cols":19,"rows_kept":352159,"merged":[[7,1,7,18]]}
[null,"Tipo Modalidad",51,"M-1: CUENTA O INFORME ANUAL CONSOLIDADO"]
[null,"Formulario",370,"F8.4: TRÁMITES OTORGADOS POR AUTORIDAD AMBIENTAL(Registre las cifras EN PESOS)"]
[null,"Moneda Informe",1]
[null,"Entidad",104]
[null,"Fecha","2019-12-31"]
[null,"Periodicidad",12,"ANUAL"]
[]
["[1]","0 TRÁMITES OTORGADOS (Registre las cifras en PESOS)"]
[null,null,2,3,4,7,8,12,16,24,28,32,34,35,36,38,39,40,44]
[null,null,"FORMULARIO CON INFORMACIÓN","JUSTIFICACIÓN","NOMBRE DEL PROYECTO Y/O ACTIVIDAD","SECTOR ECONÓMICO - CLASIFICACIÓN CIIU","LUGAR DE EJECUCION PROYECTO / MUNICIPIO - DEPARTAMENTO","TIPO DE SOLICITUD","NOMBRE SOLICITANTE","NÚMERO","FECHA SOLICITUD","FECHA EXPEDICIÓN","FECHA VENCIMIENTO","COSTO DE EVALUACIÓN (Solicitud)","COSTO DE SEGUIMIENTO (Anual)","COSTO DE MULTAS Y SANCIONES","COSTO DE EJECUCIÓN DE COMPROMISOS AMBIENTALES","PORCENTAJE ( % ) DE CUMPLIMIENTO DE LAS OBLIGACIONES","OBSERVACIONES"]
[1,"FILA_1","1 SI","","CAR WASH BOUTIQUE LOS PITS","Sección E - Suministro de electricidad, gas y agua","14 CÓRDOBA - DEPARTAMENTO","1 CONCESIÓN","CAR WASH BOUTIQUE LOS PITS","2-6520","2016/12/30","2019/09/23","2024/09/22",104756,104756,0,104756,25,""]
[2,"FILA_2","1 SI","","EDS DISTRACOM S.A LAS PALMAS","Sección E - Suministro de electricidad, gas y agua","14 CÓRDOBA - DEPARTAMENTO","1 CONCESIÓN","EDS DISTRACOM S.A LAS PALMAS","2-6871","2016/12/12","2019/12/20","2024/12/21",95168,108087,0,108087,0,"Pendiente pago seguimiento."]
[3,"FILA_3","1 SI","","RED CARNICA","Sección E - Suministro de electricidad, gas y agua","14 CÓRDOBA - DEPARTAMENTO","1 CONCESIÓN","RED CARNICA","2-6599","2018/02/23","2019/10/18","2024/10/17",1261702,828721,0,828721,0,"Pendiente pago seguimiento."]
[4,"FILA_4","1 SI","","FRIGOCER EXPOCOL S.A.S","Sección E - Suministro de electricidad, gas y agua","14 CÓRDOBA - DEPARTAMENTO","1 CONCESIÓN","FRIGOCER EXPOCOL S.A.S","2-6872","2018/11/07","2019/12/20","2024/12/19",104756,108087,0,108087,0,"Pendiente pago seguimiento."]
[5,"FILA_5","1 SI","","PARQUEADERO Y LAVADERO EL TERMINAL","Sección E - Suministro de electricidad, gas y agua","14 CÓRDOBA - DEPARTAMENTO","1 CONCESIÓN","PARQUEADERO Y LAVADERO EL TERMINAL","2-6519","2018/06/12","2019/09/23","2024/09/22",294075,303426,0,303426,0,"Pendiente pago seguimiento."]
[6,"FILA_6","1 SI","","LAVADERO Y PARQUEADERO DONDE JUANCHO Y ELIAS","Sección E - Suministro de electricidad, gas y agua","14 CÓRDOBA - DEPARTAMENTO","1 CONCESIÓN","LAVADERO Y PARQUEADERO DONDE JUANCHO Y ELIAS","2-6513","2018/07/26","2019/09/20","2024/09/19",104756,104756,0,104756,75,""]
[7,"FILA_7","1 SI","","PEREZ & DURAN CONSTRUCCIONES S.A.S","Sección E - Suministro de electricidad, gas y agua","14 CÓRDOBA - DEPARTAMENTO","1 CONCESIÓN","PEREZ & DURAN CONSTRUCCIONES S.A.S","2-6771","2018/10/12","2019/12/09","2024/12/08",146827,151496,0,151496,0,"Pendiente pago seguimiento."]
[8,"FILA_8","1 SI","","GERMAN ANTONIO ORTEGA TRIANA","Sección E - Suministro de electricidad, gas y agua","14 CÓRDOBA - DEPARTAMENTO","1 CONCESIÓN","GERMAN ANTONIO ORTEGA TRIANA","2-6789","2019/04/08","2019/12/16","2024/12/15",108087,108087,0,108087,0,"Pendiente pago seguimiento."]
[9,"FILA_9","1 SI","","MUNICIPIO DE BUENAVISTA","Sección E - Suministro de electricidad, gas y agua","14 CÓRDOBA - DEPARTAMENTO","1 CONCESIÓN","MUNICIPIO DE BUENAVISTA","2-5723","2018/11/09","2019/02/11","2024/02/10",1366071,1366071,0,1366071,0,"Pendiente pago seguimiento."]
[10,"FILA_10","1 SI","","FREDY ALBERTO ANGEL CONDE","Sección E - Suministro de electricidad, gas y agua","14 CÓRDOBA - DEPARTAMENTO","1 CONCESIÓN","FREDY ALBERTO ANGEL CONDE","2-6671","2019/05/28","2019/11/20","2024/11/19",108087,108087,0,108087,0,"Pendiente pago seguimiento."]
[11,"FILA_11","1 SI","","JERONIMO MARTINS COLOMBIA S.A.S.","Sección E - Suministro de electricidad, gas y agua","14 CÓRDOBA - DEPARTAMENTO","1 CONCESIÓN","JERONIMO MARTINS COLOMBIA S.A.S.","2-6788","2019/08/02","2019/12/16","2024/12/15",867738,867738,0,867738,25,""]
[12,"FILA_12","1 SI","","JAC CORREGIMIENTO SAN MATEO","Sección F - Contrucción","14 CÓRDOBA - DEPARTAMENTO","3 PERMISO","JAC CORREGIMIENTO SAN MATEO","2 - 6335","2018/12/14","2019/08/01","2020/01/31",360388,360388,0,360388,0,"Pendiente pago seguimiento."]
[13,"FILA_13","1 SI","","ALCALDIA MUNICIPAL DE SAHAGUN","Sección F - Contrucción","14 CÓRDOBA - DEPARTAMENTO","3 PERMISO","ALCALDIA MUNICIPAL DE SAHAGUN","2 - 6403","2019/04/26","2019/08/23","2020/02/22",867738,824405,0,824405,0,"Pendiente pago seguimiento."]
[14,"FILA_14","1 SI","","CONSTRUCCIONES EL CONDOR S.A.","Sección F - Contrucción","14 CÓRDOBA - DEPARTAMENTO","3 PERMISO","CONSTRUCCIONES EL CONDOR S.A.","2-6516","2019/06/28","2019/07/23","2020/01/22",303426,303426,0,303426,100,""]
[15,"FILA_15","1 SI","","ALCALDÍA PLANETA RICA","Sección F - Contrucción","14 CÓRDOBA - DEPARTAMENTO","3 PERMISO","ALCALDÍA PLANETA RICA","2-6511","2019/06/28","2019/09/20","2020/03/19",1735910,1056548,0,1056548,25,""]
[16,"FILA_16","1 SI","","SERVICIOS LOGISTICOS DEL CARIBE S.A.S","Sección F - Contrucción","14 CÓRDOBA - DEPARTAMENTO","3 PERMISO","SERVICIOS LOGISTICOS DEL CARIBE S.A.S","2-6596","2019/06/28","2019/10/17","2020/04/16",316450,303426,0,303426,100,""]
[17,"FILA_17","1 SI","","NELLY REBECA OQUENDO PADILLA","Sección A  -Agricultura, ganadería, caza y silvicultura","14 CÓRDOBA - DEPARTAMENTO","3 PERMISO","NELLY REBECA OQUENDO PADILLA","1","2018/11/09","2019/01/16","2019/07/16",0,0,0,0,0,""]
[18,"FILA_18","1 SI","","LUCYNA OYOLA URUETA","Sección A  -Agricultura, ganadería, caza y silvicultura","14 CÓRDOBA - DEPARTAMENTO","3 PERMISO","LUCYNA OYOLA URUETA","3","2018/11/20","2019/02/06","2019/08/06",104756,104756,0,104756,100,""]
[19,"FILA_19","1 SI","","NADITH QUINTERO ALEAN - I.E. JUAN XXIII - SEDE EL VIDRIAL","Sección A  -Agricultura, ganadería, caza y silvicultura","14 CÓRDOBA - DEPARTAMENTO","3 PERMISO","NADITH QUINTERO ALEAN - I.E. JUAN XXIII - SEDE EL VIDRIAL","4","2018/11/20","2019/02/06","2019/07/06",0,0,0,0,50,""]
[20,"FILA_20","1 SI","","GUSTAVO GOMEZ GONZALEZ -  RUTA  AL MAR","Sección A  -Agricultura, ganadería, caza y silvicultura","14 CÓRDOBA - DEPARTAMENTO","3 PERMISO","GUSTAVO GOMEZ GONZALEZ -  RUTA  AL MAR","5","2018/07/30","2019/02/06","2024/08/06",6229583,8539028,0,8539028,75,"Arbol Aislado"]
[21,"FILA_21","1 SI","","RUTA AL MAR","Sección A  -Agricultura, ganadería, caza y silvicultura","14 CÓRDOBA - DEPARTAMENTO","3 PERMISO","RUTA AL MAR","7","2018/11/23","2019/02/19","2019/08/19",0,0,0,0,50,"Arbol Aislado"]
[22,"FILA_22","1 SI","","DORIS DEL SOCORRO GONZALEZ LOZANO","Sección A  -Agricultura, ganadería, caza y silvicultura","14 CÓRDOBA - DEPARTAMENTO","3 PERMISO","DORIS DEL SOCORRO GONZALEZ LOZANO","8","2018/10/30","2019/02/19","2019/08/19",0,0,0,0,50,"Arbol Aislado"]
[23,"FILA_23","1 SI","","LUZ ANGELA CARDENAS CARDERON- FIDIAGRARIA","Sección A  -Agricultura, ganadería, caza y silvicultura","14 CÓRDOBA - DEPARTAMENTO","3 PERMISO","LUZ ANGELA CARDENAS CARDERON- FIDIAGRARIA","9","2019/05/23","2019/02/19","2019/08/19",0,0,0,0,50,"Arbol Aislado"]
[24,"FILA_24","1 SI","","EDGAR HERRERA MARCIALES - VIAS LAS AMERICAS","Sección A  -Agricultura, ganadería, caza y silvicultura","14 CÓRDOBA - DEPARTAMENTO","3 PERMISO","EDGAR HERRERA MARCIALES - VIAS LAS AMERICAS","10","2019/02/16","2019/03/06","2024/03/06",4303756,6916615,0,6916615,75,""]
[25,"FILA_25","1 SI","","LUIS DANIEL PEÑATES VARILLA","Sección A  -Agricultura, ganadería, caza y silvicultura","14 CÓRDOBA - DEPARTAMENTO","3 PERMISO","LUIS DANIEL PEÑATES VARILLA","11","2019/01/24","2019/03/07","2020/03/07",108087,108087,0,108087,100,""]
[26,"FILA_26","1 SI","","RUTA AL MAR - JUAN JOSE PATIÑO MUÑOZ","Sección A  -Agricultura, ganadería, caza y silvicultura","14 CÓRDOBA - DEPARTAMENTO","3 PERMISO","RUTA AL MAR - JUAN JOSE PATIÑO MUÑOZ","12","2018/08/24","2019/03/07","2024/03/07",13929205,12664045,0,12664045,75,""]
[27,"FILA_27","1 SI","","MANUEL ARTEAGA CUADRADO","Sección A  -Agricultura, ganadería, caza y silvicultura","14 CÓRDOBA - DEPARTAMENTO","3 PERMISO","MANUEL ARTEAGA CUADRADO","13","2019/02/26","2019/03/07","2019/09/07",0,0,0,0,50,"Arbol Aislado"]
[28,"FILA_28","1 SI","","EDGAR CRUZ ROMERO - INNOVAS S.A.S","Sección A  -Agricultura, ganadería, caza y silvicultura","14 CÓRDOBA - DEPARTAMENTO","3 PERMISO","EDGAR CRUZ ROMERO - INNOVAS S.A.S","14","2017/12/19","2018/03/12","2019/09/12",1937500,1937500,0,1937500,50,"Arbol Aislado"]
[29,"FILA_29","1 SI","","CILSA ROSA BELTRAN","Sección A  -Agricultura, ganadería, caza y silvicultura","14 CÓRDOBA - DEPARTAMENTO","3 PERMISO","CILSA ROSA BELTRAN","15","2019/01/30","2019/03/12","2020/03/12",0,0,0,0,50,"Arbol Aislado"]
[30,"FILA_30","1 SI","","NILET MURILLO LEON -SECRETARIA DE PLANEACION DE MONTELIBANO","Sección A  -Agricultura, ganadería, caza y silvicultura","14 CÓRDOBA - DEPARTAMENTO","3 PERMISO","NILET MURILLO LEON -SECRETARIA DE PLANEACION DE MONTELIBANO","16","2019/01/29","2019/03/12","2022/03/12",1790837,1790837,0,1790837,100,""]
[31,"FILA_31","1 SI","","MUNICIPIO DE MONTERIA - DIANA MARRUGO","Sección A  -Agricultura, ganadería, caza y silvicultura","14 CÓRDOBA - DEPARTAMENTO","3 PERMISO","MUNICIPIO DE MONTERIA - DIANA MARRUGO","17","2018/08/05","2019/03/13","2024/03/13",1691920,1446429,0,1446429,75,""]
[32,"FILA_32","1 SI","","ALVARO IGNACIO CABRALES PAFFEN - CERRO MATOSO S.A.","Sección A  -Agricultura, ganadería, caza y silvicultura","14 CÓRDOBA - DEPARTAMENTO","3 PERMISO","ALVARO IGNACIO CABRALES PAFFEN - CERRO MATOSO S.A.","18","2018/05/11","2019/03/13","2019/08/13",3089286,3089286,0,3089286,50,"Arbol Aislado"]
[33,"FILA_33","1 SI","","OMAR ALEXANDER PRIETO GARCIA - HOSPITAL SAN JERONIMO","Sección A  -Agricultura, ganadería, caza y silvicultura","14 CÓRDOBA - DEPARTAMENTO","3 PERMISO","OMAR ALEXANDER PRIETO GARCIA - HOSPITAL SAN JERONIMO","19","2019/02/15","2019/03/15","2019/08/15",0,0,0,0,50,"Arbol Aislado"]
[34,"FILA_34","1 SI","","AGUSTINA DE JESUS ALVARADO TEJADA - MANUEL GREGORIO ARRIETA RAMOS","Sección A  -Agricultura, ganadería, caza y silvicultura","14 CÓRDOBA - DEPARTAMENTO","3 PERMISO","AGUSTINA DE JESUS ALVARADO TEJADA - MANUEL GREGORIO ARRIETA RAMOS","20","2019/01/08","2019/03/26","2019/08/26",104800,108087,0,108087,75,""]
[35,"FILA_35","1 SI","","CILSA ROSA BELTRAN","Sección A  -Agricultura, ganadería, caza y silvicultura","14 CÓRDOBA - DEPARTAMENTO","3 PERMISO","CILSA ROSA BELTRAN","21","2019/12/27","2019/03/26","2019/08/26",104756,104756,0,104756,50,"Arbol Aislado"]
[36,"FILA_36","1 SI","","GUSTAVO ADOLFO ESPINOSA JARABA - RUBEN DARIO  ESPINOSA JARABA","Sección A  -Agricultura, ganadería, caza y silvicultura","14 CÓRDOBA - DEPARTAMENTO","3 PERMISO","GUSTAVO ADOLFO ESPINOSA JARABA - RUBEN DARIO  ESPINOSA JARABA","22","2018/11/16","2019/04/02","2019/08/26",108087,108087,0,108087,100,""]
[37,"FILA_37","1 SI","","CARMEN ARIZ DE SALIS","Sección A  -Agricultura, ganadería, caza y silvicultura","14 CÓRDOBA - DEPARTAMENTO","3 PERMISO","CARMEN ARIZ DE SALIS","23","2019/02/20","2019/04/04","2019/09/04",0,0,0,0,50,""]
[38,"FILA_38","1 SI","","CARMEN MEJIA DE DEGIOVANI","Sección A  -Agricultura, ganadería, caza y silvicultura","14 CÓRDOBA - DEPARTAMENTO","3 PERMISO","CARMEN MEJIA DE DEGIOVANI","24","2019/02/06","2019/04/04","2019/09/04",108087,108087,0,108087,100,""]
[39,"FILA_39","1 SI","","EVARISTO ARTEAGA SALGADO - TRES SOFIAS","Sección A  -Agricultura, ganadería, caza y silvicultura","14 CÓRDOBA - DEPARTAMENTO","3 PERMISO","EVARISTO ARTEAGA SALGADO - TRES SOFIAS","25","2019/10/11","2019/04/04","2019/09/04",108087,108087,0,108087,50,"Arbol Aislado"]
[40,"FILA_40","1 SI","","ADRIANA PAOLA PARRA CARRASCAL - Concesión RUTA AL MAR","Sección A  -Agricultura, ganadería, caza y silvicultura","14 CÓRDOBA - DEPARTAMENTO","3 PERMISO","ADRIANA PAOLA PARRA CARRASCAL - Concesión RUTA AL MAR","26","2018/11/15","2019/04/11","2024/04/11",19900000,34440610,0,34440610,75,""]
[41,"FILA_41","1 SI","","JULIO ENRIQUE DOMIGUEZ RUIZ","Sección A  -Agricultura, ganadería, caza y silvicultura","14 CÓRDOBA - DEPARTAMENTO","3 PERMISO","JULIO ENRIQUE DOMIGUEZ RUIZ","27","2019/03/05","2019/04/11","2019/09/11",108087,108087,0,108087,50,"Arbol Aislado"]
[42,"FILA_42","1 SI","","RAMON FLOREZ SOTELO","Sección A  -Agricultura, ganadería, caza y silvicultura","14 CÓRDOBA - DEPARTAMENTO","3 PERMISO","RAMON FLOREZ SOTELO","28","2019/01/30","2019/04/11","2019/09/11",0,0,0,0,50,"Arbol Aislado"]
[43,"FILA_43","1 SI","","RAUL ANTONIO HERRERA CHICO  - HOSPITAL SAN VICENTE DE PAUL","Sección A  -Agricultura, ganadería, caza y silvicultura","14 CÓRDOBA - DEPARTAMENTO","3 PERMISO","RAUL ANTONIO HERRERA CHICO  - HOSPITAL SAN VICENTE DE PAUL","29","2019/02/26","2019/04/12","2019/09/12",0,0,0,0,50,"Arbol Aislado"]
[44,"FILA_44","1 SI","","MARIA TERESA ARROYO DE OTERO","Sección A  -Agricultura, ganadería, caza y silvicultura","14 CÓRDOBA - DEPARTAMENTO","3 PERMISO","MARIA TERESA ARROYO DE OTERO","30","2019/04/02","2019/04/11","2022/09/11",108087,108087,0,108087,100,""]
[45,"FILA_45","1 SI","","LINA MARIA ORTEGA - CLUB CAMPESTRE DE MONTERIA","Sección A  -Agricultura, ganadería, caza y silvicultura","14 CÓRDOBA - DEPARTAMENTO","3 PERMISO","LINA MARIA ORTEGA - CLUB CAMPESTRE DE MONTERIA","31","2019/02/22","2019/04/22","2019/09/22",0,0,0,0,50,"Arbol Aislado"]
[46,"FILA_46","1 SI","","CENAIDA NONTIEL ROSSO","Sección A  -Agricultura, ganadería, caza y silvicultura","14 CÓRDOBA - DEPARTAMENTO","3 PERMISO","CENAIDA NONTIEL ROSSO","32","2018/11/22","2019/04/30","2019/09/30",104756,104756,0,104756,50,"Arbol Aislado"]
[47,"FILA_47","1 SI","","BUENAVENTURA SOLANO BONOLIS","Sección A  -Agricultura, ganadería, caza y silvicultura","14 CÓRDOBA - DEPARTAMENTO","3 PERMISO","BUENAVENTURA SOLANO BONOLIS","33","2019/03/26","2019/04/30","2019/09/30",0,0,0,0,50,"Arbol Aislado"]
[48,"FILA_48","1 SI","","RODNEY ARANGO BECERRA - ELOHIM WOOD S.A.S.","Sección A  -Agricultura, ganadería, caza y silvicultura","14 CÓRDOBA - DEPARTAMENTO","3 PERMISO","RODNEY ARANGO BECERRA - ELOHIM WOOD S.A.S.","34","2018/06/14","2019/05/03","2019/10/03",104756,104756,0,104756,50,"Arbol Aislado"]
[49,"FILA_49","1 SI","","FERNANDO GOMEZ JIMENEZ","Sección A  -Agricultura, ganadería, caza y silvicultura","14 CÓRDOBA - DEPARTAMENTO","3 PERMISO","FERNANDO GOMEZ JIMENEZ","35","2018/11/08","2019/05/03","2020/05/03",0,0,0,0,50,"Arbol Aislado"]
[50,"FILA_50","1 SI","","OSWALDO MANUEL MEJIA  - JUNTA ACCION COMUNAL BARRIO COLON","Sección A  -Agricultura, ganadería, caza y silvicultura","14 CÓRDOBA - DEPARTAMENTO","3 PERMISO","OSWALDO MANUEL MEJIA  - JUNTA ACCION COMUNAL BARRIO COLON","36","2019/03/27","2019/05/06","2019/10/06",0,0,0,0,50,"Arbol Aislado"]
[51,"FILA_51","1 SI","","VICTOR MORALES VILLALBA - SERCICIOS INTEGRALES DE LA SABANA","Sección A  -Agricultura, ganadería, caza y silvicultura","14 CÓRDOBA - DEPARTAMENTO","3 PERMISO","VICTOR MORALES VILLALBA - SERCICIOS INTEGRALES DE LA SABANA","37","2018/11/29","2019/05/06","2019/10/06",0,0,0,0,50,"Arbol Aislado"]
[52,"FILA_52","1 SI","","ANA BETILDA ANAYA GELIS","Sección A  -Agricultura, ganadería, caza y silvicultura","14 CÓRDOBA - DEPARTAMENTO","3 PERMISO","ANA BETILDA ANAYA GELIS","38","2018/11/09","2019/05/06","2019/10/06",0,0,0,0,50,"Arbol Aislado"]
[53,"FILA_53","1 SI","","CARMEN MARTINEZ M","Sección A  -Agricultura, ganadería, caza y silvicultura","14 CÓRDOBA - DEPARTAMENTO","3 PERMISO","CARMEN MARTINEZ M","39","2019/04/25","2019/05/06","2020/05/06",0,0,0,0,50,"Arbol Aislado"]
[54,"FILA_54","1 SI","","ANA LUZ NAVARRO CARDENAS - CORDINADORA - I.E. MERCEDES ABREGO -SEDE LAS COLINAS","Sección A  -Agricultura, ganadería, caza y silvicultura","14 CÓRDOBA - DEPARTAMENTO","3 PERMISO","ANA LUZ NAVARRO CARDENAS - CORDINADORA - I.E. MERCEDES ABREGO -SEDE LAS COLINAS","40","2018/11/06","2019/05/07","2020/05/07",0,0,0,0,50,"Arbol Aislado"]
[55,"FILA_55","1 SI","","ANA LUZ MUÑOZ MARTINEZ - UBADEL PADILLA","Sección A  -Agricultura, ganadería, caza y silvicultura","14 CÓRDOBA - DEPARTAMENTO","3 PERMISO","ANA LUZ MUÑOZ MARTINEZ - UBADEL PADILLA","41","2019/04/02","2019/05/07","2019/10/07",109000,108087,0,108087,75,""]
[56,"FILA_56","1 SI","","COMUNIDAD BARRIO MINUTO DE DIOS","Sección A  -Agricultura, ganadería, caza y silvicultura","14 CÓRDOBA - DEPARTAMENTO","3 PERMISO","COMUNIDAD BARRIO MINUTO DE DIOS","42","2019/03/29","2019/05/07","2020/05/07",0,0,0,0,50,"Arbol Aislado"]
[57,"FILA_57","1 SI","","COMUNIDAD BARRIO VILLA SORRENTO","Sección A  -Agricultura, ganadería, caza y silvicultura","14 CÓRDOBA - DEPARTAMENTO","3 PERMISO","COMUNIDAD BARRIO VILLA SORRENTO","43","2019/01/18","2019/05/07","2020/05/07",0,0,0,0,50,"Arbol Aislado"]
[58,"FILA_58","1 SI","","LUCIA DEL ROSARIO LOPEZ FERNANDEZ","Sección A  -Agricultura, ganadería, caza y silvicultura","14 CÓRDOBA - DEPARTAMENTO","3 PERMISO","LUCIA DEL ROSARIO LOPEZ FERNANDEZ","44","2019/02/01","2019/05/07","2020/05/07",0,0,0,0,50,"Arbol Aislado"]
[59,"FILA_59","1 SI","","IVETH NAJERA PERNET - MANUELA RODRIGUEZ","Sección A  -Agricultura, ganadería, caza y silvicultura","14 CÓRDOBA - DEPARTAMENTO","3 PERMISO","IVETH NAJERA PERNET - MANUELA RODRIGUEZ","45","2018/09/24","2019/05/08","2019/11/08",0,0,0,0,50,"Arbol Aislado"]
[60,"FILA_60","1 SI","","NESITH NEGRETE HOYOS","Sección A  -Agricultura, ganadería, caza y silvicultura","14 CÓRDOBA - DEPARTAMENTO","3 PERMISO","NESITH NEGRETE HOYOS","46","2019/03/22","2019/05/08","2019/11/08",108087,108087,0,108087,100,""]
[61,"FILA_61","1 SI","","CASA BRITANICA - DAIANA COY CABALLOS","Sección A  -Agricultura, ganadería, caza y silvicultura","14 CÓRDOBA - DEPARTAMENTO","3 PERMISO","CASA BRITANICA - DAIANA COY CABALLOS","47","2018/09/05","2019/05/08","2021/05/08",0,0,0,0,50,"Arbol Aislado"]
[62,"FILA_62","1 SI","","ANA KARINA MADERA PAEZ  - TALENTO HUMANO METROSINU","Sección A  -Agricultura, ganadería, caza y silvicultura","14 CÓRDOBA - DEPARTAMENTO","3 PERMISO","ANA KARINA MADERA PAEZ  - TALENTO HUMANO METROSINU","48","2018/02/01","2019/05/08","2019/11/08",0,0,0,0,50,"Arbol Aislado"]
[63,"FILA_63","1 SI","","JUAN MICHEL TORO FUCHTEMANN","Sección A  -Agricultura, ganadería, caza y silvicultura","14 CÓRDOBA - DEPARTAMENTO","3 PERMISO","JUAN MICHEL TORO FUCHTEMANN","49","2018/03/13","2019/05/10","2019/11/10",104756,108087,0,108087,75,""]
[64,"FILA_64","1 SI","","LILIANA SILVA CASARRUBIA- PRESIDENTE ACCION COMUNAL BARRIO P5","Sección A  -Agricultura, ganadería, caza y silvicultura","14 CÓRDOBA - DEPARTAMENTO","3 PERMISO","LILIANA SILVA CASARRUBIA- PRESIDENTE ACCION COMUNAL BARRIO P5","50","2018/11/20","2019/05/10","2019/11/10",0,0,0,0,50,"Arbol Aislado"]
[65,"FILA_65","1 SI","","JUDITH CASTILLO HOYOS","Sección A  -Agricultura, ganadería, caza y silvicultura","14 CÓRDOBA - DEPARTAMENTO","3 PERMISO","JUDITH CASTILLO HOYOS","51","2018/09/21","2019/05/10","2019/11/10",0,0,0,0,50,"Arbol Aislado"]
[66,"FILA_66","1 SI","","BERNARDO ALVAREZ LIÉVANO","Sección A  -Agricultura, ganadería, caza y silvicultura","14 CÓRDOBA - DEPARTAMENTO","3 PERMISO","BERNARDO ALVAREZ LIÉVANO","52","2019/04/25","2019/05/14","2019/11/14",108087,108087,0,108087,100,""]
[67,"FILA_67","1 SI","","FABIO FRANCISCO PETRO PETRO","Sección A  -Agricultura, ganadería, caza y silvicultura","14 CÓRDOBA - DEPARTAMENTO","3 PERMISO","FABIO FRANCISCO PETRO PETRO","53","2018/11/09","2019/05/14","2019/11/14",0,0,0,0,50,"Arbol Aislado"]
[68,"FILA_68","1 SI","","ALEXIS GAINES ACUÑA","Sección A  -Agricultura, ganadería, caza y silvicultura","14 CÓRDOBA - DEPARTAMENTO","3 PERMISO","ALEXIS GAINES ACUÑA","54","2018/12/13","2019/05/14","2019/11/14",0,0,0,0,50,"Arbol Aislado"]
[69,"FILA_69","1 SI","","TOMASA DEL CARMEN ROSARIO PATERNINA","Sección A  -Agricultura, ganadería, caza y silvicultura","14 CÓRDOBA - DEPARTAMENTO","3 PERMISO","TOMASA DEL CARMEN ROSARIO PATERNINA","55","2019/03/14","2019/05/14","2019/11/14",108087,108040,0,108040,100,""]
[70,"FILA_70","1 SI","","CARLOS ANDRES LORA BUELVAS","Sección A  -Agricultura, ganadería, caza y silvicultura","14 CÓRDOBA - DEPARTAMENTO","3 PERMISO","CARLOS ANDRES LORA BUELVAS","56","2019/04/28","2019/05/14","2019/11/14",0,0,0,0,50,"Arbol Aislado"]
[71,"FILA_71","1 SI","","JOHANA HADDAD MEJIA","Sección A  -Agricultura, ganadería, caza y silvicultura","14 CÓRDOBA - DEPARTAMENTO","3 PERMISO","JOHANA HADDAD MEJIA","57","2019/01/18","2019/05/14","2019/11/14",0,0,0,0,50,"Arbol Aislado"]
[72,"FILA_72","1 SI","","YESENIA RAMOS PACHECO","Sección A  -Agricultura, ganadería, caza y silvicultura","14 CÓRDOBA - DEPARTAMENTO","3 PERMISO","YESENIA RAMOS PACHECO","58","2019/04/02","2019/05/14","2019/11/14",0,0,0,0,50,"Arbol Aislado"]
[73,"FILA_73","1 SI","","MARIA ELVIRA GRAJALES HERNANDEZ","Sección A  -Agricultura, ganadería, caza y silvicultura","14 CÓRDOBA - DEPARTAMENTO","3 PERMISO","MARIA ELVIRA GRAJALES HERNANDEZ","59","2019/04/23","2019/05/14","2020/05/14",0,0,0,0,50,"Arbol Aislado"]
[74,"FILA_74","1 SI","","JAIRO ANIBAL DORIA RUIZ - AMUSSIM","Sección A  -Agricultura, ganadería, caza y silvicultura","14 CÓRDOBA - DEPARTAMENTO","3 PERMISO","JAIRO ANIBAL DORIA RUIZ - AMUSSIM","60","2019/03/11","2019/05/14","2024/05/14",5580357,5580357,0,5580357,50,"Arbol Aislado"]
[75,"FILA_75","1 SI","","JORGE EMIRO ORTEGA DIAZ- J.A.C. BARRIO VERSALLES","Sección A  -Agricultura, ganadería, caza y silvicultura","14 CÓRDOBA - DEPARTAMENTO","3 PERMISO","JORGE EMIRO ORTEGA DIAZ- J.A.C. BARRIO VERSALLES","61","2018/12/17","2019/05/15","2019/11/15",0,0,0,0,50,"Arbol Aislado"]
[76,"FILA_76","1 SI","","OLEODUCTO DE COLOMBIA- NATALIA DE LA CALLE RESTREPO -","Sección A  -Agricultura, ganadería, caza y silvicultura","14 CÓRDOBA - DEPARTAMENTO","3 PERMISO","OLEODUCTO DE COLOMBIA- NATALIA DE LA CALLE RESTREPO -","62","2018/08/01","2019/05/15","2020/11/15",104756,108087,0,108087,100,""]
[77,"FILA_77","1 SI","","COMUNIDAD BARRIO BETANCI","Sección A  -Agricultura, ganadería, caza y silvicultura","14 CÓRDOBA - DEPARTAMENTO","3 PERMISO","COMUNIDAD BARRIO BETANCI","63","2018/11/28","2019/05/15","2019/11/15",0,0,0,0,50,"Arbol Aislado"]
[78,"FILA_78","1 SI","","GISSELA RAMIREZ SANCHEZ - URBANIZACION LOS BONGOS","Sección A  -Agricultura, ganadería, caza y silvicultura","14 CÓRDOBA - DEPARTAMENTO","3 PERMISO","GISSELA RAMIREZ SANCHEZ - URBANIZACION LOS BONGOS","64","2018/10/05","2019/05/15","2019/11/15",0,0,0,0,50,"Arbol Aislado"]
[79,"FILA_79","1 SI","","HECTOR JOSE DE VIVERO PEREZ - (DISTRACOM SAS) - LA MOTA","Sección A  -Agricultura, ganadería, caza y silvicultura","14 CÓRDOBA - DEPARTAMENTO","3 PERMISO","HECTOR JOSE DE VIVERO PEREZ - (DISTRACOM SAS) - LA MOTA","65","2018/09/28","2019/05/16","2022/05/16",740273,740273,0,740273,50,"Arbol Aislado"]
[80,"FILA_80","1 SI","","COMUNIDAD COMUNA 8","Sección A  -Agricultura, ganadería, caza y silvicultura","14 CÓRDOBA - DEPARTAMENTO","3 PERMISO","COMUNIDAD COMUNA 8","66","2019/04/02","2019/05/16","2020/05/16",0,0,0,0,50,"Arbol Aislado"]
[81,"FILA_81","1 SI","","CESAR AUGUSTO PIÑA BECERRA - GERENTE -  HOTEL SANTA CLARA BOUTIQUE","Sección A  -Agricultura, ganadería, caza y silvicultura","14 CÓRDOBA - DEPARTAMENTO","3 PERMISO","CESAR AUGUSTO PIÑA BECERRA - GERENTE -  HOTEL SANTA CLARA BOUTIQUE","67","2019/03/27","2019/05/16","2020/11/16",0,0,0,0,50,"Arbol Aislado"]
[82,"FILA_82","1 SI","","CAR- CVS -   CUMPLACE","Sección A  -Agricultura, ganadería, caza y silvicultura","14 CÓRDOBA - DEPARTAMENTO","3 PERMISO","CAR- CVS -   CUMPLACE","68","2019/05/16","2019/05/16","2019/11/16",0,0,0,0,50,"Arbol Aislado"]
[83,"FILA_83","1 SI","","MIGUEL RAMON GONZALEZ RIVERA -  EUSTORGIO ANTONIO PADILLA","Sección A  -Agricultura, ganadería, caza y silvicultura","14 CÓRDOBA - DEPARTAMENTO","3 PERMISO","MIGUEL RAMON GONZALEZ RIVERA -  EUSTORGIO ANTONIO PADILLA","69","2018/12/24","2019/05/16","2019/11/16",108084,108087,0,108087,50,"Arbol Aislado"]
[84,"FILA_84","1 SI","","IDA HILDA FERNANDEZ DE SIMANCA","Sección A  -Agricultura, ganadería, caza y silvicultura","14 CÓRDOBA - DEPARTAMENTO","3 PERMISO","IDA HILDA FERNANDEZ DE SIMANCA","70","2019/03/14","2019/05/17","2019/11/17",108084,108084,0,108084,50,"Arbol Aislado"]
[85,"FILA_85","1 SI","","DUINA MARGARITA GAZABON DE MERCADO","Sección A  -Agricultura, ganadería, caza y silvicultura","14 CÓRDOBA - DEPARTAMENTO","3 PERMISO","DUINA MARGARITA GAZABON DE MERCADO","71","2019/05/09","2019/05/20","2019/11/20",108050,108050,0,108050,50,"Arbol Aislado"]
[86,"FILA_86","1 SI","","DANIEL ELVIRO SALGADO SANCHEZ","Sección A  -Agricultura, ganadería, caza y silvicultura","14 CÓRDOBA - DEPARTAMENTO","3 PERMISO","DANIEL ELVIRO SALGADO SANCHEZ","72","2019/04/12","2019/05/20","2019/11/20",108086,108086,0,108086,50,"Arbol Aislado"]
[87,"FILA_87","1 SI","","OSEIAS PEREIRA DA SILVA - IGLESIA C.F.C. INTERNACIONAL","Sección A  -Agricultura, ganadería, caza y silvicultura","14 CÓRDOBA - DEPARTAMENTO","3 PERMISO","OSEIAS PEREIRA DA SILVA - IGLESIA C.F.C. INTERNACIONAL","73","2019/05/15","2019/05/23","2020/05/23",108050,108087,0,108087,100,""]
[88,"FILA_88","1 SI","","FLAVIO OJEDA VISBAL - AZUL URBANO LTDA","Sección A  -Agricultura, ganadería, caza y silvicultura","14 CÓRDOBA - DEPARTAMENTO","3 PERMISO","FLAVIO OJEDA VISBAL - AZUL URBANO LTDA","74","2019/02/21","2019/05/23","2020/11/23",108087,108087,0,108087,100,""]
[89,"FILA_89","1 SI","","ARTURO MERCADO PEREZ - SECRETARIO DE GOBIERNO MUNICIPAL MONTERIA","Sección A  -Agricultura, ganadería, caza y silvicultura","14 CÓRDOBA - DEPARTAMENTO","3 PERMISO","ARTURO MERCADO PEREZ - SECRETARIO DE GOBIERNO MUNICIPAL MONTERIA","75","2019/04/23","2019/05/23","2019/11/23",0,0,0,0,50,"Arbol Aislado"]
[90,"FILA_90","1 SI","","GLADYS ANTONIA ALVAREZ ARROYO","Sección A  -Agricultura, ganadería, caza y silvicultura","14 CÓRDOBA - DEPARTAMENTO","3 PERMISO","GLADYS ANTONIA ALVAREZ ARROYO","76","2019/02/25","2019/05/23","2019/11/23",0,0,0,0,50,"Arbol Aislado"]
[91,"FILA_91","1 SI","","ADRIANA LUCIA OVIEDO GOMEZ","Sección A  -Agricultura, ganadería, caza y silvicultura","14 CÓRDOBA - DEPARTAMENTO","3 PERMISO","ADRIANA LUCIA OVIEDO GOMEZ","77","2019/04/30","2019/05/23","2019/11/23",0,0,0,0,50,"Arbol Aislado"]
[92,"FILA_92","1 SI","","COMUNIDAD BARRIO RANCHOS DE INAT","Sección A  -Agricultura, ganadería, caza y silvicultura","14 CÓRDOBA - DEPARTAMENTO","3 PERMISO","COMUNIDAD BARRIO RANCHOS DE INAT","78","2019/04/10","2019/05/24","2020/05/24",0,0,0,0,50,"Arbol Aislado"]
[93,"FILA_93","1 SI","","GUSTAVO HOYOS ARJONA","Sección A  -Agricultura, ganadería, caza y silvicultura","14 CÓRDOBA - DEPARTAMENTO","3 PERMISO","GUSTAVO HOYOS ARJONA","79","2019/04/26","2019/05/24","2019/11/24",0,0,0,0,50,"Arbol Aislado"]
[94,"FILA_94","1 SI","","ELBA TABARES DE FORERO","Sección A  -Agricultura, ganadería, caza y silvicultura","14 CÓRDOBA - DEPARTAMENTO","3 PERMISO","ELBA TABARES DE FORERO","80","2019/02/14","2019/05/24","2019/11/24",0,0,0,0,50,"Arbol Aislado"]
[95,"FILA_95","1 SI","","MARIA TERESA MIRANDA ZABALETA","Sección A  -Agricultura, ganadería, caza y silvicultura","14 CÓRDOBA - DEPARTAMENTO","3 PERMISO","MARIA TERESA MIRANDA ZABALETA","81","2019/04/23","2019/05/28","2019/11/28",0,0,0,0,50,"Arbol Aislado"]
[96,"FILA_96","1 SI","","MARCOS DANIEL PINEDA GARCIA - ALCALDIA DE MONTERIA","Sección A  -Agricultura, ganadería, caza y silvicultura","14 CÓRDOBA - DEPARTAMENTO","3 PERMISO","MARCOS DANIEL PINEDA GARCIA - ALCALDIA DE MONTERIA","82","2019/02/11","2019/05/28","2020/05/28",0,0,0,0,25,"Arbol Aislado"]
[97,"FILA_97","1 SI","","FRAY FERNANDO FUENTES CORBIS - ALCALDIA CIENAGA DE ORO","Sección A  -Agricultura, ganadería, caza y silvicultura","14 CÓRDOBA - DEPARTAMENTO","3 PERMISO","FRAY FERNANDO FUENTES CORBIS - ALCALDIA CIENAGA DE ORO","83","2019/02/06","2019/05/28","2022/05/28",2600000,2600000,0,2600000,50,"pendiente pago de seguimiento"]
[98,"FILA_98","1 SI","","ROSMEIS DEL SOCORRO MERCADO RIVERA","Sección A  -Agricultura, ganadería, caza y silvicultura","14 CÓRDOBA - DEPARTAMENTO","3 PERMISO","ROSMEIS DEL SOCORRO MERCADO RIVERA","84","2019/03/22","2019/05/28","2022/05/28",0,0,0,0,50,"Arbol Aislado"]
[99,"FILA_99","1 SI","","DOMINGO HERNANDEZ GONZALEZ","Sección A  -Agricultura, ganadería, caza y silvicultura","14 CÓRDOBA - DEPARTAMENTO","3 PERMISO","DOMINGO HERNANDEZ GONZALEZ","85","2019/05/14","2019/05/28","2022/05/28",0,0,0,0,50,"Arbol Aislado"]
[100,"FILA_100","1 SI","","VIRGINIA ALVAREZ DE VERGARA","Sección A  -Agricultura, ganadería, caza y silvicultura","14 CÓRDOBA - DEPARTAMENTO","3 PERMISO","VIRGINIA ALVAREZ DE VERGARA","86","2019/05/08","2019/05/28","2022/05/28",0,0,0,0,50,"Arbol Aislado"]
[101,"FILA_101","1 SI","","JUAN CARLOS VEGA OCHOA - I.E. CECILIA DE LLERAS","Sección A  -Agricultura, ganadería, caza y silvicultura","14 CÓRDOBA - DEPARTAMENTO","3 PERMISO","JUAN CARLOS VEGA OCHOA - I.E. CECILIA DE LLERAS","87","2019/03/20","2019/04/28","2019/10/28",0,0,0,0,50,"Arbol Aislado"]
[102,"FILA_102","1 SI","","CRISTIAN LONDOÑO PORTACIO","Sección A  -Agricultura, ganadería, caza y silvicultura","14 CÓRDOBA - DEPARTAMENTO","3 PERMISO","CRISTIAN LONDOÑO PORTACIO","88","2019/02/11","2019/05/28","2020/05/28",487268,666448,0,666448,100,""]
[103,"FILA_103","1 SI","","REYMY RHENALS SIBAJA - CONSTRUCTORA CASA ROCA","Sección A  -Agricultura, ganadería, caza y silvicultura","14 CÓRDOBA - DEPARTAMENTO","3 PERMISO","REYMY RHENALS SIBAJA - CONSTRUCTORA CASA ROCA","89","2018/11/21","2019/05/29","2020/05/29",108087,108087,0,108087,100,""]
[104,"FILA_104","1 SI","","NOTA DE PRENSA - ALCALDIA","Sección A  -Agricultura, ganadería, caza y silvicultura","14 CÓRDOBA - DEPARTAMENTO","3 PERMISO","NOTA DE PRENSA - ALCALDIA","90","2019/05/03","2019/05/29","2019/11/29",0,0,0,0,50,"Arbol Aislado"]
[105,"FILA_105","1 SI","","BELEN DEL ROSARIO NIETO RODRIGUEZ","Sección A  -Agricultura, ganadería, caza y silvicultura","14 CÓRDOBA - DEPARTAMENTO","3 PERMISO","BELEN DEL ROSARIO NIETO RODRIGUEZ","91","2019/04/04","2019/05/29","2019/11/29",0,0,0,0,50,"Arbol Aislado"]
[106,"FILA_106","1 SI","","RECURSO REPOSICION - EN CONTRA RSL#222 - 02/11/2018- AUTOPISTA","Sección A  -Agricultura, ganadería, caza y silvicultura","14 CÓRDOBA - DEPARTAMENTO","3 PERMISO","RECURSO REPOSICION - EN CONTRA RSL#222 - 02/11/2018- AUTOPISTA","93","2019/04/01","2019/05/29","2019/11/29",0,0,0,0,50,"Arbol Aislado"]
[107,"FILA_107","1 SI","","JULIO BETTIN MARSIGLIA - JEFE UMATA CHINU","Sección A  -Agricultura, ganadería, caza y silvicultura","14 CÓRDOBA - DEPARTAMENTO","3 PERMISO","JULIO BETTIN MARSIGLIA - JEFE UMATA CHINU","94","2018/01/18","2019/05/29","2020/05/29",0,0,0,0,50,"Arbol Aislado"]
[108,"FILA_108","1 SI","","MIGUEL ANAYA B.","Sección A  -Agricultura, ganadería, caza y silvicultura","14 CÓRDOBA - DEPARTAMENTO","3 PERMISO","MIGUEL ANAYA B.","95","2019/03/27","2019/05/29","2020/05/29",0,0,0,0,50,"Arbol Aislado"]
[109,"FILA_109","1 SI","","MAURO VARGAS ESCUDERO","Sección A  -Agricultura, ganadería, caza y silvicultura","14 CÓRDOBA - DEPARTAMENTO","3 PERMISO","MAURO VARGAS ESCUDERO","96","2019/02/28","2019/05/29","2020/05/29",0,0,0,0,50,"Arbol Aislado"]
[110,"FILA_110","1 SI","","JUAN CARLOS YANCES","Sección A  -Agricultura, ganadería, caza y silvicultura","14 CÓRDOBA - DEPARTAMENTO","3 PERMISO","JUAN CARLOS YANCES","97","2017/08/14","2019/05/31","2020/05/31",0,0,0,0,50,"Arbol Aislado"]
[111,"FILA_111","1 SI","","ANA LUZ MUÑOZ MARTINEZ","Sección A  -Agricultura, ganadería, caza y silvicultura","14 CÓRDOBA - DEPARTAMENTO","3 PERMISO","ANA LUZ MUÑOZ MARTINEZ","98","2018/05/09","2019/05/31","2020/05/31",0,0,0,0,50,"Arbol Aislado"]
[112,"FILA_112","1 SI","","MARITZA MARTINEZ","Sección A  -Agricultura, ganadería, caza y silvicultura","14 CÓRDOBA - DEPARTAMENTO","3 PERMISO","MARITZA MARTINEZ","99","2019/04/26","2019/05/31","2020/05/31",0,0,0,0,50,"Arbol Aislado"]
[113,"FILA_113","1 SI","","TERESA SALAMANCA OTERO - ALCALDIA DE CHINU","Sección A  -Agricultura, ganadería, caza y silvicultura","14 CÓRDOBA - DEPARTAMENTO","3 PERMISO","TERESA SALAMANCA OTERO - ALCALDIA DE CHINU","50","2019/05/03","2019/05/31","2025/05/31",0,0,0,0,50,"Arbol Aislado"]
[114,"FILA_114","1 SI","","LUIS HERNANDEZ","Sección A  -Agricultura, ganadería, caza y silvicultura","14 CÓRDOBA - DEPARTAMENTO","3 PERMISO","LUIS HERNANDEZ","101","2019/05/16","2019/06/04","2020/06/04",0,0,0,0,50,"Arbol Aislado"]
[115,"FILA_115","1 SI","","SANDY LORENA DURANGO PEREZ","Sección A  -Agricultura, ganadería, caza y silvicultura","14 CÓRDOBA - DEPARTAMENTO","3 PERMISO","SANDY LORENA DURANGO PEREZ","102","2019/05/23","2019/06/04","2020/06/04",0,0,0,0,50,"Arbol Aislado"]
[116,"FILA_116","1 SI","","GERMANIA MURILLA TAPIA","Sección A  -Agricultura, ganadería, caza y silvicultura","14 CÓRDOBA - DEPARTAMENTO","3 PERMISO","GERMANIA MURILLA TAPIA","103","2019/05/15","2019/06/04","2020/06/04",0,0,0,0,50,"Arbol Aislado"]
[117,"FILA_117","1 SI","","IGNACIO BERROCAL NEGRETE","Sección A  -Agricultura, ganadería, caza y silvicultura","14 CÓRDOBA - DEPARTAMENTO","3 PERMISO","IGNACIO BERROCAL NEGRETE","104","2018/07/30","2019/06/04","2020/06/04",105000,105000,0,105000,25,"pendiente pago de seguimiento"]
[118,"FILA_118","1 SI","","JULIO BETIN MARCIGLIA - CONSORCIO AULAS DE CHINU 2018","Sección A  -Agricultura, ganadería, caza y silvicultura","14 CÓRDOBA - DEPARTAMENTO","3 PERMISO","JULIO BETIN MARCIGLIA - CONSORCIO AULAS DE CHINU 2018","105","2018/11/16","2019/06/05","2020/06/05",864492,864492,0,864492,50,"Arbol Aislado"]
[119,"FILA_119","1 SI","","DIANA PATRICIA CORTES AGRESOT","Sección A  -Agricultura, ganadería, caza y silvicultura","14 CÓRDOBA - DEPARTAMENTO","3 PERMISO","DIANA PATRICIA CORTES AGRESOT","106","2019/03/06","2019/06/05","2019/12/06",108087,108087,0,108087,100,""]
[120,"FILA_120","1 SI","","ANA ARCILIA HERNANDEZ MENDOZA","Sección A  -Agricultura, ganadería, caza y silvicultura","14 CÓRDOBA - DEPARTAMENTO","3 PERMISO","ANA ARCILIA HERNANDEZ MENDOZA","107","2019/04/25","2019/06/05","2020/06/05",0,0,0,0,50,""]
[121,"FILA_121","1 SI","","JAIRO LEON USUGA DAVID","Sección A  -Agricultura, ganadería, caza y silvicultura","14 CÓRDOBA - DEPARTAMENTO","3 PERMISO","JAIRO LEON USUGA DAVID","108","2019/02/07","2019/06/11","2020/06/11",104756,108087,0,108087,100,""]
[122,"FILA_122","1 SI","","JOSE LUIS ALDANA ALDANA- DEPOSITO Y ACERREDERO ALDANA","Sección A  -Agricultura, ganadería, caza y silvicultura","14 CÓRDOBA - DEPARTAMENTO","3 PERMISO","JOSE LUIS ALDANA ALDANA- DEPOSITO Y ACERREDERO ALDANA","109","2018/07/31","2019/06/11","2019/12/11",108050,108087,0,108087,100,""]
[123,"FILA_123","1 SI","","YASIRA IZQUIERDO TORDECILLA","Sección A  -Agricultura, ganadería, caza y silvicultura","14 CÓRDOBA - DEPARTAMENTO","3 PERMISO","YASIRA IZQUIERDO TORDECILLA","110","2019/05/27","2019/06/12","2019/12/12",0,0,0,0,50,"Arbol Aislado"]
[124,"FILA_124","1 SI","","DAGLES HERNAN CARDONA RODRIGUEZ","Sección A  -Agricultura, ganadería, caza y silvicultura","14 CÓRDOBA - DEPARTAMENTO","3 PERMISO","DAGLES HERNAN CARDONA RODRIGUEZ","111","2019/04/26","2019/06/12","2020/06/12",0,0,0,0,50,"Arbol Aislado"]
[125,"FILA_125","1 SI","","SUSANA BURGOS DE LA ESPRIELLA - GIMNASIO EL RECREO","Sección A  -Agricultura, ganadería, caza y silvicultura","14 CÓRDOBA - DEPARTAMENTO","3 PERMISO","SUSANA BURGOS DE LA ESPRIELLA - GIMNASIO EL RECREO","112","2019/05/23","2019/06/12","2020/06/12",0,0,0,0,50,"Arbol Aislado"]
[126,"FILA_126","1 SI","","ANDRES FELIPE LORA JIMENEZ","Sección A  -Agricultura, ganadería, caza y silvicultura","14 CÓRDOBA - DEPARTAMENTO","3 PERMISO","ANDRES FELIPE LORA JIMENEZ","113","2019/04/12","2019/06/12","2019/12/12",0,0,0,0,50,"Arbol Aislado"]
[127,"FILA_127","1 SI","","ALVARO AUGUSTO ARGEL ARCIA","Sección A  -Agricultura, ganadería, caza y silvicultura","14 CÓRDOBA - DEPARTAMENTO","3 PERMISO","ALVARO AUGUSTO ARGEL ARCIA","114","2019/05/14","2019/06/12","2020/06/12",108087,108087,0,108087,25,"pendiente pago de seguimiento"]
[128,"FILA_128","1 SI","","VALENTINA COMBATT OTERO - ARRENDABIEN LTDA.","Sección A  -Agricultura, ganadería, caza y silvicultura","14 CÓRDOBA - DEPARTAMENTO","3 PERMISO","VALENTINA COMBATT OTERO - ARRENDABIEN LTDA.","115","2019/05/09","2019/06/12","2020/06/12",0,0,0,0,50,"Arbol Aislado"]
[129,"FILA_129","1 SI","","ESTEBAN ZAPATA WHITE - INVERSIONES SAN GABRIEL S.A.S","Sección A  -Agricultura, ganadería, caza y silvicultura","14 CÓRDOBA - DEPARTAMENTO","3 PERMISO","ESTEBAN ZAPATA WHITE - INVERSIONES SAN GABRIEL S.A.S","116","2019/03/27","2019/06/15","2019/12/15",0,0,0,0,50,"Arbol Aislado"]
[130,"FILA_130","1 SI","","EDGAR ALFREDO MUSKUS RIVERA","Sección A  -Agricultura, ganadería, caza y silvicultura","14 CÓRDOBA - DEPARTAMENTO","3 PERMISO","EDGAR ALFREDO MUSKUS RIVERA","117","2019/03/07","2019/06/15","2020/12/15",108050,108087,0,108087,100,""]
[131,"FILA_131","1 SI","","EMPERATRIZ RAMOS DE DEL TORO","Sección A  -Agricultura, ganadería, caza y silvicultura","14 CÓRDOBA - DEPARTAMENTO","3 PERMISO","EMPERATRIZ RAMOS DE DEL TORO","118","2019/03/19","2019/06/15","2020/12/15",0,0,0,0,50,"Arbol Aislado"]
[132,"FILA_132","1 SI","","MILTON A. GRANADOS  - CONSORCIO EL PUENTE","Sección A  -Agricultura, ganadería, caza y silvicultura","14 CÓRDOBA - DEPARTAMENTO","3 PERMISO","MILTON A. GRANADOS  - CONSORCIO EL PUENTE","119","2019/01/31","2019/06/20","2022/06/20",1991071,2248335,0,2248335,75,""]
[133,"FILA_133","1 SI","","NICOLAS ENRIQUE DUARTE ANAYA","Sección A  -Agricultura, ganadería, caza y silvicultura","14 CÓRDOBA - DEPARTAMENTO","3 PERMISO","NICOLAS ENRIQUE DUARTE ANAYA","120","2019/05/28","2019/06/20","2019/12/20",0,0,0,0,50,"Arbol Aislado"]
[134,"FILA_134","1 SI","","YANIRIS YANETH VERTEL SOTO","Sección A  -Agricultura, ganadería, caza y silvicultura","14 CÓRDOBA - DEPARTAMENTO","3 PERMISO","YANIRIS YANETH VERTEL SOTO","121","2019/03/15","2019/06/20","2020/06/20",0,0,0,0,50,"Arbol Aislado"]
[135,"FILA_135","1 SI","","EUFROCINA HORTENCIA MADRID NOVOA","Sección A  -Agricultura, ganadería, caza y silvicultura","14 CÓRDOBA - DEPARTAMENTO","3 PERMISO","EUFROCINA HORTENCIA MADRID NOVOA","122","2019/12/27","2019/06/20","2019/12/20",0,0,0,0,50,"Arbol Aislado"]
[136,"FILA_136","1 SI","","ESTEFANIA BECHARA VELASQUEZ","Sección A  -Agricultura, ganadería, caza y silvicultura","14 CÓRDOBA - DEPARTAMENTO","3 PERMISO","ESTEFANIA BECHARA VELASQUEZ","123","2019/05/09","2019/06/25","2019/12/25",0,0,0,0,50,"Arbol Aislado"]
[137,"FILA_137","1 SI","","CAMILO SOTO GAMARRA - POLIDEPORTIVO CHINU - polideportivo 31 de oct.","Sección A  -Agricultura, ganadería, caza y silvicultura","14 CÓRDOBA - DEPARTAMENTO","3 PERMISO","CAMILO SOTO GAMARRA - POLIDEPORTIVO CHINU - polideportivo 31 de oct.","124","2019/03/09","2019/06/25","2024/06/25",1236668,1236668,0,1236668,25,"pendiente pago de seguimiento"]
[138,"FILA_138","1 SI","","JOSE FELIPE RHENALS ALMANZA","Sección A  -Agricultura, ganadería, caza y silvicultura","14 CÓRDOBA - DEPARTAMENTO","3 PERMISO","JOSE FELIPE RHENALS ALMANZA","125","2019/06/10","2019/06/28","2019/12/28",0,0,0,0,50,"Arbol Aislado"]
[139,"FILA_139","1 SI","","MARCOS DANIEL PINEDA GARCIA","Sección A  -Agricultura, ganadería, caza y silvicultura","14 CÓRDOBA - DEPARTAMENTO","3 PERMISO","MARCOS DANIEL PINEDA GARCIA","126","2018/11/27","2019/07/05","2024/07/05",9125024,3471550,0,3471550,75,""]
[140,"FILA_140","1 SI","","FERNANDO ESPAÑA CASTELLANO","Sección A  -Agricultura, ganadería, caza y silvicultura","14 CÓRDOBA - DEPARTAMENTO","3 PERMISO","FERNANDO ESPAÑA CASTELLANO","127","2018/09/26","2019/07/05","2020/01/05",104756,104756,0,104756,50,"Arbol Aislado"]
[141,"FILA_141","1 SI","","ELENA DEL SOCORRO RAMOS BEDOYA","Sección A  -Agricultura, ganadería, caza y silvicultura","14 CÓRDOBA - DEPARTAMENTO","3 PERMISO","ELENA DEL SOCORRO RAMOS BEDOYA","129","2018/07/18","2019/07/09","2020/07/09",0,0,0,0,50,"Arbol Aislado"]
[142,"FILA_142","1 SI","","JOSE FRANCISCO MUÑOZ HERRERA","Sección A  -Agricultura, ganadería, caza y silvicultura","14 CÓRDOBA - DEPARTAMENTO","3 PERMISO","JOSE FRANCISCO MUÑOZ HERRERA","130","2019/05/31","2019/07/09","2020/07/09",0,0,0,0,50,"Arbol Aislado"]
[143,"FILA_143","1 SI","","JAIDIT PATRICIA ALZAMORA ESPITIA","Sección A  -Agricultura, ganadería, caza y silvicultura","14 CÓRDOBA - DEPARTAMENTO","3 PERMISO","JAIDIT PATRICIA ALZAMORA ESPITIA","131","2019/06/17","2019/07/09","2020/01/09",0,0,0,0,50,"Arbol Aislado"]
[144,"FILA_144","1 SI","","EMPERATRIZ SERPA DIAZ","Sección A  -Agricultura, ganadería, caza y silvicultura","14 CÓRDOBA - DEPARTAMENTO","3 PERMISO","EMPERATRIZ SERPA DIAZ","133","2019/06/17","2019/07/09","2020/07/09",0,0,0,0,50,"Arbol Aislado"]
[145,"FILA_145","1 SI","","EDILSA NUÑEZ MORELO - ASOMAUSAN","Sección A  -Agricultura, ganadería, caza y silvicultura","14 CÓRDOBA - DEPARTAMENTO","3 PERMISO","EDILSA NUÑEZ MORELO - ASOMAUSAN","134","2019/06/04","2019/07/09","2020/01/09",0,0,0,0,50,"Arbol Aislado"]
[146,"FILA_146","1 SI","","ALBERTO HERAZO DAVID","Sección A  -Agricultura, ganadería, caza y silvicultura","14 CÓRDOBA - DEPARTAMENTO","3 PERMISO","ALBERTO HERAZO DAVID","135","2019/06/13","2019/07/10","2020/07/10",0,0,0,0,50,"Arbol Aislado"]
[147,"FILA_147","1 SI","","DEBORA GONZLEZ DE SUAREZ","Sección A  -Agricultura, ganadería, caza y silvicultura","14 CÓRDOBA - DEPARTAMENTO","3 PERMISO","DEBORA GONZLEZ DE SUAREZ","136","2019/06/18","2019/07/10","2020/01/10",0,0,0,0,50,"Arbol Aislado"]
[148,"FILA_148","1 SI","","JULIOP DOMINGO VARGAS BONILLA","Sección A  -Agricultura, ganadería, caza y silvicultura","14 CÓRDOBA - DEPARTAMENTO","3 PERMISO","JULIOP DOMINGO VARGAS BONILLA","137","2019/04/11","2019/07/10","2020/07/10",0,0,0,0,50,"Arbol Aislado"]
[149,"FILA_149","1 SI","","LUZ DARY ROJAS RAMIREZ","Sección A  -Agricultura, ganadería, caza y silvicultura","14 CÓRDOBA - DEPARTAMENTO","3 PERMISO","LUZ DARY ROJAS RAMIREZ","138","2019/06/13","2019/07/10","2020/01/10",0,0,0,0,50,"Arbol Aislado"]
[150,"FILA_150","1 SI","","CAR- CVS -   CUMPLACE","Sección A  -Agricultura, ganadería, caza y silvicultura","14 CÓRDOBA - DEPARTAMENTO","3 PERMISO","CAR- CVS -   CUMPLACE","139","2019/04/12","2019/07/10","2020/01/10",0,0,0,0,50,"Arbol Aislado"]
[151,"FILA_151","1 SI","","NESTOR HERNANDEZ SALAZAR","Sección A  -Agricultura, ganadería, caza y silvicultura","14 CÓRDOBA - DEPARTAMENTO","3 PERMISO","NESTOR HERNANDEZ SALAZAR","140","2019/05/09","2019/07/10","2020/01/10",0,0,0,0,50,"Arbol Aislado"]
[152,"FILA_152","1 SI","","YAMILE CASTRO MACEA","Sección A  -Agricultura, ganadería, caza y silvicultura","14 CÓRDOBA - DEPARTAMENTO","3 PERMISO","YAMILE CASTRO MACEA","141","2019/05/17","2019/07/10","2020/01/10",0,0,0,0,50,"Arbol Aislado"]
[153,"FILA_153","1 SI","","LILA ESTHER LENGUA GARCIA","Sección A  -Agricultura, ganadería, caza y silvicultura","14 CÓRDOBA - DEPARTAMENTO","3 PERMISO","LILA ESTHER LENGUA GARCIA","142","2019/06/26","2019/07/11","2020/07/11",0,0,0,0,50,"Arbol Aislado"]
[154,"FILA_154","1 SI","","JORGE GANEM GOMEZ","Sección A  -Agricultura, ganadería, caza y silvicultura","14 CÓRDOBA - DEPARTAMENTO","3 PERMISO","JORGE GANEM GOMEZ","143","2019/03/07","2019/07/11","2020/07/11",0,0,0,0,50,"Arbol Aislado"]
[155,"FILA_155","1 SI","","LUIS MIGUEL DEREIX MARTINEZ","Sección A  -Agricultura, ganadería, caza y silvicultura","14 CÓRDOBA - DEPARTAMENTO","3 PERMISO","LUIS MIGUEL DEREIX MARTINEZ","144","2018/12/27","2019/07/11","2020/07/11",108087,108087,0,108087,25,"pendiente pago de seguimiento"]
[156,"FILA_156","1 SI","","GERMAN REINO","Sección A  -Agricultura, ganadería, caza y silvicultura","14 CÓRDOBA - DEPARTAMENTO","3 PERMISO","GERMAN REINO","145","2019/05/17","2019/07/11","2020/01/11",0,0,0,0,50,"Arbol Aislado"]
[157,"FILA_157","1 SI","","SIXTO TULIO GONZALEZ","Sección A  -Agricultura, ganadería, caza y silvicultura","14 CÓRDOBA - DEPARTAMENTO","3 PERMISO","SIXTO TULIO GONZALEZ","146","2018/12/12","2019/07/11","2020/07/11",108087,108087,0,108087,100,""]
[158,"FILA_158","1 SI","","MILADIS DEL CARMEN TUIRAN Y NURIS SANCHEZ","Sección A  -Agricultura, ganadería, caza y silvicultura","14 CÓRDOBA - DEPARTAMENTO","3 PERMISO","MILADIS DEL CARMEN TUIRAN Y NURIS SANCHEZ","147","2019/05/09","2019/07/12","2020/01/12",0,0,0,0,50,"Arbol Aislado"]
[159,"FILA_159","1 SI","","MARTHA SOTO ORTEGA","Sección A  -Agricultura, ganadería, caza y silvicultura","14 CÓRDOBA - DEPARTAMENTO","3 PERMISO","MARTHA SOTO ORTEGA","148","2019/05/28","2019/07/12","2020/07/12",0,0,0,0,50,"Arbol Aislado"]
[160,"FILA_160","1 SI","","GUSTAVO OTERO ESPAÑA","Sección A  -Agricultura, ganadería, caza y silvicultura","14 CÓRDOBA - DEPARTAMENTO","3 PERMISO","GUSTAVO OTERO ESPAÑA","149","2019/06/05","2019/07/12","2020/01/12",0,0,0,0,50,"Arbol Aislado"]
[161,"FILA_161","1 SI","","GABRIELA AGUIRRE ESPEJO - CONJUNTO CERRADOTERRAZAS DE CASTILLA","Sección A  -Agricultura, ganadería, caza y silvicultura","14 CÓRDOBA - DEPARTAMENTO","3 PERMISO","GABRIELA AGUIRRE ESPEJO - CONJUNTO CERRADOTERRAZAS DE CASTILLA","150","2019/04/30","2019/07/15","2020/07/15",108087,108087,0,108087,25,"pendiente pago de seguimiento"]
[162,"FILA_162","1 SI","","MELISSA MIRANDA MONTERROSA","Sección A  -Agricultura, ganadería, caza y silvicultura","14 CÓRDOBA - DEPARTAMENTO","3 PERMISO","MELISSA MIRANDA MONTERROSA","151","2019/07/03","2019/07/16","2020/01/16",0,0,0,0,50,"Arbol Aislado"]
[163,"FILA_163","1 SI","","JAIRO ENRIQUE CORREDOR CAS TILLA  - ISA INTERCOLOMBIA","Sección A  -Agricultura, ganadería, caza y silvicultura","14 CÓRDOBA - DEPARTAMENTO","3 PERMISO","JAIRO ENRIQUE CORREDOR CAS TILLA  - ISA INTERCOLOMBIA","152","2019/07/07","2019/07/16","2024/07/16",0,0,0,0,50,"Arbol Aislado"]
[164,"FILA_164","1 SI","","EDINSON ALBERTO SUAREZ DOMINGUEZ - ELEC S.A","Sección A  -Agricultura, ganadería, caza y silvicultura","14 CÓRDOBA - DEPARTAMENTO","3 PERMISO","EDINSON ALBERTO SUAREZ DOMINGUEZ - ELEC S.A","153","2019/05/10","2019/07/16","2020/01/16",0,0,0,0,50,"Arbol Aislado"]
[165,"FILA_165","1 SI","","CESAR AUGUSTO VILLA TRUJILLO - AVINORTE","Sección A  -Agricultura, ganadería, caza y silvicultura","14 CÓRDOBA - DEPARTAMENTO","3 PERMISO","CESAR AUGUSTO VILLA TRUJILLO - AVINORTE","154","2019/03/01","2019/07/18","2020/01/18",0,0,0,0,50,"Arbol Aislado"]
[166,"FILA_166","1 SI","","LIBARDO GARCIA HOYOS","Sección A  -Agricultura, ganadería, caza y silvicultura","14 CÓRDOBA - DEPARTAMENTO","3 PERMISO","LIBARDO GARCIA HOYOS","155","2019/06/13","2019/07/22","2020/07/22",108087,108087,0,108087,25,"pendiente pago de seguimiento"]
[167,"FILA_167","1 SI","","AMPARO ISABEL HERNANDEZ SIERRA","Sección A  -Agricultura, ganadería, caza y silvicultura","14 CÓRDOBA - DEPARTAMENTO","3 PERMISO","AMPARO ISABEL HERNANDEZ SIERRA","156","2019/06/05","2019/07/22","2020/07/22",0,0,0,0,50,"Arbol Aislado"]
[168,"FILA_168","1 SI","","MARIO MANUEL URANGO ARCIRIA","Sección A  -Agricultura, ganadería, caza y silvicultura","14 CÓRDOBA - DEPARTAMENTO","3 PERMISO","MARIO MANUEL URANGO ARCIRIA","157","2019/07/12","2019/07/24","2024/07/24",0,0,0,0,50,"Arbol Aislado"]
[169,"FILA_169","1 SI","","PEDRO RAZA GARCIA - ALCALDIA DE CERETÉ","Sección A  -Agricultura, ganadería, caza y silvicultura","14 CÓRDOBA - DEPARTAMENTO","3 PERMISO","PEDRO RAZA GARCIA - ALCALDIA DE CERETÉ","158","2019/05/10","2019/07/24","2022/07/24",0,0,0,0,50,"Arbol Aislado"]
[170,"FILA_170","1 SI","","EDUARDO JOSE MESTRA - HUGO ENRIQUE RAMIREZ ORTIZ","Sección A  -Agricultura, ganadería, caza y silvicultura","14 CÓRDOBA - DEPARTAMENTO","3 PERMISO","EDUARDO JOSE MESTRA - HUGO ENRIQUE RAMIREZ ORTIZ","159","2019/01/08","2019/07/24","2022/07/24",0,0,0,0,50,"Arbol Aislado"]
[171,"FILA_171","1 SI","","ANA MARIA SOFAN SANCHEZ","Sección A  -Agricultura, ganadería, caza y silvicultura","14 CÓRDOBA - DEPARTAMENTO","3 PERMISO","ANA MARIA SOFAN SANCHEZ","161","2019/06/10","2019/07/29","2020/01/29",108087,108087,0,108087,50,"Arbol Aislado"]
[172,"FILA_172","1 SI","","IDAILDA DIAZ QUINTANA","Sección A  -Agricultura, ganadería, caza y silvicultura","14 CÓRDOBA - DEPARTAMENTO","3 PERMISO","IDAILDA DIAZ QUINTANA","162","2019/07/08","2019/07/29","2020/01/29",0,0,0,0,50,"Arbol Aislado"]
[173,"FILA_173","1 SI","","DANIEL JOSE ALTAMIRANDA GOMEZ - INSTITUCION EDUCATIVA SANTA MARIA","Sección A  -Agricultura, ganadería, caza y silvicultura","14 CÓRDOBA - DEPARTAMENTO","3 PERMISO","DANIEL JOSE ALTAMIRANDA GOMEZ - INSTITUCION EDUCATIVA SANTA MARIA","163","2019/07/16","2019/07/29","2020/01/29",0,0,0,0,50,"Arbol Aislado"]
[174,"FILA_174","1 SI","","RIO NOTICIAS  - NOTA DE PRENSA","Sección A  -Agricultura, ganadería, caza y silvicultura","14 CÓRDOBA - DEPARTAMENTO","3 PERMISO","RIO NOTICIAS  - NOTA DE PRENSA","164","2019/05/22","2019/07/29","2020/07/29",0,0,0,0,50,"Arbol Aislado"]
[175,"FILA_175","1 SI","","IVAN GUSTAVO BARRERA FERNANDEZ","Sección A  -Agricultura, ganadería, caza y silvicultura","14 CÓRDOBA - DEPARTAMENTO","3 PERMISO","IVAN GUSTAVO BARRERA FERNANDEZ","165","2019/07/08","2019/07/29","2020/01/29",0,0,0,0,50,"Arbol Aislado"]
[176,"FILA_176","1 SI","","JUAN ANDRES GUEVARA ESPITIA","Sección A  -Agricultura, ganadería, caza y silvicultura","14 CÓRDOBA - DEPARTAMENTO","3 PERMISO","JUAN ANDRES GUEVARA ESPITIA","166","2018/12/07","2019/07/29","2020/07/29",0,0,0,0,50,"Arbol Aislado"]
[177,"FILA_177","1 SI","","CILSA ENAMORADO - JUNTA ACCION COMUNAL  BARRIO LA GRANJA","Sección A  -Agricultura, ganadería, caza y silvicultura","14 CÓRDOBA - DEPARTAMENTO","3 PERMISO","CILSA ENAMORADO - JUNTA ACCION COMUNAL  BARRIO LA GRANJA","167","2019/05/15","2019/07/29","2020/07/29",0,0,0,0,50,"Arbol Aislado"]
[178,"FILA_178","1 SI","","ANDRES FELIPE LORA JIMENEZ  - AUGUSTO RAMON MORA","Sección A  -Agricultura, ganadería, caza y silvicultura","14 CÓRDOBA - DEPARTAMENTO","3 PERMISO","ANDRES FELIPE LORA JIMENEZ  - AUGUSTO RAMON MORA","168","2019/05/28","2019/07/29","2020/01/29",0,0,0,0,50,"Arbol Aislado"]
[179,"FILA_179","1 SI","","WENDY SIERRA VERTEL","Sección A  -Agricultura, ganadería, caza y silvicultura","14 CÓRDOBA - DEPARTAMENTO","3 PERMISO","WENDY SIERRA VERTEL","169","2019/06/28","2019/07/29","2020/07/29",0,0,0,0,50,"Arbol Aislado"]
[180,"FILA_180","1 SI","","UBADEL JOSE PADILLA  - MARTHA LIGIA SAENZ","Sección A  -Agricultura, ganadería, caza y silvicultura","14 CÓRDOBA - DEPARTAMENTO","3 PERMISO","UBADEL JOSE PADILLA  - MARTHA LIGIA SAENZ","170","2019/03/06","2019/07/29","2020/01/29",108087,108087,0,108087,100,""]
[181,"FILA_181","1 SI","","CESAR AUGUSTO CALAO CASTILLO","Sección A  -Agricultura, ganadería, caza y silvicultura","14 CÓRDOBA - DEPARTAMENTO","3 PERMISO","CESAR AUGUSTO CALAO CASTILLO","171","2019/07/11","2019/07/30","2020/01/29",0,0,0,0,50,"Arbol Aislado"]
[182,"FILA_182","1 SI","","DIEGO RAUL BLANCO PEREZ -CLINICA MONTERIA","Sección A  -Agricultura, ganadería, caza y silvicultura","14 CÓRDOBA - DEPARTAMENTO","3 PERMISO","DIEGO RAUL BLANCO PEREZ -CLINICA MONTERIA","172","2019/07/08","2019/07/30","2020/07/30",108087,108087,0,108087,100,""]
[183,"FILA_183","1 SI","","MARCOS DANIEL PINEDA GARCIA - ALCALDIA DE MONTERIA","Sección A  -Agricultura, ganadería, caza y silvicultura","14 CÓRDOBA - DEPARTAMENTO","3 PERMISO","MARCOS DANIEL PINEDA GARCIA - ALCALDIA DE MONTERIA","173","2019/07/09","2019/07/30","2020/07/30",0,0,0,0,50,"Arbol Aislado"]
[184,"FILA_184","1 SI","","RAFAEL MORELO GONZALEZ","Sección A  -Agricultura, ganadería, caza y silvicultura","14 CÓRDOBA - DEPARTAMENTO","3 PERMISO","RAFAEL MORELO GONZALEZ","174","2019/05/06","2019/07/30","2020/01/30",0,0,0,0,50,"Arbol Aislado"]
[185,"FILA_185","1 SI","","MARIA MABEL HERNANDEZ PARDO","Sección A  -Agricultura, ganadería, caza y silvicultura","14 CÓRDOBA - DEPARTAMENTO","3 PERMISO","MARIA MABEL HERNANDEZ PARDO","175","2019/06/28","2019/07/30","2020/07/30",108084,108087,0,108087,100,""]
[186,"FILA_186","1 SI","","CAR- CVS -   CUMPLACE","Sección A  -Agricultura, ganadería, caza y silvicultura","14 CÓRDOBA - DEPARTAMENTO","3 PERMISO","CAR- CVS -   CUMPLACE","176","2019/07/22","2019/07/31","2020/01/31",0,0,0,0,50,"Arbol Aislado"]
[187,"FILA_187","1 SI","","SYLVIA GULFO BERROCAL","Sección A  -Agricultura, ganadería, caza y silvicultura","14 CÓRDOBA - DEPARTAMENTO","3 PERMISO","SYLVIA GULFO BERROCAL","177","2019/07/18","2019/07/31","2020/01/31",0,0,0,0,50,"Arbol Aislado"]
[188,"FILA_188","1 SI","","JACINTO ORTIZ QUINTERO","Sección A  -Agricultura, ganadería, caza y silvicultura","14 CÓRDOBA - DEPARTAMENTO","3 PERMISO","JACINTO ORTIZ QUINTERO","178","2019/06/13","2019/07/31","2020/01/31",108000,108087,0,108087,100,""]
[189,"FILA_189","1 SI","","MARIO ALBERTO PETRO REYES - CONSORCIO PAVIMENTO LOS AMARILLOS","Sección A  -Agricultura, ganadería, caza y silvicultura","14 CÓRDOBA - DEPARTAMENTO","3 PERMISO","MARIO ALBERTO PETRO REYES - CONSORCIO PAVIMENTO LOS AMARILLOS","179","2019/02/26","2019/08/02","2024/08/02",9151786,9151786,0,9151786,50,"Arbol Aislado"]
[190,"FILA_190","1 SI","","JORGE RIVERA RICARDO","Sección A  -Agricultura, ganadería, caza y silvicultura","14 CÓRDOBA - DEPARTAMENTO","3 PERMISO","JORGE RIVERA RICARDO","180","2019/07/02","2019/07/02","2020/07/02",0,0,0,0,50,"Arbol Aislado"]
[191,"FILA_191","1 SI","","ELIANA PATRICIA RAMOS BUELVAS","Sección A  -Agricultura, ganadería, caza y silvicultura","14 CÓRDOBA - DEPARTAMENTO","3 PERMISO","ELIANA PATRICIA RAMOS BUELVAS","181","2019/07/15","2019/08/02","2020/08/02",0,0,0,0,50,"Arbol Aislado"]
[192,"FILA_192","1 SI","","SALOME GEORGETTE CHAAR CHAAR - ALCALDIA CERETE","Sección A  -Agricultura, ganadería, caza y silvicultura","14 CÓRDOBA - DEPARTAMENTO","3 PERMISO","SALOME GEORGETTE CHAAR CHAAR - ALCALDIA CERETE","182","2019/07/10","2019/08/02","2020/02/02",0,0,0,0,50,"Arbol Aislado"]
[193,"FILA_193","1 SI","","STEFANNIA PARDO PACHECO - COLEGIO GRAN COLOMBIANO","Sección A  -Agricultura, ganadería, caza y silvicultura","14 CÓRDOBA - DEPARTAMENTO","3 PERMISO","STEFANNIA PARDO PACHECO - COLEGIO GRAN COLOMBIANO","183","2019/05/15","2019/08/02","2020/02/02",0,0,0,0,50,"Arbol Aislado"]
[194,"FILA_194","1 SI","","MARLENE DIAZ ARRIETA","Sección A  -Agricultura, ganadería, caza y silvicultura","14 CÓRDOBA - DEPARTAMENTO","3 PERMISO","MARLENE DIAZ ARRIETA","184","2019/07/17","2019/08/02","2021/08/02",0,0,0,0,50,"Arbol Aislado"]
[195,"FILA_195","1 SI","","WALTER BULA","Sección A  -Agricultura, ganadería, caza y silvicultura","14 CÓRDOBA - DEPARTAMENTO","3 PERMISO","WALTER BULA","185","2019/06/11","2019/08/02","2020/02/02",0,0,0,0,50,"Arbol Aislado"]
[196,"FILA_196","1 SI","","CLEDYS CORONADO - HOSPITAL SAN JUAN DE SAHAGUN","Sección A  -Agricultura, ganadería, caza y silvicultura","14 CÓRDOBA - DEPARTAMENTO","3 PERMISO","CLEDYS CORONADO - HOSPITAL SAN JUAN DE SAHAGUN","186","2019/06/07","2019/08/06","2020/02/06",0,0,0,0,50,"Arbol Aislado"]
[197,"FILA_197","1 SI","","ORLANDO CARLOS BUELVAS PANTOJA","Sección A  -Agricultura, ganadería, caza y silvicultura","14 CÓRDOBA - DEPARTAMENTO","3 PERMISO","ORLANDO CARLOS BUELVAS PANTOJA","187","2019/07/03","2019/08/06","2020/02/06",0,0,0,0,50,"Arbol Aislado"]
[198,"FILA_198","1 SI","","CIUDADANO QUEJOSO","Sección A  -Agricultura, ganadería, caza y silvicultura","14 CÓRDOBA - DEPARTAMENTO","3 PERMISO","CIUDADANO QUEJOSO","188","2019/06/15","2019/08/06","2021/08/06",0,0,0,0,50,"Arbol Aislado"]
[199,"FILA_199","1 SI","","EDWAR JHON SANCHEZ SUAREZ - FUNDACION EDUCATIVA DE LA DIOCESIS DE MONTELIBANO","Sección A  -Agricultura, ganadería, caza y silvicultura","14 CÓRDOBA - DEPARTAMENTO","3 PERMISO","EDWAR JHON SANCHEZ SUAREZ - FUNDACION EDUCATIVA DE LA DIOCESIS DE MONTELIBANO","189","2019/01/29","2019/08/06","2020/08/06",108087,108087,0,108087,100,""]
[200,"FILA_200","1 SI","","OSEIAS PEREIRA DA SILVA - SARA MITCHELLE PEREIRA - IGLESIA C.F.C. INTERNACIONAL","Sección A  -Agricultura, ganadería, caza y silvicultura","14 CÓRDOBA - DEPARTAMENTO","3 PERMISO","OSEIAS PEREIRA DA SILVA - SARA MITCHELLE PEREIRA - IGLESIA C.F.C. INTERNACIONAL","190","2019/07/18","2019/08/08","2022/08/08",0,0,0,0,50,"Arbol Aislado"]
[201,"FILA_201","1 SI","","JACOBO PEINADO","Sección A  -Agricultura, ganadería, caza y silvicultura","14 CÓRDOBA - DEPARTAMENTO","3 PERMISO","JACOBO PEINADO","191","2019/07/29","2019/08/08","2020/08/08",0,0,0,0,50,"Arbol Aislado"]
[202,"FILA_202","1 SI","","CAROLINA ARCINIEGAS MEZA","Sección A  -Agricultura, ganadería, caza y silvicultura","14 CÓRDOBA - DEPARTAMENTO","3 PERMISO","CAROLINA ARCINIEGAS MEZA","192","2019/07/03","2019/08/08","2020/02/08",0,0,0,0,50,"Arbol Aislado"]
[203,"FILA_203","1 SI","","ROBER PACHECO","Sección A  -Agricultura, ganadería, caza y silvicultura","14 CÓRDOBA - DEPARTAMENTO","3 PERMISO","ROBER PACHECO","193","2019/07/03","2019/08/08","2020/02/08",0,0,0,0,50,"Arbol Aislado"]
[204,"FILA_204","1 SI","","JOSE RAFAEL GARCES BEGAMBRE","Sección A  -Agricultura, ganadería, caza y silvicultura","14 CÓRDOBA - DEPARTAMENTO","3 PERMISO","JOSE RAFAEL GARCES BEGAMBRE","194","2019/06/06","2019/08/08","2022/08/03",108087,108087,0,108087,25,"pendiente pago de seguimiento"]
[205,"FILA_205","1 SI","","ANDRES FELIPE LORA JIMENES","Sección A  -Agricultura, ganadería, caza y silvicultura","14 CÓRDOBA - DEPARTAMENTO","3 PERMISO","ANDRES FELIPE LORA JIMENES","195","2019/07/04","2019/08/08","2022/08/03",0,0,0,0,50,"Arbol Aislado"]
[206,"FILA_206","1 SI","","VICTORIA SALGADO","Sección A  -Agricultura, ganadería, caza y silvicultura","14 CÓRDOBA - DEPARTAMENTO","3 PERMISO","VICTORIA SALGADO","196","2019/06/07","2019/08/08","2020/02/08",0,0,0,0,50,"Arbol Aislado"]
[207,"FILA_207","1 SI","","JHONI MORALES TORO","Sección A  -Agricultura, ganadería, caza y silvicultura","14 CÓRDOBA - DEPARTAMENTO","3 PERMISO","JHONI MORALES TORO","197","2019/06/19","2019/08/09","2020/02/09",0,0,0,0,50,"Arbol Aislado"]
[208,"FILA_208","1 SI","","MANUEL ALVAREZ MIRANDA","Sección A  -Agricultura, ganadería, caza y silvicultura","14 CÓRDOBA - DEPARTAMENTO","3 PERMISO","MANUEL ALVAREZ MIRANDA","198","2019/07/03","2019/08/09","2020/02/09",0,0,0,0,50,"Arbol Aislado"]
[209,"FILA_209","1 SI","","JOSE DOLORES ARTEAGA HERNANDEZ","Sección A  -Agricultura, ganadería, caza y silvicultura","14 CÓRDOBA - DEPARTAMENTO","3 PERMISO","JOSE DOLORES ARTEAGA HERNANDEZ","198","2018/12/13","2019/08/09","2020/02/09",0,0,0,0,50,"Arbol Aislado"]
[210,"FILA_210","1 SI","","JUAN MIGUEL HOYOS ARROYO","Sección A  -Agricultura, ganadería, caza y silvicultura","14 CÓRDOBA - DEPARTAMENTO","3 PERMISO","JUAN MIGUEL HOYOS ARROYO","199","2019/07/03","2019/08/09","2020/02/09",0,0,0,0,50,"Arbol Aislado"]
[211,"FILA_211","1 SI","","ELENA CARLINA ALDANA","Sección A  -Agricultura, ganadería, caza y silvicultura","14 CÓRDOBA - DEPARTAMENTO","3 PERMISO","ELENA CARLINA ALDANA","200","2019/06/07","2019/08/09","2020/02/09",0,0,0,0,50,"Arbol Aislado"]
[212,"FILA_212","1 SI","","PEDRO RAZA GARCIA - ALCALDIA DE CERETÉ","Sección A  -Agricultura, ganadería, caza y silvicultura","14 CÓRDOBA - DEPARTAMENTO","3 PERMISO","PEDRO RAZA GARCIA - ALCALDIA DE CERETÉ","201","2019/05/03","2019/08/09","2020/02/09",0,0,0,0,50,"Arbol Aislado"]
[213,"FILA_213","1 SI","","ERENIA GONZALEZ SERNA - FUNVIMEC","Sección A  -Agricultura, ganadería, caza y silvicultura","14 CÓRDOBA - DEPARTAMENTO","3 PERMISO","ERENIA GONZALEZ SERNA - FUNVIMEC","202","2019/07/19","2019/08/09","2020/08/09",0,0,0,0,50,"Arbol Aislado"]
[214,"FILA_214","1 SI","","ANGEL LUIS URANGO PETRO","Sección A  -Agricultura, ganadería, caza y silvicultura","14 CÓRDOBA - DEPARTAMENTO","3 PERMISO","ANGEL LUIS URANGO PETRO","203","2019/07/23","2019/08/09","2020/08/09",108087,108087,0,108087,50,"Arbol Aislado"]
[215,"FILA_215","1 SI","","KAREN BOLIVAR GOMEZ - UNIDAD RESIDENCIAL LA CASTELLANA","Sección A  -Agricultura, ganadería, caza y silvicultura","14 CÓRDOBA - DEPARTAMENTO","3 PERMISO","KAREN BOLIVAR GOMEZ - UNIDAD RESIDENCIAL LA CASTELLANA","204","2019/05/28","2019/08/09","2020/08/09",0,0,0,0,50,"Arbol Aislado"]
[216,"FILA_216","1 SI","","NUBIA ROJAS VARGAS","Sección A  -Agricultura, ganadería, caza y silvicultura","14 CÓRDOBA - DEPARTAMENTO","3 PERMISO","NUBIA ROJAS VARGAS","205","2019/06/14","2019/08/13","2020/02/13",0,0,0,0,50,"Arbol Aislado"]
[217,"FILA_217","1 SI","","DOMINGO RAMOS ALBA","Sección A  -Agricultura, ganadería, caza y silvicultura","14 CÓRDOBA - DEPARTAMENTO","3 PERMISO","DOMINGO RAMOS ALBA","206","2019/06/11","2019/08/13","2020/08/13",0,0,0,0,50,"Arbol Aislado"]
[218,"FILA_218","1 SI","","LILIANA DEREIX CALONGE - INVASA MAQUINARIAS S.A.S","Sección A  -Agricultura, ganadería, caza y silvicultura","14 CÓRDOBA - DEPARTAMENTO","3 PERMISO","LILIANA DEREIX CALONGE - INVASA MAQUINARIAS S.A.S","207","2019/07/29","2019/08/13","2020/02/13",0,0,0,0,50,"Arbol Aislado"]
[219,"FILA_219","1 SI","","PEDRO RAZA GARCIA - ALCALDIA DE CERETÉ","Sección A  -Agricultura, ganadería, caza y silvicultura","14 CÓRDOBA - DEPARTAMENTO","3 PERMISO","PEDRO RAZA GARCIA - ALCALDIA DE CERETÉ","208","2019/05/27","2019/08/13","2020/02/13",0,0,0,0,50,"Arbol Aislado"]
[220,"FILA_220","1 SI","","LUIS FERNANDO CARRASCAL","Sección A  -Agricultura, ganadería, caza y silvicultura","14 CÓRDOBA - DEPARTAMENTO","3 PERMISO","LUIS FERNANDO CARRASCAL","209","2019/08/02","2019/08/16","2020/02/16",0,0,0,0,50,"Arbol Aislado"]
[221,"FILA_221","1 SI","","ALFREDO TORRALVO QUINTERO","Sección A  -Agricultura, ganadería, caza y silvicultura","14 CÓRDOBA - DEPARTAMENTO","3 PERMISO","ALFREDO TORRALVO QUINTERO","210","2019/08/02","2019/08/16","2020/02/16",108087,108087,0,108087,100,""]
[222,"FILA_222","1 SI","","IVAN DE JESUS ARANGO OSORIO","Sección A  -Agricultura, ganadería, caza y silvicultura","14 CÓRDOBA - DEPARTAMENTO","3 PERMISO","IVAN DE JESUS ARANGO OSORIO","212","2019/05/03","2019/08/20","2020/02/20",0,0,0,0,50,"Arbol Aislado"]
[223,"FILA_223","1 SI","","IDELFONSO RAMOS BULA BALMACEDA","Sección A  -Agricultura, ganadería, caza y silvicultura","14 CÓRDOBA - DEPARTAMENTO","3 PERMISO","IDELFONSO RAMOS BULA BALMACEDA","213","2019/08/02","2019/08/20","2020/02/20",0,0,0,0,50,"Arbol Aislado"]
[224,"FILA_224","1 SI","","ARLEYDAARRIETA BERTEL","Sección A  -Agricultura, ganadería, caza y silvicultura","14 CÓRDOBA - DEPARTAMENTO","3 PERMISO","ARLEYDAARRIETA BERTEL","214","2019/08/02","2019/08/20","2020/02/20",0,0,0,0,50,"Arbol Aislado"]
[225,"FILA_225","1 SI","","LUIS OMAR PEREZ SANDOVAL","Sección A  -Agricultura, ganadería, caza y silvicultura","14 CÓRDOBA - DEPARTAMENTO","3 PERMISO","LUIS OMAR PEREZ SANDOVAL","215","2019/08/06","2019/08/21","2020/08/21",2368829,3014881,0,3014881,75,""]
[226,"FILA_226","1 SI","","MARCOS DANIEL PINEDA GARCIA","Sección A  -Agricultura, ganadería, caza y silvicultura","14 CÓRDOBA - DEPARTAMENTO","3 PERMISO","MARCOS DANIEL PINEDA GARCIA","216","2018/07/31","2019/08/21","2022/08/21",108087,108087,0,108087,25,"pendiente pago de seguimiento"]
[227,"FILA_227","1 SI","","YAILER ANDREA VALENCIA RUBIANO - BURROTEKA SAS","Sección A  -Agricultura, ganadería, caza y silvicultura","14 CÓRDOBA - DEPARTAMENTO","3 PERMISO","YAILER ANDREA VALENCIA RUBIANO - BURROTEKA SAS","218","2019/05/22","2019/08/21","2020/02/21",0,0,0,0,50,"Arbol Aislado"]
[228,"FILA_228","1 SI","","FRANCISCO BURGOS LENGUA - SECRETARIO PLANEACION - ALCALDIA DE MONTERIA","Sección A  -Agricultura, ganadería, caza y silvicultura","14 CÓRDOBA - DEPARTAMENTO","3 PERMISO","FRANCISCO BURGOS LENGUA - SECRETARIO PLANEACION - ALCALDIA DE MONTERIA","219","2018/09/07","2019/08/22","2021/08/22",0,0,0,0,50,"Arbol Aislado"]
[229,"FILA_229","1 SI","","VIVIANA ARRIETA NUÑEZ - ALCALDIA MONTERIA","Sección A  -Agricultura, ganadería, caza y silvicultura","14 CÓRDOBA - DEPARTAMENTO","3 PERMISO","VIVIANA ARRIETA NUÑEZ - ALCALDIA MONTERIA","220","2019/07/29","2019/08/22","2020/02/22",0,0,0,0,50,"Arbol Aislado"]
[230,"FILA_230","1 SI","","LUIS VERGARA ARTEAGA","Sección A  -Agricultura, ganadería, caza y silvicultura","14 CÓRDOBA - DEPARTAMENTO","3 PERMISO","LUIS VERGARA ARTEAGA","221","2019/08/02","2019/08/22","2020/02/22",0,0,0,0,50,"Arbol Aislado"]
[231,"FILA_231","1 SI","","OVIDIA CARLINA ESPINOSA CHICA","Sección A  -Agricultura, ganadería, caza y silvicultura","14 CÓRDOBA - DEPARTAMENTO","3 PERMISO","OVIDIA CARLINA ESPINOSA CHICA","222","2019/05/29","2019/08/22","2020/08/22",0,0,0,0,50,"Arbol Aislado"]
[232,"FILA_232","1 SI","","RUBEN DARIO TREJOS CASTRILLON - HOSPITAL SAN JERONIMO","Sección A  -Agricultura, ganadería, caza y silvicultura","14 CÓRDOBA - DEPARTAMENTO","3 PERMISO","RUBEN DARIO TREJOS CASTRILLON - HOSPITAL SAN JERONIMO","223","2019/08/27","2019/08/28","2020/02/28",0,0,0,0,50,"Arbol Aislado"]
[233,"FILA_233","1 SI","","AUGUSTO RAMIRO SAEZ JARAMILLO","Sección A  -Agricultura, ganadería, caza y silvicultura","14 CÓRDOBA - DEPARTAMENTO","3 PERMISO","AUGUSTO RAMIRO SAEZ JARAMILLO","224","2019/05/10","2019/08/28","2020/02/28",0,0,0,0,50,"Arbol Aislado"]
[234,"FILA_234","1 SI","","PEDRO CAUSIL BANDA","Sección A  -Agricultura, ganadería, caza y silvicultura","14 CÓRDOBA - DEPARTAMENTO","3 PERMISO","PEDRO CAUSIL BANDA","225","2019/07/29","2019/09/02","2020/03/02",0,0,0,0,50,"Arbol Aislado"]
[235,"FILA_235","1 SI","","FREIS EDUARDO RUIZ PEREZ - INSTITUCION EDUCATIVA SANTA TERESITA","Sección A  -Agricultura, ganadería, caza y silvicultura","14 CÓRDOBA - DEPARTAMENTO","3 PERMISO","FREIS EDUARDO RUIZ PEREZ - INSTITUCION EDUCATIVA SANTA TERESITA","226","2019/06/18","2019/09/02","2020/09/02",0,0,0,0,50,"Arbol Aislado"]
[236,"FILA_236","1 SI","","PATRICIA SOLANO ALVAREZ","Sección A  -Agricultura, ganadería, caza y silvicultura","14 CÓRDOBA - DEPARTAMENTO","3 PERMISO","PATRICIA SOLANO ALVAREZ","227","2019/08/16","2019/09/02","2020/03/02",0,0,0,0,50,"Arbol Aislado"]
[237,"FILA_237","1 SI","","OLGA LUCIA RUIZ","Sección A  -Agricultura, ganadería, caza y silvicultura","14 CÓRDOBA - DEPARTAMENTO","3 PERMISO","OLGA LUCIA RUIZ","228","2019/07/31","2019/09/02","2020/03/02",0,0,0,0,50,"Arbol Aislado"]
[238,"FILA_238","1 SI","","JORGE ALIRIO GARCIA URREA","Sección A  -Agricultura, ganadería, caza y silvicultura","14 CÓRDOBA - DEPARTAMENTO","3 PERMISO","JORGE ALIRIO GARCIA URREA","229","2019/08/08","2019/09/02","2020/03/02",0,0,0,0,50,"Arbol Aislado"]
[239,"FILA_239","1 SI","","LINEY ARRIETA","Sección A  -Agricultura, ganadería, caza y silvicultura","14 CÓRDOBA - DEPARTAMENTO","3 PERMISO","LINEY ARRIETA","230","2019/08/14","2019/09/02","2020/03/02",0,0,0,0,50,"Arbol Aislado"]
[240,"FILA_240","1 SI","","DE OFICIO - AYAPEL","Sección A  -Agricultura, ganadería, caza y silvicultura","14 CÓRDOBA - DEPARTAMENTO","3 PERMISO","DE OFICIO - AYAPEL","231","2019/08/10","2019/09/02","2020/09/02",108087,108087,0,108087,100,""]
[241,"FILA_241","1 SI","","ARGEMIRO HOYOS GONZALEZ","Sección A  -Agricultura, ganadería, caza y silvicultura","14 CÓRDOBA - DEPARTAMENTO","3 PERMISO","ARGEMIRO HOYOS GONZALEZ","232","2019/07/26","2019/09/02","2020/09/02",108087,108500,0,108500,100,""]
[242,"FILA_242","1 SI","","JAIME FIDEL BORGE STEVENSON","Sección A  -Agricultura, ganadería, caza y silvicultura","14 CÓRDOBA - DEPARTAMENTO","3 PERMISO","JAIME FIDEL BORGE STEVENSON","233","2019/08/12","2019/09/04","2020/09/04",0,0,0,0,50,"Arbol Aislado"]
[243,"FILA_243","1 SI","","MARIA CECILIA ESCUDERO KERGUELEN","Sección A  -Agricultura, ganadería, caza y silvicultura","14 CÓRDOBA - DEPARTAMENTO","3 PERMISO","MARIA CECILIA ESCUDERO KERGUELEN","234","2019/09/03","2019/09/05","2021/09/05",0,0,0,0,50,"Arbol Aislado"]
[244,"FILA_244","1 SI","","FRANCISCA ALBA BARRERA DE ZUÑIGA","Sección A  -Agricultura, ganadería, caza y silvicultura","14 CÓRDOBA - DEPARTAMENTO","3 PERMISO","FRANCISCA ALBA BARRERA DE ZUÑIGA","235","2019/08/15","2019/09/05","2020/03/05",0,0,0,0,50,"Arbol Aislado"]
[245,"FILA_245","1 SI","","OFICINA DE ALMACEN CAR- CVS","Sección A  -Agricultura, ganadería, caza y silvicultura","14 CÓRDOBA - DEPARTAMENTO","3 PERMISO","OFICINA DE ALMACEN CAR- CVS","236","2019/05/29","2019/09/05","2020/03/05",108087,108087,0,108087,50,"Arbol Aislado"]
[246,"FILA_246","1 SI","","PAOLA GALARZA MONROY - ESCUELA NORMAL SUPERIOR SANTA TERESITA","Sección A  -Agricultura, ganadería, caza y silvicultura","14 CÓRDOBA - DEPARTAMENTO","3 PERMISO","PAOLA GALARZA MONROY - ESCUELA NORMAL SUPERIOR SANTA TERESITA","237","2019/07/30","2019/09/05","2020/03/05",0,0,0,0,50,"Arbol Aislado"]
[247,"FILA_247","1 SI","","TERESA SIMANCA CAUSIL","Sección A  -Agricultura, ganadería, caza y silvicultura","14 CÓRDOBA - DEPARTAMENTO","3 PERMISO","TERESA SIMANCA CAUSIL","238","2019/08/27","2019/04/05","2020/04/05",0,0,0,0,50,"Arbol Aislado"]
[248,"FILA_248","1 SI","","OMAIRA JULIO","Sección A  -Agricultura, ganadería, caza y silvicultura","14 CÓRDOBA - DEPARTAMENTO","3 PERMISO","OMAIRA JULIO","239","2019/08/28","2019/04/05","2020/04/05",0,0,0,0,50,"Arbol Aislado"]
[249,"FILA_249","1 SI","","DILIA ROSA CAUSIL SOTO","Sección A  -Agricultura, ganadería, caza y silvicultura","14 CÓRDOBA - DEPARTAMENTO","3 PERMISO","DILIA ROSA CAUSIL SOTO","240","2019/07/30","2019/09/05","2020/09/05",1454694,1454694,0,1454694,25,"pendiente pago de seguimiento"]
[250,"FILA_250","1 SI","","JADER TOMAS HOYOS SIMANCA - SEC- INFRAESTUCTURA Y PLANEACION","Sección A  -Agricultura, ganadería, caza y silvicultura","14 CÓRDOBA - DEPARTAMENTO","3 PERMISO","JADER TOMAS HOYOS SIMANCA - SEC- INFRAESTUCTURA Y PLANEACION","241","2019/04/12","2019/09/09","2022/09/09",0,0,0,0,50,"Arbol Aislado"]
[251,"FILA_251","1 SI","","MANUEL PLAZA MORALES","Sección A  -Agricultura, ganadería, caza y silvicultura","14 CÓRDOBA - DEPARTAMENTO","3 PERMISO","MANUEL PLAZA MORALES","242","2019/08/29","2019/09/09","2020/03/09",0,0,0,0,50,"Arbol Aislado"]
[252,"FILA_252","1 SI","","JAIDEL M. BUELVAS GUERRA - BOMBEROS VOLUNTARIOS DE SAHAGUN","Sección A  -Agricultura, ganadería, caza y silvicultura","14 CÓRDOBA - DEPARTAMENTO","3 PERMISO","JAIDEL M. BUELVAS GUERRA - BOMBEROS VOLUNTARIOS DE SAHAGUN","243","2019/08/27","2019/09/09","2020/09/09",0,0,0,0,50,"Arbol Aislado"]
[253,"FILA_253","1 SI","","LINEY VEGA DE ESPINOSA","Sección A  -Agricultura, ganadería, caza y silvicultura","14 CÓRDOBA - DEPARTAMENTO","3 PERMISO","LINEY VEGA DE ESPINOSA","244","2019/08/05","2019/09/09","2020/09/09",108087,108087,0,108087,100,""]
[254,"FILA_254","1 SI","","FLAVIO OJEDA VISBAL - AZUL URBANO LTDA","Sección A  -Agricultura, ganadería, caza y silvicultura","14 CÓRDOBA - DEPARTAMENTO","3 PERMISO","FLAVIO OJEDA VISBAL - AZUL URBANO LTDA","245","2019/06/28","2019/09/09","2020/03/09",108084,108087,0,108087,100,""]
[255,"FILA_255","1 SI","","CARLOS MORA PACHECO - UNIVERSIDAD DE CORDOBA","Sección A  -Agricultura, ganadería, caza y silvicultura","14 CÓRDOBA - DEPARTAMENTO","3 PERMISO","CARLOS MORA PACHECO - UNIVERSIDAD DE CORDOBA","247","2019/03/04","2019/04/13","2020/04/13",0,0,0,0,50,"Arbol Aislado"]
[256,"FILA_256","1 SI","","HERNAN MANUEL ANDOCILLA FUENTES","Sección A  -Agricultura, ganadería, caza y silvicultura","14 CÓRDOBA - DEPARTAMENTO","3 PERMISO","HERNAN MANUEL ANDOCILLA FUENTES","248","2019/08/14","2019/09/13","2020/03/13",0,0,0,0,50,"Arbol Aislado"]
[257,"FILA_257","1 SI","","DIEGO A. GOMEZ COGOLLO - DIRECTOR DE UMATA CHIMA - OSMIDA ISABEL GALVIS RAMOS","Sección A  -Agricultura, ganadería, caza y silvicultura","14 CÓRDOBA - DEPARTAMENTO","3 PERMISO","DIEGO A. GOMEZ COGOLLO - DIRECTOR DE UMATA CHIMA - OSMIDA ISABEL GALVIS RAMOS","249","2018/07/13","2019/09/13","2021/09/13",0,0,0,0,50,"Arbol Aislado"]
[258,"FILA_258","1 SI","","PEDRO RAZA GARCIA - ALCALDIA DE CERETÉ - LUZ MILA AYALA","Sección A  -Agricultura, ganadería, caza y silvicultura","14 CÓRDOBA - DEPARTAMENTO","3 PERMISO","PEDRO RAZA GARCIA - ALCALDIA DE CERETÉ - LUZ MILA AYALA","250","2019/07/31","2019/09/13","2020/03/13",0,0,0,0,50,"Arbol Aislado"]
[259,"FILA_259","1 SI","","PEDRO RAZA GARCIA - ALCALDIA DE CERETÉ - LUDY ESPITIA PETRO","Sección A  -Agricultura, ganadería, caza y silvicultura","14 CÓRDOBA - DEPARTAMENTO","3 PERMISO","PEDRO RAZA GARCIA - ALCALDIA DE CERETÉ - LUDY ESPITIA PETRO","251","2019/07/31","2019/09/13","2022/09/13",0,0,0,0,50,"Arbol Aislado"]
[260,"FILA_260","1 SI","","REYNALDO MANUEL ESPITIA FLOREZ","Sección A  -Agricultura, ganadería, caza y silvicultura","14 CÓRDOBA - DEPARTAMENTO","3 PERMISO","REYNALDO MANUEL ESPITIA FLOREZ","252","2019/06/10","2019/09/13","2020/09/13",0,0,0,0,50,"Arbol Aislado"]
[261,"FILA_261","1 SI","","HUGO PADILLA PIZARRO - SECRETARI PLANEACION DE MOMIL","Sección A  -Agricultura, ganadería, caza y silvicultura","14 CÓRDOBA - DEPARTAMENTO","3 PERMISO","HUGO PADILLA PIZARRO - SECRETARI PLANEACION DE MOMIL","253","2019/08/23","2019/09/13","2021/09/13",0,0,0,0,50,"Arbol Aislado"]
[262,"FILA_262","1 SI","","JUAN SEBASTIAN MARTINEZ SANCHEZ","Sección A  -Agricultura, ganadería, caza y silvicultura","14 CÓRDOBA - DEPARTAMENTO","3 PERMISO","JUAN SEBASTIAN MARTINEZ SANCHEZ","254","2019/08/12","2019/09/13","2021/09/13",108087,108087,0,108087,100,""]
[263,"FILA_263","1 SI","","LUZ EUGENIA DE LA OSSA VEVERO","Sección A  -Agricultura, ganadería, caza y silvicultura","14 CÓRDOBA - DEPARTAMENTO","3 PERMISO","LUZ EUGENIA DE LA OSSA VEVERO","255","2019/08/30","2019/09/16","2020/03/16",0,0,0,0,50,"Arbol Aislado"]
[264,"FILA_264","1 SI","","ROSALIA RUBIO AYALA","Sección A  -Agricultura, ganadería, caza y silvicultura","14 CÓRDOBA - DEPARTAMENTO","3 PERMISO","ROSALIA RUBIO AYALA","256","2019/08/20","2019/09/16","2020/09/16",0,0,0,0,50,"Arbol Aislado"]
[265,"FILA_265","1 SI","","JADER TORRES ARGUMEDO","Sección A  -Agricultura, ganadería, caza y silvicultura","14 CÓRDOBA - DEPARTAMENTO","3 PERMISO","JADER TORRES ARGUMEDO","257","2019/08/22","2019/09/19","2022/09/19",0,0,0,0,50,"Arbol Aislado"]
[266,"FILA_266","1 SI","","RAMIRO ALBERTO RESTREPO","Sección A  -Agricultura, ganadería, caza y silvicultura","14 CÓRDOBA - DEPARTAMENTO","3 PERMISO","RAMIRO ALBERTO RESTREPO","258","2019/08/30","2019/09/19","2021/09/19",108087,108087,0,108087,25,"pendiente pago de seguimiento"]
[267,"FILA_267","1 SI","","ALFONSO ESTEBAN ROMERO COAVAS","Sección A  -Agricultura, ganadería, caza y silvicultura","14 CÓRDOBA - DEPARTAMENTO","3 PERMISO","ALFONSO ESTEBAN ROMERO COAVAS","259","2019/03/26","2019/09/19","2020/09/19",0,0,0,0,50,"Arbol Aislado"]
[268,"FILA_268","1 SI","","JOSE RAFAEL BEGAMBRE GARCES - GIMNASIO VALLEGRANDE","Sección A  -Agricultura, ganadería, caza y silvicultura","14 CÓRDOBA - DEPARTAMENTO","3 PERMISO","JOSE RAFAEL BEGAMBRE GARCES - GIMNASIO VALLEGRANDE","260","2019/09/11","2019/09/19","2021/09/19",0,0,0,0,50,"Arbol Aislado"]
[269,"FILA_269","1 SI","","MARCELINUS BELAWA NUHAN","Sección A  -Agricultura, ganadería, caza y silvicultura","14 CÓRDOBA - DEPARTAMENTO","3 PERMISO","MARCELINUS BELAWA NUHAN","261","2019/09/04","2019/09/19","2021/09/19",3041667,289677,0,289677,75,""]
[270,"FILA_270","1 SI","","ALEIDER FERIA RUIZ","Sección A  -Agricultura, ganadería, caza y silvicultura","14 CÓRDOBA - DEPARTAMENTO","3 PERMISO","ALEIDER FERIA RUIZ","263","2019/12/26","2019/09/26","2021/09/26",108087,108087,0,108087,100,""]
[271,"FILA_271","1 SI","","ARTURO MERCADO PEREZ - SECRETARIO DE GOBIERNO MUNICIPAL MONTERIA","Sección A  -Agricultura, ganadería, caza y silvicultura","14 CÓRDOBA - DEPARTAMENTO","3 PERMISO","ARTURO MERCADO PEREZ - SECRETARIO DE GOBIERNO MUNICIPAL MONTERIA","264","2019/09/11","2019/09/26","2021/09/26",0,0,0,0,50,"Arbol Aislado"]
[272,"FILA_272","1 SI","","MERLYS DEL CARMEN ORTIZ CUADRADO","Sección A  -Agricultura, ganadería, caza y silvicultura","14 CÓRDOBA - DEPARTAMENTO","3 PERMISO","MERLYS DEL CARMEN ORTIZ CUADRADO","265","2019/09/06","2019/09/26","2020/03/26",0,0,0,0,50,"Arbol Aislado"]
[273,"FILA_273","1 SI","","ALBERTO SERPA ARRIETA","Sección A  -Agricultura, ganadería, caza y silvicultura","14 CÓRDOBA - DEPARTAMENTO","3 PERMISO","ALBERTO SERPA ARRIETA","266","2019/09/02","2019/10/03","2020/04/03",0,0,0,0,50,"Arbol Aislado"]
[274,"FILA_274","1 SI","","GUILLERMO TORO ACUÑA- CONSORCIO VIP SUCRE","Sección A  -Agricultura, ganadería, caza y silvicultura","14 CÓRDOBA - DEPARTAMENTO","3 PERMISO","GUILLERMO TORO ACUÑA- CONSORCIO VIP SUCRE","267","2019/03/28","2019/10/03","2020/10/03",108087,108087,0,108087,50,"Arbol Aislado"]
[275,"FILA_275","1 SI","","MARIA EUGENIA OVIEDO PAYARES","Sección A  -Agricultura, ganadería, caza y silvicultura","14 CÓRDOBA - DEPARTAMENTO","3 PERMISO","MARIA EUGENIA OVIEDO PAYARES","270","2019/03/18","2019/10/11","2021/10/11",0,0,0,0,50,"Arbol Aislado"]
[276,"FILA_276","1 SI","","JAIME ENRIQUE NEGRETE ROMERO","Sección A  -Agricultura, ganadería, caza y silvicultura","14 CÓRDOBA - DEPARTAMENTO","3 PERMISO","JAIME ENRIQUE NEGRETE ROMERO","275","2019/09/27","2019/10/18","2020/10/18",108087,108087,0,108087,50,"Arbol Aislado"]
[277,"FILA_277","1 SI","","JORGE EDUARDO BENITEZ","Sección A  -Agricultura, ganadería, caza y silvicultura","14 CÓRDOBA - DEPARTAMENTO","3 PERMISO","JORGE EDUARDO BENITEZ","276","2019/09/24","2019/10/18","2020/10/18",0,0,0,0,50,"Arbol Aislado"]
[278,"FILA_278","1 SI","","GUSTAVO GOMEZ A.","Sección A  -Agricultura, ganadería, caza y silvicultura","14 CÓRDOBA - DEPARTAMENTO","3 PERMISO","GUSTAVO GOMEZ A.","277","2019/10/03","2019/10/18","2020/10/18",0,0,0,0,50,"Arbol Aislado"]
[279,"FILA_279","1 SI","","JUAN CARLOS MARTINEZ BOHORQUEZ","Sección A  -Agricultura, ganadería, caza y silvicultura","14 CÓRDOBA - DEPARTAMENTO","3 PERMISO","JUAN CARLOS MARTINEZ BOHORQUEZ","278","2019/10/10","2019/10/18","2020/10/18",0,0,0,0,50,"Arbol Aislado"]
[280,"FILA_280","1 SI","","RITA ANDOCILLA SAENZ","Sección A  -Agricultura, ganadería, caza y silvicultura","14 CÓRDOBA - DEPARTAMENTO","3 PERMISO","RITA ANDOCILLA SAENZ","279","2019/09/03","2019/10/22","2019/04/22",108087,108087,0,108087,50,"pendiente pago de seguimiento"]
[281,"FILA_281","1 SI","","JERSON JAVIER DORIA JIMENEZ","Sección A  -Agricultura, ganadería, caza y silvicultura","14 CÓRDOBA - DEPARTAMENTO","3 PERMISO","JERSON JAVIER DORIA JIMENEZ","280","2019/09/19","2019/10/22","2019/04/22",0,0,0,0,50,"Arbol Aislado"]
[282,"FILA_282","1 SI","","KAREN NISPERUZA","Sección A  -Agricultura, ganadería, caza y silvicultura","14 CÓRDOBA - DEPARTAMENTO","3 PERMISO","KAREN NISPERUZA","281","2019/08/29","2019/10/22","2019/04/22",0,0,0,0,50,"Arbol Aislado"]
[283,"FILA_283","1 SI","","PEDRO REZA GARCIA - SECRETARIO DE GOBIERNO","Sección A  -Agricultura, ganadería, caza y silvicultura","14 CÓRDOBA - DEPARTAMENTO","3 PERMISO","PEDRO REZA GARCIA - SECRETARIO DE GOBIERNO","281","2019/09/09","2019/10/22","2019/04/22",0,0,0,0,50,"Arbol Aislado"]
[284,"FILA_284","1 SI","","CARLOS ENRIQUE VARGAS MARTINEZ - Direcctor seccional MEDICINA LEGAL Y CIENCIAS FOR.","Sección A  -Agricultura, ganadería, caza y silvicultura","14 CÓRDOBA - DEPARTAMENTO","3 PERMISO","CARLOS ENRIQUE VARGAS MARTINEZ - Direcctor seccional MEDICINA LEGAL Y CIENCIAS FOR.","283","2019/08/06","2019/10/22","2020/10/22",0,0,0,0,50,"Arbol Aislado"]
[285,"FILA_285","1 SI","","JAIRO ENRIQUE YANCES MONTES","Sección A  -Agricultura, ganadería, caza y silvicultura","14 CÓRDOBA - DEPARTAMENTO","3 PERMISO","JAIRO ENRIQUE YANCES MONTES","284","2019/09/03","2019/10/22","2020/10/22",0,0,0,0,50,"Arbol Aislado"]
[286,"FILA_286","1 SI","","ARTURO MERCADO PEREZ - SECRETARIO DE GOBIERNO MUNICIPAL MONTERIA","Sección A  -Agricultura, ganadería, caza y silvicultura","14 CÓRDOBA - DEPARTAMENTO","3 PERMISO","ARTURO MERCADO PEREZ - SECRETARIO DE GOBIERNO MUNICIPAL MONTERIA","285","2019/09/05","2019/10/23","2020/04/23",0,0,0,0,50,"Arbol Aislado"]
[287,"FILA_287","1 SI","","CICELY PEREZ VERA","Sección A  -Agricultura, ganadería, caza y silvicultura","14 CÓRDOBA - DEPARTAMENTO","3 PERMISO","CICELY PEREZ VERA","286","2019/09/02","2019/10/13","2020/04/23",0,0,0,0,50,"Arbol Aislado"]
[288,"FILA_288","1 SI","","DARIO GERMAN BUELVAS ARGEL- NATALIA SIFIA FIGUEROA- MUÑOZ- ACCION COMUNAL PORTAL DEL NORTE","Sección A  -Agricultura, ganadería, caza y silvicultura","14 CÓRDOBA - DEPARTAMENTO","3 PERMISO","DARIO GERMAN BUELVAS ARGEL- NATALIA SIFIA FIGUEROA- MUÑOZ- ACCION COMUNAL PORTAL DEL NORTE","287","2019/09/04","2019/10/28","2020/04/28",108087,108087,0,108087,25,"pendiente pago de seguimiento"]
[289,"FILA_289","1 SI","","LUIS ARANDA RHEYNELL - Sub gerente Operativo - VEOLIA AGUAS DE MONTERIA S.A E.S.P","Sección A  -Agricultura, ganadería, caza y silvicultura","14 CÓRDOBA - DEPARTAMENTO","3 PERMISO","LUIS ARANDA RHEYNELL - Sub gerente Operativo - VEOLIA AGUAS DE MONTERIA S.A E.S.P","288","2019/09/24","2019/10/28","2020/10/28",0,0,0,0,50,"Arbol Aislado"]
[290,"FILA_290","1 SI","","LEYDY ARRIETA RUIZ","Sección A  -Agricultura, ganadería, caza y silvicultura","14 CÓRDOBA - DEPARTAMENTO","3 PERMISO","LEYDY ARRIETA RUIZ","289","2019/10/08","2019/10/28","2020/04/28",0,0,0,0,50,"Arbol Aislado"]
[291,"FILA_291","1 SI","","PEDRO REZA GARCIA - SECRETARIO DE GOBIERNO","Sección A  -Agricultura, ganadería, caza y silvicultura","14 CÓRDOBA - DEPARTAMENTO","3 PERMISO","PEDRO REZA GARCIA - SECRETARIO DE GOBIERNO","290","2019/09/09","2019/10/28","2019/11/28",0,0,0,0,50,"Arbol Aislado"]
[292,"FILA_292","1 SI","","URIEL GARCIA PEREIRA - Gerente Tecnico - VEOLIA AGUAS DE MONTERIA S.A E.S.P","Sección A  -Agricultura, ganadería, caza y silvicultura","14 CÓRDOBA - DEPARTAMENTO","3 PERMISO","URIEL GARCIA PEREIRA - Gerente Tecnico - VEOLIA AGUAS DE MONTERIA S.A E.S.P","291","2019/09/10","2019/10/28","2024/10/28",0,0,0,0,50,"Arbol Aislado"]
[293,"FILA_293","1 SI","","DIANA MARRUGO OTERO - ALCALDIA DE MONTERIA","Sección A  -Agricultura, ganadería, caza y silvicultura","14 CÓRDOBA - DEPARTAMENTO","3 PERMISO","DIANA MARRUGO OTERO - ALCALDIA DE MONTERIA","292","2018/06/19","2019/10/30","2022/10/30",0,0,0,0,50,"Arbol Aislado"]
[294,"FILA_294","1 SI","","DAVID CARDONA TAMAYO - UNION TEMPORAL  CIC.","Sección A  -Agricultura, ganadería, caza y silvicultura","14 CÓRDOBA - DEPARTAMENTO","3 PERMISO","DAVID CARDONA TAMAYO - UNION TEMPORAL  CIC.","293","2019/08/13","2019/10/30","2022/10/30",0,0,0,0,50,"Arbol Aislado"]
[295,"FILA_295","1 SI","","ALEXANDRA BALLESTA G.","Sección A  -Agricultura, ganadería, caza y silvicultura","14 CÓRDOBA - DEPARTAMENTO","3 PERMISO","ALEXANDRA BALLESTA G.","294","2019/09/16","2019/10/30","2020/04/30",0,0,0,0,50,"Arbol Aislado"]
[296,"FILA_296","1 SI","","IGNACIA DE LA ROSA PEREZ- ASOCIACION DE MANGLEROS INDEPENDIENTES","Sección A  -Agricultura, ganadería, caza y silvicultura","14 CÓRDOBA - DEPARTAMENTO","3 PERMISO","IGNACIA DE LA ROSA PEREZ- ASOCIACION DE MANGLEROS INDEPENDIENTES","295","2019/08/30","2019/10/30","2020/10/30",2845263,2151786,0,2151786,75,""]
[297,"FILA_297","1 SI","","DUBIS MORALES DIAZ - COPERATIVA COOPROCAÑO","Sección A  -Agricultura, ganadería, caza y silvicultura","14 CÓRDOBA - DEPARTAMENTO","3 PERMISO","DUBIS MORALES DIAZ - COPERATIVA COOPROCAÑO","296","2019/08/30","2019/10/30","2020/10/30",2346810,2248335,0,2248335,75,""]
[298,"FILA_298","1 SI","","EDILSA NUÑEZ MORELO - ASOMAUSAN","Sección A  -Agricultura, ganadería, caza y silvicultura","14 CÓRDOBA - DEPARTAMENTO","3 PERMISO","EDILSA NUÑEZ MORELO - ASOMAUSAN","297","2019/08/30","2019/10/30","2020/10/30",1666712,1666712,0,1666712,50,"Arbol Aislado"]
[299,"FILA_299","1 SI","","JULIO NUÑEZ CORDERO - ASOMAPESCA","Sección A  -Agricultura, ganadería, caza y silvicultura","14 CÓRDOBA - DEPARTAMENTO","3 PERMISO","JULIO NUÑEZ CORDERO - ASOMAPESCA","298","2019/08/30","2019/10/30","2020/10/30",0,0,0,0,50,"Arbol Aislado"]
[300,"FILA_300","1 SI","","VICENTE MANUEL MEDRANO HERNANDEZ - ASOMAPEBCA","Sección A  -Agricultura, ganadería, caza y silvicultura","14 CÓRDOBA - DEPARTAMENTO","3 PERMISO","VICENTE MANUEL MEDRANO HERNANDEZ - ASOMAPEBCA","299","2019/08/30","2019/10/30","2020/10/30",108087,108087,0,108087,100,""]
[301,"FILA_301","1 SI","","OSCARCONTRERAS SOBRINO - ASMADECOS","Sección A  -Agricultura, ganadería, caza y silvicultura","14 CÓRDOBA - DEPARTAMENTO","3 PERMISO","OSCARCONTRERAS SOBRINO - ASMADECOS","300","2019/08/30","2019/10/30","2020/10/30",108087,108087,0,108087,100,""]
[302,"FILA_302","1 SI","","ORLANDO VILLA MORALES - COMASCAL","Sección A  -Agricultura, ganadería, caza y silvicultura","14 CÓRDOBA - DEPARTAMENTO","3 PERMISO","ORLANDO VILLA MORALES - COMASCAL","301","2019/08/30","2019/10/30","2020/10/30",108087,108087,0,108087,50,"Arbol Aislado"]
[303,"FILA_303","1 SI","","MARIA CORREA PADILLA - ASOMAGRO","Sección A  -Agricultura, ganadería, caza y silvicultura","14 CÓRDOBA - DEPARTAMENTO","3 PERMISO","MARIA CORREA PADILLA - ASOMAGRO","302","2019/08/30","2019/10/30","2020/10/30",108087,108087,0,108087,100,""]
[304,"FILA_304","1 SI","","LILA ESTHER LENGUA GARCIA  - MARCOS DANIEL PINEDA GARCIA","Sección A  -Agricultura, ganadería, caza y silvicultura","14 CÓRDOBA - DEPARTAMENTO","3 PERMISO","LILA ESTHER LENGUA GARCIA  - MARCOS DANIEL PINEDA GARCIA","303","2019/10/17","2019/11/01","2021/11/01",108087,108087,0,108087,100,""]
[305,"FILA_305","1 SI","","LIVIA ESTELA LEON BARRERA - CONCESION DE VIAS Y PEAJES - 2016  S.A.S - VIPSA 2016","Sección A  -Agricultura, ganadería, caza y silvicultura","14 CÓRDOBA - DEPARTAMENTO","3 PERMISO","LIVIA ESTELA LEON BARRERA - CONCESION DE VIAS Y PEAJES - 2016  S.A.S - VIPSA 2016","304","2019/09/29","2019/11/01","2021/11/01",10850,108087,0,108087,100,""]
[306,"FILA_306","1 SI","","PLUTARCO ALONSA HERRERA PEÑATA","Sección A  -Agricultura, ganadería, caza y silvicultura","14 CÓRDOBA - DEPARTAMENTO","3 PERMISO","PLUTARCO ALONSA HERRERA PEÑATA","305","2019/03/27","2019/11/01","2020/11/01",10850,108087,0,108087,100,""]
[307,"FILA_307","1 SI","","CONCEPCION ISABEL MEJIA DE CASTILLO","Sección A  -Agricultura, ganadería, caza y silvicultura","14 CÓRDOBA - DEPARTAMENTO","3 PERMISO","CONCEPCION ISABEL MEJIA DE CASTILLO","306","2019/08/29","2019/11/01","2020/05/01",108087,108087,0,108087,100,""]
[308,"FILA_308","1 SI","","MARIO CESAR QUINTERO GUEVARA - DEPOSITO LAS MADERAS","Sección A  -Agricultura, ganadería, caza y silvicultura","14 CÓRDOBA - DEPARTAMENTO","3 PERMISO","MARIO CESAR QUINTERO GUEVARA - DEPOSITO LAS MADERAS","307","2019/08/01","2019/11/01","2020/05/01",0,0,0,0,50,"Arbol Aislado"]
[309,"FILA_309","1 SI","","JAQUELINE MILANIE CALUME Y OTROS","Sección A  -Agricultura, ganadería, caza y silvicultura","14 CÓRDOBA - DEPARTAMENTO","3 PERMISO","JAQUELINE MILANIE CALUME Y OTROS","308","2019/09/20","2019/11/01","2020/05/01",0,0,0,0,50,"Arbol Aislado"]
[310,"FILA_310","1 SI","","LENNIS MEZA LEMUS","Sección A  -Agricultura, ganadería, caza y silvicultura","14 CÓRDOBA - DEPARTAMENTO","3 PERMISO","LENNIS MEZA LEMUS","309","2019/10/18","2019/11/07","2020/05/07",0,0,0,0,50,"Arbol Aislado"]
[311,"FILA_311","1 SI","","WALBERTO MIRANDA CHAVEZ","Sección A  -Agricultura, ganadería, caza y silvicultura","14 CÓRDOBA - DEPARTAMENTO","3 PERMISO","WALBERTO MIRANDA CHAVEZ","310","2019/10/08","2019/11/07","2020/05/08",108087,108087,0,108087,100,""]
[312,"FILA_312","1 SI","","LENIS MARCELA DIAZ MOLINA - DEPOSITO DE MADERAS M&D","Sección A  -Agricultura, ganadería, caza y silvicultura","14 CÓRDOBA - DEPARTAMENTO","3 PERMISO","LENIS MARCELA DIAZ MOLINA - DEPOSITO DE MADERAS M&D","311","2019/09/02","2019/11/07","2020/05/09",108087,108087,0,108087,100,""]
[313,"FILA_313","1 SI","","DUILIO FLOREZ PIZZIRUSSO","Sección A  -Agricultura, ganadería, caza y silvicultura","14 CÓRDOBA - DEPARTAMENTO","3 PERMISO","DUILIO FLOREZ PIZZIRUSSO","312","2019/10/01","2019/11/07","2020/05/10",108087,108087,0,108087,50,"Arbol Aislado"]
[314,"FILA_314","1 SI","","ELVIRA GOMEZ ECHENIQUE","Sección A  -Agricultura, ganadería, caza y silvicultura","14 CÓRDOBA - DEPARTAMENTO","3 PERMISO","ELVIRA GOMEZ ECHENIQUE","313","2019/09/26","2019/11/07","2020/05/11",0,0,0,0,50,"Arbol Aislado"]
[315,"FILA_315","1 SI","","HUGO ALBERTO ARRIETA SALGADO SOLANO - CONSORCIO PLANETA PARK","Sección A  -Agricultura, ganadería, caza y silvicultura","14 CÓRDOBA - DEPARTAMENTO","3 PERMISO","HUGO ALBERTO ARRIETA SALGADO SOLANO - CONSORCIO PLANETA PARK","314","2019/07/23","2019/11/07","2020/11/07",0,0,0,0,50,"Arbol Aislado"]
[316,"FILA_316","1 SI","","BETTY CARRASCAL S","Sección A  -Agricultura, ganadería, caza y silvicultura","14 CÓRDOBA - DEPARTAMENTO","3 PERMISO","BETTY CARRASCAL S","315","2019/09/27","2019/11/07","2020/11/07",108087,108070,0,108070,100,""]
[317,"FILA_317","1 SI","","GLADIS SERPA CHOPERENA","Sección A  -Agricultura, ganadería, caza y silvicultura","14 CÓRDOBA - DEPARTAMENTO","3 PERMISO","GLADIS SERPA CHOPERENA","316","2019/08/21","2019/11/12","2020/11/12",0,0,0,0,50,""]
[318,"FILA_318","1 SI","","RAUL ELIAS BADER GONZALEZ","Sección A  -Agricultura, ganadería, caza y silvicultura","14 CÓRDOBA - DEPARTAMENTO","3 PERMISO","RAUL ELIAS BADER GONZALEZ","317","2019/10/07","2019/11/12","2022/11/12",0,0,0,0,50,""]
[319,"FILA_319","1 SI","","JUDITH PINTO BRAVO","Sección A  -Agricultura, ganadería, caza y silvicultura","14 CÓRDOBA - DEPARTAMENTO","3 PERMISO","JUDITH PINTO BRAVO","318","2019/10/17","2019/11/12","2020/11/12",2151700,2077800,0,2077800,75,""]
[320,"FILA_320","1 SI","","ROSA MARIA SANDOVAL MARTINEZ","Sección A  -Agricultura, ganadería, caza y silvicultura","14 CÓRDOBA - DEPARTAMENTO","3 PERMISO","ROSA MARIA SANDOVAL MARTINEZ","319","2019/10/09","2019/11/12","2021/11/12",0,0,0,0,50,"Arbol Aislado"]
[321,"FILA_321","1 SI","","NORIS DEL CARMEN HERNANDEZ VELASQUEZ - ALCALDESA DE TUCHIN","Sección A  -Agricultura, ganadería, caza y silvicultura","14 CÓRDOBA - DEPARTAMENTO","3 PERMISO","NORIS DEL CARMEN HERNANDEZ VELASQUEZ - ALCALDESA DE TUCHIN","320","2019/10/11","2019/11/12","2020/11/12",0,0,0,0,50,"Arbol Aislado"]
[322,"FILA_322","1 SI","","JOSE GABRIEL NOVOAGALLON- LUIS FERNANDO MEJIA BOTERO- CONCRETOS DE LA COSTA S.A.S","Sección A  -Agricultura, ganadería, caza y silvicultura","14 CÓRDOBA - DEPARTAMENTO","3 PERMISO","JOSE GABRIEL NOVOAGALLON- LUIS FERNANDO MEJIA BOTERO- CONCRETOS DE LA COSTA S.A.S","321","2019/10/11","2019/11/12","2021/11/12",0,0,0,0,50,"Arbol Aislado"]
[323,"FILA_323","1 SI","","RUTA AL MAR - GUSTAVO GOMEZ GONZALEZ - CAUCASIA - PLANETA RICA (RSL#303- 31/08/2019)","Sección A  -Agricultura, ganadería, caza y silvicultura","14 CÓRDOBA - DEPARTAMENTO","3 PERMISO","RUTA AL MAR - GUSTAVO GOMEZ GONZALEZ - CAUCASIA - PLANETA RICA (RSL#303- 31/08/2019)","322","2019/09/20","2019/11/12","2024/11/12",0,0,0,0,50,"Arbol Aislado"]
[324,"FILA_324","1 SI","","MARIA CRISTINA MONTOYA CASTILLO","Sección A  -Agricultura, ganadería, caza y silvicultura","14 CÓRDOBA - DEPARTAMENTO","3 PERMISO","MARIA CRISTINA MONTOYA CASTILLO","323","2019/07/22","2019/11/12","2021/11/12",0,0,0,0,50,"Arbol Aislado"]
[325,"FILA_325","1 SI","","HERMINIA ROMERO","Sección A  -Agricultura, ganadería, caza y silvicultura","14 CÓRDOBA - DEPARTAMENTO","3 PERMISO","HERMINIA ROMERO","325","2019/09/19","2019/11/12","2020/05/12",0,0,0,0,50,"Arbol Aislado"]
[326,"FILA_326","1 SI","","FERNANDO MELO BASTIDA - COPEBA S.A.S","Sección A  -Agricultura, ganadería, caza y silvicultura","14 CÓRDOBA - DEPARTAMENTO","3 PERMISO","FERNANDO MELO BASTIDA - COPEBA S.A.S","326","2019/09/20","2019/10/12","2020/10/12",108871,108871,0,108871,25,"pendiente pago de seguimiento"]
[327,"FILA_327","1 SI","","CAMILO ANDRES LOPEZ ALVAREZ","Sección A  -Agricultura, ganadería, caza y silvicultura","14 CÓRDOBA - DEPARTAMENTO","3 PERMISO","CAMILO ANDRES LOPEZ ALVAREZ","327","2019/02/07","2019/11/12","2020/10/12",0,0,0,0,50,"Arbol Aislado"]
[328,"FILA_328","1 SI","","RAFAEL ANTONIO VELASQUEZ TERAN - MADERAS CANCUN","Sección A  -Agricultura, ganadería, caza y silvicultura","14 CÓRDOBA - DEPARTAMENTO","3 PERMISO","RAFAEL ANTONIO VELASQUEZ TERAN - MADERAS CANCUN","329","2019/07/08","2019/11/18","2020/05/18",108087,108087,0,108871,50,"Arbol Aislado"]
[329,"FILA_329","1 SI","","BEIVA MERCADO RODRIGUEZ","Sección A  -Agricultura, ganadería, caza y silvicultura","14 CÓRDOBA - DEPARTAMENTO","3 PERMISO","BEIVA MERCADO RODRIGUEZ","330","2019/10/17","2019/11/18","2020/05/18",0,0,0,0,50,"Arbol Aislado"]
[330,"FILA_330","1 SI","","MARTIN ALFONSO MIRILLO DIZ - SECRETARIO PLANEACION - SAN ANTERO","Sección A  -Agricultura, ganadería, caza y silvicultura","14 CÓRDOBA - DEPARTAMENTO","3 PERMISO","MARTIN ALFONSO MIRILLO DIZ - SECRETARIO PLANEACION - SAN ANTERO","331","2019/08/22","2019/11/18","2020/11/18",0,0,0,0,50,"Arbol Aislado"]
[331,"FILA_331","1 SI","","MARCOS DANIEL PINEDA GARCIA - ALCALDIA DE MONTERIA","Sección A  -Agricultura, ganadería, caza y silvicultura","14 CÓRDOBA - DEPARTAMENTO","3 PERMISO","MARCOS DANIEL PINEDA GARCIA - ALCALDIA DE MONTERIA","332","2019/03/04","2019/11/18","2022/11/18",0,0,0,0,50,"Arbol Aislado"]
[332,"FILA_332","1 SI","","MARCOS DANIEL PINEDA GARCIA - ALCALDIA DE MONTERIA","Sección A  -Agricultura, ganadería, caza y silvicultura","14 CÓRDOBA - DEPARTAMENTO","3 PERMISO","MARCOS DANIEL PINEDA GARCIA - ALCALDIA DE MONTERIA","333","2019/04/05","2019/11/18","2024/11/18",108087,108087,0,108087,100,""]
[333,"FILA_333","1 SI","","VICTORIA PACHECO DE ORTEGA","Sección A  -Agricultura, ganadería, caza y silvicultura","14 CÓRDOBA - DEPARTAMENTO","3 PERMISO","VICTORIA PACHECO DE ORTEGA","334","2019/01/25","2019/11/18","2020/11/18",0,0,0,0,50,"Arbol Aislado"]
[334,"FILA_334","1 SI","","JOSE IGNACIO GONZALEZ HERRERA - ELEC S.A","Sección A  -Agricultura, ganadería, caza y silvicultura","14 CÓRDOBA - DEPARTAMENTO","3 PERMISO","JOSE IGNACIO GONZALEZ HERRERA - ELEC S.A","335","2019/06/04","2019/11/18","2020/05/18",0,0,0,0,50,"Arbol Aislado"]
[335,"FILA_335","1 SI","","TATIANA GARRIDO BONFANTE - ELEC . S.A.","Sección A  -Agricultura, ganadería, caza y silvicultura","14 CÓRDOBA - DEPARTAMENTO","3 PERMISO","TATIANA GARRIDO BONFANTE - ELEC . S.A.","336","2019/07/25","2019/11/22","2020/05/22",2738140,2738140,0,2738140,50,""]
[336,"FILA_336","1 SI","","CESAR ALFONSO BURGOS DIAZ","Sección A  -Agricultura, ganadería, caza y silvicultura","14 CÓRDOBA - DEPARTAMENTO","3 PERMISO","CESAR ALFONSO BURGOS DIAZ","337","2019/08/20","2019/11/25","2020/11/25",2738140,2738140,0,2738140,75,""]
[337,"FILA_337","1 SI","","ROBERTO RAFAEL BUSTOS BETIN","Sección A  -Agricultura, ganadería, caza y silvicultura","14 CÓRDOBA - DEPARTAMENTO","3 PERMISO","ROBERTO RAFAEL BUSTOS BETIN","338","2019/09/25","2019/11/25","2022/11/25",0,0,0,0,50,"Arbol Aislado"]
[338,"FILA_338","1 SI","","CECILIA INES MONTES HOYOS","Sección A  -Agricultura, ganadería, caza y silvicultura","14 CÓRDOBA - DEPARTAMENTO","3 PERMISO","CECILIA INES MONTES HOYOS","339","2019/10/01","2019/11/26","2020/11/26",0,0,0,0,50,"Arbol Aislado"]
[339,"FILA_339","1 SI","","GUSTAVO GOMEZ GONZALEZ - RUTA AL MAR","Sección A  -Agricultura, ganadería, caza y silvicultura","14 CÓRDOBA - DEPARTAMENTO","3 PERMISO","GUSTAVO GOMEZ GONZALEZ - RUTA AL MAR","340","2019/02/04","2019/11/28","2020/05/28",0,0,0,0,50,"Arbol Aislado"]
[340,"FILA_340","1 SI","","ALBER JAVIER GALVAN GUERRA - ANA MARIA MARQUEZ BAOCA","Sección A  -Agricultura, ganadería, caza y silvicultura","14 CÓRDOBA - DEPARTAMENTO","3 PERMISO","ALBER JAVIER GALVAN GUERRA - ANA MARIA MARQUEZ BAOCA","341","2019/02/15","2019/11/28","2020/05/28",108087,108087,0,108087,50,"pendiente pago de seguimiento"]
[341,"FILA_341","1 SI","","AURA ADELA BARGUIL DE PARDO","Sección A  -Agricultura, ganadería, caza y silvicultura","14 CÓRDOBA - DEPARTAMENTO","3 PERMISO","AURA ADELA BARGUIL DE PARDO","342","2018/11/13","2019/11/28","2022/11/28",108087,108087,0,108087,50,"pendiente pago de seguimiento"]
[342,"FILA_342","1 SI","","EDGAR HERRERA MARCIALES - VIAS LAS AMERICAS","Sección A  -Agricultura, ganadería, caza y silvicultura","14 CÓRDOBA - DEPARTAMENTO","3 PERMISO","EDGAR HERRERA MARCIALES - VIAS LAS AMERICAS","343","2019/03/08","2019/11/28","2024/11/28",123319,108087,0,108087,100,""]
[343,"FILA_343","1 SI","","EDGAR HERRERA MARCIALES - VIAS LAS AMERICAS","Sección A  -Agricultura, ganadería, caza y silvicultura","14 CÓRDOBA - DEPARTAMENTO","3 PERMISO","EDGAR HERRERA MARCIALES - VIAS LAS AMERICAS","344","2019/05/29","2019/11/28","2024/11/28",2763349,2248335,0,2248335,75,""]
[344,"FILA_344","1 SI","","DARNEY CEBALLOS ESPINOSA - COCO HONDO","Sección A  -Agricultura, ganadería, caza y silvicultura","14 CÓRDOBA - DEPARTAMENTO","3 PERMISO","DARNEY CEBALLOS ESPINOSA - COCO HONDO","345","2019/05/29","2019/11/29","2020/05/29",108087,108087,0,108087,100,""]
[345,"FILA_345","1 SI","","OSCAR ANTONIO GARCIA LLORENTE","Sección A  -Agricultura, ganadería, caza y silvicultura","14 CÓRDOBA - DEPARTAMENTO","3 PERMISO","OSCAR ANTONIO GARCIA LLORENTE","346","2019/09/22","2019/11/29","2020/11/29",0,0,0,108087,50,"Arbol Aislado"]
[346,"FILA_346","1 SI","","MIGUEL CUENTAS MARTES - ELECTRICARIBE S.A.","Sección A  -Agricultura, ganadería, caza y silvicultura","14 CÓRDOBA - DEPARTAMENTO","3 PERMISO","MIGUEL CUENTAS MARTES - ELECTRICARIBE S.A.","347","2019/05/22","2019/11/29","2020/05/29",0,0,0,0,50,"Arbol Aislado"]
[347,"FILA_347","1 SI","","ROBERTO DONADO ARCE- CONSORCIO CORDOBA- CARLOS ALBERTO RENDON POLO- INGRAGROF S.A.S","Sección A  -Agricultura, ganadería, caza y silvicultura","14 CÓRDOBA - DEPARTAMENTO","3 PERMISO","ROBERTO DONADO ARCE- CONSORCIO CORDOBA- CARLOS ALBERTO RENDON POLO- INGRAGROF S.A.S","348","2019/05/29","2019/11/29","2020/05/29",0,0,0,0,50,"Arbol Aislado"]
[348,"FILA_348","1 SI","","DAVID ANTONIO IZQUIERDO VERTEL","Sección A  -Agricultura, ganadería, caza y silvicultura","14 CÓRDOBA - DEPARTAMENTO","3 PERMISO","DAVID ANTONIO IZQUIERDO VERTEL","349","2019/10/29","2019/11/29","2020/05/29",0,0,0,0,50,"Arbol Aislado"]
[349,"FILA_349","1 SI","","JAIRO MIGUEL TORRES OVIEDO","Sección A  -Agricultura, ganadería, caza y silvicultura","14 CÓRDOBA - DEPARTAMENTO","3 PERMISO","JAIRO MIGUEL TORRES OVIEDO","350","2019/09/09","2019/11/29","2022/11/29",0,0,0,0,50,"Arbol Aislado"]
[350,"FILA_350","1 SI","","CLAUDIA MARTINEZ","Sección A  -Agricultura, ganadería, caza y silvicultura","14 CÓRDOBA - DEPARTAMENTO","3 PERMISO","CLAUDIA MARTINEZ","351","2019/11/15","2019/12/02","2021/12/02",0,0,0,0,50,"Arbol Aislado"]
[351,"FILA_351","1 SI","","LUCYNA OYOLA URUETA - EUSTORGIO PADILLA HERRERA","Sección A  -Agricultura, ganadería, caza y silvicultura","14 CÓRDOBA - DEPARTAMENTO","3 PERMISO","LUCYNA OYOLA URUETA - EUSTORGIO PADILLA HERRERA","352","2019/11/07","2019/12/02","2020/06/02",0,0,0,0,50,"Arbol Aislado"]
[352,"FILA_352","1 SI","","ROBERTO ANTONIO PEREZ URANGO","Sección A  -Agricultura, ganadería, caza y silvicultura","14 CÓRDOBA - DEPARTAMENTO","3 PERMISO","ROBERTO ANTONIO PEREZ URANGO","353","2018/07/09","2019/12/02","2020/06/02",0,0,0,0,50,"Arbol Aislado"]
[353,"FILA_353","1 SI","","ARELIS BRACAMONTE VILLADIEGO","Sección A  -Agricultura, ganadería, caza y silvicultura","14 CÓRDOBA - DEPARTAMENTO","3 PERMISO","ARELIS BRACAMONTE VILLADIEGO","354","2018/05/25","2019/12/02","2020/06/02",108087,108087,108087,108087,50,"pendiente pago de seguimiento"]
[354,"FILA_354","1 SI","","WALDITRUDIS JOSE RIVAS TORDCILLA","Sección A  -Agricultura, ganadería, caza y silvicultura","14 CÓRDOBA - DEPARTAMENTO","3 PERMISO","WALDITRUDIS JOSE RIVAS TORDCILLA","355","2018/07/13","2019/12/02","2020/06/02",0,0,0,0,50,"Arbol Aislado"]
[355,"FILA_355","1 SI","","NICOLE FREYDEL - IG FARMS S.A.S.","Sección A  -Agricultura, ganadería, caza y silvicultura","14 CÓRDOBA - DEPARTAMENTO","3 PERMISO","NICOLE FREYDEL - IG FARMS S.A.S.","356","2018/11/15","2019/12/02","2020/06/02",108087,108087,108087,108087,100,""]
[356,"FILA_356","1 SI","","JUAN BURGOS PEREZ","Sección A  -Agricultura, ganadería, caza y silvicultura","14 CÓRDOBA - DEPARTAMENTO","3 PERMISO","JUAN BURGOS PEREZ","357","2019/11/12","2019/12/12","2020/12/12",0,0,0,0,50,"Arbol Aislado"]
[357,"FILA_357","1 SI","","REMBERTO YANEZ ARROYO - SECRETARIO DE TRANSPORTE Y TRANSITO MUNICIPAL","Sección A  -Agricultura, ganadería, caza y silvicultura","14 CÓRDOBA - DEPARTAMENTO","3 PERMISO","REMBERTO YANEZ ARROYO - SECRETARIO DE TRANSPORTE Y TRANSITO MUNICIPAL","358","2019/11/08","2019/12/02","2020/06/02",0,0,0,0,50,"Arbol Aislado"]
[358,"FILA_358","1 SI","","MARCOS DANIEL PINEDA GARCIA - ALCALDIA DE MONTERIA","Sección A  -Agricultura, ganadería, caza y silvicultura","14 CÓRDOBA - DEPARTAMENTO","3 PERMISO","MARCOS DANIEL PINEDA GARCIA - ALCALDIA DE MONTERIA","359","2019/06/25","2019/12/05","2024/06/05",0,0,0,0,50,"Arbol Aislado"]
[359,"FILA_359","1 SI","","IRMA PINSON","Sección A  -Agricultura, ganadería, caza y silvicultura","14 CÓRDOBA - DEPARTAMENTO","3 PERMISO","IRMA PINSON","360","2019/11/15","2019/12/05","2020/06/05",0,0,0,0,50,"Arbol Aislado"]
[360,"FILA_360","1 SI","","FROILA CORONADO NEGRETE","Sección A  -Agricultura, ganadería, caza y silvicultura","14 CÓRDOBA - DEPARTAMENTO","3 PERMISO","FROILA CORONADO NEGRETE","361","2019/09/23","2019/12/05","2020/06/05",0,0,0,0,50,"Arbol Aislado"]
[361,"FILA_361","1 SI","","JUAN CARLOS YANCES PADILLA - ALCALDE MUNICIPIO DE LOS CORDOBAS","Sección A  -Agricultura, ganadería, caza y silvicultura","14 CÓRDOBA - DEPARTAMENTO","3 PERMISO","JUAN CARLOS YANCES PADILLA - ALCALDE MUNICIPIO DE LOS CORDOBAS","362","2019/07/08","2019/12/05","2022/12/05",0,0,0,0,50,"Arbol Aislado"]
[362,"FILA_362","1 SI","","MARCOS DANIEL PINEDA GARCIA - ALCALDIA DE MONTERIA","Sección A  -Agricultura, ganadería, caza y silvicultura","14 CÓRDOBA - DEPARTAMENTO","3 PERMISO","MARCOS DANIEL PINEDA GARCIA - ALCALDIA DE MONTERIA","363","2019/04/05","2019/12/06","2024/12/06",3562279,3562279,0,3562279,50,""]
[363,"FILA_363","1 SI","","MARCOS DANIEL PINEDA GARCIA - ALCALDIA DE MONTERIA","Sección A  -Agricultura, ganadería, caza y silvicultura","14 CÓRDOBA - DEPARTAMENTO","3 PERMISO","MARCOS DANIEL PINEDA GARCIA - ALCALDIA DE MONTERIA","364","2019/05/17","2019/12/06","2024/12/06",0,0,0,0,50,"Arbol Aislado"]
[364,"FILA_364","1 SI","","LIBARDO JOSE DIAZ RIVERO","Sección A  -Agricultura, ganadería, caza y silvicultura","14 CÓRDOBA - DEPARTAMENTO","3 PERMISO","LIBARDO JOSE DIAZ RIVERO","365","2019/11/15","2019/12/06","2020/12/06",0,0,0,0,50,"Arbol Aislado"]
[365,"FILA_365","1 SI","","MARCOS DANIEL PINEDA GARCIA - ALCALDIA DE MONTERIA","Sección A  -Agricultura, ganadería, caza y silvicultura","14 CÓRDOBA - DEPARTAMENTO","3 PERMISO","MARCOS DANIEL PINEDA GARCIA - ALCALDIA DE MONTERIA","366","2019/03/01","2019/12/11","2024/12/11",1830357,1830357,0,1830357,50,"Arbol Aislado"]
[366,"FILA_366","1 SI","","SARQUIS SANCHEZ JALAL - HERSA CONSTRUCTORES S.A.S.","Sección A  -Agricultura, ganadería, caza y silvicultura","14 CÓRDOBA - DEPARTAMENTO","3 PERMISO","SARQUIS SANCHEZ JALAL - HERSA CONSTRUCTORES S.A.S.","367","2019/11/13","2019/12/11","2022/12/11",2294643,2276235,0,2276235,75,""]
[367,"FILA_367","1 SI","","EDGAR HERRERA MARCIALES - VIAS LAS AMERICAS- RSL#006-2017  Y  RSL#010- 2019","Sección A  -Agricultura, ganadería, caza y silvicultura","14 CÓRDOBA - DEPARTAMENTO","3 PERMISO","EDGAR HERRERA MARCIALES - VIAS LAS AMERICAS- RSL#006-2017  Y  RSL#010- 2019","368","2019/12/04","2019/12/11","2020/06/11",3644584,1602386,0,1602386,75,""]
[368,"FILA_368","1 SI","","NORMAN CERMEÑO GURRRERO","Sección A  -Agricultura, ganadería, caza y silvicultura","14 CÓRDOBA - DEPARTAMENTO","3 PERMISO","NORMAN CERMEÑO GURRRERO","369","2019/10/22","2019/12/11","2020/12/11",0,0,0,0,50,""]
[369,"FILA_369","1 SI","","MARCOS DANIEL PINEDA GARCIA - ALCALDIA DE MONTERIA","Sección A  -Agricultura, ganadería, caza y silvicultura","14 CÓRDOBA - DEPARTAMENTO","3 PERMISO","MARCOS DANIEL PINEDA GARCIA - ALCALDIA DE MONTERIA","370","2019/07/18","2019/12/11","2022/12/11",901786,901786,0,901786,50,""]
[370,"FILA_370","1 SI","","SERGIO GONZALEZ RUIZ - COLANTA","Sección A  -Agricultura, ganadería, caza y silvicultura","14 CÓRDOBA - DEPARTAMENTO","3 PERMISO","SERGIO GONZALEZ RUIZ - COLANTA","371","2019/08/16","2019/12/13","2022/12/13",1494048,1494048,0,1494048,75,""]
[371,"FILA_371","1 SI","","VILMA PEREZ LAMBOGLIA","Sección A  -Agricultura, ganadería, caza y silvicultura","14 CÓRDOBA - DEPARTAMENTO","3 PERMISO","VILMA PEREZ LAMBOGLIA","373","2019/10/18","2019/12/17","2020/12/17",0,0,0,0,50,"Arbol Aislado"]
[372,"FILA_372","1 SI","","JOSE DOLORES ARTEAGA HERNANDEZ","Sección A  -Agricultura, ganadería, caza y silvicultura","14 CÓRDOBA - DEPARTAMENTO","3 PERMISO","JOSE DOLORES ARTEAGA HERNANDEZ","198","2018/12/13","2019/08/09","2020/03/09",0,0,0,0,50,"Arbol Aislado"]
[373,"FILA_373","1 SI","","OLEODUCTO DE COLOMBIA","Sección E - Suministro de electricidad, gas y agua","14 CÓRDOBA - DEPARTAMENTO","3 PERMISO","OLEODUCTO DE COLOMBIA","2-6518","2019/01/14","2019/09/23","2020/09/22",1462621,1462621,0,1462621,0,""]
[374,"FILA_374","1 SI","","OLEODUCTO DE COLOMBIA","Sección E - Suministro de electricidad, gas y agua","14 CÓRDOBA - DEPARTAMENTO","3 PERMISO","OLEODUCTO DE COLOMBIA","2-6517","2019/03/15","2019/09/23","2020/09/23",1462621,1462621,0,1462621,25,""]
[375,"FILA_375","1 SI","","Concesion ruta al mar","Sección E - Suministro de electricidad, gas y agua","14 CÓRDOBA - DEPARTAMENTO","3 PERMISO","Concesion ruta al mar","2-6303","2019/03/27","2019/07/31","2024/07/31",8781986,8781986,0,8781986,25,""]
[376,"FILA_376","1 SI","","TVP Municipios","Sección E - Suministro de electricidad, gas y agua","14 CÓRDOBA - DEPARTAMENTO","3 PERMISO","TVP Municipios","2-6074","2018/11/01","2019/06/06","2024/06/06",1261702,1261702,0,1261702,25,""]
[377,"FILA_377","1 SI","","Veolia - Proactiva Los Garzones","Sección E - Suministro de electricidad, gas y agua","14 CÓRDOBA - DEPARTAMENTO","3 PERMISO","Veolia - Proactiva Los Garzones","2-5845","2018/09/10","2019/03/22","2024/03/22",420287,420287,0,420287,0,"pendiente pago seguimiento"]
[378,"FILA_378","1 SI","","Consorcio vial CDO","Sección E - Suministro de electricidad, gas y agua","14 CÓRDOBA - DEPARTAMENTO","3 PERMISO","Consorcio vial CDO","2-5883","2018/10/03","2019/04/04","2024/04/04",10139512,10139512,0,10139512,25,""]
[379,"FILA_379","1 SI","","Concretos Cristo Rey S.A.S","Sección E - Suministro de electricidad, gas y agua","14 CÓRDOBA - DEPARTAMENTO","3 PERMISO","Concretos Cristo Rey S.A.S","2-6613","2018/10/22","2019/10/28","2024/10/28",1261702,1261702,0,1261702,0,"pendiente pago seguimiento"]
[380,"FILA_380","1 SI","","Alcaldía de tierralta","Sección E - Suministro de electricidad, gas y agua","14 CÓRDOBA - DEPARTAMENTO","3 PERMISO","Alcaldía de tierralta","2-6156","2019/03/29","2019/06/18","2024/06/18",433652,433652,0,433652,0,"pendiente pago seguimiento"]
[381,"FILA_381","1 SI","","Consorcio San Mateo 2017","Sección E - Suministro de electricidad, gas y agua","14 CÓRDOBA - DEPARTAMENTO","3 PERMISO","Consorcio San Mateo 2017","2-6337","2019/05/13","2019/08/01","2024/08/01",1301824,1301824,0,1301824,25,""]
[382,"FILA_382","1 SI","","Municipio de Tuchin","Sección E - Suministro de electricidad, gas y agua","14 CÓRDOBA - DEPARTAMENTO","3 PERMISO","Municipio de Tuchin","2-5995","2018/07/18","2019/05/17","2024/05/17",4154227,4154227,0,4154227,25,""]
[383,"FILA_383","1 SI","","Aguas del Sinú APC","Sección E - Suministro de electricidad, gas y agua","14 CÓRDOBA - DEPARTAMENTO","3 PERMISO","Aguas del Sinú APC","2-6162","2019/02/19","2019/06/20","2024/06/20",1462621,1462621,0,1462621,25,""]
[384,"FILA_384","1 SI","","ASOMATIAS - ASOCIACIÓN DE PRODUCTORES PARA EL DESARROLLO SOSTENIBLE DE SAN MATIAS","Sección E - Suministro de electricidad, gas y agua","14 CÓRDOBA - DEPARTAMENTO","3 PERMISO","ASOMATIAS - ASOCIACIÓN DE PRODUCTORES PARA EL DESARROLLO SOSTENIBLE DE SAN MATIAS","2-5313","2018/05/31","2019/10/31","2024/10/31",1682410,1682410,0,1682410,0,"pendiente pago seguimiento"]
[385,"FILA_385","1 SI","","TVP Municipios","Sección E - Suministro de electricidad, gas y agua","14 CÓRDOBA - DEPARTAMENTO","3 PERMISO","TVP Municipios","2-6164","2019/05/23","2019/06/20","2024/06/20",3906340,3906340,0,3906340,25,""]
[386,"FILA_386","1 SI","","CONSORCIO CORREDOR ESTRATEGICO","Sección E - Suministro de electricidad, gas y agua","14 CÓRDOBA - DEPARTAMENTO","3 PERMISO","CONSORCIO CORREDOR ESTRATEGICO","2-5898","2018/12/07","2019/04/10","2024/04/10",2270057,2270057,0,2270057,0,"pendiente pago seguimiento"]
[387,"FILA_387","1 SI","","CONSORCIO SANTA CLARA","Sección E - Suministro de electricidad, gas y agua","14 CÓRDOBA - DEPARTAMENTO","3 PERMISO","CONSORCIO SANTA CLARA","2-6727","2019/09/30","2019/12/05","2024/12/05",2291937,2291937,0,2291937,25,""]
[388,"FILA_388","1 SI","","CONSORCIO RUTA 90","Sección E - Suministro de electricidad, gas y agua","14 CÓRDOBA - DEPARTAMENTO","3 PERMISO","CONSORCIO RUTA 90","2-6731","2019/10/11","2019/12/05","2024/12/05",2169996,2169996,0,2169996,25,""]
[389,"FILA_389","1 SI","","GOBERNACION DE CORDOBA","Sección E - Suministro de electricidad, gas y agua","14 CÓRDOBA - DEPARTAMENTO","3 PERMISO","GOBERNACION DE CORDOBA","2-6732","2019/10/28","2019/12/06","2024/12/06",16437031,16437031,0,16437031,25,""]
[390,"FILA_390","1 SI","","MINERALES CORDOBA S.A.S","Sección E - Suministro de electricidad, gas y agua","14 CÓRDOBA - DEPARTAMENTO","1 CONCESIÓN","MINERALES CORDOBA S.A.S","2-6790","2018/12/12","2019/12/10","2024/12/10",1030804,303426,0,303426,25,""]
[391,"FILA_391","1 SI","","VEOLIA PROACTICA- LOS garzones","Sección E - Suministro de electricidad, gas y agua","14 CÓRDOBA - DEPARTAMENTO","1 CONCESIÓN","VEOLIA PROACTICA- LOS garzones","2-5845","2018/09/10","2019/03/22","2024/03/22",420287,420287,0,420287,0,"pendiente pago seguimiento"]
[392,"FILA_392","1 SI","","Aguas del Sinú APC","Sección E - Suministro de electricidad, gas y agua","14 CÓRDOBA - DEPARTAMENTO","1 CONCESIÓN","Aguas del Sinú APC","2-6161","2019/02/18","2019/06/20","2024/06/20",1146621,1146621,0,1146621,0,"pendiente pago seguimiento"]
[393,"FILA_393","1 SI","","ATOMIUN CINCO SAS Y CVL ENTERPRISE LTDA","Sección E - Suministro de electricidad, gas y agua","14 CÓRDOBA - DEPARTAMENTO","1 CONCESIÓN","ATOMIUN CINCO SAS Y CVL ENTERPRISE LTDA","2-6729","2019/10/11","2019/12/05","2024/12/05",2399080,2399080,0,2399080,25,""]
[394,"FILA_394","1 SI","","CORPORACION SABANA","Sección E - Suministro de electricidad, gas y agua","14 CÓRDOBA - DEPARTAMENTO","1 CONCESIÓN","CORPORACION SABANA","2-6860","2019/09/06","2019/12/20","2024/12/20",867738,867738,0,867738,25,""]
[395,"FILA_395","1 SI","","CANTERA SAN MARTIN","sección B-Explotación de minas y Canteras","14 CÓRDOBA - DEPARTAMENTO","2 LICENCIA","CANTERA SAN MARTIN","2-6876","2019/09/18","2019/12/20","2024/12/20",3906640,3906640,0,3906640,25,""]
[396,"FILA_396","1 SI","","SEELING ROAD GROUP INC","sección B-Explotación de minas y Canteras","14 CÓRDOBA - DEPARTAMENTO","2 LICENCIA","SEELING ROAD GROUP INC","2-6536","2018/01/31","2019/09/25","2024/09/25",12926334,14560000,0,14560000,25,""]
[397,"FILA_397","1 SI","","CANTERA EL RAYO II","sección B-Explotación de minas y Canteras","14 CÓRDOBA - DEPARTAMENTO","2 LICENCIA","CANTERA EL RAYO II","2-0632","2018/04/18","2019/08/01","2024/08/01",3906640,3906640,0,3906640,0,"pendiente pago seguimiento"]
[398,"FILA_398","1 SI","","EDS EL CAMAJON","Sección E - Suministro de electricidad, gas y agua","14 CÓRDOBA - DEPARTAMENTO","3 PERMISO","EDS EL CAMAJON","2-6102","2016/06/15","2019/06/07","2024/06/07",303426,303426,0,303426,0,"pendiente pago seguimiento"]
[399,"FILA_399","1 SI","","EDS SERVICENTRO FLOREZ No. 1","Sección E - Suministro de electricidad, gas y agua","14 CÓRDOBA - DEPARTAMENTO","3 PERMISO","EDS SERVICENTRO FLOREZ No. 1","2-6157","2019/01/18","2019/07/18","2024/07/18",303426,303426,0,303426,25,""]
[400,"FILA_400","1 SI","","EDS CRUZ DE MAYO","Sección E - Suministro de electricidad, gas y agua","14 CÓRDOBA - DEPARTAMENTO","3 PERMISO","EDS CRUZ DE MAYO","2-6322","2016/12/15","2019/08/01","2024/08/01",867738,867738,0,867738,25,""]
[401,"FILA_401","1 SI","","LAVDERO EL MUCHACHON","Sección E - Suministro de electricidad, gas y agua","14 CÓRDOBA - DEPARTAMENTO","3 PERMISO","LAVDERO EL MUCHACHON","2-6515","2016/05/31","2019/09/23","2024/09/23",108087,108087,0,108087,25,""]
[402,"FILA_402","1 SI","","PORCIAVICOLA PINEDA","Sección E - Suministro de electricidad, gas y agua","14 CÓRDOBA - DEPARTAMENTO","3 PERMISO","PORCIAVICOLA PINEDA","2-6685","2019/07/09","2019/11/25","2024/11/25",108087,108087,0,108087,0,"pendiente pago seguimiento"]
[403,"FILA_403","1 SI","","PROACTIVA AGUAS DE MONTERIA","Sección E - Suministro de electricidad, gas y agua","14 CÓRDOBA - DEPARTAMENTO","3 PERMISO","PROACTIVA AGUAS DE MONTERIA","2-6717","2018/01/25","2019/12/04","2024/12/04",1685171,1685171,0,1685171,25,""]
[404,"FILA_404","1 SI","","EDS LA 41","Sección E - Suministro de electricidad, gas y agua","14 CÓRDOBA - DEPARTAMENTO","3 PERMISO","EDS LA 41","2-6793","2017/12/15","2019/12/16","2024/12/16",433652,433652,0,433652,25,""]
[405,"FILA_405","1 SI","","EDS SAN PELAYO","Sección E - Suministro de electricidad, gas y agua","14 CÓRDOBA - DEPARTAMENTO","3 PERMISO","EDS SAN PELAYO","2-6853","2019/01/18","2019/12/18","2024/12/18",216609,216609,0,216609,0,"pendiente pago seguimiento"]
[406,"FILA_406","1 SI","","EDS LA PRIMAVERA","Sección E - Suministro de electricidad, gas y agua","14 CÓRDOBA - DEPARTAMENTO","3 PERMISO","EDS LA PRIMAVERA","2-6889","2017/01/05","2019/12/24","2024/12/24",303426,303426,0,303426,25,""]
[407,"FILA_407","1 SI","","SERVILAVA EXPRES","Sección E - Suministro de electricidad, gas y agua","14 CÓRDOBA - DEPARTAMENTO","3 PERMISO","SERVILAVA EXPRES","2-6890","2018/09/25","2019/12/24","2024/12/24",303426,303426,0,303426,25,""]
[408,"FILA_408","1 SI","","EDS LA PARRILLA","Sección E - Suministro de electricidad, gas y agua","14 CÓRDOBA - DEPARTAMENTO","3 PERMISO","EDS LA PARRILLA","2-6919","2019/09/27","2019/12/30","2024/12/30",720776,720776,0,720776,25,""]
[409,"FILA_409","1 SI","","EDAS LOS CEDROS","Sección E - Suministro de electricidad, gas y agua","14 CÓRDOBA - DEPARTAMENTO","3 PERMISO","EDAS LOS CEDROS","2-5877","2016/06/16","2019/04/02","2024/04/02",867738,867738,0,867738,0,"pendiente pago seguimiento"]
[410,"FILA_410","1 SI","","EDS EL SUR DE MONTERIA","Sección E - Suministro de electricidad, gas y agua","14 CÓRDOBA - DEPARTAMENTO","3 PERMISO","EDS EL SUR DE MONTERIA","2-5914","2016/10/26","2019/04/12","2024/04/12",303426,303426,0,303426,25,""]
[411,"FILA_411","1 SI","","KONKRETES S.A.","Sección E - Suministro de electricidad, gas y agua","14 CÓRDOBA - DEPARTAMENTO","3 PERMISO","KONKRETES S.A.","2-5956","2019/02/28","2019/05/07","2024/05/07",876463,876463,0,876463,0,"pendiente pago seguimiento"]
[412,"FILA_412","1 SI","","MADERA CACERI","Sección E - Suministro de electricidad, gas y agua","14 CÓRDOBA - DEPARTAMENTO","3 PERMISO","MADERA CACERI","2-6101","2019/06/29","2019/06/07","2024/06/07",1616071,1616071,0,1616071,25,""]
[413,"FILA_413","1 SI","","CONSTRUCCIONES EL CONDOR S.A.","Sección E - Suministro de electricidad, gas y agua","14 CÓRDOBA - DEPARTAMENTO","3 PERMISO","CONSTRUCCIONES EL CONDOR S.A.","2-6521","2018/05/25","2019/09/23","2024/09/23",9827832,9827832,0,9827832,25,""]
{"$rows_empty":350579}
["1 SI","1 AMAZONAS - DEPARTAMENTO","1 CONCESIÓN"]
["2 NO","2 ANTIOQUIA - DEPARTAMENTO","2 LICENCIA"]
[null,"3 ARAUCA - DEPARTAMENTO","3 PERMISO"]
[null,"4 ATLÁNTICO - DEPARTAMENTO","4 PLAN DE MANEJO AMBIENTAL"]
[null,"5 BOGOTÁ D.C. - DISTRITO CAPITAL","5 FORMULARIO SIN INFORMACIÓN "]
[null,"6 BOLÍVAR - DEPARTAMENTO"]
[null,"7 BOYACÁ - DEPARTAMENTO"]
[null,"8 CALDAS - DEPARTAMENTO"]
[null,"9 CAQUETÁ - DEPARTAMENTO"]
[null,"10 CASANARE - DEPARTAMENTO"]
[null,"11 CAUCA - DEPARTAMENTO"]
[null,"12 CESAR - DEPARTAMENTO"]
[null,"13 CHOCÓ - DEPARTAMENTO"]
[null,"14 CÓRDOBA - DEPARTAMENTO"]
[null,"15 CUNDINAMARCA - DEPARTAMENTO"]
[null,"16 GUAINÍA - DEPARTAMENTO"]
[null,"17 GUAVIARE - DEPARTAMENTO"]
[null,"18 HUILA - DEPARTAMENTO"]
[null,"19 LA GUAJIRA - DEPARTAMENTO"]
[null,"20 MAGDALENA - DEPARTAMENTO"]
[null,"21 META - DEPARTAMENTO"]
[null,"22 NARIÑO - DEPARTAMENTO"]
[null,"23 NORTE DE SANTANDER - DEPARTAMENTO"]
[null,"24 PUTUMAYO - DEPARTAMENTO"]
[null,"25 QUINDÍO - DEPARTAMENTO"]
[null,"26 RISARALDA - DEPARTAMENTO"]
[null,"27 SAN ANDRÉS  PROVIDENCIA Y SANTA CATALINA - DEPARTAMENTO"]
[null,"28 SANTANDER - DEPARTAMENTO"]
[null,"29 SUCRE - DEPARTAMENTO"]
[null,"30 TOLIMA - DEPARTAMENTO"]
[null,"31 VALLE DEL CAUCA - DEPARTAMENTO"]
[null,"32 VAUPÉS - DEPARTAMENTO"]
[null,"33 VICHADA - DEPARTAMENTO"]
[null,"34 ABEJORRAL - ANTIOQUIA"]
[null,"35 ABREGO - NORTE DE SANTANDER"]
[null,"36 ABRIAQUÍ - ANTIOQUIA"]
[null,"37 ACACÍAS - META"]
[null,"38 ACANDÍ - CHOCÓ"]
[null,"39 ACEVEDO - HUILA"]
[null,"40 ACHÍ - BOLÍVAR"]
[null,"41 AGRADO - HUILA"]
[null,"42 AGUA DE DIOS - CUNDINAMARCA"]
[null,"43 AGUACHICA - CESAR"]
[null,"44 AGUADA - SANTANDER"]
[null,"45 AGUADAS - CALDAS"]
[null,"46 AGUAZUL - CASANARE"]
[null,"47 AGUSTÍN CODAZZI - CESAR"]
[null,"48 AIPE - HUILA"]
[null,"49 ALBÁN - CUNDINAMARCA"]
[null,"50 ALBÁN - NARIÑO"]
[null,"51 ALBANIA - CAQUETA"]
[null,"52 ALBANIA - LA GUAJIRA"]
[null,"53 ALBANIA - SANTANDER"]
[null,"54 ALCALÁ - VALLE DEL CAUCA"]
[null,"55 ALDANA - NARIÑO"]
[null,"56 ALEJANDRÍA - ANTIOQUIA"]
[null,"57 ALGARROBO - MAGDALENA"]
[null,"58 ALGECIRAS - HUILA"]
[null,"59 ALMAGUER - CAUCA"]
[null,"60 ALMEIDA - BOYACÁ"]
[null,"61 ALPUJARRA - TOLIMA"]
[null,"62 ALTAMIRA - HUILA"]
[null,"63 ALTO BAUDÓ - CHOCÓ"]
[null,"64 ALTOS DEL ROSARIO - BOLÍVAR"]
[null,"65 ALVARADO - TOLIMA"]
[null,"66 AMAGÁ - ANTIOQUIA"]
[null,"67 AMALFI - ANTIOQUIA"]
[null,"68 AMBALEMA - TOLIMA"]
[null,"69 ANAPOIMA - CUNDINAMARCA"]
[null,"70 ANCUYÁ - NARIÑO"]
[null,"71 ANDALUCÍA - VALLE DEL CAUCA"]
[null,"72 ANDES - ANTIOQUIA"]
[null,"73 ANGELÓPOLIS - ANTIOQUIA"]
[null,"74 ANGOSTURA - ANTIOQUIA"]
[null,"75 ANOLAIMA - CUNDINAMARCA"]
[null,"76 ANORÍ - ANTIOQUIA"]
[null,"77 ANSERMA - CALDAS"]
[null,"78 ANSERMANUEVO - VALLE DEL CAUCA"]
[null,"79 ANZA - ANTIOQUIA"]
[null,"80 ANZOÁTEGUI - TOLIMA"]
[null,"81 APARTADÓ - ANTIOQUIA"]
[null,"82 APÍA - RISARALDA"]
[null,"83 APULO - CUNDINAMARCA"]
[null,"84 AQUITANIA - BOYACÁ"]
[null,"85 ARACATACA - MAGDALENA"]
[null,"86 ARANZAZU - CALDAS"]
[null,"87 ARATOCA - SANTANDER"]
[null,"88 ARAUCA - ARAUCA"]
[null,"89 ARAUQUITA - ARAUCA"]
[null,"90 ARBELÁEZ - CUNDINAMARCA"]
[null,"91 ARBOLEDA - NARIÑO"]
[null,"92 ARBOLEDAS - NORTE DE SANTANDER"]
[null,"93 ARBOLETES - ANTIOQUIA"]
[null,"94 ARCABUCO - BOYACÁ"]
[null,"95 ARENAL - BOLÍVAR"]
[null,"96 ARGELIA - ANTIOQUIA"]
[null,"97 ARGELIA - CAUCA"]
[null,"98 ARGELIA - VALLE DEL CAUCA"]
[null,"99 ARIGUANÍ - MAGDALENA"]
[null,"100 ARJONA - BOLÍVAR"]
[null,"101 ARMENIA - ANTIOQUIA"]
[null,"102 ARMENIA - QUINDÍO"]
[null,"103 ARMERO - TOLIMA"]
[null,"104 ARROYOHONDO - BOLÍVAR"]
[null,"105 ASTREA - CESAR"]
[null,"106 ATACO - TOLIMA"]
[null,"107 ATRATO - CHOCÓ"]
[null,"108 AYAPEL - CÓRDOBA"]
[null,"109 BAGADÓ - CHOCÓ"]
[null,"110 BAHÍA SOLANO - CHOCÓ"]
[null,"111 BAJO BAUDÓ - CHOCÓ"]
[null,"112 BALBOA - CAUCA"]
[null,"113 BALBOA - RISARALDA"]
[null,"114 BARANOA - ATLÁNTICO"]
[null,"115 BARAYA - HUILA"]
[null,"116 BARBACOAS - NARIÑO"]
[null,"117 BARBOSA - ANTIOQUIA"]
[null,"118 BARBOSA - SANTANDER"]
[null,"119 BARICHARA - SANTANDER"]
[null,"120 BARRANCA DE UPÍA - META"]
[null,"121 BARRANCABERMEJA - SANTANDER"]
[null,"122 BARRANCAS - LA GUAJIRA"]
[null,"123 BARRANCO DE LOBA - BOLÍVAR"]
[null,"124 BARRANCO MINAS - GUAINÍA"]
[null,"125 BARRANQUILLA - ATLÁNTICO"]
[null,"126 BECERRIL - CESAR"]
[null,"127 BELALCÁZAR - CALDAS"]
[null,"128 BELÉN - BOYACÁ"]
[null,"129 BELÉN - NARIÑO"]
[null,"130 BELÉN DE LOS ANDAQUÍES - CAQUETA"]
[null,"131 BELÉN DE UMBRÍA - RISARALDA"]
[null,"132 BELLO - ANTIOQUIA"]
[null,"133 BELMIRA - ANTIOQUIA"]
[null,"134 BELTRÁN - CUNDINAMARCA"]
[null,"135 BERBEO - BOYACÁ"]
[null,"136 BETANIA - ANTIOQUIA"]
[null,"137 BETÉITIVA - BOYACÁ"]
[null,"138 BETULIA - ANTIOQUIA"]
[null,"139 BETULIA - SANTANDER"]
[null,"140 BITUIMA - CUNDINAMARCA"]
[null,"141 BOAVITA - BOYACÁ"]
[null,"142 BOCHALEMA - NORTE DE SANTANDER"]
[null,"143 BOGOTÁ D.C. - BOGOTÁ"]
[null,"144 BOJACÁ - CUNDINAMARCA"]
[null,"145 BOJAYA - CHOCÓ"]
[null,"146 BOLÍVAR - CAUCA"]
[null,"147 BOLÍVAR - SANTANDER"]
[null,"148 BOLÍVAR - VALLE DEL CAUCA"]
[null,"149 BOSCONIA - CESAR"]
[null,"150 BOYACÁ - BOYACÁ"]
[null,"151 BRICEÑO - ANTIOQUIA"]
[null,"152 BRICEÑO - BOYACÁ"]
[null,"153 BUCARAMANGA - SANTANDER"]
[null,"154 BUCARASICA - NORTE DE SANTANDER"]
[null,"155 BUENAVENTURA - VALLE DEL CAUCA"]
[null,"156 BUENAVISTA - BOYACÁ"]
[null,"157 BUENAVISTA - CÓRDOBA"]
[null,"158 BUENAVISTA - QUINDÍO"]
[null,"159 BUENAVISTA - SUCRE"]
[null,"160 BUENOS AIRES - CAUCA"]
[null,"161 BUESACO - NARIÑO"]
[null,"162 BUGALAGRANDE - VALLE DEL CAUCA"]
[null,"163 BURITICÁ - ANTIOQUIA"]
[null,"164 BUSBANZÁ - BOYACÁ"]
[null,"165 CABRERA - CUNDINAMARCA"]
[null,"166 CABRERA - SANTANDER"]
[null,"167 CABUYARO - META"]
[null,"168 CACAHUAL - GUAINÍA"]
[null,"169 CÁCERES - ANTIOQUIA"]
[null,"170 CACHIPAY - CUNDINAMARCA"]
[null,"171 CACHIRÁ - NORTE DE SANTANDER"]
[null,"172 CÁCOTA - NORTE DE SANTANDER"]
[null,"173 CAICEDO - ANTIOQUIA"]
[null,"174 CAICEDONIA - VALLE DEL CAUCA"]
[null,"175 CAIMITO - SUCRE"]
[null,"176 CAJAMARCA - TOLIMA"]
[null,"177 CAJIBÍO - CAUCA"]
[null,"178 CAJICÁ - CUNDINAMARCA"]
[null,"179 CALAMAR - BOLÍVAR"]
[null,"180 CALAMAR - GUAVIARE"]
[null,"181 CALARCA - QUINDÍO"]
[null,"182 CALDAS - ANTIOQUIA"]
[null,"183 CALDAS - BOYACÁ"]
[null,"184 CALDONO - CAUCA"]
[null,"185 CALI - VALLE DEL CAUCA"]
[null,"186 CALIFORNIA - SANTANDER"]
[null,"187 CALIMA - VALLE DEL CAUCA"]
[null,"188 CALOTO - CAUCA"]
[null,"189 CAMPAMENTO - ANTIOQUIA"]
[null,"190 CAMPO DE LA CRUZ - ATLÁNTICO"]
[null,"191 CAMPOALEGRE - HUILA"]
[null,"192 CAMPOHERMOSO - BOYACÁ"]
[null,"193 CANALETE - CÓRDOBA"]
[null,"194 CANDELARIA - ATLÁNTICO"]
[null,"195 CANDELARIA - VALLE DEL CAUCA"]
[null,"196 CANTAGALLO - BOLÍVAR"]
[null,"197 CAÑASGORDAS - ANTIOQUIA"]
[null,"198 CAPARRAPÍ - CUNDINAMARCA"]
[null,"199 CAPITANEJO - SANTANDER"]
[null,"200 CAQUEZA - CUNDINAMARCA"]
[null,"201 CARACOLÍ - ANTIOQUIA"]
[null,"202 CARAMANTA - ANTIOQUIA"]
[null,"203 CARCASÍ - SANTANDER"]
[null,"204 CAREPA - ANTIOQUIA"]
[null,"205 CARMEN DE APICALÁ - TOLIMA"]
[null,"206 CARMEN DE CARUPA - CUNDINAMARCA"]
[null,"207 CARMEN DEL DARIÉN - CHOCÓ"]
[null,"208 CAROLINA - ANTIOQUIA"]
[null,"209 CARTAGENA - BOLÍVAR"]
[null,"210 CARTAGENA DEL CHAIRÁ - CAQUETA"]
[null,"211 CARTAGO - VALLE DEL CAUCA"]
[null,"212 CARURU - VAUPES"]
[null,"213 CASABIANCA - TOLIMA"]
[null,"214 CASTILLA LA NUEVA - META"]
[null,"215 CAUCASIA - ANTIOQUIA"]
[null,"216 CEPITÁ - SANTANDER"]
[null,"217 CERETÉ - CÓRDOBA"]
[null,"218 CERINZA - BOYACÁ"]
[null,"219 CERRITO - SANTANDER"]
[null,"220 CERRO SAN ANTONIO - MAGDALENA"]
[null,"221 CÉRTEGUI - CHOCÓ"]
[null,"222 CHACHAGÜÍ - NARIÑO"]
[null,"223 CHAGUANÍ - CUNDINAMARCA"]
[null,"224 CHALÁN - SUCRE"]
[null,"225 CHAMEZA - CASANARE"]
[null,"226 CHAPARRAL - TOLIMA"]
[null,"227 CHARALÁ - SANTANDER"]
[null,"228 CHARTA - SANTANDER"]
[null,"229 CHÍA - CUNDINAMARCA"]
[null,"230 CHIGORODÓ - ANTIOQUIA"]
[null,"231 CHIMÁ - CÓRDOBA"]
[null,"232 CHIMA - SANTANDER"]
[null,"233 CHIMICHAGUA - CESAR"]
[null,"234 CHINÁCOTA - NORTE DE SANTANDER"]
[null,"235 CHINAVITA - BOYACÁ"]
[null,"236 CHINCHINÁ - CALDAS"]
[null,"237 CHINÚ - CÓRDOBA"]
[null,"238 CHIPAQUE - CUNDINAMARCA"]
[null,"239 CHIPATÁ - SANTANDER"]
[null,"240 CHIQUINQUIRÁ - BOYACÁ"]
[null,"241 CHÍQUIZA - BOYACÁ"]
[null,"242 CHIRIGUANÁ - CESAR"]
[null,"243 CHISCAS - BOYACÁ"]
[null,"244 CHITA - BOYACÁ"]
[null,"245 CHITAGÁ - NORTE DE SANTANDER"]
[null,"246 CHITARAQUE - BOYACÁ"]
[null,"247 CHIVATÁ - BOYACÁ"]
[null,"248 CHIVOLO - MAGDALENA"]
[null,"249 CHIVOR - BOYACÁ"]
[null,"250 CHOACHÍ - CUNDINAMARCA"]
[null,"251 CHOCÓNTÁ - CUNDINAMARCA"]
[null,"252 CICUCO - BOLÍVAR"]
[null,"253 CIÉNAGA - MAGDALENA"]
[null,"254 CIÉNAGA DE ORO - CÓRDOBA"]
[null,"255 CIÉNEGA - BOYACÁ"]
[null,"256 CIMITARRA - SANTANDER"]
[null,"257 CIRCASIA - QUINDÍO"]
[null,"258 CISNEROS - ANTIOQUIA"]
[null,"259 CIUDAD BOLÍVAR - ANTIOQUIA"]
[null,"260 CLEMENCIA - BOLÍVAR"]
[null,"261 COCORNÁ - ANTIOQUIA"]
[null,"262 COELLO - TOLIMA"]
[null,"263 COGUA - CUNDINAMARCA"]
[null,"264 COLOMBIA - HUILA"]
[null,"265 COLÓN - NARIÑO"]
[null,"266 COLÓN - PUTUMAYO"]
[null,"267 COLOSO - SUCRE"]
[null,"268 CÓMBITA - BOYACÁ"]
[null,"269 CONCEPCIÓN - ANTIOQUIA"]
[null,"270 CONCEPCIÓN - SANTANDER"]
[null,"271 CONCORDIA - ANTIOQUIA"]
[null,"272 CONCORDIA - MAGDALENA"]
[null,"273 CONDOTO - CHOCÓ"]
[null,"274 CONFINES - SANTANDER"]
[null,"275 CONSACÁ - NARIÑO"]
[null,"276 CONTADERO - NARIÑO"]
[null,"277 CONTRATACIÓN - SANTANDER"]
[null,"278 CONVENCIÓN - NORTE DE SANTANDER"]
[null,"279 COPACABANA - ANTIOQUIA"]
[null,"280 COPER - BOYACÁ"]
[null,"281 CÓRDOBA - BOLÍVAR"]
[null,"282 CÓRDOBA - NARIÑO"]
[null,"283 CÓRDOBA - QUINDÍO"]
[null,"284 CORINTO - CAUCA"]
[null,"285 COROMORO - SANTANDER"]
[null,"286 COROZAL - SUCRE"]
[null,"287 CORRALES - BOYACÁ"]
[null,"288 COTA - CUNDINAMARCA"]
[null,"289 COTORRA - CÓRDOBA"]
[null,"290 COVARACHÍA - BOYACÁ"]
[null,"291 COVEÑAS - SUCRE"]
[null,"292 COYAIMA - TOLIMA"]
[null,"293 CRAVO NORTE - ARAUCA"]
[null,"294 CUASPUD - NARIÑO"]
[null,"295 CUBARÁ - BOYACÁ"]
[null,"296 CUCAITA - BOYACÁ"]
[null,"297 CUCUNUBÁ - CUNDINAMARCA"]
[null,"298 CÚCUTA - NORTE DE SANTANDER"]
[null,"299 CUCUTILLA - NORTE DE SANTANDER"]
[null,"300 CUÍTIVA - BOYACÁ"]
[null,"301 CUMARAL - META"]
[null,"302 CUMARIBO - VICHADA"]
[null,"303 CUMBAL - NARIÑO"]
[null,"304 CUMBITARA - NARIÑO"]
[null,"305 CUNDAY - TOLIMA"]
[null,"306 CURILLO - CAQUETA"]
[null,"307 CURITÍ - SANTANDER"]
[null,"308 CURUMANÍ - CESAR"]
[null,"309 DABEIBA - ANTIOQUIA"]
[null,"310 DAGUA - VALLE DEL CAUCA"]
[null,"311 DIBULLA - LA GUAJIRA"]
[null,"312 DISTRACCIÓN - LA GUAJIRA"]
[null,"313 DOLORES - TOLIMA"]
[null,"314 DONMATÍAS - ANTIOQUIA"]
[null,"315 DOSQUEBRADAS - RISARALDA"]
[null,"316 DUITAMA - BOYACÁ"]
[null,"317 DURANIA - NORTE DE SANTANDER"]
[null,"318 EBÉJICO - ANTIOQUIA"]
[null,"319 EL ÁGUILA - VALLE DEL CAUCA"]
[null,"320 EL BAGRE - ANTIOQUIA"]
[null,"321 EL BANCO - MAGDALENA"]
[null,"322 EL CAIRO - VALLE DEL CAUCA"]
[null,"323 EL CALVARIO - META"]
[null,"324 EL CANTÓN DEL SAN PABLO - CHOCÓ"]
[null,"325 EL CARMEN - NORTE DE SANTANDER"]
[null,"326 EL CARMEN DE ATRATO - CHOCÓ"]
[null,"327 EL CARMEN DE BOLÍVAR - BOLÍVAR"]
[null,"328 EL CARMEN DE CHUCURÍ - SANTANDER"]
[null,"329 EL CARMEN DE VIBORAL - ANTIOQUIA"]
[null,"330 EL CASTILLO - META"]
[null,"331 EL CERRITO - VALLE DEL CAUCA"]
[null,"332 EL CHARCO - NARIÑO"]
[null,"333 EL COCUY - BOYACÁ"]
[null,"334 EL COLEGIO - CUNDINAMARCA"]
[null,"335 EL COPEY - CESAR"]
[null,"336 EL DONCELLO - CAQUETA"]
[null,"337 EL DORADO - META"]
[null,"338 EL DOVIO - VALLE DEL CAUCA"]
[null,"339 EL ENCANTO - AMAZONAS"]
[null,"340 EL ESPINO - BOYACÁ"]
[null,"341 EL GUACAMAYO - SANTANDER"]
[null,"342 EL GUAMO - BOLÍVAR"]
[null,"343 EL LITORAL DEL SAN JUAN - CHOCÓ"]
[null,"344 EL MOLINO - LA GUAJIRA"]
[null,"345 EL PASO - CESAR"]
[null,"346 EL PAUJIL - CAQUETA"]
[null,"347 EL PEÑOL - NARIÑO"]
[null,"348 EL PEÑÓN - BOLÍVAR"]
[null,"349 EL PEÑÓN - CUNDINAMARCA"]
[null,"350 EL PEÑÓN - SANTANDER"]
[null,"351 EL PIÑON - MAGDALENA"]
[null,"352 EL PLAYÓN - SANTANDER"]
[null,"353 EL RETÉN - MAGDALENA"]
[null,"354 EL RETORNO - GUAVIARE"]
[null,"355 EL ROBLE - SUCRE"]
[null,"356 EL ROSAL - CUNDINAMARCA"]
[null,"357 EL ROSARIO - NARIÑO"]
[null,"358 EL SANTUARIO - ANTIOQUIA"]
[null,"359 EL TABLÓN DE GÓMEZ - NARIÑO"]
[null,"360 EL TAMBO - CAUCA"]
[null,"361 EL TAMBO - NARIÑO"]
[null,"362 EL TARRA - NORTE DE SANTANDER"]
[null,"363 EL ZULIA - NORTE DE SANTANDER"]
[null,"364 ELÍAS - HUILA"]
[null,"365 ENCINO - SANTANDER"]
[null,"366 ENCISO - SANTANDER"]
[null,"367 ENTRERRIOS - ANTIOQUIA"]
[null,"368 ENVIGADO - ANTIOQUIA"]
[null,"369 ESPINAL - TOLIMA"]
[null,"370 FACATATIVÁ - CUNDINAMARCA"]
[null,"371 FALAN - TOLIMA"]
[null,"372 FILADELFIA - CALDAS"]
[null,"373 FILANDIA - QUINDÍO"]
[null,"374 FIRAVITOBA - BOYACÁ"]
[null,"375 FLANDES - TOLIMA"]
[null,"376 FLORENCIA - CAQUETA"]
[null,"377 FLORENCIA - CAUCA"]
[null,"378 FLORESTA - BOYACÁ"]
[null,"379 FLORIÁN - SANTANDER"]
[null,"380 FLORIDA - VALLE DEL CAUCA"]
[null,"381 FLORIDABLANCA - SANTANDER"]
[null,"382 FOMEQUE - CUNDINAMARCA"]
[null,"383 FONSECA - LA GUAJIRA"]
[null,"384 FORTUL - ARAUCA"]
[null,"385 FOSCA - CUNDINAMARCA"]
[null,"386 FRANCISCO PIZARRO - NARIÑO"]
[null,"387 FREDONIA - ANTIOQUIA"]
[null,"388 FRESNO - TOLIMA"]
[null,"389 FRONTINO - ANTIOQUIA"]
[null,"390 FUENTE DE ORO - META"]
[null,"391 FUNDACIÓN - MAGDALENA"]
[null,"392 FUNES - NARIÑO"]
[null,"393 FUNZA - CUNDINAMARCA"]
[null,"394 FÚQUENE - CUNDINAMARCA"]
[null,"395 FUSAGASUGÁ - CUNDINAMARCA"]
[null,"396 GACHALA - CUNDINAMARCA"]
[null,"397 GACHANCIPÁ - CUNDINAMARCA"]
[null,"398 GACHANTIVÁ - BOYACÁ"]
[null,"399 GACHETÁ - CUNDINAMARCA"]
[null,"400 GALÁN - SANTANDER"]
[null,"401 GALAPA - ATLÁNTICO"]
[null,"402 GALERAS - SUCRE"]
[null,"403 GAMA - CUNDINAMARCA"]
[null,"404 GAMARRA - CESAR"]
[null,"405 GAMBITA - SANTANDER"]
[null,"406 GAMEZA - BOYACÁ"]
[null,"407 GARAGOA - BOYACÁ"]
[null,"408 GARZÓN - HUILA"]
[null,"409 GÉNOVA - QUINDÍO"]
[null,"410 GIGANTE - HUILA"]
[null,"411 GINEBRA - VALLE DEL CAUCA"]
[null,"412 GIRALDO - ANTIOQUIA"]
[null,"413 GIRARDOT - CUNDINAMARCA"]
[null,"414 GIRARDOTA - ANTIOQUIA"]
[null,"415 GIRÓN - SANTANDER"]
[null,"416 GÓMEZ PLATA - ANTIOQUIA"]
[null,"417 GONZÁLEZ - CESAR"]
[null,"418 GRAMALOTE - NORTE DE SANTANDER"]
[null,"419 GRANADA - ANTIOQUIA"]
[null,"420 GRANADA - CUNDINAMARCA"]
[null,"421 GRANADA - META"]
[null,"422 GUACA - SANTANDER"]
[null,"423 GUACAMAYAS - BOYACÁ"]
[null,"424 GUACARÍ - VALLE DEL CAUCA"]
[null,"425 GUACHENÉ - CAUCA"]
[null,"426 GUACHETÁ - CUNDINAMARCA"]
[null,"427 GUACHUCAL - NARIÑO"]
[null,"428 GUADALAJARA DE BUGA - VALLE DEL CAUCA"]
[null,"429 GUADALUPE - ANTIOQUIA"]
[null,"430 GUADALUPE - HUILA"]
[null,"431 GUADALUPE - SANTANDER"]
[null,"432 GUADUAS - CUNDINAMARCA"]
[null,"433 GUAITARILLA - NARIÑO"]
[null,"434 GUALMATÁN - NARIÑO"]
[null,"435 GUAMAL - MAGDALENA"]
[null,"436 GUAMAL - META"]
[null,"437 GUAMO - TOLIMA"]
[null,"438 GUAPI - CAUCA"]
[null,"439 GUAPOTÁ - SANTANDER"]
[null,"440 GUARANDA - SUCRE"]
[null,"441 GUARNE - ANTIOQUIA"]
[null,"442 GUASCA - CUNDINAMARCA"]
[null,"443 GUATAPE - ANTIOQUIA"]
[null,"444 GUATAQUÍ - CUNDINAMARCA"]
[null,"445 GUATAVITA - CUNDINAMARCA"]
[null,"446 GUATEQUE - BOYACÁ"]
[null,"447 GUÁTICA - RISARALDA"]
[null,"448 GUAVATÁ - SANTANDER"]
[null,"449 GUAYABAL DE SIQUIMA - CUNDINAMARCA"]
[null,"450 GUAYABETAL - CUNDINAMARCA"]
[null,"451 GUAYATÁ - BOYACÁ"]
[null,"452 GÜEPSA - SANTANDER"]
[null,"453 GÜICÁN - BOYACÁ"]
[null,"454 GUTIÉRREZ - CUNDINAMARCA"]
[null,"455 HACARÍ - NORTE DE SANTANDER"]
[null,"456 HATILLO DE LOBA - BOLÍVAR"]
[null,"457 HATO - SANTANDER"]
[null,"458 HATO COROZAL - CASANARE"]
[null,"459 HATONUEVO - LA GUAJIRA"]
[null,"460 HELICONIA - ANTIOQUIA"]
[null,"461 HERRÁN - NORTE DE SANTANDER"]
[null,"462 HERVEO - TOLIMA"]
[null,"463 HISPANIA - ANTIOQUIA"]
[null,"464 HOBO - HUILA"]
[null,"465 HONDA - TOLIMA"]
[null,"466 IBAGUÉ - TOLIMA"]
[null,"467 ICONONZO - TOLIMA"]
[null,"468 ILES - NARIÑO"]
[null,"469 IMUÉS - NARIÑO"]
[null,"470 INÍRIDA - GUAINÍA"]
[null,"471 INZÁ - CAUCA"]
[null,"472 IPIALES - NARIÑO"]
[null,"473 IQUIRA - HUILA"]
[null,"474 ISNOS - HUILA"]
[null,"475 ISTMINA - CHOCÓ"]
[null,"476 ITAGUI - ANTIOQUIA"]
[null,"477 ITUANGO - ANTIOQUIA"]
[null,"478 IZA - BOYACÁ"]
[null,"479 JAMBALÓ - CAUCA"]
[null,"480 JAMUNDÍ - VALLE DEL CAUCA"]
[null,"481 JARDÍN - ANTIOQUIA"]
[null,"482 JENESANO - BOYACÁ"]
[null,"483 JERICÓ - ANTIOQUIA"]
[null,"484 JERICÓ - BOYACÁ"]
[null,"485 JERUSALÉN - CUNDINAMARCA"]
[null,"486 JESÚS MARÍA - SANTANDER"]
[null,"487 JORDÁN - SANTANDER"]
[null,"488 JUAN DE ACOSTA - ATLÁNTICO"]
[null,"489 JUNÍN - CUNDINAMARCA"]
[null,"490 JURADÓ - CHOCÓ"]
[null,"491 LA APARTADA - CÓRDOBA"]
[null,"492 LA ARGENTINA - HUILA"]
[null,"493 LA BELLEZA - SANTANDER"]
[null,"494 LA CALERA - CUNDINAMARCA"]
[null,"495 LA CAPILLA - BOYACÁ"]
[null,"496 LA CEJA - ANTIOQUIA"]
[null,"497 LA CELIA - RISARALDA"]
[null,"498 LA CHORRERA - AMAZONAS"]
[null,"499 LA CRUZ - NARIÑO"]
[null,"500 LA CUMBRE - VALLE DEL CAUCA"]
[null,"501 LA DORADA - CALDAS"]
[null,"502 LA ESPERANZA - NORTE DE SANTANDER"]
[null,"503 LA ESTRELLA - ANTIOQUIA"]
[null,"504 LA FLORIDA - NARIÑO"]
[null,"505 LA GLORIA - CESAR"]
[null,"506 LA GUADALUPE - GUAINÍA"]
[null,"507 LA JAGUA DE IBIRICO - CESAR"]
[null,"508 LA JAGUA DEL PILAR - LA GUAJIRA"]
[null,"509 LA LLANADA - NARIÑO"]
[null,"510 LA MACARENA - META"]
[null,"511 LA MERCED - CALDAS"]
[null,"512 LA MESA - CUNDINAMARCA"]
[null,"513 LA MONTAÑITA - CAQUETA"]
[null,"514 LA PALMA - CUNDINAMARCA"]
[null,"515 LA PAZ - CESAR"]
[null,"516 LA PAZ - SANTANDER"]
[null,"517 LA PEDRERA - AMAZONAS"]
[null,"518 LA PEÑA - CUNDINAMARCA"]
[null,"519 LA PINTADA - ANTIOQUIA"]
[null,"520 LA PLATA - HUILA"]
[null,"521 LA PLAYA - NORTE DE SANTANDER"]
[null,"522 LA PRIMAVERA - VICHADA"]
[null,"523 LA SALINA - CASANARE"]
[null,"524 LA SIERRA - CAUCA"]
[null,"525 LA TEBAIDA - QUINDÍO"]
[null,"526 LA TOLA - NARIÑO"]
[null,"527 LA UNIÓN - ANTIOQUIA"]
[null,"528 LA UNIÓN - NARIÑO"]
[null,"529 LA UNIÓN - SUCRE"]
[null,"530 LA UNIÓN - VALLE DEL CAUCA"]
[null,"531 LA UVITA - BOYACÁ"]
[null,"532 LA VEGA - CAUCA"]
[null,"533 LA VEGA - CUNDINAMARCA"]
[null,"534 LA VICTORIA - AMAZONAS"]
[null,"535 LA VICTORIA - BOYACÁ"]
[null,"536 LA VICTORIA - VALLE DEL CAUCA"]
[null,"537 LA VIRGINIA - RISARALDA"]
[null,"538 LABATECA - NORTE DE SANTANDER"]
[null,"539 LABRANZAGRANDE - BOYACÁ"]
[null,"540 LANDÁZURI - SANTANDER"]
[null,"541 LEBRIJA - SANTANDER"]
[null,"542 LEIVA - NARIÑO"]
[null,"543 LEJANÍAS - META"]
[null,"544 LENGUAZAQUE - CUNDINAMARCA"]
[null,"545 LÉRIDA - TOLIMA"]
[null,"546 LETICIA - AMAZONAS"]
[null,"547 LÍBANO - TOLIMA"]
[null,"548 LIBORINA - ANTIOQUIA"]
[null,"549 LINARES - NARIÑO"]
[null,"550 LLORÓ - CHOCÓ"]
[null,"551 LÓPEZ - CAUCA"]
[null,"552 LORICA - CÓRDOBA"]
[null,"553 LOS ANDES - NARIÑO"]
[null,"554 LOS CÓRDOBAS - CÓRDOBA"]
[null,"555 LOS PALMITOS - SUCRE"]
[null,"556 LOS PATIOS - NORTE DE SANTANDER"]
[null,"557 LOS SANTOS - SANTANDER"]
[null,"558 LOURDES - NORTE DE SANTANDER"]
[null,"559 LURUACO - ATLÁNTICO"]
[null,"560 MACANAL - BOYACÁ"]
[null,"561 MACARAVITA - SANTANDER"]
[null,"562 MACEO - ANTIOQUIA"]
[null,"563 MACHETA - CUNDINAMARCA"]
[null,"564 MADRID - CUNDINAMARCA"]
[null,"565 MAGANGUÉ - BOLÍVAR"]
[null,"566 MAGÜI - NARIÑO"]
[null,"567 MAHATES - BOLÍVAR"]
[null,"568 MAICAO - LA GUAJIRA"]
[null,"569 MAJAGUAL - SUCRE"]
[null,"570 MÁLAGA - SANTANDER"]
[null,"571 MALAMBO - ATLÁNTICO"]
[null,"572 MALLAMA - NARIÑO"]
[null,"573 MANATÍ - ATLÁNTICO"]
[null,"574 MANAURE - CESAR"]
[null,"575 MANAURE - LA GUAJIRA"]
[null,"576 MANÍ - CASANARE"]
[null,"577 MANIZALES - CALDAS"]
[null,"578 MANTA - CUNDINAMARCA"]
[null,"579 MANZANARES - CALDAS"]
[null,"580 MAPIRIPÁN - META"]
[null,"581 MAPIRIPANA - GUAINÍA"]
[null,"582 MARGARITA - BOLÍVAR"]
[null,"583 MARÍA LA BAJA - BOLÍVAR"]
[null,"584 MARINILLA - ANTIOQUIA"]
[null,"585 MARIPÍ - BOYACÁ"]
[null,"586 MARMATO - CALDAS"]
[null,"587 MARQUETALIA - CALDAS"]
[null,"588 MARSELLA - RISARALDA"]
[null,"589 MARULANDA - CALDAS"]
[null,"590 MATANZA - SANTANDER"]
[null,"591 MEDELLÍN - ANTIOQUIA"]
[null,"592 MEDINA - CUNDINAMARCA"]
[null,"593 MEDIO ATRATO - CHOCÓ"]
[null,"594 MEDIO BAUDÓ - CHOCÓ"]
[null,"595 MEDIO SAN JUAN - CHOCÓ"]
[null,"596 MELGAR - TOLIMA"]
[null,"597 MERCADERES - CAUCA"]
[null,"598 MESETAS - META"]
[null,"599 MILÁN - CAQUETA"]
[null,"600 MIRAFLORES - BOYACÁ"]
[null,"601 MIRAFLORES - GUAVIARE"]
[null,"602 MIRANDA - CAUCA"]
[null,"603 MIRITI - PARANÁ - AMAZONAS"]
[null,"604 MISTRATÓ - RISARALDA"]
[null,"605 MITÚ - VAUPES"]
[null,"606 MOCOA - PUTUMAYO"]
[null,"607 MOGOTES - SANTANDER"]
[null,"608 MOLAGAVITA - SANTANDER"]
[null,"609 MOMIL - CÓRDOBA"]
[null,"610 MOMPÓS - BOLÍVAR"]
[null,"611 MONGUA - BOYACÁ"]
[null,"612 MONGUÍ - BOYACÁ"]
[null,"613 MONIQUIRÁ - BOYACÁ"]
[null,"614 MONTEBELLO - ANTIOQUIA"]
[null,"615 MONTECRISTO - BOLÍVAR"]
[null,"616 MONTELÍBANO - CÓRDOBA"]
[null,"617 MONTENEGRO - QUINDÍO"]
[null,"618 MONTERÍA - CÓRDOBA"]
[null,"619 MONTERREY - CASANARE"]
[null,"620 MOÑITOS - CÓRDOBA"]
[null,"621 MORALES - BOLÍVAR"]
[null,"622 MORALES - CAUCA"]
[null,"623 MORELIA - CAQUETA"]
[null,"624 MORICHAL - GUAINÍA"]
[null,"625 MORROA - SUCRE"]
[null,"626 MOSQUERA - CUNDINAMARCA"]
[null,"627 MOSQUERA - NARIÑO"]
[null,"628 MOTAVITA - BOYACÁ"]
[null,"629 MURILLO - TOLIMA"]
[null,"630 MURINDÓ - ANTIOQUIA"]
[null,"631 MUTATÁ - ANTIOQUIA"]
[null,"632 MUTISCUA - NORTE DE SANTANDER"]
[null,"633 MUZO - BOYACÁ"]
[null,"634 NARIÑO - ANTIOQUIA"]
[null,"635 NARIÑO - CUNDINAMARCA"]
[null,"636 NARIÑO - NARIÑO"]
[null,"637 NÁTAGA - HUILA"]
[null,"638 NATAGAIMA - TOLIMA"]
[null,"639 NECHÍ - ANTIOQUIA"]
[null,"640 NECOCLÍ - ANTIOQUIA"]
[null,"641 NEIRA - CALDAS"]
[null,"642 NEIVA - HUILA"]
[null,"643 NEMOCÓN - CUNDINAMARCA"]
[null,"644 NILO - CUNDINAMARCA"]
[null,"645 NIMAIMA - CUNDINAMARCA"]
[null,"646 NOBSA - BOYACÁ"]
[null,"647 NOCAIMA - CUNDINAMARCA"]
[null,"648 NORCASIA - CALDAS"]
[null,"649 NOROSÍ - BOLÍVAR"]
[null,"650 NÓVITA - CHOCÓ"]
[null,"651 NUEVA GRANADA - MAGDALENA"]
[null,"652 NUEVO COLÓN - BOYACÁ"]
[null,"653 NUNCHÍA - CASANARE"]
[null,"654 NUQUÍ - CHOCÓ"]
[null,"655 OBANDO - VALLE DEL CAUCA"]
[null,"656 OCAMONTE - SANTANDER"]
[null,"657 OCAÑA - NORTE DE SANTANDER"]
[null,"658 OIBA - SANTANDER"]
[null,"659 OICATÁ - BOYACÁ"]
[null,"660 OLAYA - ANTIOQUIA"]
[null,"661 OLAYA HERRERA - NARIÑO"]
[null,"662 ONZAGA - SANTANDER"]
[null,"663 OPORAPA - HUILA"]
[null,"664 ORITO - PUTUMAYO"]
[null,"665 OROCUÉ - CASANARE"]
[null,"666 ORTEGA - TOLIMA"]
[null,"667 OSPINA - NARIÑO"]
[null,"668 OTANCHE - BOYACÁ"]
[null,"669 OVEJAS - SUCRE"]
[null,"670 PACHAVITA - BOYACÁ"]
[null,"671 PACHO - CUNDINAMARCA"]
[null,"672 PACOA - VAUPES"]
[null,"673 PÁCORA - CALDAS"]
[null,"674 PADILLA - CAUCA"]
[null,"675 PÁEZ - BOYACÁ"]
[null,"676 PAEZ - CAUCA"]
[null,"677 PAICOL - HUILA"]
[null,"678 PAILITAS - CESAR"]
[null,"679 PAIME - CUNDINAMARCA"]
[null,"680 PAIPA - BOYACÁ"]
[null,"681 PAJARITO - BOYACÁ"]
[null,"682 PALERMO - HUILA"]
[null,"683 PALESTINA - CALDAS"]
[null,"684 PALESTINA - HUILA"]
[null,"685 PALMAR - SANTANDER"]
[null,"686 PALMAR DE VARELA - ATLÁNTICO"]
[null,"687 PALMAS DEL SOCORRO - SANTANDER"]
[null,"688 PALMIRA - VALLE DEL CAUCA"]
[null,"689 PALMITO - SUCRE"]
[null,"690 PALOCABILDO - TOLIMA"]
[null,"691 PAMPLONA - NORTE DE SANTANDER"]
[null,"692 PAMPLONITA - NORTE DE SANTANDER"]
[null,"693 PANA PANA - GUAINÍA"]
[null,"694 PANDI - CUNDINAMARCA"]
[null,"695 PANQUEBA - BOYACÁ"]
[null,"696 PAPUNAUA - VAUPES"]
[null,"697 PÁRAMO - SANTANDER"]
[null,"698 PARATEBUENO - CUNDINAMARCA"]
[null,"699 PASCA - CUNDINAMARCA"]
[null,"700 PASTO - NARIÑO"]
[null,"701 PATÍA - CAUCA"]
[null,"702 PAUNA - BOYACÁ"]
[null,"703 PAYA - BOYACÁ"]
[null,"704 PAZ DE ARIPORO - CASANARE"]
[null,"705 PAZ DE RÍO - BOYACÁ"]
[null,"706 PEDRAZA - MAGDALENA"]
[null,"707 PELAYA - CESAR"]
[null,"708 PENSILVANIA - CALDAS"]
[null,"709 PEÑOL - ANTIOQUIA"]
[null,"710 PEQUE - ANTIOQUIA"]
[null,"711 PEREIRA - RISARALDA"]
[null,"712 PESCA - BOYACÁ"]
[null,"713 PIAMONTE - CAUCA"]
[null,"714 PIEDECUESTA - SANTANDER"]
[null,"715 PIEDRAS - TOLIMA"]
[null,"716 PIENDAMÓ - CAUCA"]
[null,"717 PIJAO - QUINDÍO"]
[null,"718 PIJIÑO DEL CARMEN - MAGDALENA"]
[null,"719 PINCHOTE - SANTANDER"]
[null,"720 PINILLOS - BOLÍVAR"]
[null,"721 PIOJÓ - ATLÁNTICO"]
[null,"722 PISBA - BOYACÁ"]
[null,"723 PITAL - HUILA"]
[null,"724 PITALITO - HUILA"]
[null,"725 PIVIJAY - MAGDALENA"]
[null,"726 PLANADAS - TOLIMA"]
[null,"727 PLANETA RICA - CÓRDOBA"]
[null,"728 PLATO - MAGDALENA"]
[null,"729 POLICARPA - NARIÑO"]
[null,"730 POLONUEVO - ATLÁNTICO"]
[null,"731 PONEDERA - ATLÁNTICO"]
[null,"732 POPAYÁN - CAUCA"]
[null,"733 PORE - CASANARE"]
[null,"734 POTOSÍ - NARIÑO"]
[null,"735 PRADERA - VALLE DEL CAUCA"]
[null,"736 PRADO - TOLIMA"]
[null,"737 PROVIDENCIA - NARIÑO"]
[null,"738 PROVIDENCIA - SAN ANDRES"]
[null,"739 PUEBLO BELLO - CESAR"]
[null,"740 PUEBLO NUEVO - CÓRDOBA"]
[null,"741 PUEBLO RICO - RISARALDA"]
[null,"742 PUEBLORRICO - ANTIOQUIA"]
[null,"743 PUEBLOVIEJO - MAGDALENA"]
[null,"744 PUENTE NACIONAL - SANTANDER"]
[null,"745 PUERRES - NARIÑO"]
[null,"746 PUERTO ALEGRÍA - AMAZONAS"]
[null,"747 PUERTO ARICA - AMAZONAS"]
[null,"748 PUERTO ASÍS - PUTUMAYO"]
[null,"749 PUERTO BERRÍO - ANTIOQUIA"]
[null,"750 PUERTO BOYACÁ - BOYACÁ"]
[null,"751 PUERTO CAICEDO - PUTUMAYO"]
[null,"752 PUERTO CARREÑO - VICHADA"]
[null,"753 PUERTO COLOMBIA - ATLÁNTICO"]
[null,"754 PUERTO COLOMBIA - GUAINÍA"]
[null,"755 PUERTO CONCORDIA - META"]
[null,"756 PUERTO ESCONDIDO - CÓRDOBA"]
[null,"757 PUERTO GAITÁN - META"]
[null,"758 PUERTO GUZMÁN - PUTUMAYO"]
[null,"759 PUERTO LEGUÍZAMO - PUTUMAYO"]
[null,"760 PUERTO LIBERTADOR - CÓRDOBA"]
[null,"761 PUERTO LLERAS - META"]
[null,"762 PUERTO LÓPEZ - META"]
[null,"763 PUERTO NARE - ANTIOQUIA"]
[null,"764 PUERTO NARIÑO - AMAZONAS"]
[null,"765 PUERTO PARRA - SANTANDER"]
[null,"766 PUERTO RICO - CAQUETA"]
[null,"767 PUERTO RICO - META"]
[null,"768 PUERTO RONDÓN - ARAUCA"]
[null,"769 PUERTO SALGAR - CUNDINAMARCA"]
[null,"770 PUERTO SANTANDER - AMAZONAS"]
[null,"771 PUERTO SANTANDER - NORTE DE SANTANDER"]
[null,"772 PUERTO TEJADA - CAUCA"]
[null,"773 PUERTO TRIUNFO - ANTIOQUIA"]
[null,"774 PUERTO WILCHES - SANTANDER"]
[null,"775 PULÍ - CUNDINAMARCA"]
[null,"776 PUPIALES - NARIÑO"]
[null,"777 PURACÉ - CAUCA"]
[null,"778 PURIFICACIÓN - TOLIMA"]
[null,"779 PURÍSIMA - CÓRDOBA"]
[null,"780 QUEBRADANEGRA - CUNDINAMARCA"]
[null,"781 QUETAME - CUNDINAMARCA"]
[null,"782 QUIBDÓ - CHOCÓ"]
[null,"783 QUIMBAYA - QUINDÍO"]
[null,"784 QUINCHÍA - RISARALDA"]
[null,"785 QUÍPAMA - BOYACÁ"]
[null,"786 QUIPILE - CUNDINAMARCA"]
[null,"787 RAGONVALIA - NORTE DE SANTANDER"]
[null,"788 RAMIRIQUÍ - BOYACÁ"]
[null,"789 RÁQUIRA - BOYACÁ"]
[null,"790 RECETOR - CASANARE"]
[null,"791 REGIDOR - BOLÍVAR"]
[null,"792 REMEDIOS - ANTIOQUIA"]
[null,"793 REMOLINO - MAGDALENA"]
[null,"794 REPELÓN - ATLÁNTICO"]
[null,"795 RESTREPO - META"]
[null,"796 RESTREPO - VALLE DEL CAUCA"]
[null,"797 RETIRO - ANTIOQUIA"]
[null,"798 RICAURTE - CUNDINAMARCA"]
[null,"799 RICAURTE - NARIÑO"]
[null,"800 RÍO DE ORO - CESAR"]
[null,"801 RÍO IRÓ - CHOCÓ"]
[null,"802 RÍO QUITO - CHOCÓ"]
[null,"803 RÍO VIEJO - BOLÍVAR"]
[null,"804 RIOBLANCO - TOLIMA"]
[null,"805 RIOFRÍO - VALLE DEL CAUCA"]
[null,"806 RIOHACHA - LA GUAJIRA"]
[null,"807 RIONEGRO - ANTIOQUIA"]
[null,"808 RIONEGRO - SANTANDER"]
[null,"809 RIOSUCIO - CALDAS"]
[null,"810 RIOSUCIO - CHOCÓ"]
[null,"811 RISARALDA - CALDAS"]
[null,"812 RIVERA - HUILA"]
[null,"813 ROBERTO PAYÁN - NARIÑO"]
[null,"814 ROLDANILLO - VALLE DEL CAUCA"]
[null,"815 RONCESVALLES - TOLIMA"]
[null,"816 RONDÓN - BOYACÁ"]
[null,"817 ROSAS - CAUCA"]
[null,"818 ROVIRA - TOLIMA"]
[null,"819 SABANA DE TORRES - SANTANDER"]
[null,"820 SABANAGRANDE - ATLÁNTICO"]
[null,"821 SABANALARGA - ANTIOQUIA"]
[null,"822 SABANALARGA - ATLÁNTICO"]
[null,"823 SABANALARGA - CASANARE"]
[null,"824 SABANAS DE SAN ANGEL - MAGDALENA"]
[null,"825 SABANETA - ANTIOQUIA"]
[null,"826 SABOYÁ - BOYACÁ"]
[null,"827 SÁCAMA - CASANARE"]
[null,"828 SÁCHICA - BOYACÁ"]
[null,"829 SAHAGÚN - CÓRDOBA"]
[null,"830 SALADOBLANCO - HUILA"]
[null,"831 SALAMINA - CALDAS"]
[null,"832 SALAMINA - MAGDALENA"]
[null,"833 SALAZAR - NORTE DE SANTANDER"]
[null,"834 SALDAÑA - TOLIMA"]
[null,"835 SALENTO - QUINDÍO"]
[null,"836 SALGAR - ANTIOQUIA"]
[null,"837 SAMACÁ - BOYACÁ"]
[null,"838 SAMANÁ - CALDAS"]
[null,"839 SAMANIEGO - NARIÑO"]
[null,"840 SAMPUÉS - SUCRE"]
[null,"841 SAN AGUSTÍN - HUILA"]
[null,"842 SAN ALBERTO - CESAR"]
[null,"843 SAN ANDRÉS - SAN ANDRES"]
[null,"844 SAN ANDRÉS - SANTANDER"]
[null,"845 SAN ANDRÉS DE CUERQUÍA - ANTIOQUIA"]
[null,"846 SAN ANDRÉS DE SOTAVENTO - CÓRDOBA"]
[null,"847 SAN ANDRES DE TUMACO - NARIÑO"]
[null,"848 SAN ANTERO - CÓRDOBA"]
[null,"849 SAN ANTONIO - TOLIMA"]
[null,"850 SAN ANTONIO DEL TEQUENDAMA - CUNDINAMARCA"]
[null,"851 SAN BENITO - SANTANDER"]
[null,"852 SAN BENITO ABAD - SUCRE"]
[null,"853 SAN BERNARDO - CUNDINAMARCA"]
[null,"854 SAN BERNARDO - NARIÑO"]
[null,"855 SAN BERNARDO DEL VIENTO - CÓRDOBA"]
[null,"856 SAN CALIXTO - NORTE DE SANTANDER"]
[null,"857 SAN CARLOS - ANTIOQUIA"]
[null,"858 SAN CARLOS - CÓRDOBA"]
[null,"859 SAN CARLOS DE GUAROA - META"]
[null,"860 SAN CAYETANO - CUNDINAMARCA"]
[null,"861 SAN CAYETANO - NORTE DE SANTANDER"]
[null,"862 SAN CRISTÓBAL - BOLÍVAR"]
[null,"863 SAN DIEGO - CESAR"]
[null,"864 SAN EDUARDO - BOYACÁ"]
[null,"865 SAN ESTANISLAO - BOLÍVAR"]
[null,"866 SAN FELIPE - GUAINÍA"]
[null,"867 SAN FERNANDO - BOLÍVAR"]
[null,"868 SAN FRANCISCO - ANTIOQUIA"]
[null,"869 SAN FRANCISCO - CUNDINAMARCA"]
[null,"870 SAN FRANCISCO - PUTUMAYO"]
[null,"871 SAN GIL - SANTANDER"]
[null,"872 SAN JACINTO - BOLÍVAR"]
[null,"873 SAN JACINTO DEL CAUCA - BOLÍVAR"]
[null,"874 SAN JERÓNIMO - ANTIOQUIA"]
[null,"875 SAN JOAQUÍN - SANTANDER"]
[null,"876 SAN JOSÉ - CALDAS"]
[null,"877 SAN JOSÉ DE LA MONTAÑA - ANTIOQUIA"]
[null,"878 SAN JOSÉ DE MIRANDA - SANTANDER"]
[null,"879 SAN JOSÉ DE PARE - BOYACÁ"]
[null,"880 SAN JOSÉ DE URÉ - CÓRDOBA"]
[null,"881 SAN JOSÉ DEL FRAGUA - CAQUETA"]
[null,"882 SAN JOSÉ DEL GUAVIARE - GUAVIARE"]
[null,"883 SAN JOSÉ DEL PALMAR - CHOCÓ"]
[null,"884 SAN JUAN DE ARAMA - META"]
[null,"885 SAN JUAN DE BETULIA - SUCRE"]
[null,"886 SAN JUAN DE RÍO SECO - CUNDINAMARCA"]
[null,"887 SAN JUAN DE URABÁ - ANTIOQUIA"]
[null,"888 SAN JUAN DEL CESAR - LA GUAJIRA"]
[null,"889 SAN JUAN NEPOMUCENO - BOLÍVAR"]
[null,"890 SAN JUANITO - META"]
[null,"891 SAN LORENZO - NARIÑO"]
[null,"892 SAN LUIS - ANTIOQUIA"]
[null,"893 SAN LUIS - TOLIMA"]
[null,"894 SAN LUIS DE CUBARRAL - META"]
[null,"895 SAN LUIS DE GACENO - BOYACÁ"]
[null,"896 SAN LUIS DE PALENQUE - CASANARE"]
[null,"897 SAN LUIS DE SINCÉ - SUCRE"]
[null,"898 SAN MARCOS - SUCRE"]
[null,"899 SAN MARTÍN - CESAR"]
[null,"900 SAN MARTÍN - META"]
[null,"901 SAN MARTÍN DE LOBA - BOLÍVAR"]
[null,"902 SAN MATEO - BOYACÁ"]
[null,"903 SAN MIGUEL - PUTUMAYO"]
[null,"904 SAN MIGUEL - SANTANDER"]
[null,"905 SAN MIGUEL DE SEMA - BOYACÁ"]
[null,"906 SAN ONOFRE - SUCRE"]
[null,"907 SAN PABLO - BOLÍVAR"]
[null,"908 SAN PABLO - NARIÑO"]
[null,"909 SAN PABLO DE BORBUR - BOYACÁ"]
[null,"910 SAN PEDRO - SUCRE"]
[null,"911 SAN PEDRO - VALLE DEL CAUCA"]
[null,"912 SAN PEDRO DE CARTAGO - NARIÑO"]
[null,"913 SAN PEDRO DE LOS MILAGROS - ANTIOQUIA"]
[null,"914 SAN PEDRO DE URABA - ANTIOQUIA"]
[null,"915 SAN PELAYO - CÓRDOBA"]
[null,"916 SAN RAFAEL - ANTIOQUIA"]
[null,"917 SAN ROQUE - ANTIOQUIA"]
[null,"918 SAN SEBASTIÁN - CAUCA"]
[null,"919 SAN SEBASTIÁN DE BUENAVISTA - MAGDALENA"]
[null,"920 SAN SEBASTIÁN DE MARIQUITA - TOLIMA"]
[null,"921 SAN VICENTE - ANTIOQUIA"]
[null,"922 SAN VICENTE DE CHUCURÍ - SANTANDER"]
[null,"923 SAN VICENTE DEL CAGUÁN - CAQUETA"]
[null,"924 SAN ZENÓN - MAGDALENA"]
[null,"925 SANDONÁ - NARIÑO"]
[null,"926 SANTA ANA - MAGDALENA"]
[null,"927 SANTA BÁRBARA - ANTIOQUIA"]
[null,"928 SANTA BÁRBARA - NARIÑO"]
[null,"929 SANTA BÁRBARA - SANTANDER"]
[null,"930 SANTA BÁRBARA DE PINTO - MAGDALENA"]
[null,"931 SANTA CATALINA - BOLÍVAR"]
[null,"932 SANTA HELENA DEL OPÓN - SANTANDER"]
[null,"933 SANTA ISABEL - TOLIMA"]
[null,"934 SANTA LUCÍA - ATLÁNTICO"]
[null,"935 SANTA MARÍA - BOYACÁ"]
[null,"936 SANTA MARÍA - HUILA"]
[null,"937 SANTA MARTA - MAGDALENA"]
[null,"938 SANTA ROSA - BOLÍVAR"]
[null,"939 SANTA ROSA - CAUCA"]
[null,"940 SANTA ROSA DE CABAL - RISARALDA"]
[null,"941 SANTA ROSA DE OSOS - ANTIOQUIA"]
[null,"942 SANTA ROSA DE VITERBO - BOYACÁ"]
[null,"943 SANTA ROSA DEL SUR - BOLÍVAR"]
[null,"944 SANTA ROSALÍA - VICHADA"]
[null,"945 SANTA SOFÍA - BOYACÁ"]
[null,"946 SANTACRUZ - NARIÑO"]
[null,"947 SANTAFÉ DE ANTIOQUIA - ANTIOQUIA"]
[null,"948 SANTANA - BOYACÁ"]
[null,"949 SANTANDER DE QUILICHAO - CAUCA"]
[null,"950 SANTIAGO - NORTE DE SANTANDER"]
[null,"951 SANTIAGO - PUTUMAYO"]
[null,"952 SANTIAGO DE TOLÚ - SUCRE"]
[null,"953 SANTO DOMINGO - ANTIOQUIA"]
[null,"954 SANTO TOMÁS - ATLÁNTICO"]
[null,"955 SANTUARIO - RISARALDA"]
[null,"956 SAPUYES - NARIÑO"]
[null,"957 SARAVENA - ARAUCA"]
[null,"958 SARDINATA - NORTE DE SANTANDER"]
[null,"959 SASAIMA - CUNDINAMARCA"]
[null,"960 SATIVANORTE - BOYACÁ"]
[null,"961 SATIVASUR - BOYACÁ"]
[null,"962 SEGOVIA - ANTIOQUIA"]
[null,"963 SESQUILÉ - CUNDINAMARCA"]
[null,"964 SEVILLA - VALLE DEL CAUCA"]
[null,"965 SIACHOQUE - BOYACÁ"]
[null,"966 SIBATÉ - CUNDINAMARCA"]
[null,"967 SIBUNDOY - PUTUMAYO"]
[null,"968 SILOS - NORTE DE SANTANDER"]
[null,"969 SILVANIA - CUNDINAMARCA"]
[null,"970 SILVIA - CAUCA"]
[null,"971 SIMACOTA - SANTANDER"]
[null,"972 SIMIJACA - CUNDINAMARCA"]
[null,"973 SIMITÍ - BOLÍVAR"]
[null,"974 SINCELEJO - SUCRE"]
[null,"975 SIPÍ - CHOCÓ"]
[null,"976 SITIONUEVO - MAGDALENA"]
[null,"977 SOACHA - CUNDINAMARCA"]
[null,"978 SOATÁ - BOYACÁ"]
[null,"979 SOCHA - BOYACÁ"]
[null,"980 SOCORRO - SANTANDER"]
[null,"981 SOCOTÁ - BOYACÁ"]
[null,"982 SOGAMOSO - BOYACÁ"]
[null,"983 SOLANO - CAQUETA"]
[null,"984 SOLEDAD - ATLÁNTICO"]
[null,"985 SOLITA - CAQUETA"]
[null,"986 SOMONDOCO - BOYACÁ"]
[null,"987 SONSON - ANTIOQUIA"]
[null,"988 SOPETRÁN - ANTIOQUIA"]
[null,"989 SOPLAVIENTO - BOLÍVAR"]
[null,"990 SOPÓ - CUNDINAMARCA"]
[null,"991 SORA - BOYACÁ"]
[null,"992 SORACÁ - BOYACÁ"]
[null,"993 SOTAQUIRÁ - BOYACÁ"]
[null,"994 SOTARA - CAUCA"]
[null,"995 SUAITA - SANTANDER"]
[null,"996 SUAN - ATLÁNTICO"]
[null,"997 SUÁREZ - CAUCA"]
[null,"998 SUÁREZ - TOLIMA"]
[null,"999 SUAZA - HUILA"]
[null,"1000 SUBACHOQUE - CUNDINAMARCA"]
[null,"1001 SUCRE - CAUCA"]
[null,"1002 SUCRE - SANTANDER"]
[null,"1003 SUCRE - SUCRE"]
[null,"1004 SUESCA - CUNDINAMARCA"]
[null,"1005 SUPATÁ - CUNDINAMARCA"]
[null,"1006 SUPÍA - CALDAS"]
[null,"1007 SURATÁ - SANTANDER"]
[null,"1008 SUSA - CUNDINAMARCA"]
[null,"1009 SUSACÓN - BOYACÁ"]
[null,"1010 SUTAMARCHÁN - BOYACÁ"]
[null,"1011 SUTATAUSA - CUNDINAMARCA"]
[null,"1012 SUTATENZA - BOYACÁ"]
[null,"1013 TABIO - CUNDINAMARCA"]
[null,"1014 TADÓ - CHOCÓ"]
[null,"1015 TALAIGUA NUEVO - BOLÍVAR"]
[null,"1016 TAMALAMEQUE - CESAR"]
[null,"1017 TÁMARA - CASANARE"]
[null,"1018 TAME - ARAUCA"]
[null,"1019 TÁMESIS - ANTIOQUIA"]
[null,"1020 TAMINANGO - NARIÑO"]
[null,"1021 TANGUA - NARIÑO"]
[null,"1022 TARAIRA - VAUPES"]
[null,"1023 TARAPACÁ - AMAZONAS"]
[null,"1024 TARAZÁ - ANTIOQUIA"]
[null,"1025 TARQUI - HUILA"]
[null,"1026 TARSO - ANTIOQUIA"]
[null,"1027 TASCO - BOYACÁ"]
[null,"1028 TAURAMENA - CASANARE"]
[null,"1029 TAUSA - CUNDINAMARCA"]
[null,"1030 TELLO - HUILA"]
[null,"1031 TENA - CUNDINAMARCA"]
[null,"1032 TENERIFE - MAGDALENA"]
[null,"1033 TENJO - CUNDINAMARCA"]
[null,"1034 TENZA - BOYACÁ"]
[null,"1035 TEORAMA - NORTE DE SANTANDER"]
[null,"1036 TERUEL - HUILA"]
[null,"1037 TESALIA - HUILA"]
[null,"1038 TIBACUY - CUNDINAMARCA"]
[null,"1039 TIBANÁ - BOYACÁ"]
[null,"1040 TIBASOSA - BOYACÁ"]
[null,"1041 TIBIRITA - CUNDINAMARCA"]
[null,"1042 TIBÚ - NORTE DE SANTANDER"]
[null,"1043 TIERRALTA - CÓRDOBA"]
[null,"1044 TIMANÁ - HUILA"]
[null,"1045 TIMBÍO - CAUCA"]
[null,"1046 TIMBIQUÍ - CAUCA"]
[null,"1047 TINJACÁ - BOYACÁ"]
[null,"1048 TIPACOQUE - BOYACÁ"]
[null,"1049 TIQUISIO - BOLÍVAR"]
[null,"1050 TITIRIBÍ - ANTIOQUIA"]
[null,"1051 TOCA - BOYACÁ"]
[null,"1052 TOCAIMA - CUNDINAMARCA"]
[null,"1053 TOCANCIPÁ - CUNDINAMARCA"]
[null,"1054 TOGÜÍ - BOYACÁ"]
[null,"1055 TOLEDO - ANTIOQUIA"]
[null,"1056 TOLEDO - NORTE DE SANTANDER"]
[null,"1057 TOLÚ VIEJO - SUCRE"]
[null,"1058 TONA - SANTANDER"]
[null,"1059 TÓPAGA - BOYACÁ"]
[null,"1060 TOPAIPÍ - CUNDINAMARCA"]
[null,"1061 TORIBIO - CAUCA"]
[null,"1062 TORO - VALLE DEL CAUCA"]
[null,"1063 TOTA - BOYACÁ"]
[null,"1064 TOTORÓ - CAUCA"]
[null,"1065 TRINIDAD - CASANARE"]
[null,"1066 TRUJILLO - VALLE DEL CAUCA"]
[null,"1067 TUBARÁ - ATLÁNTICO"]
[null,"1068 TUCHÍN - CÓRDOBA"]
[null,"1069 TULUÁ - VALLE DEL CAUCA"]
[null,"1070 TUNJA - BOYACÁ"]
[null,"1071 TUNUNGUÁ - BOYACÁ"]
[null,"1072 TÚQUERRES - NARIÑO"]
[null,"1073 TURBACO - BOLÍVAR"]
[null,"1074 TURBANÁ - BOLÍVAR"]
[null,"1075 TURBO - ANTIOQUIA"]
[null,"1076 TURMEQUÉ - BOYACÁ"]
[null,"1077 TUTA - BOYACÁ"]
[null,"1078 TUTAZÁ - BOYACÁ"]
[null,"1079 UBALÁ - CUNDINAMARCA"]
[null,"1080 UBAQUE - CUNDINAMARCA"]
[null,"1081 ULLOA - VALLE DEL CAUCA"]
[null,"1082 UMBITA - BOYACÁ"]
[null,"1083 UNE - CUNDINAMARCA"]
[null,"1084 UNGUÍA - CHOCÓ"]
[null,"1085 UNIÓN PANAMERICANA - CHOCÓ"]
[null,"1086 URAMITA - ANTIOQUIA"]
[null,"1087 URIBE - META"]
[null,"1088 URIBIA - LA GUAJIRA"]
[null,"1089 URRAO - ANTIOQUIA"]
[null,"1090 URUMITA - LA GUAJIRA"]
[null,"1091 USIACURÍ - ATLÁNTICO"]
[null,"1092 ÚTICA - CUNDINAMARCA"]
[null,"1093 VALDIVIA - ANTIOQUIA"]
[null,"1094 VALENCIA - CÓRDOBA"]
[null,"1095 VALLE DE SAN JOSÉ - SANTANDER"]
[null,"1096 VALLE DE SAN JUAN - TOLIMA"]
[null,"1097 VALLE DEL GUAMUEZ - PUTUMAYO"]
[null,"1098 VALLEDUPAR - CESAR"]
[null,"1099 VALPARAÍSO - ANTIOQUIA"]
[null,"1100 VALPARAÍSO - CAQUETA"]
[null,"1101 VEGACHÍ - ANTIOQUIA"]
[null,"1102 VÉLEZ - SANTANDER"]
[null,"1103 VENADILLO - TOLIMA"]
[null,"1104 VENECIA - ANTIOQUIA"]
[null,"1105 VENECIA - CUNDINAMARCA"]
[null,"1106 VENTAQUEMADA - BOYACÁ"]
[null,"1107 VERGARA - CUNDINAMARCA"]
[null,"1108 VERSALLES - VALLE DEL CAUCA"]
[null,"1109 VETAS - SANTANDER"]
[null,"1110 VIANÍ - CUNDINAMARCA"]
[null,"1111 VICTORIA - CALDAS"]
[null,"1112 VIGÍA DEL FUERTE - ANTIOQUIA"]
[null,"1113 VIJES - VALLE DEL CAUCA"]
[null,"1114 VILLA CARO - NORTE DE SANTANDER"]
[null,"1115 VILLA DE LEYVA - BOYACÁ"]
[null,"1116 VILLA DE SAN DIEGO DE UBATE - CUNDINAMARCA"]
[null,"1117 VILLA DEL ROSARIO - NORTE DE SANTANDER"]
[null,"1118 VILLA RICA - CAUCA"]
[null,"1119 VILLAGARZÓN - PUTUMAYO"]
[null,"1120 VILLAGÓMEZ - CUNDINAMARCA"]
[null,"1121 VILLAHERMOSA - TOLIMA"]
[null,"1122 VILLAMARÍA - CALDAS"]
[null,"1123 VILLANUEVA - BOLÍVAR"]
[null,"1124 VILLANUEVA - CASANARE"]
[null,"1125 VILLANUEVA - LA GUAJIRA"]
[null,"1126 VILLANUEVA - SANTANDER"]
[null,"1127 VILLAPINZÓN - CUNDINAMARCA"]
[null,"1128 VILLARRICA - TOLIMA"]
[null,"1129 VILLAVICENCIO - META"]
[null,"1130 VILLAVIEJA - HUILA"]
[null,"1131 VILLETA - CUNDINAMARCA"]
[null,"1132 VIOTÁ - CUNDINAMARCA"]
[null,"1133 VIRACACHÁ - BOYACÁ"]
[null,"1134 VISTAHERMOSA - META"]
[null,"1135 VITERBO - CALDAS"]
[null,"1136 YACOPÍ - CUNDINAMARCA"]
[null,"1137 YACUANQUER - NARIÑO"]
[null,"1138 YAGUARÁ - HUILA"]
[null,"1139 YALÍ - ANTIOQUIA"]
[null,"1140 YARUMAL - ANTIOQUIA"]
[null,"1141 YAVARATÉ - VAUPES"]
[null,"1142 YOLOMBÓ - ANTIOQUIA"]
[null,"1143 YONDÓ - ANTIOQUIA"]
[null,"1144 YOPAL - CASANARE"]
[null,"1145 YOTOCO - VALLE DEL CAUCA"]
[null,"1146 YUMBO - VALLE DEL CAUCA"]
[null,"1147 ZAMBRANO - BOLÍVAR"]
[null,"1148 ZAPATOCA - SANTANDER"]
[null,"1149 ZAPAYÁN - MAGDALENA"]
[null,"1150 ZARAGOZA - ANTIOQUIA"]
[null,"1151 ZARZAL - VALLE DEL CAUCA"]
[null,"1152 ZETAQUIRA - BOYACÁ"]
[null,"1153 ZIPACÓN - CUNDINAMARCA"]
[null,"1154 ZIPAQUIRÁ - CUNDINAMARCA"]
[null,"1155 ZONA BANANERA - MAGDALENA"]
[null,"1156 OTRO"]
[null,"500000 FORMULARIO SIN INFORMACIÓN"]

{"sheet":"F8.6.1.1  PLAN INSTITUCIONAL...","index":6,"n_rows":27,"n_cols":8,"rows_kept":27,"merged":[[7,1,7,7],[16,1,16,7],[23,1,23,7]]}
[null,"Tipo Modalidad",51,"M-1: CUENTA O INFORME ANUAL CONSOLIDADO"]
[null,"Formulario",306,"F8.6.1.1: PLAN INSTITUCIONAL DE GESTIÓN AMBIENTAL PIGA - CAR Y DE DESARROLLO SOSTENIBLE"]
[null,"Moneda Informe",1]
[null,"Entidad",104]
[null,"Fecha","2019-12-31"]
[null,"Periodicidad",12,"ANUAL"]
[]
["[1]","0 PLAN INSTITUCIONAL DE GESTIÓN AMBIENTAL - VARIABLES FIJAS"]
[null,null,4,7,8,12,16,20]
[null,null,"NOMBRE ACTIVIDAD","UNIDAD DE MEDIDA","CUMPLIMIENTO ALCANZADO","META PROGRAMADA","PORCENTAJE ( % ) CUMPLIMIENTO","OBSERVACIONES"]
[10,"ACTIVIDAD_1","USO EFICIENTE DEL AGUA","",1,2,50,"Del PIGA el programa: Uso y Manejo Recurso Agua, la meta programada son las que estan estipulada en su Plan de Acción, son dos metas, una de ellas en el 2018 no fue implementada por la Corporación."]
[20,"ACTIVIDAD_2","USO EFICIENTE DE LA ENERGÍA","",5,6,83.33,"Del PIGA el programa: Uso y Manejo Recurso Agua, la meta programada son las que estan estipulada en su Plan de Acción, son dos metas, una de ellas en el 2018 no fue implementada por la Corporación."]
[30,"ACTIVIDAD_3","GESTIÓN INTEGRAL DE LOS RESIDUOS","",7,8,87.5,"Del PIGA el programa: Uso y Manejo Recurso Agua, la meta programada son las que estan estipulada en su Plan de Acción, son dos metas, una de ellas en el 2018 no fue implementada por la Corporación."]
[-1,null,"","","","","",""]
[999999,"FILA_TOTAL","","","","",null,""]
[]
["[2]","0 PLAN INSTITUCIONAL DE GESTIÓN AMBIENTAL - OTRAS VARIABLES"]
[null,null,4,7,8,12,16,20]
[null,null,"NOMBRE ACTIVIDAD","UNIDAD DE MEDIDA","CUMPLIMIENTO ALCANZADO","META PROGRAMADA","PORCENTAJE ( % ) CUMPLIMIENTO","OBSERVACIONES"]
[1,"FILA_1","Transición Plan Decenal de Gestión Ambienta","plan",3,3,100,""]
[-1,null,"","","","","",""]
[999999,"FILA_999999","","","","",null,""]
[]
["[3]","0 PLAN INSTITUCIONAL DE GESTIÓN AMBIENTAL - SUMATORIA DE PORCENTAJE ( % ) DE CUMPLIMIENTO"]
[null,null,4,7,8,12,16,20]
[null,null,"NOMBRE ACTIVIDAD","UNIDAD DE MEDIDA","CUMPLIMIENTO ALCANZADO","META PROGRAMADA","PORCENTAJE ( % ) CUMPLIMIENTO","OBSERVACIONES"]
[10,"FILA_10","","","","",320.83,""]

{"sheet":"F8.6.1.3.1.5  FUENTES INFORM...","index":7,"n_rows":351008,"n_cols":7,"rows_kept":351008,"merged":[[7,1,7,6],[15,1,15,6]]}
[null,"Tipo Modalidad",51,"M-1: CUENTA O INFORME ANUAL CONSOLIDADO"]
[null,"Formulario",316,"F8.6.1.3.1.5: FUENTES INFORMACIÓN - INDIC DE GESTIÓN - APORTE A SOSTENIBILIDAD AMBIENTAL"]
[null,"Moneda Informe",1]
[null,"Entidad",104]
[null,"Fecha","2019-12-31"]
[null,"Periodicidad",12,"ANUAL"]
[]
["[1]","0 ÁREAS REFORESTADAS Y REVEGETALIZADAS"]
[null,null,3,4,8,12,16]
[null,null,"VALOR","VARIABLE","DEPENDENCIA GENERADORA","ADMINISTRADOR DE LA INFORMACIÓN","OBSERVACIONES"]
[20,"ENTIDAD GENERADORA DEL INFORME","0","","Subdirección de Gestión Ambiental","Albeiro Arrieta Lopez",""]
[30,"TÍTULO DEL INFORME","0","","","",""]
[40,"NOMBRE AUTOR DEL INFORME","0","","","",""]
[50,"FECHA PUBLICACIÓN DEL INFORME","1900/01/01","","","",""]
[]
["[2]","0 MANEJO ECOSISTEMAS ESTRATÉGICOS"]
[null,null,3,4,8,12,16]
[null,null,"VALOR","VARIABLE","DEPENDENCIA GENERADORA","ADMINISTRADOR DE LA INFORMACIÓN","OBSERVACIONES"]
[1,"FILA_1","1 HUMEDALES","416-2019/12/13","Subdireccion de Gestion Ambiental","Rafael Espinosa Forero","Humedal Berlin"]
{"$rows_empty":350983}
["1 HUMEDALES"]
["2 MANGLARES"]
["3 PÁRAMOS"]
["4 ZONA DE RECARGA DE ACUÍFEROS"]
["5 ZONAS SECAS"]
["6 FORMULARIO SIN INFORMACIÓN"]

{"sheet":"F8.6.1.3.1.5  INDIC DE GESTI...","index":8,"n_rows":126,"n_cols":6,"rows_kept":126,"merged":[[7,1,7,5],[14,1,14,5],[27,1,27,5],[48,1,48,5],[61,1,61,5],[74,1,74,5],[87,1,87,5],[100,1,100,5],[113,1,113,5]]}
[null,"Tipo Modalidad",51,"M-1: CUENTA O INFORME ANUAL CONSOLIDADO"]
[null,"Formulario",315,"F8.6.1.3.1.5: INDIC DE GESTIÓN - APORTE A SOSTENIBILIDAD AMBIENTAL - CAR Y DESARR SOSTENIBLE"]
[null,"Moneda Informe",1]
[null,"Entidad",104]
[null,"Fecha","2019-12-31"]
[null,"Periodicidad",12,"ANUAL"]
[]
["[1]","0 CUMPLIM DEL PLAN INSTIT DE GESTIÓN AMBIENTAL - PIGA"]
[null,null,4,8,12,16]
[null,null,"VALOR","DEPENDENCIA GENERADORA DE LA INFORMACIÓN","ADMINISTRADOR DE LA INFORMACIÓN","OBSERVACIONES"]
[10,"SUMATORIA DE PORCENTAJES ( % ) CUMPLIMIENTO",320.83,"Subdireccion de Gestion Ambiental","Dory Luz Jimenez",""]
[20,"CANTIDAD TOTAL DE METAS",8,"","",""]
[30,"PROMEDIO PORCENTAJE ( % ) DE CUMPLIMIENTO",40.1,"","",""]
[]
["[2]","0 ORDENAMIENTO DE CUENCAS HIDROGRÁFICAS"]
[null,null,4,8,12,16]
[null,null,"VALOR","DEPENDENCIA GENERADORA DE LA INFORMACIÓN","ADMINISTRADOR DE LA INFORMACIÓN","OBSERVACIONES"]
[10,"VIGENCIA ACTUAL / CUENCAS CON PLAN DE ORDENACIÓN DEBIDAMENTE ADOPTADO",4,"SUBDIRECCION DE PLANEACION","MARCELO ESCALANTE BARGUIL","Este reporte se hace fundamentado en la estructura establecida por el decreto 1729 de 2002. Bajo la nueva estructura establecida por el Decreto 1640 de 2012 se  priorizaron 3 cuencas y se estan realizando el proceso de formulacion y/o ajuste de los POMCAS de esas tres cuencas priorizadas"]
[20,"VIGENCIA ACTUAL /  CUENCAS PRIORIZADAS EN SU JURISDICCIÓN",5,"","",""]
[30,"VIGENCIA ACTUAL /  PORCENTAJE ( % ) DE CUENCAS PRIORIZADAS",80,"","",""]
[40,".",".",".",".","."]
[50,"VIGENCIA ANTERIOR / CUENCAS CON PLAN DE ORDENACIÓN DEBIDAMENTE ADOPTADO",4,"","",""]
[60,"VIGENCIA ANTERIOR /  CUENCAS PRIORIZADAS EN SU JURISDICCIÓN",5,"","",""]
[70,"VIGENCIA ANTERIOR /  PORCENTAJE ( % ) DE CUENCAS PRIORIZADAS",80,"","",""]
[80,"..",".",".",".","."]
[90,"VARIACIÓN RELATIVA (Vig Actual / Vig Anterior)",0,"","",""]
[]
["[4]","0 MANEJO DE ÁREAS REGIONALES PROTEGIDAS"]
[null,null,4,8,12,16]
[null,null,"VALOR","DEPENDENCIA GENERADORA DE LA INFORMACIÓN","ADMINISTRADOR DE LA INFORMACIÓN","OBSERVACIONES"]
[10,"VIGENCIA ACTUAL / DECLARADAS CON PLANES DE MANEJO EN EJECUCIÓN",189040,"Subdireccion de Gestion Ambiental","Rafael Espinosa","estas se generaron con el apoyo de Hocol-Conexión Biocaribe y CVS"]
[20,"VIGENCIA ACTUAL / DECLARADAS CON PLANES DE MANEJO - ENTREGADAS POR ENTES TERRITORIALES",0,"","",""]
[21,"TOTAL / DECLARADAS CON PLANES DE MANEJO / VIG ACTUAL",189040,"","",""]
[30,"VIGENCIA ACTUAL / PROTEGIDAS DECLARADAS EN SU JURISDICCIÓN",268140,"","",""]
[40,"VIGENCIA ACTUAL / PROTEGIDAS DECLARADAS - ENTREGADAS POR ENTES TERRITORIALES",0,"","",""]
[50,"TOTAL / PROTEGIDAS DECLARADAS / VIG ACTUAL",268140,"","",""]
[51,"VIGENCIA ACTUAL / PORCENTAJE ( % ) DE ÁREAS CON PLANES DE MANEJO",70.5,"","",""]
[60,".",".",".",".","."]
[70,"VIGENCIA ANTERIOR / DECLARADAS CON PLANES DE MANEJO EN EJECUCIÓN",29073,"","",""]
[80,"VIGENCIA ANTERIOR / DECLARADAS CON PLANES DE MANEJO - ENTREGADAS POR ENTES TERRITORIALES",0,"","",""]
[81,"TOTAL / DECLARADAS CON PLANES DE MANEJO / VIG ANTERIOR",29073,"","",""]
[90,"VIGENCIA ANTERIOR / PROTEGIDAS DECLARADAS EN SU JURISDICCIÓN",29073,"","",""]
[100,"VIGENCIA ANTERIOR / PROTEGIDAS DECLARADAS - ENTREGADAS POR ENTES TERRITORIALES",29073,"","",""]
[101,"TOTAL / PROTEGIDAS DECLARADAS / VIG ANTERIOR",58146,"","",""]
[110,"VIGENCIA ANTERIOR / PORCENTAJE ( % ) DE ÁREAS CON PLANES DE MANEJO",50,"","",""]
[120,".",".",".",".","."]
[130,"VARIACIÓN RELATIVA (Vig Actual / Vig Anterior)",41,"","",""]
[]
["[6]","0 SEGUIMIENTO Y CONTROL PGIR EN MUNICIPIOS"]
[null,null,4,8,12,16]
[null,null,"VALOR","DEPENDENCIA GENERADORA DE LA INFORMACIÓN","ADMINISTRADOR DE LA INFORMACIÓN","OBSERVACIONES"]
[10,"VIGENCIA ACTUAL / MUNICIPIOS CON PGIR CON SEGUIMIENTO",30,"SUBDIRECCION DE GESTION AMBIENTAL","ALBEIRO ARRIETA LOPEZ",""]
[20,"VIGENCIA ACTUAL / TOTAL DE MUNICIPIOS CON PGIR",29,"","",""]
[30,"VIGENCIA ACTUAL / PORCENTAJE ( % )DE MUNICIPIOS CON PGIR",103.45,"","",""]
[40,".",".",".",".","."]
[50,"VIGENCIA ANTERIOR / MUNICIPIOS CON PGIR CON SEGUIMIENTO",30,"","",""]
[60,"VIGENCIA ANTERIOR / TOTAL DE MUNICIPIOS CON PGIR",29,"","",""]
[70,"VIGENCIA ANTERIOR / PORCENTAJE ( % )DE MUNICIPIOS CON PGIR",103.45,"","",""]
[80,".",".",".",".","."]
[90,"VARIACIÓN RELATIVA (Vig Actual / Vig Anterior)",0,"","",""]
[]
["[8]","0 ÁREAS REFORESTADAS Y REVEGETALIZADAS"]
[null,null,4,8,12,16]
[null,null,"VALOR","DEPENDENCIA GENERADORA DE LA INFORMACIÓN","ADMINISTRADOR DE LA INFORMACIÓN","OBSERVACIONES"]
[10,"VIGENCIA ACTUAL / ÁREAS REFORESTADAS Y REVEGETALIZADAS",325,"SUBDIRECCION DE GESTION AMBIENTAL","ALBEIRO ARRIETA LOPEZ","245 de estas relacionadas en el marco del programa GEF-FAO -conexión Biocaribe."]
[20,"VIGENCIA ACTUAL / ÁREA TOTAL DEFORESTADA",2387,"","",""]
[21,"VIGENCIA ACTUAL / PORCENTAJE ( % )DE REFORESTADAS Y REVEGETALIZADAS",13.62,"","",""]
[30,".",".",".",".","."]
[40,"VIGENCIA ANTERIOR / ÁREAS REFORESTADAS Y REVEGETALIZADAS",325,"","",""]
[50,"VIGENCIA ANTERIOR / ÁREA TOTAL DEFORESTADA",2122,"","",""]
[60,"VIGENCIA ANTERIOR / PORCENTAJE ( % )DE REFORESTADAS Y REVEGETALIZADAS",15.32,"","",""]
[70,".",".",".",".","."]
[80,"VARIACIÓN RELATIVA (Vig Actual / Vig Anterior)",-11.1,"","",""]
[]
["[10]","0 EJECUCIÓN PROCESOS SANCIONATORIOS AMBIENTALES"]
[null,null,4,8,12,16]
[null,null,"VALOR","DEPENDENCIA GENERADORA DE LA INFORMACIÓN","ADMINISTRADOR DE LA INFORMACIÓN","OBSERVACIONES"]
[10,"VIGENCIA ACTUAL / TOTAL DE PROCESOS FALLADOS",330,"OFICINA JURIDICA AMBIENTAL","ANGEL RAFAEL PALOMINO HERRERA",""]
[20,"VIGENCIA ACTUAL / TOTAL DE PROCESOS ACTIVOS",1389,"","",""]
[30,"VIGENCIA ACTUAL / PORCENTAJE ( % ) DE PROCESOS SANCIONATORIOS AMBIENTALES CONCLUÍDOS",23.76,"","",""]
[40,".",".",".",".","."]
[50,"VIGENCIA ANTERIOR / TOTAL DE PROCESOS FALLADOS",328,"","",""]
[60,"VIGENCIA ANTERIOR / TOTAL DE PROCESOS ACTIVOS",1076,"","",""]
[70,"VIGENCIA ANTERIOR / PORCENTAJE ( % ) DE PROCESOS SANCIONATORIOS AMBIENTALES CONCLUÍDOS",30.48,"","",""]
[80,".",".",".",".","."]
[90,"VARIACIÓN RELATIVA (Vig Actual / Vig Anterior)",-22.05,"","",""]
[]
["[12]","0 CONTROL DE VERTIMIENTOS"]
[null,null,4,8,12,16]
[null,null,"VALOR","DEPENDENCIA GENERADORA DE LA INFORMACIÓN","ADMINISTRADOR DE LA INFORMACIÓN","OBSERVACIONES"]
[10,"VIGENCIA ACTUAL / PSMV CON SEGUIMIENTO",30,"SUBDIRECCION DE GESTIÓN AMBIENTAL","ALBEIRO ARRIETA LOPEZ",""]
[20,"VIGENCIA ACTUAL / TOTAL DE PSMV EXIGIBLES EN LA JURISDICCIÓN",30,"","",""]
[30,"VIGENCIA ACTUAL / PORCENTAJE ( % ) DE PSMV",100,"","",""]
[40,".",".",".",".","."]
[50,"VIGENCIA ANTERIOR / PSMV CON SEGUIMIENTO",30,"","",""]
[60,"VIGENCIA ANTERIOR / TOTAL DE PSMV EXIGIBLES EN LA JURISDICCIÓN",30,"","",""]
[70,"VIGENCIA ANTERIOR / PORCENTAJE ( % ) DE PSMV",100,"","",""]
[80,".",".",".",".","."]
[90,"VARIACIÓN RELATIVA (Vig Actual / Vig Anterior)",0,"","",""]
[]
["[14]","0 CONTROL EMISIONES ATMOSFÉRICAS DE FUENTES MÓVILES"]
[null,null,4,8,12,16]
[null,null,"VALOR","DEPENDENCIA GENERADORA DE LA INFORMACIÓN","ADMINISTRADOR DE LA INFORMACIÓN","OBSERVACIONES"]
[10,"VIGENCIA ACTUAL / VEHÍCULOS REVISADOS",0,"SUBDIRECCION DE GESTION AMBIENTAL","ALBEIRO ARRIETA LOPEZ",""]
[20,"VIGENCIA ACTUAL / VEHÍCULOS REVISADOS (CON APOYO)",0,"","",""]
[21,"VIGENCIA ACTUAL / TOTAL VEHÍCULOS REVISADOS",0,"","",""]
[30,".",".",".",".","."]
[40,"VIGENCIA ANTERIOR / VEHÍCULOS REVISADOS",0,"","",""]
[50,"VIGENCIA ANTERIOR / VEHÍCULOS REVISADOS (CON APOYO)",0,"","",""]
[60,"VIGENCIA ANTERIOR / TOTAL VEHÍCULOS REVISADOS",0,"","",""]
[70,".",".",".",".","."]
[80,"VARIACIÓN RELATIVA (Vig Actual / Vig Anterior)",0,"","",""]
[]
["[16]","0 MANEJO ECOSISTEMAS ESTRATÉGICOS"]
[null,null,4,8,12,16]
[null,null,"VALOR","DEPENDENCIA GENERADORA DE LA INFORMACIÓN","ADMINISTRADOR DE LA INFORMACIÓN","OBSERVACIONES"]
[10,"NOTA: Los ecosistemas estratégicos corresponde a","HUMEDALES, MANGLARES,","ZONAS SECAS,","ZONAS DE RECARGA DE ACUÍFEROS,","Y PÁRAMOS."]
[20,"VIGENCIA ACTUAL / CON PLANES DE MANEJO EN EJECUCIÓN",6,"Subdireccion de Gestion Ambiental","Rafael Espinosa Forero",""]
[30,"VIGENCIA ACTUAL / DETERMINADOS POR LA CORPORACIÓN",6,"","",""]
[40,"VIGENCIA ACTUAL / PORCENTAJE ( % ) ECOSIST ESTRATÉGICOS DETERMINADOS",100,"","",""]
[50,".",".",".",".","."]
[60,"VIGENCIA ANTERIOR / CON PLANES DE MANEJO EN EJECUCIÓN",3,"","",""]
[70,"VIGENCIA ANTERIOR / DETERMINADOS POR LA CORPORACIÓN",28,"","",""]
[80,"VIGENCIA ANTERIOR / PORCENTAJE ( % ) ECOSIST ESTRATÉGICOS DETERMINADOS",10.71,"","",""]
[90,".",".",".",".","."]
[100,"VARIACIÓN RELATIVA (Vig Actual / Vig Anterior)",833.71,"","",""]

{"sheet":"F8.7  ESTUDIOS DE VALORACIÓN...","index":9,"n_rows":351011,"n_cols":10,"rows_kept":351011,"merged":[[7,1,7,9],[12,1,12,9]]}
[null,"Tipo Modalidad",51,"M-1: CUENTA O INFORME ANUAL CONSOLIDADO"]
[null,"Formulario",372,"F8.7: ESTUDIOS DE VALORACIÓN DE COSTOS AMBIENTALES - RESOL MAVDT 1478 DE 2003"]
[null,"Moneda Informe",1]
[null,"Entidad",104]
[null,"Fecha","2019-12-31"]
[null,"Periodicidad",12,"ANUAL"]
[]
["[2]","0 ESTABLECIDAS - METODOL DE VALORAC ECONÓM DE BIENES, SERV AMBIENT Y RECURSOS NAT DE LA RESOL MAVDT NO. 1478 DE 2003."]
[null,null,2,3,4,8,12,16,20,24]
[null,null,"FORMULARIO CON INFORMACIÓN","JUSTIFICACIÓN","TÍTULO DEL ESTUDIO","FECHA DE REALIZACIÓN","COSTO TOTAL","MÉTODO UTILIZADO","SÍNTESIS DE RESULTADO","OBSERVACIONES"]
[1,"FILA_1","2 NO","En el periodo reportado no se realizaron estudios de valoracion de costos","No aplica","1990/01/01",0,"9 FORMULARIO SIN INFORMACIÓN","No aplica","NO HUBO ESTUDIOS DURANTE ESTA VIGENCIA"]
[]
["[3]","0 NO ESTABLECIDAS - METODOL DE VALORAC ECONÓM DE BIENES, SERV AMBIENT Y RECURSOS NAT DE LA RESOL MAVDT NO. 1478 DE 2003."]
[null,null,2,3,4,8,12,16,20,24]
[null,null,"FORMULARIO CON INFORMACIÓN","JUSTIFICACIÓN","TÍTULO DEL ESTUDIO","FECHA DE REALIZACIÓN","COSTO TOTAL","MÉTODO UTILIZADO","SÍNTESIS DE RESULTADO","OBSERVACIONES"]
[1,"FILA_1","2 NO","No aplica","No aplica","1990/01/01",0,"No aplica","No aplica","NO HUBO ESTUDIOS DURANTE ESTA VIGENCIA"]
{"$rows_empty":350986}
["1 SI","1 2.1 BASADA EN PRECIOS DE MERCADO"]
["2 NO","2 2.2.1 MÉTODOS DIRECTOS / VALORACIÓN CONTINGENTE"]
[null,"3 2.3.1 MÉTODOS INDIRECTOS / PRECIOS HEDÓNICOS"]
[null,"4 2.3.2 MÉTODOS INDIRECTOS / COSTO DEL VIAJE"]
[null,"5 2.3.4 MÉTODOS INDIRECTOS / PRODUCCIÓN DE LOS HOGARES"]
[null,"6 2.3.5 MÉTODOS INDIRECTOS / FUNCIÓN DE DAÑO"]
[null,"7 2.4 MÉTODOS BASADOS EN COSTOS"]
[null,"8 2.5 TRANSFERENCIA DE BENEFICIOS"]
[null,"9 FORMULARIO SIN INFORMACIÓN"]

{"sheet":"F9  RELACIÓN DE PROCESOS JUD...","index":10,"n_rows":352169,"n_cols":25,"rows_kept":352169,"merged":[[7,1,7,24]]}
[null,"Tipo Modalidad",51,"M-1: CUENTA O INFORME ANUAL CONSOLIDADO"]
[null,"Formulario",84,"F9: RELACIÓN DE PROCESOS JUDICIALES (VER 3.0)"]
[null,"Moneda Informe",1]
[null,"Entidad",104]
[null,"Fecha","2019-12-31"]
[null,"Periodicidad",12,"ANUAL"]
[]
["[1]","0 RELACIÓN DE PROCESOS JUDICIALES"]
[null,null,2,3,4,8,12,16,20,24,28,32,36,40,44,48,52,56,60,64,68,72,76,80,84]
[null,null,"FORMULARIO CON INFORMACIÓN","JUSTIFICACIÓN","CÓDIGO ÚNICO DEL PROCESO ","FECHA ADMISIÓN DEMANDA","JURISDICCIÓN","ACCIÓN","CALIDAD EN QUE ACTÚA LA ENTIDAD","TIPO DE ABOGADO","NOMBRE DEL APODERADO","CONTRAPARTE","DEPARTAMENTO ACTUAL DEL PROCESO","CIUDAD ACTUAL DEL PROCESO","INSTANCIA - ETAPA DEL PROCESO","PRETENSIONES DEL PROCESO","CUANTÍA  DEL PROCESO","MONTO DE LA PROVISIÓN / CONTABLE","ESTADO DEL PROCESO","FECHA DE TERMINACIÓN","SENTIDO DE LA SENTENCIA EJECUTORIADA","VALOR DE LA SENTENCIA EJECUTORIADA","ACTUACIÓN DE TÉRMINACIÓN","VALOR DEL ACUERDO POR TRANSACCION O CONCILIACION","OBSERVACIONES"]
[1,"FILA_1","1 SI","","23001233100020020009600","2002/04/01","2 CONTENCIOSO ADMINISTRATIVA ","1275 REPARACION DIRECTA","4 DEMANDADO","2 CONTRATISTA","73160616- JALLER CASTRO KAMELL EDUARDO","50984605- ERICA MADERA PAEZ","23 DEPARTAMENTO DE CÓRDOBA","23001 MONTERÍA - CÓRDOBA","12 PRIMERA INSTANCIA O UNICA INSTANCIA - PRUEBAS",311640000,311640000,0,"2 ACTIVO","","",null,"",null,""]
[2,"FILA_2","","","23001333100320030110900","2004/02/18","2 CONTENCIOSO ADMINISTRATIVA ","1266 NULIDAD Y RESTABLECIMIENTO DEL DERECHO","4 DEMANDADO","2 CONTRATISTA","73160616- JALLER CASTRO KAMELL EDUARDO","78701387- ROBERTO BERROCAL MESTRA","23 DEPARTAMENTO DE CÓRDOBA","23001 MONTERÍA - CÓRDOBA","12 PRIMERA INSTANCIA O UNICA INSTANCIA - PRUEBAS",80000000,80000000,0,"2 ACTIVO","","",null,"",null,""]
[3,"FILA_3","","","23001333100120090024900","2011/11/17","2 CONTENCIOSO ADMINISTRATIVA ","1266 NULIDAD Y RESTABLECIMIENTO DEL DERECHO","4 DEMANDADO","2 CONTRATISTA","73160616- JALLER CASTRO KAMELL EDUARDO","8000967341-MUNICIPIO DE MONTERIA","23 DEPARTAMENTO DE CÓRDOBA","23001 MONTERÍA - CÓRDOBA","12 PRIMERA INSTANCIA O UNICA INSTANCIA - PRUEBAS",33200000,33200000,0,"2 ACTIVO","","",null,"",null,""]
[4,"FILA_4","","","25000231500020060187901","2006/11/23","2 CONTENCIOSO ADMINISTRATIVA ","1270 PROTECCION DE LOS DERECHOS E INTERESES COLECTIVOS","4 DEMANDADO","2 CONTRATISTA","73160616- JALLER CASTRO KAMELL EDUARDO","2837026-VICTOR SANCHEZ CRUZ","11 BOGOTÁ D.C","11001 BOGOTÁ, D.C. - CUNDINAMARCA","12 PRIMERA INSTANCIA O UNICA INSTANCIA - PRUEBAS",65000000,65000000,0,"2 ACTIVO","","",null,"",null,""]
[5,"FILA_5","","","23001333100620070029200","2008/03/17","2 CONTENCIOSO ADMINISTRATIVA ","1270 PROTECCION DE LOS DERECHOS E INTERESES COLECTIVOS","4 DEMANDADO","2 CONTRATISTA","73160616 - JALLER CASTRO KAMELL EDUARDO","AURA ELISA PORNOY","23 DEPARTAMENTO DE CÓRDOBA","23001 MONTERÍA - CÓRDOBA","12 PRIMERA INSTANCIA O UNICA INSTANCIA - PRUEBAS",65000000,65000000,0,"2 ACTIVO","","",null,"",null,""]
[6,"FILA_6","","","23001333100620080006500","2008/04/10","2 CONTENCIOSO ADMINISTRATIVA ","1270 PROTECCION DE LOS DERECHOS E INTERESES COLECTIVOS","4 DEMANDADO","2 CONTRATISTA","73160616 - JALLER CASTRO KAMELL EDUARDO","ADIS CLARIN DIAZ OCHOA","23 DEPARTAMENTO DE CÓRDOBA","23001 MONTERÍA - CÓRDOBA","12 PRIMERA INSTANCIA O UNICA INSTANCIA - PRUEBAS",1000000000,1000000000,0,"2 ACTIVO","","",null,"",null,""]
[7,"FILA_7","","","23001333100620080008700","2008/04/10","2 CONTENCIOSO ADMINISTRATIVA ","1275 REPARACION DIRECTA","4 DEMANDADO","2 CONTRATISTA","73160616 - JALLER CASTRO KAMELL EDUARDO","78756226-ABEL ATILANO MADERA","23 DEPARTAMENTO DE CÓRDOBA","23001 MONTERÍA - CÓRDOBA","12 PRIMERA INSTANCIA O UNICA INSTANCIA - PRUEBAS",1000000000,1000000000,0,"2 ACTIVO","","",null,"",null,""]
[8,"FILA_8","","","23001333100520080006600","2008/04/01","2 CONTENCIOSO ADMINISTRATIVA ","1270 PROTECCION DE LOS DERECHOS E INTERESES COLECTIVOS","4 DEMANDADO","2 CONTRATISTA","73160616 - JALLER CASTRO KAMELL EDUARDO","TIVISAY ANAYA TORRES","23 DEPARTAMENTO DE CÓRDOBA","23001 MONTERÍA - CÓRDOBA","12 PRIMERA INSTANCIA O UNICA INSTANCIA - PRUEBAS",1000000000,1000000000,0,"2 ACTIVO","","",null,"",null,""]
[9,"FILA_9","","","23001333100120080014100","2008/05/20","2 CONTENCIOSO ADMINISTRATIVA ","1270 PROTECCION DE LOS DERECHOS E INTERESES COLECTIVOS","4 DEMANDADO","2 CONTRATISTA","73160616 - JALLER CASTRO KAMELL EDUARDO","FRANCISCO HERRERA DÍAZ","23 DEPARTAMENTO DE CÓRDOBA","23001 MONTERÍA - CÓRDOBA","12 PRIMERA INSTANCIA O UNICA INSTANCIA - PRUEBAS",69225000,69225000,0,"2 ACTIVO","","",null,"",null,""]
[10,"FILA_10","","","23001233100020050085900","2008/09/02","2 CONTENCIOSO ADMINISTRATIVA ","1266 NULIDAD Y RESTABLECIMIENTO DEL DERECHO","4 DEMANDADO","2 CONTRATISTA","73160616- JALLER CASTRO KAMELL EDUARDO","8120034833-PROACTIVA S.A. ES.P","23 DEPARTAMENTO DE CÓRDOBA","23001 MONTERÍA - CÓRDOBA","13 PRIMERA INSTANCIA O UNICA INSTANCIA - FALLO",187558495,187558495,0,"2 ACTIVO","","",null,"",null,""]
[11,"FILA_11","","","23001333100620080036900","2008/12/16","2 CONTENCIOSO ADMINISTRATIVA ","1270 PROTECCION DE LOS DERECHOS E INTERESES COLECTIVOS","4 DEMANDADO","2 CONTRATISTA","73160616 - JALLER CASTRO KAMELL EDUARDO","8001860611-DEFENSORIA DEL PUEBLO","23 DEPARTAMENTO DE CÓRDOBA","23001 MONTERÍA - CÓRDOBA","13 PRIMERA INSTANCIA O UNICA INSTANCIA - FALLO",74535000,74535000,0,"2 ACTIVO","","",null,"",null,""]
[12,"FILA_12","","","23001333100620080019700","2008/08/26","2 CONTENCIOSO ADMINISTRATIVA ","1275 REPARACION DIRECTA","4 DEMANDADO","2 CONTRATISTA","73160616 - JALLER CASTRO KAMELL EDUARDO","78015551-OTONIEL DELGADO PUCHE","23 DEPARTAMENTO DE CÓRDOBA","23001 MONTERÍA - CÓRDOBA","12 PRIMERA INSTANCIA O UNICA INSTANCIA - PRUEBAS",156632505,156632505,0,"2 ACTIVO","","",null,"",null,""]
[13,"FILA_13","","","23001233100020090027900","2009/02/18","2 CONTENCIOSO ADMINISTRATIVA ","1275 REPARACION DIRECTA","4 DEMANDADO","2 CONTRATISTA","73160616 - JALLER CASTRO KAMELL EDUARDO","15032192-DAN JOSE LENGUA","23 DEPARTAMENTO DE CÓRDOBA","23001 MONTERÍA - CÓRDOBA","12 PRIMERA INSTANCIA O UNICA INSTANCIA - PRUEBAS",2063116110,2063116110,0,"2 ACTIVO","","",null,"",null,""]
[14,"FILA_14","","","23001333100420080029700","2009/06/24","2 CONTENCIOSO ADMINISTRATIVA ","1270 PROTECCION DE LOS DERECHOS E INTERESES COLECTIVOS","4 DEMANDADO","2 CONTRATISTA","73160616 - JALLER CASTRO KAMELL EDUARDO","FRIGOSINU","23 DEPARTAMENTO DE CÓRDOBA","23001 MONTERÍA - CÓRDOBA","12 PRIMERA INSTANCIA O UNICA INSTANCIA - PRUEBAS",14312100,14312100,0,"2 ACTIVO","","",null,"",null,""]
[15,"FILA_15","","","23001333100420080002200","2009/06/24","2 CONTENCIOSO ADMINISTRATIVA ","1266 NULIDAD Y RESTABLECIMIENTO DEL DERECHO","4 DEMANDADO","2 CONTRATISTA","73160616 - JALLER CASTRO KAMELL EDUARDO","25948144-DOMINGA CORDOBA","23 DEPARTAMENTO DE CÓRDOBA","23001 MONTERÍA - CÓRDOBA","13 PRIMERA INSTANCIA O UNICA INSTANCIA - FALLO",246688056,246688056,0,"2 ACTIVO","","",null,"",null,""]
[16,"FILA_16","","","23001333100320090017100","2009/08/18","2 CONTENCIOSO ADMINISTRATIVA ","1270 PROTECCION DE LOS DERECHOS E INTERESES COLECTIVOS","4 DEMANDADO","2 CONTRATISTA","73160616 - JALLER CASTRO KAMELL EDUARDO","6869440-WILLIAM QUINTERO V","23 DEPARTAMENTO DE CÓRDOBA","23001 MONTERÍA - CÓRDOBA","12 PRIMERA INSTANCIA O UNICA INSTANCIA - PRUEBAS",250000000,250000000,0,"2 ACTIVO","","",null,"",null,""]
[17,"FILA_17","","","23001233100020090014700","2009/08/13","2 CONTENCIOSO ADMINISTRATIVA ","1275 REPARACION DIRECTA","4 DEMANDADO","2 CONTRATISTA","73160616 - JALLER CASTRO KAMELL EDUARDO","78016340-ABEL ANTONIO TORRES CUELLO","23 DEPARTAMENTO DE CÓRDOBA","23001 MONTERÍA - CÓRDOBA","12 PRIMERA INSTANCIA O UNICA INSTANCIA - PRUEBAS",270000000,270000000,0,"2 ACTIVO","","",null,"",null,""]
[18,"FILA_18","","","23001233100020090014500","2009/08/13","2 CONTENCIOSO ADMINISTRATIVA ","1275 REPARACION DIRECTA","4 DEMANDADO","2 CONTRATISTA","73160616 - JALLER CASTRO KAMELL EDUARDO","6868879-JOSE ANTONIO PAEZ MADERA","23 DEPARTAMENTO DE CÓRDOBA","23001 MONTERÍA - CÓRDOBA","12 PRIMERA INSTANCIA O UNICA INSTANCIA - PRUEBAS",708100000,708100000,0,"2 ACTIVO","","",null,"",null,""]
[19,"FILA_19","","","23001333100620090019300","2009/08/19","2 CONTENCIOSO ADMINISTRATIVA ","1270 PROTECCION DE LOS DERECHOS E INTERESES COLECTIVOS","4 DEMANDADO","2 CONTRATISTA","73160616 - JALLER CASTRO KAMELL EDUARDO","8001860611-DEFENSORIA DEL PUEBLO","23 DEPARTAMENTO DE CÓRDOBA","23001 MONTERÍA - CÓRDOBA","12 PRIMERA INSTANCIA O UNICA INSTANCIA - PRUEBAS",15000000,15000000,0,"2 ACTIVO","","",null,"",null,""]
[20,"FILA_20","","","23001333100420150013800","2010/03/05","2 CONTENCIOSO ADMINISTRATIVA ","1270 PROTECCION DE LOS DERECHOS E INTERESES COLECTIVOS","4 DEMANDADO","2 CONTRATISTA","73160616 - JALLER CASTRO KAMELL EDUARDO","RICHARD REZA","23 DEPARTAMENTO DE CÓRDOBA","23001 MONTERÍA - CÓRDOBA","12 PRIMERA INSTANCIA O UNICA INSTANCIA - PRUEBAS",15000000,15000000,0,"2 ACTIVO","","",null,"",null,""]
[21,"FILA_21","","","23001333100220090013900","2009/06/02","2 CONTENCIOSO ADMINISTRATIVA ","1270 PROTECCION DE LOS DERECHOS E INTERESES COLECTIVOS","4 DEMANDADO","2 CONTRATISTA","73160616 - JALLER CASTRO KAMELL EDUARDO","8001860611-DEFENSORIA DEL PUEBLO","23 DEPARTAMENTO DE CÓRDOBA","23001 MONTERÍA - CÓRDOBA","12 PRIMERA INSTANCIA O UNICA INSTANCIA - PRUEBAS",12500000,12500000,0,"2 ACTIVO","","",null,"",null,""]
[22,"FILA_22","","","23001333100120070010000","2007/03/15","2 CONTENCIOSO ADMINISTRATIVA ","1270 PROTECCION DE LOS DERECHOS E INTERESES COLECTIVOS","4 DEMANDADO","2 CONTRATISTA","73160616 - JALLER CASTRO KAMELL EDUARDO","10771750-ABRAHAM QUIÑONEZ G.","23 DEPARTAMENTO DE CÓRDOBA","23001 MONTERÍA - CÓRDOBA","13 PRIMERA INSTANCIA O UNICA INSTANCIA - FALLO",12500000,12500000,0,"2 ACTIVO","","",null,"",null,""]
[23,"FILA_23","","","23001233100020100016400","2010/06/17","2 CONTENCIOSO ADMINISTRATIVA ","1256 CONTROVERSIAS CONTRACTUALES","4 DEMANDADO","2 CONTRATISTA","73160616 - JALLER CASTRO KAMELL EDUARDO","CONSTRUCCIONES DEL SINÚ 2006","23 DEPARTAMENTO DE CÓRDOBA","23001 MONTERÍA - CÓRDOBA","12 PRIMERA INSTANCIA O UNICA INSTANCIA - PRUEBAS",800000000,800000000,0,"2 ACTIVO","","",null,"",null,""]
[24,"FILA_24","","","23001333100220090031800","2010/09/03","2 CONTENCIOSO ADMINISTRATIVA ","1266 NULIDAD Y RESTABLECIMIENTO DEL DERECHO","4 DEMANDADO","2 CONTRATISTA","73160616 - JALLER CASTRO KAMELL EDUARDO","8300241042-SERVIGENERALES S.A.","23 DEPARTAMENTO DE CÓRDOBA","23001 MONTERÍA - CÓRDOBA","13 PRIMERA INSTANCIA O UNICA INSTANCIA - FALLO",138450000,138450000,0,"2 ACTIVO","","",null,"",null,""]
[25,"FILA_25","","","23001233100020110011200","2011/03/17","2 CONTENCIOSO ADMINISTRATIVA ","1270 PROTECCION DE LOS DERECHOS E INTERESES COLECTIVOS","4 DEMANDADO","2 CONTRATISTA","73160616 - JALLER CASTRO KAMELL EDUARDO","25875591-DIANA MEJIA PRETELT","23 DEPARTAMENTO DE CÓRDOBA","23001 MONTERÍA - CÓRDOBA","13 PRIMERA INSTANCIA O UNICA INSTANCIA - FALLO",15000000,15000000,15000000,"2 ACTIVO","","",null,"",null,""]
[26,"FILA_26","","","23001333100120100021300","2010/10/12","2 CONTENCIOSO ADMINISTRATIVA ","1275 REPARACION DIRECTA","4 DEMANDADO","2 CONTRATISTA","73160616 - JALLER CASTRO KAMELL EDUARDO","8296105-ESTEBAN DAVID DAGUER V.","23 DEPARTAMENTO DE CÓRDOBA","23001 MONTERÍA - CÓRDOBA","13 PRIMERA INSTANCIA O UNICA INSTANCIA - FALLO",70000000,70000000,0,"2 ACTIVO","","",null,"",null,""]
[27,"FILA_27","","","23001133100420100032800","2011/02/18","2 CONTENCIOSO ADMINISTRATIVA ","1266 NULIDAD Y RESTABLECIMIENTO DEL DERECHO","4 DEMANDADO","2 CONTRATISTA","73160616 - JALLER CASTRO KAMELL EDUARDO","417032519-BIORESIDUOS S.A","23 DEPARTAMENTO DE CÓRDOBA","23001 MONTERÍA - CÓRDOBA","12 PRIMERA INSTANCIA O UNICA INSTANCIA - PRUEBAS",24845000,24845000,0,"2 ACTIVO","","",null,"",null,""]
[28,"FILA_28","","","23001333100620110020100","2011/08/16","2 CONTENCIOSO ADMINISTRATIVA ","1275 REPARACION DIRECTA","4 DEMANDADO","2 CONTRATISTA","73160616 - JALLER CASTRO KAMELL EDUARDO","45425315- CANDELARIA MARTELO A.","23 DEPARTAMENTO DE CÓRDOBA","23001 MONTERÍA - CÓRDOBA","12 PRIMERA INSTANCIA O UNICA INSTANCIA - PRUEBAS",220000000,220000000,0,"2 ACTIVO","","",null,"",null,""]
[29,"FILA_29","","","23001233100020100051700","2011/06/22","2 CONTENCIOSO ADMINISTRATIVA ","1256 CONTROVERSIAS CONTRACTUALES","4 DEMANDADO","2 CONTRATISTA","73160616 - JALLER CASTRO KAMELL EDUARDO","8290001274-CORMAGDALENA","23 DEPARTAMENTO DE CÓRDOBA","23001 MONTERÍA - CÓRDOBA","12 PRIMERA INSTANCIA O UNICA INSTANCIA - PRUEBAS",730000000,730000000,0,"2 ACTIVO","","",null,"",null,""]
[30,"FILA_30","","","23001233100520110020500","2011/09/16","2 CONTENCIOSO ADMINISTRATIVA ","1275 REPARACION DIRECTA","4 DEMANDADO","2 CONTRATISTA","73160616 - JALLER CASTRO KAMELL EDUARDO","1066732478-MARISOL MARIONES M.","23 DEPARTAMENTO DE CÓRDOBA","23001 MONTERÍA - CÓRDOBA","12 PRIMERA INSTANCIA O UNICA INSTANCIA - PRUEBAS",300000000,300000000,0,"2 ACTIVO","","",null,"",null,""]
[31,"FILA_31","","","23001333100220110009000","2011/07/22","2 CONTENCIOSO ADMINISTRATIVA ","1270 PROTECCION DE LOS DERECHOS E INTERESES COLECTIVOS","4 DEMANDADO","2 CONTRATISTA","73160616 - JALLER CASTRO KAMELL EDUARDO","78748529-LIBARDO BALDOVINO RICARDO","23 DEPARTAMENTO DE CÓRDOBA","23001 MONTERÍA - CÓRDOBA","12 PRIMERA INSTANCIA O UNICA INSTANCIA - PRUEBAS",2000000000,2000000000,0,"2 ACTIVO","","",null,"",null,""]
[32,"FILA_32","","","23001233100220040057600","2004/11/18","2 CONTENCIOSO ADMINISTRATIVA ","1266 NULIDAD Y RESTABLECIMIENTO DEL DERECHO","4 DEMANDADO","2 CONTRATISTA","73160616 - JALLER CASTRO KAMELL EDUARDO","8000967341-MUNICIPIO DE MONTERIA","23 DEPARTAMENTO DE CÓRDOBA","23001 MONTERÍA - CÓRDOBA","12 PRIMERA INSTANCIA O UNICA INSTANCIA - PRUEBAS",35000000,35000000,0,"2 ACTIVO","","",null,"",null,""]
[33,"FILA_33","","","23001233330020120006000","2012/10/16","2 CONTENCIOSO ADMINISTRATIVA ","1270 PROTECCION DE LOS DERECHOS E INTERESES COLECTIVOS","4 DEMANDADO","2 CONTRATISTA","73160616 - JALLER CASTRO KAMELL EDUARDO","26082519- ELVIRA PACHECO SALGADO","11 BOGOTÁ D.C","11001 BOGOTÁ, D.C. - CUNDINAMARCA","13 PRIMERA INSTANCIA O UNICA INSTANCIA - FALLO",1318400000,1318400000,0,"2 ACTIVO","","",null,"",null,""]
[34,"FILA_34","","","23001333310012010024900","2012/12/10","2 CONTENCIOSO ADMINISTRATIVA ","1266 NULIDAD Y RESTABLECIMIENTO DEL DERECHO","4 DEMANDADO","2 CONTRATISTA","73160616 - JALLER CASTRO KAMELL EDUARDO","800096734-1-MUNICIPIO DE MONTERIA","23 DEPARTAMENTO DE CÓRDOBA","23001 MONTERÍA - CÓRDOBA","13 PRIMERA INSTANCIA O UNICA INSTANCIA - FALLO",33200000,33200000,0,"2 ACTIVO","","",null,"",null,""]
[35,"FILA_35","","","70001233330020130010100","2014/12/05","2 CONTENCIOSO ADMINISTRATIVA ","1275 REPARACION DIRECTA","4 DEMANDADO","2 CONTRATISTA","73160616 - JALLER CASTRO KAMELL EDUARDO","1563211-OLEGARIO OTERO BULA","70 DEPARTAMENTO DE SUCRE","70001 SINCELEJO - SUCRE","12 PRIMERA INSTANCIA O UNICA INSTANCIA - PRUEBAS",400000000,400000000,0,"2 ACTIVO","","",null,"",null,""]
[36,"FILA_36","","","11001032500020110055500","2013/02/07","2 CONTENCIOSO ADMINISTRATIVA ","1266 NULIDAD Y RESTABLECIMIENTO DEL DERECHO","4 DEMANDADO","2 CONTRATISTA","73160616 - JALLER CASTRO KAMELL EDUARDO","78294239-JHON JAIRO DÍAZ CALDERON","11 BOGOTÁ D.C","11001 BOGOTÁ, D.C. - CUNDINAMARCA","13 PRIMERA INSTANCIA O UNICA INSTANCIA - FALLO",120000000,120000000,120000000,"2 ACTIVO","","",null,"",null,""]
[37,"FILA_37","","","23001333300320120025400","2012/02/12","2 CONTENCIOSO ADMINISTRATIVA ","1266 NULIDAD Y RESTABLECIMIENTO DEL DERECHO","4 DEMANDADO","2 CONTRATISTA","73160616 - JALLER CASTRO KAMELL EDUARDO","8000967341-MUNICIPIO DE MONTERIA","23 DEPARTAMENTO DE CÓRDOBA","23001 MONTERÍA - CÓRDOBA","12 PRIMERA INSTANCIA O UNICA INSTANCIA - PRUEBAS",14167500,14167500,0,"2 ACTIVO","","",null,"",null,""]
[38,"FILA_38","","","23001333303201300019500","2013/07/16","2 CONTENCIOSO ADMINISTRATIVA ","1266 NULIDAD Y RESTABLECIMIENTO DEL DERECHO","4 DEMANDADO","2 CONTRATISTA","73160616 - JALLER CASTRO KAMELL EDUARDO","11035363-JULIO CESAR RODIÑO","23 DEPARTAMENTO DE CÓRDOBA","23001 MONTERÍA - CÓRDOBA","13 PRIMERA INSTANCIA O UNICA INSTANCIA - FALLO",70000000,70000000,0,"2 ACTIVO","","",null,"",null,""]
[39,"FILA_39","","","23001233300020130039200","2014/05/12","2 CONTENCIOSO ADMINISTRATIVA ","1266 NULIDAD Y RESTABLECIMIENTO DEL DERECHO","4 DEMANDADO","2 CONTRATISTA","73160616 - JALLER CASTRO KAMELL EDUARDO","6687066- RAFAEL NEGRETE MONTES","11 BOGOTÁ D.C","11001 BOGOTÁ, D.C. - CUNDINAMARCA","13 PRIMERA INSTANCIA O UNICA INSTANCIA - FALLO",6163272484,6163272484,0,"2 ACTIVO","","",null,"",null,""]
[40,"FILA_40","","","70001333300220130014500","2013/02/07","2 CONTENCIOSO ADMINISTRATIVA ","1275 REPARACION DIRECTA","4 DEMANDADO","2 CONTRATISTA","73160616 - JALLER CASTRO KAMELL EDUARDO","92552355-JOHEN HERRERA DÍAZ","70 DEPARTAMENTO DE SUCRE","70001 SINCELEJO - SUCRE","11 PRIMERA INSTANCIA O UNICA INSTANCIA - INIICIO Y FIJACIÓN DE LITIGIO",577350000,577350000,0,"2 ACTIVO","","",null,"",null,""]
[41,"FILA_41","","","23001233300020140006700","2014/05/19","2 CONTENCIOSO ADMINISTRATIVA ","1275 REPARACION DIRECTA","4 DEMANDADO","2 CONTRATISTA","73160616 - JALLER CASTRO KAMELL EDUARDO","6864304-JOSE MAROSO GUZMAN","23 DEPARTAMENTO DE CÓRDOBA","23001 MONTERÍA - CÓRDOBA","12 PRIMERA INSTANCIA O UNICA INSTANCIA - PRUEBAS",563900000,563900000,0,"2 ACTIVO","","",null,"",null,""]
[42,"FILA_42","","","23001233100020140018800","2014/07/19","2 CONTENCIOSO ADMINISTRATIVA ","1266 NULIDAD Y RESTABLECIMIENTO DEL DERECHO","4 DEMANDADO","2 CONTRATISTA","73160616 - JALLER CASTRO KAMELL EDUARDO","9003904253-REFORESTADORA DEL SINÚ","23 DEPARTAMENTO DE CÓRDOBA","23001 MONTERÍA - CÓRDOBA","13 PRIMERA INSTANCIA O UNICA INSTANCIA - FALLO",1055009435,1055009435,0,"2 ACTIVO","","",null,"",null,""]
[43,"FILA_43","","","23001233100020140021700","2014/09/29","2 CONTENCIOSO ADMINISTRATIVA ","1256 CONTROVERSIAS CONTRACTUALES","4 DEMANDADO","2 CONTRATISTA","73160616 - JALLER CASTRO KAMELL EDUARDO","9003849740-CONSORCIO ECCOH 2010","23 DEPARTAMENTO DE CÓRDOBA","23001 MONTERÍA - CÓRDOBA","12 PRIMERA INSTANCIA O UNICA INSTANCIA - PRUEBAS",3881260614,3881260614,0,"2 ACTIVO","","",null,"",null,""]
[44,"FILA_44","","","23001333375120140003700","2014/08/28","2 CONTENCIOSO ADMINISTRATIVA ","1275 REPARACION DIRECTA","4 DEMANDADO","2 CONTRATISTA","73160616 - JALLER CASTRO KAMELL EDUARDO","15049188-OSWALDO GONZALEZ PEREZ","23 DEPARTAMENTO DE CÓRDOBA","23001 MONTERÍA - CÓRDOBA","11 PRIMERA INSTANCIA O UNICA INSTANCIA - INIICIO Y FIJACIÓN DE LITIGIO",723604321,723604321,0,"2 ACTIVO","","",null,"",null,""]
[45,"FILA_45","","","23001233100020150001600","2015/04/27","2 CONTENCIOSO ADMINISTRATIVA ","1256 CONTROVERSIAS CONTRACTUALES","4 DEMANDADO","2 CONTRATISTA","73160616 - JALLER CASTRO KAMELL EDUARDO","8600024002-LA PREVISORA S.A.","23 DEPARTAMENTO DE CÓRDOBA","23001 MONTERÍA - CÓRDOBA","11 PRIMERA INSTANCIA O UNICA INSTANCIA - INIICIO Y FIJACIÓN DE LITIGIO",2997428607,2997428607,0,"2 ACTIVO","","",null,"",null,""]
[46,"FILA_46","","","23001233300320140000400","2012/07/23","2 CONTENCIOSO ADMINISTRATIVA ","1275 REPARACION DIRECTA","4 DEMANDADO","2 CONTRATISTA","73160616 - JALLER CASTRO KAMELL EDUARDO","30561765-MARIA YAZMINA HOYOS","23 DEPARTAMENTO DE CÓRDOBA","23001 MONTERÍA - CÓRDOBA","12 PRIMERA INSTANCIA O UNICA INSTANCIA - PRUEBAS",4000000000,4000000000,0,"2 ACTIVO","","",null,"",null,""]
[47,"FILA_47","","","23001333375220140046700","2014/11/10","2 CONTENCIOSO ADMINISTRATIVA ","1275 REPARACION DIRECTA","4 DEMANDADO","2 CONTRATISTA","73160616 - JALLER CASTRO KAMELL EDUARDO","10772184-CESAR JURIS PADILLA","23 DEPARTAMENTO DE CÓRDOBA","23001 MONTERÍA - CÓRDOBA","11 PRIMERA INSTANCIA O UNICA INSTANCIA - INIICIO Y FIJACIÓN DE LITIGIO",10000000,10000000,0,"2 ACTIVO","","",null,"",null,""]
[48,"FILA_48","","","23001333300620150005500","2015/10/05","2 CONTENCIOSO ADMINISTRATIVA ","1275 REPARACION DIRECTA","4 DEMANDADO","2 CONTRATISTA","73160616 - JALLER CASTRO KAMELL EDUARDO","8000647749-CONSORCIO BRAYCON","23 DEPARTAMENTO DE CÓRDOBA","23001 MONTERÍA - CÓRDOBA","11 PRIMERA INSTANCIA O UNICA INSTANCIA - INIICIO Y FIJACIÓN DE LITIGIO",37198887,37198887,0,"2 ACTIVO","","",null,"",null,""]
[49,"FILA_49","","","23001233300020150003000","2015/11/13","2 CONTENCIOSO ADMINISTRATIVA ","1256 CONTROVERSIAS CONTRACTUALES","4 DEMANDADO","2 CONTRATISTA","73160616 - JALLER CASTRO KAMELL EDUARDO","8000967461-MUNICIPIO DE CIENAGA DE ORO","23 DEPARTAMENTO DE CÓRDOBA","23001 MONTERÍA - CÓRDOBA","11 PRIMERA INSTANCIA O UNICA INSTANCIA - INIICIO Y FIJACIÓN DE LITIGIO",2997428607,2997428607,0,"2 ACTIVO","","",null,"",null,""]
[50,"FILA_50","","","23001333300320160044900","2016/09/16","2 CONTENCIOSO ADMINISTRATIVA ","1256 CONTROVERSIAS CONTRACTUALES","4 DEMANDADO","2 CONTRATISTA","73160616 - JALLER CASTRO KAMELL EDUARDO","8001946003-CORPOICA","23 DEPARTAMENTO DE CÓRDOBA","23001 MONTERÍA - CÓRDOBA","11 PRIMERA INSTANCIA O UNICA INSTANCIA - INIICIO Y FIJACIÓN DE LITIGIO",98309467,98309467,0,"2 ACTIVO","","",null,"",null,""]
[51,"FILA_51","","","23001333300220160020000","2016/08/01","2 CONTENCIOSO ADMINISTRATIVA ","1266 NULIDAD Y RESTABLECIMIENTO DEL DERECHO","4 DEMANDADO","2 CONTRATISTA","73160616 - JALLER CASTRO KAMELL EDUARDO","15034555-FRANCISCO DIAZ SANCHEZ","23 DEPARTAMENTO DE CÓRDOBA","23001 MONTERÍA - CÓRDOBA","11 PRIMERA INSTANCIA O UNICA INSTANCIA - INIICIO Y FIJACIÓN DE LITIGIO",18867798,18867798,0,"2 ACTIVO","","",null,"",null,""]
[52,"FILA_52","","","23001333300220160040800","2017/04/18","2 CONTENCIOSO ADMINISTRATIVA ","1266 NULIDAD Y RESTABLECIMIENTO DEL DERECHO","4 DEMANDADO","2 CONTRATISTA","73160616 - JALLER CASTRO KAMELL EDUARDO","MUNICIPIO DE MONTERIA","23 DEPARTAMENTO DE CÓRDOBA","23001 MONTERÍA - CÓRDOBA","11 PRIMERA INSTANCIA O UNICA INSTANCIA - INIICIO Y FIJACIÓN DE LITIGIO",26527500,26527500,0,"2 ACTIVO","","",null,"",null,""]
[53,"FILA_53","","","23001233300020150047500","2017/04/24","2 CONTENCIOSO ADMINISTRATIVA ","1266 NULIDAD Y RESTABLECIMIENTO DEL DERECHO","4 DEMANDADO","2 CONTRATISTA","73160616 - JALLER CASTRO KAMELL EDUARDO","SATOR S.A.S","23 DEPARTAMENTO DE CÓRDOBA","23001 MONTERÍA - CÓRDOBA","12 PRIMERA INSTANCIA O UNICA INSTANCIA - PRUEBAS",462194960,462194960,0,"2 ACTIVO","","",null,"",null,""]
[54,"FILA_54","","","23001333300320150048300","2016/10/06","2 CONTENCIOSO ADMINISTRATIVA ","1256 CONTROVERSIAS CONTRACTUALES","4 DEMANDADO","2 CONTRATISTA","73160616 - JALLER CASTRO KAMELL EDUARDO","CORPOICA S.A.","23 DEPARTAMENTO DE CÓRDOBA","23001 MONTERÍA - CÓRDOBA","11 PRIMERA INSTANCIA O UNICA INSTANCIA - INIICIO Y FIJACIÓN DE LITIGIO",147675626,147675626,0,"2 ACTIVO","","",null,"",null,""]
[55,"FILA_55","","","23001333300220160046600","2017/07/04","2 CONTENCIOSO ADMINISTRATIVA ","1275 REPARACION DIRECTA","4 DEMANDADO","2 CONTRATISTA","73160616 - JALLER CASTRO KAMELL EDUARDO","RIGOBERTO RIVERA HERRERA","23 DEPARTAMENTO DE CÓRDOBA","23001 MONTERÍA - CÓRDOBA","11 PRIMERA INSTANCIA O UNICA INSTANCIA - INIICIO Y FIJACIÓN DE LITIGIO",65826424,65826424,0,"2 ACTIVO","","",null,"",null,""]
[56,"FILA_56","","","23001233300020160037100","2017/12/07","2 CONTENCIOSO ADMINISTRATIVA ","1256 CONTROVERSIAS CONTRACTUALES","4 DEMANDADO","2 CONTRATISTA","73160616 - JALLER CASTRO KAMELL EDUARDO","JOSE ANTONIO RUIZ TORO","23 DEPARTAMENTO DE CÓRDOBA","23001 MONTERÍA - CÓRDOBA","11 PRIMERA INSTANCIA O UNICA INSTANCIA - INIICIO Y FIJACIÓN DE LITIGIO",442859998,442859998,0,"2 ACTIVO","","",null,"",null,""]
[57,"FILA_57","","","23001333300120160060500","2017/07/13","2 CONTENCIOSO ADMINISTRATIVA ","1275 REPARACION DIRECTA","4 DEMANDADO","2 CONTRATISTA","73160616 - JALLER CASTRO KAMELL EDUARDO","PEDRO BERRIO PEÑALOZA","23 DEPARTAMENTO DE CÓRDOBA","23001 MONTERÍA - CÓRDOBA","11 PRIMERA INSTANCIA O UNICA INSTANCIA - INIICIO Y FIJACIÓN DE LITIGIO",2487415433,2487415433,0,"2 ACTIVO","","",null,"",null,""]
[58,"FILA_58","","","23001333300520160025200","2017/08/01","2 CONTENCIOSO ADMINISTRATIVA ","1275 REPARACION DIRECTA","4 DEMANDADO","2 CONTRATISTA","73160616 - JALLER CASTRO KAMELL EDUARDO","VICTOR GUZMAN NARIÑO","23 DEPARTAMENTO DE CÓRDOBA","23001 MONTERÍA - CÓRDOBA","11 PRIMERA INSTANCIA O UNICA INSTANCIA - INIICIO Y FIJACIÓN DE LITIGIO",398702470,398702470,0,"2 ACTIVO","","",null,"",null,""]
[59,"FILA_59","","","23001333300620150019300","2017/10/17","2 CONTENCIOSO ADMINISTRATIVA ","1266 NULIDAD Y RESTABLECIMIENTO DEL DERECHO","4 DEMANDADO","2 CONTRATISTA","73160616 - JALLER CASTRO KAMELL EDUARDO","MUNICIPIO DE MONTERIA","23 DEPARTAMENTO DE CÓRDOBA","23001 MONTERÍA - CÓRDOBA","11 PRIMERA INSTANCIA O UNICA INSTANCIA - INIICIO Y FIJACIÓN DE LITIGIO",15400000,15400000,0,"2 ACTIVO","","",null,"",null,""]
[60,"FILA_60","","","23001333300320180019900","2018/08/24","2 CONTENCIOSO ADMINISTRATIVA ","1266 NULIDAD Y RESTABLECIMIENTO DEL DERECHO","4 DEMANDADO","2 CONTRATISTA","73160616 - JALLER CASTRO KAMELL EDUARDO","MUNICIPIO DE MONTERIA","23 DEPARTAMENTO DE CÓRDOBA","23001 MONTERÍA - CÓRDOBA","11 PRIMERA INSTANCIA O UNICA INSTANCIA - INIICIO Y FIJACIÓN DE LITIGIO",46640317,46640317,0,"2 ACTIVO","","",null,"",null,""]
[61,"FILA_61","","","23001233300020180026900","2018/11/09","2 CONTENCIOSO ADMINISTRATIVA ","1266 NULIDAD Y RESTABLECIMIENTO DEL DERECHO","4 DEMANDADO","2 CONTRATISTA","73160616 - JALLER CASTRO KAMELL EDUARDO","MARGARITA ROSA OYOLA HOYOS","23 DEPARTAMENTO DE CÓRDOBA","23001 MONTERÍA - CÓRDOBA","11 PRIMERA INSTANCIA O UNICA INSTANCIA - INIICIO Y FIJACIÓN DE LITIGIO",255964537,255964537,0,"2 ACTIVO","","",null,"",null,""]
[62,"FILA_62","","","23001333300720180017800","2019/05/02","2 CONTENCIOSO ADMINISTRATIVA ","1266 NULIDAD Y RESTABLECIMIENTO DEL DERECHO","4 DEMANDADO","2 CONTRATISTA","73160616 - JALLER CASTRO KAMELL EDUARDO","MUNICIPIO DE MONTERIA","23 DEPARTAMENTO DE CÓRDOBA","23001 MONTERÍA - CÓRDOBA","11 PRIMERA INSTANCIA O UNICA INSTANCIA - INIICIO Y FIJACIÓN DE LITIGIO",26038459,26038459,0,"2 ACTIVO","","",null,"",null,""]
[63,"FILA_63","","","23001333300520190029100","2018/08/13","2 CONTENCIOSO ADMINISTRATIVA ","1266 NULIDAD Y RESTABLECIMIENTO DEL DERECHO","4 DEMANDADO","2 CONTRATISTA","73160616 - JALLER CASTRO KAMELL EDUARDO","RONALD DAVID GONZALEZ VERGARA","23 DEPARTAMENTO DE CÓRDOBA","23001 MONTERÍA - CÓRDOBA","11 PRIMERA INSTANCIA O UNICA INSTANCIA - INIICIO Y FIJACIÓN DE LITIGIO",10564051,10564051,0,"2 ACTIVO","","",null,"",null,""]
[64,"FILA_64","","","23001333300720180040900","2019/10/03","2 CONTENCIOSO ADMINISTRATIVA ","1275 REPARACION DIRECTA","4 DEMANDADO","2 CONTRATISTA","73160616 - JALLER CASTRO KAMELL EDUARDO","JULIO ABEL ARRIETA CASTILLO","23 DEPARTAMENTO DE CÓRDOBA","23001 MONTERÍA - CÓRDOBA","11 PRIMERA INSTANCIA O UNICA INSTANCIA - INIICIO Y FIJACIÓN DE LITIGIO",350756000,350756000,0,"2 ACTIVO","","",null,"",null,""]
[-1,null,"","","","","","","","","","","","","","","","","","","","","","",""]
[999999,"FILA_999999"]
{"$rows_empty":350926}
["1 SI","1 ORDINARIO CIVIL","1177 DECLARATIVO ESPECIAL - DESLINDE Y AMOJONAMIENTO ","1 DEMANDANTE","1 PLANTA","5 DEPARTAMENTO DE ANTIOQUIA","5 DEPARTAMENTO DE ANTIOQUIA","2 SEGUNDA INSTANCIA","1 TERMINADO","1 FAVORABLE","59 AUTO QUE DECRETA DESISTIMIENTO TACITO"]
["2 NO","2 CONTENCIOSO ADMINISTRATIVA ","1178 DECLARATIVO ESPECIAL - DIVISORIO","4 DEMANDADO","2 CONTRATISTA","8 DEPARTAMENTO DE ATLÁNTICO","8 DEPARTAMENTO DE ATLÁNTICO","3 RECURSO EXTRAORDINARIO DE CASACIÓN","2 ACTIVO","2 DESFAVORABLE","60 AUTO QUE DECRETA LA PERENCION DEL PROCESO"]
[null,"3 CONSTITUCIONAL ","1179 DECLARATIVO ESPECIAL - EXPROPIACION ","63 DEMANDANTE - COADYUVANTE",null,"11 BOGOTÁ D.C","13 DEPARTAMENTO DE BOLÍVAR","11 PRIMERA INSTANCIA O UNICA INSTANCIA - INIICIO Y FIJACIÓN DE LITIGIO",null,null,"87 AUTO QUE RESUELVE CONFLICTO DE COMPETENCIA Y/O JURISDICCION"]
[null,"4 ORDINARIO LABORAL ","1181 EJECUTIVO CONEXO ","64 DEMANDANTE - INTERVENCIÓN EXCLUYENTE",null,"13 DEPARTAMENTO DE BOLÍVAR","15 DEPARTAMENTO DE BOYACÁ","12 PRIMERA INSTANCIA O UNICA INSTANCIA - PRUEBAS",null,null,"90 AUTO QUE RESUELVE EL ACUERDO CONCILIATORIO"]
[null,null,"1182 LIQUIDACION - HERENCIA YACENTE ","65 DEMANDANTE - SUCESOR PROCESAL",null,"15 DEPARTAMENTO DE BOYACÁ","17 DEPARTAMENTO DE CALDAS","13 PRIMERA INSTANCIA O UNICA INSTANCIA - FALLO",null,null,"91 AUTO QUE RESUELVE EL DESISTIMIENTO DE LAS PRETENSIONES"]
[null,null,"1183 LIQUIDACION - PATRIMONIAL","66 DEMANDANTE - ADMINISTRADOR",null,"17 DEPARTAMENTO DE CALDAS","18 DEPARTAMENTO DE CAQUETÁ",{"$nulls":3},"95 AUTO QUE RESUELVE EXCEPCIONES PREVIAS"]
[null,null,"1184 LIQUIDACION - SUCESION","67 DEMANDANTE - LITISCONSORCIO",null,"18 DEPARTAMENTO DE CAQUETÁ","19 DEPARTAMENTO DE CAUCA",{"$nulls":3},"96 AUTO QUE RESUELVE INCIDENTE"]
[null,null,"1185 PROCESO DECLARATIVO ESPECIAL - MONITORIO ","68 DEMANDANTE - EN REPRESENTACIÓN DE",null,"19 DEPARTAMENTO DE CAUCA","20 DEPARTAMENTO DE CESAR",{"$nulls":3},"103 AUTO QUE RESUELVE LA TRANSACCION DE LAS PRETENSIONES"]
[null,null,"1187 VERBAL SUMARIO - CONTROVERSIAS SOBRE DERECHO DE AUTOR","69 DEMANDADO - COADYUVANTE",null,"20 DEPARTAMENTO DE CESAR","23 DEPARTAMENTO DE CÓRDOBA",{"$nulls":3},"106 AUTO QUE TERMINA POR AGOTAMIENTO DE JURISDICCION"]
[null,null,"1188 VERBAL SUMARIO - CONTROVERSIAS SOBRE PROPIEDAD HORIZONTAL ","70 DEMANDADO - LLAMADO EN GARANTIA",null,"23 DEPARTAMENTO DE CÓRDOBA","25 DEPARTAMENTO DE CUNDINAMARCA",{"$nulls":3},"114 EJECUTORIA DE LA SENTENCIA"]
[null,null,"1191 EJECUTIVO CONEXO ","71 DEMANDADO - INTERVENCIÓN EXCLUYENTE",null,"25 DEPARTAMENTO DE CUNDINAMARCA","27 DEPARTAMENTO DE CHOCÓ",{"$nulls":3},"115 ENTREGA DEL PROCESO A OTRA ENTIDAD MEDIANTE ACTA"]
[null,null,"1198 EJECUTIVO CONEXO ","72 DEMANDADO - SUCESOR PROCESAL",null,"27 DEPARTAMENTO DE CHOCÓ","41 DEPARTAMENTO DE HUILA",{"$nulls":3},"117 INTEGRACION PROCESAL"]
[null,null,"1234 PROCESO DECLARATIVO ESPECIAL - POSESORIO","73 DEMANDADO - CURADOR AD LITEM",null,"41 DEPARTAMENTO DE HUILA","44 DEPARTAMENTO DE LA GUAJIRA",{"$nulls":3},"136 REASIGNACION ADMINISTRATIVA DE LA ENTIDAD"]
[null,null,"1235 VERBAL - DECLARACION DE BIENES VACANTES O MOSTRENCOS","74 DEMANDADO - LITISCONSORCIO",null,"44 DEPARTAMENTO DE LA GUAJIRA","47 DEPARTAMENTO DE MAGDALENA",{"$nulls":3},"140 SENTENCIA DE CASACION"]
[null,null,"1236 VERBAL - ENTREGA DE LA COSA POR EL TRADENTE AL ADQUIRENTE","75 DEMANDADO - ADMINISTRADOR",null,"47 DEPARTAMENTO DE MAGDALENA","50 DEPARTAMENTO DE META",{"$nulls":3},"148 SUCESION PROCESAL"]
[null,null,"1237 VERBAL - IMPUGNACION DE ASAMBLEAS, JUNTAS DIRECTIVAS O DE SOCIOS",null,null,"50 DEPARTAMENTO DE META","52 DEPARTAMENTO DE NARIÑO",{"$nulls":3},"170 AUTO QUE DECLARA NULIDAD PROCESAL EN FIRME"]
[null,null,"1238 VERBAL - PAGO POR CONSIGNACION",null,null,"52 DEPARTAMENTO DE NARIÑO","54 DEPARTAMENTO DE NORTE DE SANTANDER",{"$nulls":3},"177 AUTO QUE ORDENA DESVINCULAR DEL PROCESO"]
[null,null,"1239 VERBAL - POSESORIO",null,null,"54 DEPARTAMENTO DE NORTE DE SANTANDER","63 DEPARTAMENTO DE QUINDIO",{"$nulls":3},"178 AUTO QUE RESUELVE RECURSO DE REPOSICION EN FIRME"]
[null,null,"1240 VERBAL - RENDICION ESPONTANEA DE CUENTAS",null,null,"63 DEPARTAMENTO DE QUINDIO","66 DEPARTAMENTO DE RISARALDA",{"$nulls":3},"179 AUTO QUE DECRETA EL PAGO DE LA OBLIGACION"]
[null,null,"1241 VERBAL - RENDICION PROVOCADA DE CUENTAS",null,null,"66 DEPARTAMENTO DE RISARALDA","68 DEPARTAMENTO DE SANTANDER",{"$nulls":3},"180 AUTO QUE DECRETA LA COSA JUZGADA"]
[null,null,"1242 VERBAL - RESOLUCION DE COMPRAVENTA",null,null,"68 DEPARTAMENTO DE SANTANDER","70 DEPARTAMENTO DE SUCRE",{"$nulls":3},"181 ARCHIVO DEL EXPEDIENTE (MIGRACION)"]
[null,null,"1243 VERBAL - RESTITUCION DE INMUEBLE ARRENDADO",null,null,"70 DEPARTAMENTO DE SUCRE","73 DEPARTAMENTO DE TOLIMA"]
[null,null,"1244 VERBAL - SERVIDUMBRE",null,null,"73 DEPARTAMENTO DE TOLIMA","76 DEPARTAMENTO DE VALLE DEL CAUCA"]
[null,null,"1248 ACCION DE INCONSTITUCIONALIDAD",null,null,"76 DEPARTAMENTO DE VALLE DEL CAUCA","81 DEPARTAMENTO DE ARAUCA"]
[null,null,"1253 ACCION DE REPETICION",null,null,"81 DEPARTAMENTO DE ARAUCA","85 DEPARTAMENTO DE CASANARE"]
[null,null,"1254 CONTROL INMEDIATO DE LEGALIDAD",null,null,"85 DEPARTAMENTO DE CASANARE","86 DEPARTAMENTO DE PUTUMAYO"]
[null,null,"1255 CONTROL POR VIA DE EXCEPCION",null,null,"86 DEPARTAMENTO DE PUTUMAYO","88 DEPARTAMENTO DE SAN ANDRÉS, PROVIDENCIA Y SANTA CATALINA"]
[null,null,"1256 CONTROVERSIAS CONTRACTUALES",null,null,"88 DEPARTAMENTO DE SAN ANDRÉS, PROVIDENCIA Y SANTA CATALINA","91 DEPARTAMENTO DE AMAZONAS"]
[null,null,"1257 CUMPLIMIENTO DE NORMAS CON FUERZA MATERIAL DE LEY O DE ACTOS ADMINISTRATIVOS",null,null,"91 DEPARTAMENTO DE AMAZONAS","94 DEPARTAMENTO DE GUAINÍA"]
[null,null,"1258 EJECUTIVO",null,null,"94 DEPARTAMENTO DE GUAINÍA","95 DEPARTAMENTO DE GUAVIARE"]
[null,null,"1259 EJECUTIVO",null,null,"95 DEPARTAMENTO DE GUAVIARE","97 DEPARTAMENTO DE VAUPÉS"]
[null,null,"1260 EJECUTIVO LABORAL",null,null,"97 DEPARTAMENTO DE VAUPÉS","99 DEPARTAMENTO DE VICHADA"]
[null,null,"1262 NULIDAD DE LAS CARTAS DE NATURALEZA Y DE LAS RESOLUCIONES DE AUTORIZACION DE INSCRIPCION",null,null,"99 DEPARTAMENTO DE VICHADA","5000 DEPARTAMENTO ANTIOQUIA"]
[null,null,"1263 NULIDAD ELECTORAL",null,null,"100 NO APLICA","5001 MEDELLÍN - ANTIOQUIA"]
[null,null,"1264 NULIDAD POR INCONSTITUCIONALIDAD",{"$nulls":3},"5002 ABEJORRAL - ANTIOQUIA"]
[null,null,"1265 NULIDAD SIMPLE",{"$nulls":3},"5004 ABRIAQUÍ - ANTIOQUIA"]
[null,null,"1266 NULIDAD Y RESTABLECIMIENTO DEL DERECHO",{"$nulls":3},"5021 ALEJANDRÍA - ANTIOQUIA"]
[null,null,"1267 NULIDAD Y RESTABLECIMIENTO DEL DERECHO (LESIVIDAD)",{"$nulls":3},"5030 AMAGÁ - ANTIOQUIA"]
[null,null,"1268 ORDINARIO LABORAL",{"$nulls":3},"5031 AMALFI - ANTIOQUIA"]
[null,null,"1269 PERDIDA DE INVESTIDURA",{"$nulls":3},"5034 ANDES - ANTIOQUIA"]
[null,null,"1270 PROTECCION DE LOS DERECHOS E INTERESES COLECTIVOS",{"$nulls":3},"5036 ANGELÓPOLIS - ANTIOQUIA"]
[null,null,"1271 RECURSO DE ANULACION CONTRA LAUDO ARBITRAL",{"$nulls":3},"5038 ANGOSTURA - ANTIOQUIA"]
[null,null,"1272 RECURSO DE UNIFICACION DE JURISPRUDENCIA",{"$nulls":3},"5040 ANORÍ - ANTIOQUIA"]
[null,null,"1273 RECURSO EXTRAORDINARIO DE REVISION",{"$nulls":3},"5042 SANTA FE DE ANTIOQUIA - ANTIOQUIA"]
[null,null,"1274 REPARACION DE LOS PERJUICIOS CAUSADOS A UN GRUPO",{"$nulls":3},"5044 ANZÁ - ANTIOQUIA"]
[null,null,"1275 REPARACION DIRECTA",{"$nulls":3},"5045 APARTADÓ - ANTIOQUIA"]
[null,null,"1276 SOLICITUD DE REVISION EVENTUAL",{"$nulls":3},"5051 ARBOLETES - ANTIOQUIA"]
[null,null,"1277 SOLICITUD DE REVISION EVENTUAL",{"$nulls":3},"5055 ARGELIA - ANTIOQUIA"]
[null,null,"1278 VERBAL",{"$nulls":3},"5059 ARMENIA - ANTIOQUIA"]
[null,null,"1279 VERBAL SUMARIO",{"$nulls":3},"5079 BARBOSA - ANTIOQUIA"]
[{"$nulls":6},"5086 BELMIRA - ANTIOQUIA"]
[{"$nulls":6},"5088 BELLO - ANTIOQUIA"]
[{"$nulls":6},"5091 BETANIA - ANTIOQUIA"]
[{"$nulls":6},"5093 BETULIA - ANTIOQUIA"]
[{"$nulls":6},"5101 CIUDAD BOLÍVAR - ANTIOQUIA"]
[{"$nulls":6},"5107 BRICEÑO - ANTIOQUIA"]
[{"$nulls":6},"5113 BURITICÁ - ANTIOQUIA"]
[{"$nulls":6},"5120 CÁCERES - ANTIOQUIA"]
[{"$nulls":6},"5125 CAICEDO - ANTIOQUIA"]
[{"$nulls":6},"5129 CALDAS - ANTIOQUIA"]
[{"$nulls":6},"5134 CAMPAMENTO - ANTIOQUIA"]
[{"$nulls":6},"5138 CAÑASGORDAS - ANTIOQUIA"]
[{"$nulls":6},"5142 CARACOLÍ - ANTIOQUIA"]
[{"$nulls":6},"5145 CARAMANTA - ANTIOQUIA"]
[{"$nulls":6},"5147 CAREPA - ANTIOQUIA"]
[{"$nulls":6},"5148 CARMEN DE VIBORAL - ANTIOQUIA"]
[{"$nulls":6},"5150 CAROLINA - ANTIOQUIA"]
[{"$nulls":6},"5154 CAUCASIA - ANTIOQUIA"]
[{"$nulls":6},"5172 CHIGORODÓ - ANTIOQUIA"]
[{"$nulls":6},"5190 CISNEROS - ANTIOQUIA"]
[{"$nulls":6},"5197 COCORNÁ - ANTIOQUIA"]
[{"$nulls":6},"5206 CONCEPCIÓN - ANTIOQUIA"]
[{"$nulls":6},"5209 CONCORDIA - ANTIOQUIA"]
[{"$nulls":6},"5212 COPACABANA - ANTIOQUIA"]
[{"$nulls":6},"5234 DABEIBA - ANTIOQUIA"]
[{"$nulls":6},"5237 DON MATÍAS - ANTIOQUIA"]
[{"$nulls":6},"5240 EBÉJICO - ANTIOQUIA"]
[{"$nulls":6},"5250 EL BAGRE - ANTIOQUIA"]
[{"$nulls":6},"5264 ENTRERRIOS - ANTIOQUIA"]
[{"$nulls":6},"5266 ENVIGADO - ANTIOQUIA"]
[{"$nulls":6},"5282 FREDONIA - ANTIOQUIA"]
[{"$nulls":6},"5284 FRONTINO - ANTIOQUIA"]
[{"$nulls":6},"5306 GIRALDO - ANTIOQUIA"]
[{"$nulls":6},"5308 GIRARDOTA - ANTIOQUIA"]
[{"$nulls":6},"5310 GÓMEZ PLATA - ANTIOQUIA"]
[{"$nulls":6},"5313 GRANADA - ANTIOQUIA"]
[{"$nulls":6},"5315 GUADALUPE - ANTIOQUIA"]
[{"$nulls":6},"5318 GUARNE - ANTIOQUIA"]
[{"$nulls":6},"5321 GUATAPÉ - ANTIOQUIA"]
[{"$nulls":6},"5347 HELICONIA - ANTIOQUIA"]
[{"$nulls":6},"5353 HISPANIA - ANTIOQUIA"]
[{"$nulls":6},"5360 ITAGÜÍ - ANTIOQUIA"]
[{"$nulls":6},"5361 ITUANGO - ANTIOQUIA"]
[{"$nulls":6},"5364 JARDÍN - ANTIOQUIA"]
[{"$nulls":6},"5368 JERICÓ - ANTIOQUIA"]
[{"$nulls":6},"5376 LA CEJA - ANTIOQUIA"]
[{"$nulls":6},"5380 LA ESTRELLA - ANTIOQUIA"]
[{"$nulls":6},"5390 LA PINTADA - ANTIOQUIA"]
[{"$nulls":6},"5400 LA UNIÓN - ANTIOQUIA"]
[{"$nulls":6},"5411 LIBORINA - ANTIOQUIA"]
[{"$nulls":6},"5425 MACEO - ANTIOQUIA"]
[{"$nulls":6},"5440 MARINILLA - ANTIOQUIA"]
[{"$nulls":6},"5467 MONTEBELLO - ANTIOQUIA"]
[{"$nulls":6},"5475 MURINDÓ - ANTIOQUIA"]
[{"$nulls":6},"5480 MUTATÁ - ANTIOQUIA"]
[{"$nulls":6},"5483 NARIÑO - ANTIOQUIA"]
[{"$nulls":6},"5490 NECOCLÍ - ANTIOQUIA"]
[{"$nulls":6},"5495 NECHÍ - ANTIOQUIA"]
[{"$nulls":6},"5501 OLAYA - ANTIOQUIA"]
[{"$nulls":6},"5541 PEÑOL - ANTIOQUIA"]
[{"$nulls":6},"5543 PEQUE - ANTIOQUIA"]
[{"$nulls":6},"5576 PUEBLORRICO - ANTIOQUIA"]
[{"$nulls":6},"5579 PUERTO BERRÍO - ANTIOQUIA"]
[{"$nulls":6},"5585 PUERTO NARE - ANTIOQUIA"]
[{"$nulls":6},"5591 PUERTO TRIUNFO - ANTIOQUIA"]
[{"$nulls":6},"5604 REMEDIOS - ANTIOQUIA"]
[{"$nulls":6},"5607 RETIRO - ANTIOQUIA"]
[{"$nulls":6},"5615 RIONEGRO - ANTIOQUIA"]
[{"$nulls":6},"5628 SABANALARGA - ANTIOQUIA"]
[{"$nulls":6},"5631 SABANETA - ANTIOQUIA"]
[{"$nulls":6},"5642 SALGAR - ANTIOQUIA"]
[{"$nulls":6},"5647 SAN ANDRÉS - ANTIOQUIA"]
[{"$nulls":6},"5649 SAN CARLOS - ANTIOQUIA"]
[{"$nulls":6},"5652 SAN FRANCISCO - ANTIOQUIA"]
[{"$nulls":6},"5656 SAN JERÓNIMO - ANTIOQUIA"]
[{"$nulls":6},"5658 SAN JOSÉ DE LA MONTAÑA - ANTIOQUIA"]
[{"$nulls":6},"5659 SAN JUAN DE URABÁ - ANTIOQUIA"]
[{"$nulls":6},"5660 SAN LUIS - ANTIOQUIA"]
[{"$nulls":6},"5664 SAN PEDRO - ANTIOQUIA"]
[{"$nulls":6},"5665 SAN PEDRO DE URABÁ - ANTIOQUIA"]
[{"$nulls":6},"5667 SAN RAFAEL - ANTIOQUIA"]
[{"$nulls":6},"5670 SAN ROQUE - ANTIOQUIA"]
[{"$nulls":6},"5674 SAN VICENTE - ANTIOQUIA"]
[{"$nulls":6},"5679 SANTA BÁRBARA - ANTIOQUIA"]
[{"$nulls":6},"5686 SANTA ROSA DE OSOS - ANTIOQUIA"]
[{"$nulls":6},"5690 SANTO DOMINGO - ANTIOQUIA"]
[{"$nulls":6},"5697 SANTUARIO - ANTIOQUIA"]
[{"$nulls":6},"5736 SEGOVIA - ANTIOQUIA"]
[{"$nulls":6},"5756 SONSÓN - ANTIOQUIA"]
[{"$nulls":6},"5761 SOPETRÁN - ANTIOQUIA"]
[{"$nulls":6},"5789 TÁMESIS - ANTIOQUIA"]
[{"$nulls":6},"5790 TARAZÁ - ANTIOQUIA"]
[{"$nulls":6},"5792 TARSO - ANTIOQUIA"]
[{"$nulls":6},"5809 TITIRIBÍ - ANTIOQUIA"]
[{"$nulls":6},"5819 TOLEDO - ANTIOQUIA"]
[{"$nulls":6},"5837 TURBO - ANTIOQUIA"]
[{"$nulls":6},"5842 URAMITA - ANTIOQUIA"]
[{"$nulls":6},"5847 URRAO - ANTIOQUIA"]
[{"$nulls":6},"5854 VALDIVIA - ANTIOQUIA"]
[{"$nulls":6},"5856 VALPARAISO - ANTIOQUIA"]
[{"$nulls":6},"5858 VEGACHÍ - ANTIOQUIA"]
[{"$nulls":6},"5861 VENECIA - ANTIOQUIA"]
[{"$nulls":6},"5873 VIGIA DEL FUERTE - ANTIOQUIA"]
[{"$nulls":6},"5885 YALÍ - ANTIOQUIA"]
[{"$nulls":6},"5887 YARUMAL - ANTIOQUIA"]
[{"$nulls":6},"5890 YOLOMBÓ - ANTIOQUIA"]
[{"$nulls":6},"5893 YONDÓ (Casabe) - ANTIOQUIA"]
[{"$nulls":6},"5895 ZARAGOZA - ANTIOQUIA"]
[{"$nulls":6},"8000 DEPARTAMENTO ATLANTICO"]
[{"$nulls":6},"8001 BARRANQUILLA - ATLÁNTICO"]
[{"$nulls":6},"8078 BARANOA - ATLÁNTICO"]
[{"$nulls":6},"8137 CAMPO DE LA CRUZ - ATLÁNTICO"]
[{"$nulls":6},"8141 CANDELARIA - ATLÁNTICO"]
[{"$nulls":6},"8296 GALAPA - ATLÁNTICO"]
[{"$nulls":6},"8372 JUAN DE ACOSTA - ATLÁNTICO"]
[{"$nulls":6},"8421 LURUACO - ATLÁNTICO"]
[{"$nulls":6},"8433 MALAMBO - ATLÁNTICO"]
[{"$nulls":6},"8436 MANATÍ - ATLÁNTICO"]
[{"$nulls":6},"8520 PALMAR DE VARELA - ATLÁNTICO"]
[{"$nulls":6},"8549 PIOJÓ - ATLÁNTICO"]
[{"$nulls":6},"8558 POLONUEVO - ATLÁNTICO"]
[{"$nulls":6},"8560 PONEDERA - ATLÁNTICO"]
[{"$nulls":6},"8573 PUERTO COLOMBIA - ATLÁNTICO"]
[{"$nulls":6},"8606 REPELÓN - ATLÁNTICO"]
[{"$nulls":6},"8634 SABANAGRANDE - ATLÁNTICO"]
[{"$nulls":6},"8638 SABANALARGA - ATLÁNTICO"]
[{"$nulls":6},"8675 SANTA LUCÍA - ATLÁNTICO"]
[{"$nulls":6},"8685 SANTO TOMÁS - ATLÁNTICO"]
[{"$nulls":6},"8758 SOLEDAD - ATLÁNTICO"]
[{"$nulls":6},"8770 SUAN - ATLÁNTICO"]
[{"$nulls":6},"8832 TUBARÁ - ATLÁNTICO"]
[{"$nulls":6},"8849 USIACURÍ - ATLÁNTICO"]
[{"$nulls":6},"11001 BOGOTÁ, D.C. - CUNDINAMARCA"]
[{"$nulls":6},"13000 DEPARTAMENTO BOLÍVAR"]
[{"$nulls":6},"13001 CARTAGENA DE INDIAS - BOLÍVAR"]
[{"$nulls":6},"13006 ACHÍ - BOLÍVAR"]
[{"$nulls":6},"13030 ALTOS DEL ROSARIO - BOLÍVAR"]
[{"$nulls":6},"13042 ARENAL - BOLÍVAR"]
[{"$nulls":6},"13052 ARJONA - BOLÍVAR"]
[{"$nulls":6},"13062 ARROYOHONDO - BOLÍVAR"]
[{"$nulls":6},"13074 BARRANCO DE LOBA - BOLÍVAR"]
[{"$nulls":6},"13140 CALAMAR - BOLÍVAR"]
[{"$nulls":6},"13160 CANTAGALLO - BOLÍVAR"]
[{"$nulls":6},"13188 CICUCO - BOLÍVAR"]
[{"$nulls":6},"13212 CÓRDOBA - BOLÍVAR"]
[{"$nulls":6},"13222 CLEMENCIA - BOLÍVAR"]
[{"$nulls":6},"13244 EL CARMEN DE BOLÍVAR - BOLÍVAR"]
[{"$nulls":6},"13248 EL GUAMO - BOLÍVAR"]
[{"$nulls":6},"13268 EL PEÑÓN - BOLÍVAR"]
[{"$nulls":6},"13300 HATILLO DE LOBA - BOLÍVAR"]
[{"$nulls":6},"13430 MAGANGUÉ - BOLÍVAR"]
[{"$nulls":6},"13433 MAHATES - BOLÍVAR"]
[{"$nulls":6},"13440 MARGARITA - BOLÍVAR"]
[{"$nulls":6},"13442 MARÍA LA BAJA - BOLÍVAR"]
[{"$nulls":6},"13458 MONTECRISTO - BOLÍVAR"]
[{"$nulls":6},"13468 MOMPÓS - BOLÍVAR"]
[{"$nulls":6},"13473 MORALES - BOLÍVAR"]
[{"$nulls":6},"13490 NOROSI - BOLÍVAR"]
[{"$nulls":6},"13549 PINILLOS - BOLÍVAR"]
[{"$nulls":6},"13580 REGIDOR - BOLÍVAR"]
[{"$nulls":6},"13600 RIOVIEJO - BOLÍVAR"]
[{"$nulls":6},"13620 SAN CRISTÓBAL - BOLÍVAR"]
[{"$nulls":6},"13647 SAN ESTANISLAO - BOLÍVAR"]
[{"$nulls":6},"13650 SAN FERNANDO - BOLÍVAR"]
[{"$nulls":6},"13654 SAN JACINTO - BOLÍVAR"]
[{"$nulls":6},"13655 SAN JACINTO DEL CAUCA - BOLÍVAR"]
[{"$nulls":6},"13657 SAN JUAN NEPOMUCENO - BOLÍVAR"]
[{"$nulls":6},"13667 SAN MARTIN DE LOBA - BOLÍVAR"]
[{"$nulls":6},"13670 SAN PABLO - BOLÍVAR"]
[{"$nulls":6},"13673 SANTA CATALINA - BOLÍVAR"]
[{"$nulls":6},"13683 SANTA ROSA - BOLÍVAR"]
[{"$nulls":6},"13688 SANTA ROSA DEL SUR - BOLÍVAR"]
[{"$nulls":6},"13744 SIMITÍ - BOLÍVAR"]
[{"$nulls":6},"13760 SOPLAVIENTO - BOLÍVAR"]
[{"$nulls":6},"13780 TALAIGUA NUEVO - BOLÍVAR"]
[{"$nulls":6},"13810 TIQUISIO (Puerto Rico) - BOLÍVAR"]
[{"$nulls":6},"13836 TURBACO - BOLÍVAR"]
[{"$nulls":6},"13838 TURBANA - BOLÍVAR"]
[{"$nulls":6},"13873 VILLANUEVA - BOLÍVAR"]
[{"$nulls":6},"13894 ZAMBRANO - BOLÍVAR"]
[{"$nulls":6},"15000 DEPARTAMENTO BOYACÁ"]
[{"$nulls":6},"15001 TUNJA - BOYACÁ"]
[{"$nulls":6},"15022 ALMEIDA - BOYACÁ"]
[{"$nulls":6},"15047 AQUITANIA - BOYACÁ"]
[{"$nulls":6},"15051 ARCABUCO - BOYACÁ"]
[{"$nulls":6},"15087 BELÉN - BOYACÁ"]
[{"$nulls":6},"15090 BERBEO - BOYACÁ"]
[{"$nulls":6},"15092 BETÉITIVA - BOYACÁ"]
[{"$nulls":6},"15097 BOAVITA - BOYACÁ"]
[{"$nulls":6},"15104 BOYACÁ - BOYACÁ"]
[{"$nulls":6},"15106 BRICEÑO - BOYACÁ"]
[{"$nulls":6},"15109 BUENAVISTA - BOYACÁ"]
[{"$nulls":6},"15114 BUSBANZÁ - BOYACÁ"]
[{"$nulls":6},"15131 CALDAS - BOYACÁ"]
[{"$nulls":6},"15135 CAMPOHERMOSO - BOYACÁ"]
[{"$nulls":6},"15162 CERINZA - BOYACÁ"]
[{"$nulls":6},"15172 CHINAVITA - BOYACÁ"]
[{"$nulls":6},"15176 CHIQUINQUIRÁ - BOYACÁ"]
[{"$nulls":6},"15180 CHISCAS - BOYACÁ"]
[{"$nulls":6},"15183 CHITA - BOYACÁ"]
[{"$nulls":6},"15185 CHITARAQUE - BOYACÁ"]
[{"$nulls":6},"15187 CHIVATÁ - BOYACÁ"]
[{"$nulls":6},"15189 CIÉNEGA - BOYACÁ"]
[{"$nulls":6},"15204 CÓMBITA - BOYACÁ"]
[{"$nulls":6},"15212 COPER - BOYACÁ"]
[{"$nulls":6},"15215 CORRALES - BOYACÁ"]
[{"$nulls":6},"15218 COVARACHÍA - BOYACÁ"]
[{"$nulls":6},"15223 CUBARÁ - BOYACÁ"]
[{"$nulls":6},"15224 CUCAITA - BOYACÁ"]
[{"$nulls":6},"15226 CUÍTIVA - BOYACÁ"]
[{"$nulls":6},"15232 CHÍQUIZA - BOYACÁ"]
[{"$nulls":6},"15236 CHIVOR - BOYACÁ"]
[{"$nulls":6},"15238 DUITAMA - BOYACÁ"]
[{"$nulls":6},"15244 EL COCUY - BOYACÁ"]
[{"$nulls":6},"15248 EL ESPINO - BOYACÁ"]
[{"$nulls":6},"15272 FIRAVITOBA - BOYACÁ"]
[{"$nulls":6},"15276 FLORESTA - BOYACÁ"]
[{"$nulls":6},"15293 GACHANTIVÁ - BOYACÁ"]
[{"$nulls":6},"15296 GÁMEZA - BOYACÁ"]
[{"$nulls":6},"15299 GARAGOA - BOYACÁ"]
[{"$nulls":6},"15317 GUACAMAYAS - BOYACÁ"]
[{"$nulls":6},"15322 GUATEQUE - BOYACÁ"]
[{"$nulls":6},"15325 GUAYATÁ - BOYACÁ"]
[{"$nulls":6},"15332 GUICÁN - BOYACÁ"]
[{"$nulls":6},"15362 IZA - BOYACÁ"]
[{"$nulls":6},"15367 JENESANO - BOYACÁ"]
[{"$nulls":6},"15368 JERICÓ - BOYACÁ"]
[{"$nulls":6},"15377 LABRANZAGRANDE - BOYACÁ"]
[{"$nulls":6},"15380 LA CAPILLA - BOYACÁ"]
[{"$nulls":6},"15401 LA VICTORIA - BOYACÁ"]
[{"$nulls":6},"15403 LA UVITA - BOYACÁ"]
[{"$nulls":6},"15407 VILLA DE LEIVA - BOYACÁ"]
[{"$nulls":6},"15425 MACANAL - BOYACÁ"]
[{"$nulls":6},"15442 MARIPÍ - BOYACÁ"]
[{"$nulls":6},"15455 MIRAFLORES - BOYACÁ"]
[{"$nulls":6},"15464 MONGUA - BOYACÁ"]
[{"$nulls":6},"15466 MONGUÍ - BOYACÁ"]
[{"$nulls":6},"15469 MONIQUIRÁ - BOYACÁ"]
[{"$nulls":6},"15476 MOTAVITA - BOYACÁ"]
[{"$nulls":6},"15480 MUZO - BOYACÁ"]
[{"$nulls":6},"15491 NOBSA - BOYACÁ"]
[{"$nulls":6},"15494 NUEVO COLÓN - BOYACÁ"]
[{"$nulls":6},"15500 OICATÁ - BOYACÁ"]
[{"$nulls":6},"15507 OTANCHE - BOYACÁ"]
[{"$nulls":6},"15511 PACHAVITA - BOYACÁ"]
[{"$nulls":6},"15514 PÁEZ - BOYACÁ"]
[{"$nulls":6},"15516 PAIPA - BOYACÁ"]
[{"$nulls":6},"15518 PAJARITO - BOYACÁ"]
[{"$nulls":6},"15522 PANQUEBA - BOYACÁ"]
[{"$nulls":6},"15531 PAUNA - BOYACÁ"]
[{"$nulls":6},"15533 PAYA - BOYACÁ"]
[{"$nulls":6},"15537 PAZ DE RIO - BOYACÁ"]
[{"$nulls":6},"15542 PESCA - BOYACÁ"]
[{"$nulls":6},"15550 PISVA - BOYACÁ"]
[{"$nulls":6},"15572 PUERTO BOYACÁ - BOYACÁ"]
[{"$nulls":6},"15580 QUÍPAMA - BOYACÁ"]
[{"$nulls":6},"15599 RAMIRIQUÍ - BOYACÁ"]
[{"$nulls":6},"15600 RÁQUIRA - BOYACÁ"]
[{"$nulls":6},"15621 RONDÓN - BOYACÁ"]
[{"$nulls":6},"15632 SABOYÁ - BOYACÁ"]
[{"$nulls":6},"15638 SÁCHICA - BOYACÁ"]
[{"$nulls":6},"15646 SAMACÁ - BOYACÁ"]
[{"$nulls":6},"15660 SAN EDUARDO - BOYACÁ"]
[{"$nulls":6},"15664 SAN JOSÉ DE PARE - BOYACÁ"]
[{"$nulls":6},"15667 SAN LUIS DE GACENO - BOYACÁ"]
[{"$nulls":6},"15673 SAN MATEO - BOYACÁ"]
[{"$nulls":6},"15676 SAN MIGUEL DE SEMA - BOYACÁ"]
[{"$nulls":6},"15681 SAN PABLO DE BORBUR - BOYACÁ"]
[{"$nulls":6},"15686 SANTANA - BOYACÁ"]
[{"$nulls":6},"15690 SANTA MARÍA - BOYACÁ"]
[{"$nulls":6},"15693 SANTA ROSA DE VITERBO - BOYACÁ"]
[{"$nulls":6},"15696 SANTA SOFÍA - BOYACÁ"]
[{"$nulls":6},"15720 SATIVANORTE - BOYACÁ"]
[{"$nulls":6},"15723 SATIVASUR - BOYACÁ"]
[{"$nulls":6},"15740 SIACHOQUE - BOYACÁ"]
[{"$nulls":6},"15753 SOATÁ - BOYACÁ"]
[{"$nulls":6},"15755 SOCOTÁ - BOYACÁ"]
[{"$nulls":6},"15757 SOCHA - BOYACÁ"]
[{"$nulls":6},"15759 SOGAMOSO - BOYACÁ"]
[{"$nulls":6},"15761 SOMONDOCO - BOYACÁ"]
[{"$nulls":6},"15762 SORA - BOYACÁ"]
[{"$nulls":6},"15763 SOTAQUIRÁ - BOYACÁ"]
[{"$nulls":6},"15764 SORACÁ - BOYACÁ"]
[{"$nulls":6},"15774 SUSACÓN - BOYACÁ"]
[{"$nulls":6},"15776 SUTAMARCHÁN - BOYACÁ"]
[{"$nulls":6},"15778 SUTATENZA - BOYACÁ"]
[{"$nulls":6},"15790 TASCO - BOYACÁ"]
[{"$nulls":6},"15798 TENZA - BOYACÁ"]
[{"$nulls":6},"15804 TIBANÁ - BOYACÁ"]
[{"$nulls":6},"15806 TIBASOSA - BOYACÁ"]
[{"$nulls":6},"15808 TINJACÁ - BOYACÁ"]
[{"$nulls":6},"15810 TIPACOQUE - BOYACÁ"]
[{"$nulls":6},"15814 TOCA - BOYACÁ"]
[{"$nulls":6},"15816 TOGÜÍ - BOYACÁ"]
[{"$nulls":6},"15820 TÓPAGA - BOYACÁ"]
[{"$nulls":6},"15822 TOTA - BOYACÁ"]
[{"$nulls":6},"15832 TUNUNGUÁ - BOYACÁ"]
[{"$nulls":6},"15835 TURMEQUÉ - BOYACÁ"]
[{"$nulls":6},"15837 TUTA - BOYACÁ"]
[{"$nulls":6},"15839 TUTAZÁ - BOYACÁ"]
[{"$nulls":6},"15842 ÚMBITA - BOYACÁ"]
[{"$nulls":6},"15861 VENTAQUEMADA - BOYACÁ"]
[{"$nulls":6},"15879 VIRACACHÁ - BOYACÁ"]
[{"$nulls":6},"15897 ZETAQUIRÁ - BOYACÁ"]
[{"$nulls":6},"17000 DEPARTAMENTO DE CALDAS"]
[{"$nulls":6},"17001 MANIZALES - CALDAS"]
[{"$nulls":6},"17013 AGUADAS - CALDAS"]
[{"$nulls":6},"17042 ANSERMA - CALDAS"]
[{"$nulls":6},"17050 ARANZAZU - CALDAS"]
[{"$nulls":6},"17088 BELALCAZAR - CALDAS"]
[{"$nulls":6},"17174 CHINCHINÁ - CALDAS"]
[{"$nulls":6},"17272 FILADELFIA - CALDAS"]
[{"$nulls":6},"17380 LA DORADA - CALDAS"]
[{"$nulls":6},"17388 LA MERCED - CALDAS"]
[{"$nulls":6},"17433 MANZANARES - CALDAS"]
[{"$nulls":6},"17442 MARMATO - CALDAS"]
[{"$nulls":6},"17444 MARQUETALIA - CALDAS"]
[{"$nulls":6},"17446 MARULANDA - CALDAS"]
[{"$nulls":6},"17486 NEIRA - CALDAS"]
[{"$nulls":6},"17495 NORCASIA - CALDAS"]
[{"$nulls":6},"17513 PÁCORA - CALDAS"]
[{"$nulls":6},"17524 PALESTINA - CALDAS"]
[{"$nulls":6},"17541 PENSILVANIA - CALDAS"]
[{"$nulls":6},"17614 RIOSUCIO - CALDAS"]
[{"$nulls":6},"17616 RISARALDA - CALDAS"]
[{"$nulls":6},"17653 SALAMINA - CALDAS"]
[{"$nulls":6},"17662 SAMANÁ - CALDAS"]
[{"$nulls":6},"17665 SAN JOSÉ - CALDAS"]
[{"$nulls":6},"17777 SUPIA - CALDAS"]
[{"$nulls":6},"17867 VICTORIA - CALDAS"]
[{"$nulls":6},"17873 VILLAMARIA - CALDAS"]
[{"$nulls":6},"17877 VITERBO - CALDAS"]
[{"$nulls":6},"18000 DEPARTAMENTO CAQUETÁ"]
[{"$nulls":6},"18001 FLORENCIA - CAQUETÁ"]
[{"$nulls":6},"18029 ALBANIA - CAQUETÁ"]
[{"$nulls":6},"18094 BELÉN DE LOS ANDAQUÍES - CAQUETÁ"]
[{"$nulls":6},"18150 CARTAGENA DEL CHAIRÁ - CAQUETÁ"]
[{"$nulls":6},"18205 CURILLO - CAQUETÁ"]
[{"$nulls":6},"18247 EL DONCELLO - CAQUETÁ"]
[{"$nulls":6},"18256 EL PAUJIL - CAQUETÁ"]
[{"$nulls":6},"18410 MONTAÑITA - CAQUETÁ"]
[{"$nulls":6},"18460 MILÁN - CAQUETÁ"]
[{"$nulls":6},"18479 MORELIA - CAQUETÁ"]
[{"$nulls":6},"18592 PUERTO RICO - CAQUETÁ"]
[{"$nulls":6},"18610 SAN JOSÉ DEL FRAGUA - CAQUETÁ"]
[{"$nulls":6},"18753 SAN VICENTE DEL CAGUÁN - CAQUETÁ"]
[{"$nulls":6},"18756 SOLANO - CAQUETÁ"]
[{"$nulls":6},"18785 SOLITA - CAQUETÁ"]
[{"$nulls":6},"18860 VALPARAÍSO - CAQUETÁ"]
[{"$nulls":6},"19000 DEPARTAMENTO CAUCA"]
[{"$nulls":6},"19001 POPAYÁN - CAUCA"]
[{"$nulls":6},"19022 ALMAGUER - CAUCA"]
[{"$nulls":6},"19050 ARGELIA - CAUCA"]
[{"$nulls":6},"19075 BALBOA - CAUCA"]
[{"$nulls":6},"19100 BOLÍVAR - CAUCA"]
[{"$nulls":6},"19110 BUENOS AIRES - CAUCA"]
[{"$nulls":6},"19130 CAJIBÍO - CAUCA"]
[{"$nulls":6},"19137 CALDONO - CAUCA"]
[{"$nulls":6},"19142 CALOTO - CAUCA"]
[{"$nulls":6},"19212 CORINTO - CAUCA"]
[{"$nulls":6},"19256 EL TAMBO - CAUCA"]
[{"$nulls":6},"19290 FLORENCIA - CAUCA"]
[{"$nulls":6},"19300 GUACHENE - CAUCA"]
[{"$nulls":6},"19318 GUAPI - CAUCA"]
[{"$nulls":6},"19355 INZÁ - CAUCA"]
[{"$nulls":6},"19364 JAMBALÓ - CAUCA"]
[{"$nulls":6},"19392 LA SIERRA - CAUCA"]
[{"$nulls":6},"19397 LA VEGA - CAUCA"]
[{"$nulls":6},"19418 LÓPEZ - CAUCA"]
[{"$nulls":6},"19450 MERCADERES - CAUCA"]
[{"$nulls":6},"19455 MIRANDA - CAUCA"]
[{"$nulls":6},"19473 MORALES - CAUCA"]
[{"$nulls":6},"19513 PADILLA - CAUCA"]
[{"$nulls":6},"19517 PÁEZ (Belalcázar) - CAUCA"]
[{"$nulls":6},"19532 PATÍA (El Bordo) - CAUCA"]
[{"$nulls":6},"19533 PIAMONTE - CAUCA"]
[{"$nulls":6},"19548 PIENDAMÓ - CAUCA"]
[{"$nulls":6},"19573 PUERTO TEJADA - CAUCA"]
[{"$nulls":6},"19585 PURACÉ (Coconuco) - CAUCA"]
[{"$nulls":6},"19622 ROSAS - CAUCA"]
[{"$nulls":6},"19693 SAN SEBASTIÁN - CAUCA"]
[{"$nulls":6},"19698 SANTANDER DE QUILICHAO - CAUCA"]
[{"$nulls":6},"19701 SANTA ROSA - CAUCA"]
[{"$nulls":6},"19743 SILVIA - CAUCA"]
[{"$nulls":6},"19760 SOTARÁ (Paispamba) - CAUCA"]
[{"$nulls":6},"19780 SUÁREZ - CAUCA"]
[{"$nulls":6},"19785 SUCRE - CAUCA"]
[{"$nulls":6},"19807 TIMBÍO - CAUCA"]
[{"$nulls":6},"19809 TIMBIQUÍ - CAUCA"]
[{"$nulls":6},"19821 TORIBÍO - CAUCA"]
[{"$nulls":6},"19824 TOTORÓ - CAUCA"]
[{"$nulls":6},"19845 VILLA RICA - CAUCA"]
[{"$nulls":6},"20000 DEPARTAMENTO CESAR"]
[{"$nulls":6},"20001 VALLEDUPAR - CESAR"]
[{"$nulls":6},"20011 AGUACHICA - CESAR"]
[{"$nulls":6},"20013 AGUSTÍN CODAZZI - CESAR"]
[{"$nulls":6},"20032 ASTREA - CESAR"]
[{"$nulls":6},"20045 BECERRILL - CESAR"]
[{"$nulls":6},"20060 BOSCONIA - CESAR"]
[{"$nulls":6},"20175 CHIMICHAGUA - CESAR"]
[{"$nulls":6},"20178 CHIRIGUANÁ - CESAR"]
[{"$nulls":6},"20228 CURUMANÍ - CESAR"]
[{"$nulls":6},"20238 EL COPEY - CESAR"]
[{"$nulls":6},"20250 EL PASO - CESAR"]
[{"$nulls":6},"20295 GAMARRA - CESAR"]
[{"$nulls":6},"20310 GONZÁLEZ - CESAR"]
[{"$nulls":6},"20383 LA GLORIA - CESAR"]
[{"$nulls":6},"20400 LA JAGUA DE IBIRICO - CESAR"]
[{"$nulls":6},"20443 MANAURE BALCÓN DEL CESAR - CESAR"]
[{"$nulls":6},"20517 PAILITAS - CESAR"]
[{"$nulls":6},"20550 PELAYA - CESAR"]
[{"$nulls":6},"20570 PUEBLO BELLO - CESAR"]
[{"$nulls":6},"20614 RIO DE ORO - CESAR"]
[{"$nulls":6},"20621 LA PAZ - CESAR"]
[{"$nulls":6},"20710 SAN ALBERTO - CESAR"]
[{"$nulls":6},"20750 SAN DIEGO - CESAR"]
[{"$nulls":6},"20770 SAN MARTÍN - CESAR"]
[{"$nulls":6},"20787 TAMALAMEQUE - CESAR"]
[{"$nulls":6},"23000 DEPARTAMENTO CÓRDOBA"]
[{"$nulls":6},"23001 MONTERÍA - CÓRDOBA"]
[{"$nulls":6},"23068 AYAPEL - CÓRDOBA"]
[{"$nulls":6},"23079 BUENAVISTA - CÓRDOBA"]
[{"$nulls":6},"23090 CANALETE - CÓRDOBA"]
[{"$nulls":6},"23162 CERETÉ - CÓRDOBA"]
[{"$nulls":6},"23168 CHIMA - CÓRDOBA"]
[{"$nulls":6},"23182 CHINÚ - CÓRDOBA"]
[{"$nulls":6},"23189 CIÉNAGA DE ORO - CÓRDOBA"]
[{"$nulls":6},"23300 COTORRA - CÓRDOBA"]
[{"$nulls":6},"23350 LA APARTADA - CÓRDOBA"]
[{"$nulls":6},"23417 LORICA - CÓRDOBA"]
[{"$nulls":6},"23419 LOS CÓRDOBAS - CÓRDOBA"]
[{"$nulls":6},"23464 MOMIL - CÓRDOBA"]
[{"$nulls":6},"23466 MONTELÍBANO - CÓRDOBA"]
[{"$nulls":6},"23500 MOÑITOS - CÓRDOBA"]
[{"$nulls":6},"23555 PLANETA RICA - CÓRDOBA"]
[{"$nulls":6},"23570 PUEBLO NUEVO - CÓRDOBA"]
[{"$nulls":6},"23574 PUERTO ESCONDIDO - CÓRDOBA"]
[{"$nulls":6},"23580 PUERTO LIBERTADOR - CÓRDOBA"]
[{"$nulls":6},"23586 PURÍSIMA - CÓRDOBA"]
[{"$nulls":6},"23660 SAHAGÚN - CÓRDOBA"]
[{"$nulls":6},"23670 SAN ANDRÉS DE SOTAVENTO - CÓRDOBA"]
[{"$nulls":6},"23672 SAN ANTERO - CÓRDOBA"]
[{"$nulls":6},"23675 SAN BERNARDO DEL VIENTO - CÓRDOBA"]
[{"$nulls":6},"23678 SAN CARLOS - CÓRDOBA"]
[{"$nulls":6},"23682 SAN JOSE DE URE - CÓRDOBA"]
[{"$nulls":6},"23686 SAN PELAYO - CÓRDOBA"]
[{"$nulls":6},"23807 TIERRALTA - CÓRDOBA"]
[{"$nulls":6},"23815 TUCHÍN - CÓRDOBA"]
[{"$nulls":6},"23855 VALENCIA - CÓRDOBA"]
[{"$nulls":6},"25000 DEPARTAMENTO CUNDINAMARCA"]
[{"$nulls":6},"25001 AGUA DE DIOS - CUNDINAMARCA"]
[{"$nulls":6},"25019 ALBÁN - CUNDINAMARCA"]
[{"$nulls":6},"25035 ANAPOIMA - CUNDINAMARCA"]
[{"$nulls":6},"25040 ANOLAIMA - CUNDINAMARCA"]
[{"$nulls":6},"25053 ARBELÁEZ - CUNDINAMARCA"]
[{"$nulls":6},"25086 BELTRÁN - CUNDINAMARCA"]
[{"$nulls":6},"25095 BITUIMA - CUNDINAMARCA"]
[{"$nulls":6},"25099 BOJACÁ - CUNDINAMARCA"]
[{"$nulls":6},"25120 CABRERA - CUNDINAMARCA"]
[{"$nulls":6},"25123 CACHIPAY - CUNDINAMARCA"]
[{"$nulls":6},"25126 CAJICÁ - CUNDINAMARCA"]
[{"$nulls":6},"25148 CAPARRAPÍ - CUNDINAMARCA"]
[{"$nulls":6},"25151 CÁQUEZA - CUNDINAMARCA"]
[{"$nulls":6},"25154 CARMEN DE CARUPA - CUNDINAMARCA"]
[{"$nulls":6},"25168 CHAGUANÍ - CUNDINAMARCA"]
[{"$nulls":6},"25175 CHÍA - CUNDINAMARCA"]
[{"$nulls":6},"25178 CHIPAQUE - CUNDINAMARCA"]
[{"$nulls":6},"25181 CHOACHÍ - CUNDINAMARCA"]
[{"$nulls":6},"25183 CHOCONTÁ - CUNDINAMARCA"]
[{"$nulls":6},"25200 COGUA - CUNDINAMARCA"]
[{"$nulls":6},"25214 COTA - CUNDINAMARCA"]
[{"$nulls":6},"25224 CUCUNUBÁ - CUNDINAMARCA"]
[{"$nulls":6},"25245 EL COLEGIO - CUNDINAMARCA"]
[{"$nulls":6},"25258 EL PEÑÓN - CUNDINAMARCA"]
[{"$nulls":6},"25260 EL ROSAL - CUNDINAMARCA"]
[{"$nulls":6},"25269 FACATATIVÁ - CUNDINAMARCA"]
[{"$nulls":6},"25279 FÓMEQUE - CUNDINAMARCA"]
[{"$nulls":6},"25281 FOSCA - CUNDINAMARCA"]
[{"$nulls":6},"25286 FUNZA - CUNDINAMARCA"]
[{"$nulls":6},"25288 FÚQUENE - CUNDINAMARCA"]
[{"$nulls":6},"25290 FUSAGASUGÁ - CUNDINAMARCA"]
[{"$nulls":6},"25293 GACHALÁ - CUNDINAMARCA"]
[{"$nulls":6},"25295 GACHANCIPÁ - CUNDINAMARCA"]
[{"$nulls":6},"25297 GACHETÁ - CUNDINAMARCA"]
[{"$nulls":6},"25299 GAMA - CUNDINAMARCA"]
[{"$nulls":6},"25307 GIRARDOT - CUNDINAMARCA"]
[{"$nulls":6},"25312 GRANADA - CUNDINAMARCA"]
[{"$nulls":6},"25317 GUACHETÁ - CUNDINAMARCA"]
[{"$nulls":6},"25320 GUADUAS - CUNDINAMARCA"]
[{"$nulls":6},"25322 GUASCA - CUNDINAMARCA"]
[{"$nulls":6},"25324 GUATAQUÍ - CUNDINAMARCA"]
[{"$nulls":6},"25326 GUATAVITA - CUNDINAMARCA"]
[{"$nulls":6},"25328 GUAYABAL DE SÍQUIMA - CUNDINAMARCA"]
[{"$nulls":6},"25335 GUAYABETAL - CUNDINAMARCA"]
[{"$nulls":6},"25339 GUTIÉRREZ - CUNDINAMARCA"]
[{"$nulls":6},"25368 JERUSALÉN - CUNDINAMARCA"]
[{"$nulls":6},"25372 JUNÍN - CUNDINAMARCA"]
[{"$nulls":6},"25377 LA CALERA - CUNDINAMARCA"]
[{"$nulls":6},"25386 LA MESA - CUNDINAMARCA"]
[{"$nulls":6},"25394 LA PALMA - CUNDINAMARCA"]
[{"$nulls":6},"25398 LA PEÑA - CUNDINAMARCA"]
[{"$nulls":6},"25402 LA VEGA - CUNDINAMARCA"]
[{"$nulls":6},"25407 LENGUAZAQUE - CUNDINAMARCA"]
[{"$nulls":6},"25426 MACHETÁ - CUNDINAMARCA"]
[{"$nulls":6},"25430 MADRID - CUNDINAMARCA"]
[{"$nulls":6},"25436 MANTA - CUNDINAMARCA"]
[{"$nulls":6},"25438 MEDINA - CUNDINAMARCA"]
[{"$nulls":6},"25473 MOSQUERA - CUNDINAMARCA"]
[{"$nulls":6},"25483 NARIÑO - CUNDINAMARCA"]
[{"$nulls":6},"25486 NEMOCÓN - CUNDINAMARCA"]
[{"$nulls":6},"25488 NILO - CUNDINAMARCA"]
[{"$nulls":6},"25489 NIMAIMA - CUNDINAMARCA"]
[{"$nulls":6},"25491 NOCAIMA - CUNDINAMARCA"]
[{"$nulls":6},"25506 VENECIA - CUNDINAMARCA"]
[{"$nulls":6},"25513 PACHO - CUNDINAMARCA"]
[{"$nulls":6},"25518 PAIME - CUNDINAMARCA"]
[{"$nulls":6},"25524 PANDI - CUNDINAMARCA"]
[{"$nulls":6},"25530 PARATEBUENO - CUNDINAMARCA"]
[{"$nulls":6},"25535 PASCA - CUNDINAMARCA"]
[{"$nulls":6},"25572 PUERTO SALGAR - CUNDINAMARCA"]
[{"$nulls":6},"25580 PULÍ - CUNDINAMARCA"]
[{"$nulls":6},"25592 QUEBRADANEGRA - CUNDINAMARCA"]
[{"$nulls":6},"25594 QUETAME - CUNDINAMARCA"]
[{"$nulls":6},"25596 QUIPILE - CUNDINAMARCA"]
[{"$nulls":6},"25599 APULO - CUNDINAMARCA"]
[{"$nulls":6},"25612 RICAURTE - CUNDINAMARCA"]
[{"$nulls":6},"25645 SAN ANTONIO DE  TEQUENDAMA - CUNDINAMARCA"]
[{"$nulls":6},"25649 SAN BERNARDO - CUNDINAMARCA"]
[{"$nulls":6},"25653 SAN CAYETANO - CUNDINAMARCA"]
[{"$nulls":6},"25658 SAN FRANCISCO - CUNDINAMARCA"]
[{"$nulls":6},"25662 SAN JUAN DE RIOSECO - CUNDINAMARCA"]
[{"$nulls":6},"25718 SASAIMA - CUNDINAMARCA"]
[{"$nulls":6},"25736 SESQUILÉ - CUNDINAMARCA"]
[{"$nulls":6},"25740 SIBATÉ - CUNDINAMARCA"]
[{"$nulls":6},"25743 SILVANIA - CUNDINAMARCA"]
[{"$nulls":6},"25745 SIMIJACA - CUNDINAMARCA"]
[{"$nulls":6},"25754 SOACHA - CUNDINAMARCA"]
[{"$nulls":6},"25758 SOPÓ - CUNDINAMARCA"]
[{"$nulls":6},"25769 SUBACHOQUE - CUNDINAMARCA"]
[{"$nulls":6},"25772 SUESCA - CUNDINAMARCA"]
[{"$nulls":6},"25777 SUPATÁ - CUNDINAMARCA"]
[{"$nulls":6},"25779 SUSA - CUNDINAMARCA"]
[{"$nulls":6},"25781 SUTATAUSA - CUNDINAMARCA"]
[{"$nulls":6},"25785 TABIO - CUNDINAMARCA"]
[{"$nulls":6},"25793 TAUSA - CUNDINAMARCA"]
[{"$nulls":6},"25797 TENA - CUNDINAMARCA"]
[{"$nulls":6},"25799 TENJO - CUNDINAMARCA"]
[{"$nulls":6},"25805 TIBACUY - CUNDINAMARCA"]
[{"$nulls":6},"25807 TIBIRITA - CUNDINAMARCA"]
[{"$nulls":6},"25815 TOCAIMA - CUNDINAMARCA"]
[{"$nulls":6},"25817 TOCANCIPÁ - CUNDINAMARCA"]
[{"$nulls":6},"25823 TOPAIPÍ - CUNDINAMARCA"]
[{"$nulls":6},"25839 UBALÁ - CUNDINAMARCA"]
[{"$nulls":6},"25841 UBAQUE - CUNDINAMARCA"]
[{"$nulls":6},"25843 UBATÉ - CUNDINAMARCA"]
[{"$nulls":6},"25845 UNE - CUNDINAMARCA"]
[{"$nulls":6},"25851 ÚTICA - CUNDINAMARCA"]
[{"$nulls":6},"25862 VERGARA - CUNDINAMARCA"]
[{"$nulls":6},"25867 VIANÍ - CUNDINAMARCA"]
[{"$nulls":6},"25871 VILLAGÓMEZ - CUNDINAMARCA"]
[{"$nulls":6},"25873 VILLAPINZÓN - CUNDINAMARCA"]
[{"$nulls":6},"25875 VILLETA - CUNDINAMARCA"]
[{"$nulls":6},"25878 VIOTÁ - CUNDINAMARCA"]
[{"$nulls":6},"25885 YACOPÍ - CUNDINAMARCA"]
[{"$nulls":6},"25898 ZIPACÓN - CUNDINAMARCA"]
[{"$nulls":6},"25899 ZIPAQUIRÁ - CUNDINAMARCA"]
[{"$nulls":6},"27000 DEPARTAMENTO CHOCÓ"]
[{"$nulls":6},"27001 QUIBDÓ - CHOCÓ"]
[{"$nulls":6},"27006 ACANDÍ - CHOCÓ"]
[{"$nulls":6},"27025 ALTO BAUDÓ (Pie de Pato) - CHOCÓ"]
[{"$nulls":6},"27050 ATRATO (Yuto) - CHOCÓ"]
[{"$nulls":6},"27073 BAGADÓ - CHOCÓ"]
[{"$nulls":6},"27075 BAHÍA SOLANO (Mutis) - CHOCÓ"]
[{"$nulls":6},"27077 BAJO BAUDÓ (Pizarro) - CHOCÓ"]
[{"$nulls":6},"27099 BOJAYÁ (Bellavista) - CHOCÓ"]
[{"$nulls":6},"27135 EL CANTÓN DEL SAN PABLO (Managrú) - CHOCÓ"]
[{"$nulls":6},"27150 CARMEN DEL DARIÉN  (Curbaradó) - CHOCÓ"]
[{"$nulls":6},"27160 CÉRTEGUI - CHOCÓ"]
[{"$nulls":6},"27205 CONDOTO - CHOCÓ"]
[{"$nulls":6},"27245 EL CARMEN - CHOCÓ"]
[{"$nulls":6},"27250 EL LITORAL DEL SAN JUÁN (Docordó) - CHOCÓ"]
[{"$nulls":6},"27361 ISTMINA - CHOCÓ"]
[{"$nulls":6},"27372 JURADÓ - CHOCÓ"]
[{"$nulls":6},"27413 LLORÓ - CHOCÓ"]
[{"$nulls":6},"27425 MEDIO ATRATO (Beté) - CHOCÓ"]
[{"$nulls":6},"27430 MEDIO BAUDÓ(Boca de Pepé) - CHOCÓ"]
[{"$nulls":6},"27450 MEDIO SAN JUAN (Andagoya) - CHOCÓ"]
[{"$nulls":6},"27491 NÓVITA - CHOCÓ"]
[{"$nulls":6},"27495 NUQUÍ - CHOCÓ"]
[{"$nulls":6},"27580 RIO IRÓ (Santa Rita) - CHOCÓ"]
[{"$nulls":6},"27600 RIO QUITO (Paimadó) - CHOCÓ"]
[{"$nulls":6},"27615 RIOSUCIO - CHOCÓ"]
[{"$nulls":6},"27660 SAN JOSÉ DEL PALMAR - CHOCÓ"]
[{"$nulls":6},"27745 SIPÍ - CHOCÓ"]
[{"$nulls":6},"27787 TADÓ - CHOCÓ"]
[{"$nulls":6},"27800 UNGUÍA - CHOCÓ"]
[{"$nulls":6},"27810 UNIÓN PANAMERICANA ( Animas) - CHOCÓ"]
[{"$nulls":6},"41000 DEPARTAMENTO HUILA"]
[{"$nulls":6},"41001 NEIVA - HUILA"]
[{"$nulls":6},"41006 ACEVEDO - HUILA"]
[{"$nulls":6},"41013 AGRADO - HUILA"]
[{"$nulls":6},"41016 AIPE - HUILA"]
[{"$nulls":6},"41020 ALGECIRAS - HUILA"]
[{"$nulls":6},"41026 ALTAMIRA - HUILA"]
[{"$nulls":6},"41078 BARAYA - HUILA"]
[{"$nulls":6},"41132 CAMPOALEGRE - HUILA"]
[{"$nulls":6},"41206 COLOMBIA - HUILA"]
[{"$nulls":6},"41244 ELÍAS - HUILA"]
[{"$nulls":6},"41298 GARZÓN - HUILA"]
[{"$nulls":6},"41306 GIGANTE - HUILA"]
[{"$nulls":6},"41319 GUADALUPE - HUILA"]
[{"$nulls":6},"41349 HOBO - HUILA"]
[{"$nulls":6},"41357 ÍQUIRA - HUILA"]
[{"$nulls":6},"41359 ISNOS - HUILA"]
[{"$nulls":6},"41378 LA ARGENTINA - HUILA"]
[{"$nulls":6},"41396 LA PLATA - HUILA"]
[{"$nulls":6},"41483 NÁTAGA - HUILA"]
[{"$nulls":6},"41503 OPORAPA - HUILA"]
[{"$nulls":6},"41518 PAICOL - HUILA"]
[{"$nulls":6},"41524 PALERMO - HUILA"]
[{"$nulls":6},"41530 PALESTINA - HUILA"]
[{"$nulls":6},"41548 PITAL - HUILA"]
[{"$nulls":6},"41551 PITALITO - HUILA"]
[{"$nulls":6},"41615 RIVERA - HUILA"]
[{"$nulls":6},"41660 SALADOBLANCO - HUILA"]
[{"$nulls":6},"41668 SAN AGUSTÍN - HUILA"]
[{"$nulls":6},"41676 SANTA MARÍA - HUILA"]
[{"$nulls":6},"41770 SUAZA - HUILA"]
[{"$nulls":6},"41791 TARQUI - HUILA"]
[{"$nulls":6},"41797 TESALIA - HUILA"]
[{"$nulls":6},"41799 TELLO - HUILA"]
[{"$nulls":6},"41801 TERUEL - HUILA"]
[{"$nulls":6},"41807 TIMANÁ - HUILA"]
[{"$nulls":6},"41872 VILLAVIEJA - HUILA"]
[{"$nulls":6},"41885 YAGUARÁ - HUILA"]
[{"$nulls":6},"44000 DEPARTAMENTO LA GUAJIRA"]
[{"$nulls":6},"44001 RIOHACHA - LA GUAJIRA"]
[{"$nulls":6},"44035 ALBANIA - LA GUAJIRA"]
[{"$nulls":6},"44078 BARRANCAS - LA GUAJIRA"]
[{"$nulls":6},"44090 DIBULLA - LA GUAJIRA"]
[{"$nulls":6},"44098 DISTRACCIÓN - LA GUAJIRA"]
[{"$nulls":6},"44110 EL MOLINO - LA GUAJIRA"]
[{"$nulls":6},"44279 FONSECA - LA GUAJIRA"]
[{"$nulls":6},"44378 HATO NUEVO - LA GUAJIRA"]
[{"$nulls":6},"44420 LA JAGUA DEL PILAR - LA GUAJIRA"]
[{"$nulls":6},"44430 MAICAO - LA GUAJIRA"]
[{"$nulls":6},"44560 MANAURE - LA GUAJIRA"]
[{"$nulls":6},"44650 SAN JUAN DEL CESAR - LA GUAJIRA"]
[{"$nulls":6},"44847 URIBIA - LA GUAJIRA"]
[{"$nulls":6},"44855 URUMITA - LA GUAJIRA"]
[{"$nulls":6},"44874 VILLANUEVA - LA GUAJIRA"]
[{"$nulls":6},"47000 DEPARTAMENTO MAGDALENA"]
[{"$nulls":6},"47001 SANTA MARTA - MAGDALENA"]
[{"$nulls":6},"47030 ALGARROBO - MAGDALENA"]
[{"$nulls":6},"47053 ARACATACA - MAGDALENA"]
[{"$nulls":6},"47058 ARIGUANÍ (El Dificil) - MAGDALENA"]
[{"$nulls":6},"47161 CERRO DE SAN ANTONIO - MAGDALENA"]
[{"$nulls":6},"47170 CHIVOLO - MAGDALENA"]
[{"$nulls":6},"47189 CIÉNAGA - MAGDALENA"]
[{"$nulls":6},"47205 CONCORDIA - MAGDALENA"]
[{"$nulls":6},"47245 EL BANCO - MAGDALENA"]
[{"$nulls":6},"47258 EL PIÑÓN - MAGDALENA"]
[{"$nulls":6},"47268 EL RETÉN - MAGDALENA"]
[{"$nulls":6},"47288 FUNDACIÓN - MAGDALENA"]
[{"$nulls":6},"47318 GUAMAL - MAGDALENA"]
[{"$nulls":6},"47460 NUEVA GRANADA - MAGDALENA"]
[{"$nulls":6},"47541 PEDRAZA - MAGDALENA"]
[{"$nulls":6},"47545 PIJIÑO  DEL CARMEN - MAGDALENA"]
[{"$nulls":6},"47551 PIVIJAY - MAGDALENA"]
[{"$nulls":6},"47555 PLATO - MAGDALENA"]
[{"$nulls":6},"47570 PUEBLOVIEJO - MAGDALENA"]
[{"$nulls":6},"47605 REMOLINO - MAGDALENA"]
[{"$nulls":6},"47660 SABANAS DE SAN ANGEL - MAGDALENA"]
[{"$nulls":6},"47675 SALAMINA - MAGDALENA"]
[{"$nulls":6},"47692 SAN SEBASTIÁN DE BUENAVISTA - MAGDALENA"]
[{"$nulls":6},"47703 SAN ZENÓN - MAGDALENA"]
[{"$nulls":6},"47707 SANTA ANA - MAGDALENA"]
[{"$nulls":6},"47720 SANTA BÁRBARA DE PINTO - MAGDALENA"]
[{"$nulls":6},"47745 SITIONUEVO - MAGDALENA"]
[{"$nulls":6},"47798 TENERIFE - MAGDALENA"]
[{"$nulls":6},"47960 ZAPAYÁN - MAGDALENA"]
[{"$nulls":6},"47980 ZONA BANANERA - MAGDALENA"]
[{"$nulls":6},"50000 DEPARTAMENTO META"]
[{"$nulls":6},"50001 VILLAVICENCIO - META"]
[{"$nulls":6},"50006 ACACÍAS - META"]
[{"$nulls":6},"50110 BARRANCA DE UPÍA - META"]
[{"$nulls":6},"50124 CABUYARO - META"]
[{"$nulls":6},"50150 CASTILLA LA NUEVA - META"]
[{"$nulls":6},"50223 CUBARRAL - META"]
[{"$nulls":6},"50226 CUMARAL - META"]
[{"$nulls":6},"50245 EL CALVARIO - META"]
[{"$nulls":6},"50251 EL CASTILLO - META"]
[{"$nulls":6},"50270 EL DORADO - META"]
[{"$nulls":6},"50287 FUENTE DE ORO - META"]
[{"$nulls":6},"50313 GRANADA - META"]
[{"$nulls":6},"50318 GUAMAL - META"]
[{"$nulls":6},"50325 MAPIRIPÁN - META"]
[{"$nulls":6},"50330 MESETAS - META"]
[{"$nulls":6},"50350 LA MACARENA - META"]
[{"$nulls":6},"50370 URIBE - META"]
[{"$nulls":6},"50400 LEJANÍAS - META"]
[{"$nulls":6},"50450 PUERTO CONCORDIA - META"]
[{"$nulls":6},"50568 PUERTO GAITÁN - META"]
[{"$nulls":6},"50573 PUERTO LÓPEZ - META"]
[{"$nulls":6},"50577 PUERTO LLERAS - META"]
[{"$nulls":6},"50590 PUERTO RICO - META"]
[{"$nulls":6},"50606 RESTREPO - META"]
[{"$nulls":6},"50680 SAN CARLOS DE GUAROA - META"]
[{"$nulls":6},"50683 SAN JUAN DE ARAMA - META"]
[{"$nulls":6},"50686 SAN JUANITO - META"]
[{"$nulls":6},"50689 SAN MARTÍN - META"]
[{"$nulls":6},"50711 VISTAHERMOSA - META"]
[{"$nulls":6},"52000 DEPARTAMENTO NARIÑO"]
[{"$nulls":6},"52001 PASTO - NARIÑO"]
[{"$nulls":6},"52019 ALBÁN (San José) - NARIÑO"]
[{"$nulls":6},"52022 ALDANA - NARIÑO"]
[{"$nulls":6},"52036 ANCUYA - NARIÑO"]
[{"$nulls":6},"52051 ARBOLEDA (Berruecos) - NARIÑO"]
[{"$nulls":6},"52079 BARBACOAS - NARIÑO"]
[{"$nulls":6},"52083 BELÉN - NARIÑO"]
[{"$nulls":6},"52110 BUESACO - NARIÑO"]
[{"$nulls":6},"52203 COLÓN (Génova) - NARIÑO"]
[{"$nulls":6},"52207 CONSACÁ - NARIÑO"]
[{"$nulls":6},"52210 CONTADERO - NARIÑO"]
[{"$nulls":6},"52215 CÓRDOBA - NARIÑO"]
[{"$nulls":6},"52224 CUASPUD (Carlosama) - NARIÑO"]
[{"$nulls":6},"52227 CUMBAL - NARIÑO"]
[{"$nulls":6},"52233 CUMBITARA - NARIÑO"]
[{"$nulls":6},"52240 CHACHAGUÍ - NARIÑO"]
[{"$nulls":6},"52250 EL CHARCO - NARIÑO"]
[{"$nulls":6},"52254 EL PEÑOL - NARIÑO"]
[{"$nulls":6},"52256 EL ROSARIO - NARIÑO"]
[{"$nulls":6},"52258 EL TABLÓN - NARIÑO"]
[{"$nulls":6},"52260 EL TAMBO - NARIÑO"]
[{"$nulls":6},"52287 FUNES - NARIÑO"]
[{"$nulls":6},"52317 GUACHUCAL - NARIÑO"]
[{"$nulls":6},"52320 GUAITARILLA - NARIÑO"]
[{"$nulls":6},"52323 GUALMATÁN - NARIÑO"]
[{"$nulls":6},"52352 ILES - NARIÑO"]
[{"$nulls":6},"52354 IMUÉS - NARIÑO"]
[{"$nulls":6},"52356 IPIALES - NARIÑO"]
[{"$nulls":6},"52378 LA CRUZ - NARIÑO"]
[{"$nulls":6},"52381 LA FLORIDA - NARIÑO"]
[{"$nulls":6},"52385 LA LLANADA - NARIÑO"]
[{"$nulls":6},"52390 LA TOLA - NARIÑO"]
[{"$nulls":6},"52399 LA UNIÓN - NARIÑO"]
[{"$nulls":6},"52405 LEIVA - NARIÑO"]
[{"$nulls":6},"52411 LINARES - NARIÑO"]
[{"$nulls":6},"52418 LOS ANDES (Sotomayor) - NARIÑO"]
[{"$nulls":6},"52427 MAGÜÍ (Payán) - NARIÑO"]
[{"$nulls":6},"52435 MALLAMA (Piedrancha) - NARIÑO"]
[{"$nulls":6},"52473 MOSQUERA - NARIÑO"]
[{"$nulls":6},"52480 NARIÑO - NARIÑO"]
[{"$nulls":6},"52490 OLAYA HERRERA (Bocas de Satinga) - NARIÑO"]
[{"$nulls":6},"52506 OSPINA - NARIÑO"]
[{"$nulls":6},"52520 FRANCISCO PIZARRO (Salahonda) - NARIÑO"]
[{"$nulls":6},"52540 POLICARPA - NARIÑO"]
[{"$nulls":6},"52560 POTOSÍ - NARIÑO"]
[{"$nulls":6},"52565 PROVIDENCIA - NARIÑO"]
[{"$nulls":6},"52573 PUERRES - NARIÑO"]
[{"$nulls":6},"52585 PUPIALES - NARIÑO"]
[{"$nulls":6},"52612 RICAURTE - NARIÑO"]
[{"$nulls":6},"52621 ROBERTO PAYÁN (San José) - NARIÑO"]
[{"$nulls":6},"52678 SAMANIEGO - NARIÑO"]
[{"$nulls":6},"52683 SANDONÁ - NARIÑO"]
[{"$nulls":6},"52685 SAN BERNARDO - NARIÑO"]
[{"$nulls":6},"52687 SAN LORENZO - NARIÑO"]
[{"$nulls":6},"52693 SAN PABLO - NARIÑO"]
[{"$nulls":6},"52694 SAN PEDRO DE CARTAGO (Cartago) - NARIÑO"]
[{"$nulls":6},"52696 SANTA BÁRBARA (Iscuandé) - NARIÑO"]
[{"$nulls":6},"52699 SANTA CRUZ (Guachavés) - NARIÑO"]
[{"$nulls":6},"52720 SAPUYES - NARIÑO"]
[{"$nulls":6},"52786 TAMINANGO - NARIÑO"]
[{"$nulls":6},"52788 TANGUA - NARIÑO"]
[{"$nulls":6},"52835 TUMACO - NARIÑO"]
[{"$nulls":6},"52838 TÚQUERRES - NARIÑO"]
[{"$nulls":6},"52885 YACUANQUER - NARIÑO"]
[{"$nulls":6},"54000 DEPARTAMENTO NORTE SANTANDER"]
[{"$nulls":6},"54001 CÚCUTA - NORTE DE SANTANDER"]
[{"$nulls":6},"54003 ÁBREGO - NORTE DE SANTANDER"]
[{"$nulls":6},"54051 ARBOLEDAS - NORTE DE SANTANDER"]
[{"$nulls":6},"54099 BOCHALEMA - NORTE DE SANTANDER"]
[{"$nulls":6},"54109 BUCARASICA - NORTE DE SANTANDER"]
[{"$nulls":6},"54125 CÁCOTA - NORTE DE SANTANDER"]
[{"$nulls":6},"54128 CÁCHIRA - NORTE DE SANTANDER"]
[{"$nulls":6},"54172 CHINÁCOTA - NORTE DE SANTANDER"]
[{"$nulls":6},"54174 CHITAGÁ - NORTE DE SANTANDER"]
[{"$nulls":6},"54206 CONVENCIÓN - NORTE DE SANTANDER"]
[{"$nulls":6},"54223 CUCUTILLA - NORTE DE SANTANDER"]
[{"$nulls":6},"54239 DURANIA - NORTE DE SANTANDER"]
[{"$nulls":6},"54245 EL CARMEN - NORTE DE SANTANDER"]
[{"$nulls":6},"54250 EL TARRA - NORTE DE SANTANDER"]
[{"$nulls":6},"54261 EL ZULIA - NORTE DE SANTANDER"]
[{"$nulls":6},"54313 GRAMALOTE - NORTE DE SANTANDER"]
[{"$nulls":6},"54344 HACARÍ - NORTE DE SANTANDER"]
[{"$nulls":6},"54347 HERRÁN - NORTE DE SANTANDER"]
[{"$nulls":6},"54377 LABATECA - NORTE DE SANTANDER"]
[{"$nulls":6},"54385 LA ESPERANZA - NORTE DE SANTANDER"]
[{"$nulls":6},"54398 LA PLAYA - NORTE DE SANTANDER"]
[{"$nulls":6},"54405 LOS PATIOS - NORTE DE SANTANDER"]
[{"$nulls":6},"54418 LOURDES - NORTE DE SANTANDER"]
[{"$nulls":6},"54480 MUTISCUA - NORTE DE SANTANDER"]
[{"$nulls":6},"54498 OCAÑA - NORTE DE SANTANDER"]
[{"$nulls":6},"54518 PAMPLONA - NORTE DE SANTANDER"]
[{"$nulls":6},"54520 PAMPLONITA - NORTE DE SANTANDER"]
[{"$nulls":6},"54553 PUERTO SANTANDER - NORTE DE SANTANDER"]
[{"$nulls":6},"54599 RAGONVALIA - NORTE DE SANTANDER"]
[{"$nulls":6},"54660 SALAZAR - NORTE DE SANTANDER"]
[{"$nulls":6},"54670 SAN CALIXTO - NORTE DE SANTANDER"]
[{"$nulls":6},"54673 SAN CAYETANO - NORTE DE SANTANDER"]
[{"$nulls":6},"54680 SANTIAGO - NORTE DE SANTANDER"]
[{"$nulls":6},"54720 SARDINATA - NORTE DE SANTANDER"]
[{"$nulls":6},"54743 SILOS - NORTE DE SANTANDER"]
[{"$nulls":6},"54800 TEORAMA - NORTE DE SANTANDER"]
[{"$nulls":6},"54810 TIBÚ - NORTE DE SANTANDER"]
[{"$nulls":6},"54820 TOLEDO - NORTE DE SANTANDER"]
[{"$nulls":6},"54871 VILLA CARO - NORTE DE SANTANDER"]
[{"$nulls":6},"54874 VILLA DEL ROSARIO - NORTE DE SANTANDER"]
[{"$nulls":6},"63000 DEPARTAMENTO QUINDÍO"]
[{"$nulls":6},"63001 ARMENIA - QUINDÍO"]
[{"$nulls":6},"63111 BUENAVISTA - QUINDÍO"]
[{"$nulls":6},"63130 CALARCÁ - QUINDÍO"]
[{"$nulls":6},"63190 CIRCASIA - QUINDÍO"]
[{"$nulls":6},"63212 CÓRDOBA - QUINDÍO"]
[{"$nulls":6},"63272 FILANDIA - QUINDÍO"]
[{"$nulls":6},"63302 GÉNOVA - QUINDÍO"]
[{"$nulls":6},"63401 LA TEBAIDA - QUINDÍO"]
[{"$nulls":6},"63470 MONTENEGRO - QUINDÍO"]
[{"$nulls":6},"63548 PIJAO - QUINDÍO"]
[{"$nulls":6},"63594 QUIMBAYA - QUINDÍO"]
[{"$nulls":6},"63690 SALENTO - QUINDÍO"]
[{"$nulls":6},"66000 DEPARTAMENTO RISARALDA"]
[{"$nulls":6},"66001 PEREIRA - RISARALDA"]
[{"$nulls":6},"66045 APÍA - RISARALDA"]
[{"$nulls":6},"66075 BALBOA - RISARALDA"]
[{"$nulls":6},"66088 BELÉN DE UMBRÍA - RISARALDA"]
[{"$nulls":6},"66170 DOSQUEBRADAS - RISARALDA"]
[{"$nulls":6},"66318 GUÁTICA - RISARALDA"]
[{"$nulls":6},"66383 LA CELIA - RISARALDA"]
[{"$nulls":6},"66400 LA VIRGINIA - RISARALDA"]
[{"$nulls":6},"66440 MARSELLA - RISARALDA"]
[{"$nulls":6},"66456 MISTRATÓ - RISARALDA"]
[{"$nulls":6},"66572 PUEBLO RICO - RISARALDA"]
[{"$nulls":6},"66594 QUINCHÍA - RISARALDA"]
[{"$nulls":6},"66682 SANTA ROSA DE CABAL - RISARALDA"]
[{"$nulls":6},"66687 SANTUARIO - RISARALDA"]
[{"$nulls":6},"68000 DEPARTAMENTO SANTANDER"]
[{"$nulls":6},"68001 BUCARAMANGA - SANTANDER"]
[{"$nulls":6},"68013 AGUADA - SANTANDER"]
[{"$nulls":6},"68020 ALBANIA - SANTANDER"]
[{"$nulls":6},"68051 ARATOCA - SANTANDER"]
[{"$nulls":6},"68077 BARBOSA - SANTANDER"]
[{"$nulls":6},"68079 BARICHARA - SANTANDER"]
[{"$nulls":6},"68081 BARRANCABERMEJA - SANTANDER"]
[{"$nulls":6},"68092 BETULIA - SANTANDER"]
[{"$nulls":6},"68101 BOLÍVAR - SANTANDER"]
[{"$nulls":6},"68121 CABRERA - SANTANDER"]
[{"$nulls":6},"68132 CALIFORNIA - SANTANDER"]
[{"$nulls":6},"68147 CAPITANEJO - SANTANDER"]
[{"$nulls":6},"68152 CARCASÍ - SANTANDER"]
[{"$nulls":6},"68160 CEPITÁ - SANTANDER"]
[{"$nulls":6},"68162 CERRITO - SANTANDER"]
[{"$nulls":6},"68167 CHARALÁ - SANTANDER"]
[{"$nulls":6},"68169 CHARTA - SANTANDER"]
[{"$nulls":6},"68176 CHIMA - SANTANDER"]
[{"$nulls":6},"68179 CHIPATÁ - SANTANDER"]
[{"$nulls":6},"68190 CIMITARRA - SANTANDER"]
[{"$nulls":6},"68207 CONCEPCIÓN - SANTANDER"]
[{"$nulls":6},"68209 CONFINES - SANTANDER"]
[{"$nulls":6},"68211 CONTRATACIÓN - SANTANDER"]
[{"$nulls":6},"68217 COROMORO - SANTANDER"]
[{"$nulls":6},"68229 CURITÍ - SANTANDER"]
[{"$nulls":6},"68235 EL CARMEN - SANTANDER"]
[{"$nulls":6},"68245 EL GUACAMAYO - SANTANDER"]
[{"$nulls":6},"68250 EL PEÑÓN - SANTANDER"]
[{"$nulls":6},"68255 EL PLAYÓN - SANTANDER"]
[{"$nulls":6},"68264 ENCINO - SANTANDER"]
[{"$nulls":6},"68266 ENCISO - SANTANDER"]
[{"$nulls":6},"68271 FLORIÁN - SANTANDER"]
[{"$nulls":6},"68276 FLORIDABLANCA - SANTANDER"]
[{"$nulls":6},"68296 GALÁN - SANTANDER"]
[{"$nulls":6},"68298 GÁMBITA - SANTANDER"]
[{"$nulls":6},"68307 GIRÓN - SANTANDER"]
[{"$nulls":6},"68318 GUACA - SANTANDER"]
[{"$nulls":6},"68320 GUADALUPE - SANTANDER"]
[{"$nulls":6},"68322 GUAPOTÁ - SANTANDER"]
[{"$nulls":6},"68324 GUAVATÁ - SANTANDER"]
[{"$nulls":6},"68327 GÜEPSA - SANTANDER"]
[{"$nulls":6},"68344 HATO - SANTANDER"]
[{"$nulls":6},"68368 JESÚS MARÍA - SANTANDER"]
[{"$nulls":6},"68370 JORDÁN - SANTANDER"]
[{"$nulls":6},"68377 LA BELLEZA - SANTANDER"]
[{"$nulls":6},"68385 LANDÁZURI - SANTANDER"]
[{"$nulls":6},"68397 LA PAZ - SANTANDER"]
[{"$nulls":6},"68406 LEBRIJA - SANTANDER"]
[{"$nulls":6},"68418 LOS SANTOS - SANTANDER"]
[{"$nulls":6},"68425 MACARAVITA - SANTANDER"]
[{"$nulls":6},"68432 MÁLAGA - SANTANDER"]
[{"$nulls":6},"68444 MATANZA - SANTANDER"]
[{"$nulls":6},"68464 MOGOTES - SANTANDER"]
[{"$nulls":6},"68468 MOLAGAVITA - SANTANDER"]
[{"$nulls":6},"68498 OCAMONTE - SANTANDER"]
[{"$nulls":6},"68500 OIBA - SANTANDER"]
[{"$nulls":6},"68502 ONZAGA - SANTANDER"]
[{"$nulls":6},"68522 PALMAR - SANTANDER"]
[{"$nulls":6},"68524 PALMAS DEL SOCORRO - SANTANDER"]
[{"$nulls":6},"68533 PÁRAMO - SANTANDER"]
[{"$nulls":6},"68547 PIEDECUESTA - SANTANDER"]
[{"$nulls":6},"68549 PINCHOTE - SANTANDER"]
[{"$nulls":6},"68572 PUENTE NACIONAL - SANTANDER"]
[{"$nulls":6},"68573 PUERTO PARRA - SANTANDER"]
[{"$nulls":6},"68575 PUERTO WILCHES - SANTANDER"]
[{"$nulls":6},"68615 RIONEGRO - SANTANDER"]
[{"$nulls":6},"68655 SABANA DE TORRES - SANTANDER"]
[{"$nulls":6},"68669 SAN ANDRÉS - SANTANDER"]
[{"$nulls":6},"68673 SAN BENITO - SANTANDER"]
[{"$nulls":6},"68679 SAN GIL - SANTANDER"]
[{"$nulls":6},"68682 SAN JOAQUÍN - SANTANDER"]
[{"$nulls":6},"68684 SAN JOSÉ DE MIRANDA - SANTANDER"]
[{"$nulls":6},"68686 SAN MIGUEL - SANTANDER"]
[{"$nulls":6},"68689 SAN VICENTE DE CHUCURÍ - SANTANDER"]
[{"$nulls":6},"68705 SANTA BÁRBARA - SANTANDER"]
[{"$nulls":6},"68720 SANTA HELENA DEL OPÓN - SANTANDER"]
[{"$nulls":6},"68745 SIMACOTA - SANTANDER"]
[{"$nulls":6},"68755 SOCORRO - SANTANDER"]
[{"$nulls":6},"68770 SUAITA - SANTANDER"]
[{"$nulls":6},"68773 SUCRE - SANTANDER"]
[{"$nulls":6},"68780 SURATÁ - SANTANDER"]
[{"$nulls":6},"68820 TONA - SANTANDER"]
[{"$nulls":6},"68855 VALLE DE SAN JOSÉ - SANTANDER"]
[{"$nulls":6},"68861 VÉLEZ - SANTANDER"]
[{"$nulls":6},"68867 VETAS - SANTANDER"]
[{"$nulls":6},"68872 VILLANUEVA - SANTANDER"]
[{"$nulls":6},"68895 ZAPATOCA - SANTANDER"]
[{"$nulls":6},"70000 DEPARTAMENTO SUCRE"]
[{"$nulls":6},"70001 SINCELEJO - SUCRE"]
[{"$nulls":6},"70110 BUENAVISTA - SUCRE"]
[{"$nulls":6},"70124 CAIMITO - SUCRE"]
[{"$nulls":6},"70204 COLOSÓ - SUCRE"]
[{"$nulls":6},"70215 COROZAL - SUCRE"]
[{"$nulls":6},"70221 COVEÑAS - SUCRE"]
[{"$nulls":6},"70230 CHALÁN - SUCRE"]
[{"$nulls":6},"70233 EL ROBLE - SUCRE"]
[{"$nulls":6},"70235 GALERAS - SUCRE"]
[{"$nulls":6},"70265 GUARANDA - SUCRE"]
[{"$nulls":6},"70400 LA UNIÓN - SUCRE"]
[{"$nulls":6},"70418 LOS PALMITOS - SUCRE"]
[{"$nulls":6},"70429 MAJAGUAL - SUCRE"]
[{"$nulls":6},"70473 MORROA - SUCRE"]
[{"$nulls":6},"70508 OVEJAS - SUCRE"]
[{"$nulls":6},"70523 PALMITO - SUCRE"]
[{"$nulls":6},"70670 SAMPUÉS - SUCRE"]
[{"$nulls":6},"70678 SAN BENITO ABAD - SUCRE"]
[{"$nulls":6},"70702 SAN JUAN DE BETULIA (Betulia) - SUCRE"]
[{"$nulls":6},"70708 SAN MARCOS - SUCRE"]
[{"$nulls":6},"70713 SAN ONOFRE - SUCRE"]
[{"$nulls":6},"70717 SAN PEDRO - SUCRE"]
[{"$nulls":6},"70742 SINCÉ - SUCRE"]
[{"$nulls":6},"70771 SUCRE - SUCRE"]
[{"$nulls":6},"70820 TOLÚ - SUCRE"]
[{"$nulls":6},"70823 TOLUVIEJO - SUCRE"]
[{"$nulls":6},"73000 DEPARTAMENTO TOLIMA"]
[{"$nulls":6},"73001 IBAGUÉ - TOLIMA"]
[{"$nulls":6},"73024 ALPUJARRA - TOLIMA"]
[{"$nulls":6},"73026 ALVARADO - TOLIMA"]
[{"$nulls":6},"73030 AMBALEMA - TOLIMA"]
[{"$nulls":6},"73043 ANZOÁTEGUI - TOLIMA"]
[{"$nulls":6},"73055 ARMERO (Guayabal) - TOLIMA"]
[{"$nulls":6},"73067 ATACO - TOLIMA"]
[{"$nulls":6},"73124 CAJAMARCA - TOLIMA"]
[{"$nulls":6},"73148 CARMEN DE APICALÁ - TOLIMA"]
[{"$nulls":6},"73152 CASABIANCA - TOLIMA"]
[{"$nulls":6},"73168 CHAPARRAL - TOLIMA"]
[{"$nulls":6},"73200 COELLO - TOLIMA"]
[{"$nulls":6},"73217 COYAIMA - TOLIMA"]
[{"$nulls":6},"73226 CUNDAY - TOLIMA"]
[{"$nulls":6},"73236 DOLORES - TOLIMA"]
[{"$nulls":6},"73268 ESPINAL - TOLIMA"]
[{"$nulls":6},"73270 FALAN - TOLIMA"]
[{"$nulls":6},"73275 FLANDES - TOLIMA"]
[{"$nulls":6},"73283 FRESNO - TOLIMA"]
[{"$nulls":6},"73319 GUAMO - TOLIMA"]
[{"$nulls":6},"73347 HERVEO - TOLIMA"]
[{"$nulls":6},"73349 HONDA - TOLIMA"]
[{"$nulls":6},"73352 ICONONZO - TOLIMA"]
[{"$nulls":6},"73408 LÉRIDA - TOLIMA"]
[{"$nulls":6},"73411 LÍBANO - TOLIMA"]
[{"$nulls":6},"73443 MARIQUITA - TOLIMA"]
[{"$nulls":6},"73449 MELGAR - TOLIMA"]
[{"$nulls":6},"73461 MURILLO - TOLIMA"]
[{"$nulls":6},"73483 NATAGAIMA - TOLIMA"]
[{"$nulls":6},"73504 ORTEGA - TOLIMA"]
[{"$nulls":6},"73520 PALOCABILDO - TOLIMA"]
[{"$nulls":6},"73547 PIEDRAS - TOLIMA"]
[{"$nulls":6},"73555 PLANADAS - TOLIMA"]
[{"$nulls":6},"73563 PRADO - TOLIMA"]
[{"$nulls":6},"73585 PURIFICACIÓN - TOLIMA"]
[{"$nulls":6},"73616 RIOBLANCO - TOLIMA"]
[{"$nulls":6},"73622 RONCESVALLES - TOLIMA"]
[{"$nulls":6},"73624 ROVIRA - TOLIMA"]
[{"$nulls":6},"73671 SALDAÑA - TOLIMA"]
[{"$nulls":6},"73675 SAN ANTONIO - TOLIMA"]
[{"$nulls":6},"73678 SAN LUIS - TOLIMA"]
[{"$nulls":6},"73686 SANTA ISABEL - TOLIMA"]
[{"$nulls":6},"73770 SUÁREZ - TOLIMA"]
[{"$nulls":6},"73854 VALLE DE SAN JUAN - TOLIMA"]
[{"$nulls":6},"73861 VENADILLO - TOLIMA"]
[{"$nulls":6},"73870 VILLAHERMOSA - TOLIMA"]
[{"$nulls":6},"73873 VILLARRICA - TOLIMA"]
[{"$nulls":6},"76000 DEPARTAMENTO VALLE DEL CAUCA"]
[{"$nulls":6},"76001 CALI - VALLE DEL CAUCA"]
[{"$nulls":6},"76020 ALCALÁ - VALLE DEL CAUCA"]
[{"$nulls":6},"76036 ANDALUCÍA - VALLE DEL CAUCA"]
[{"$nulls":6},"76041 ANSERMANUEVO - VALLE DEL CAUCA"]
[{"$nulls":6},"76054 ARGELIA - VALLE DEL CAUCA"]
[{"$nulls":6},"76100 BOLÍVAR - VALLE DEL CAUCA"]
[{"$nulls":6},"76109 BUENAVENTURA - VALLE DEL CAUCA"]
[{"$nulls":6},"76111 BUGA - VALLE DEL CAUCA"]
[{"$nulls":6},"76113 BUGALAGRANDE - VALLE DEL CAUCA"]
[{"$nulls":6},"76122 CAICEDONIA - VALLE DEL CAUCA"]
[{"$nulls":6},"76126 CALIMA (El Darién) - VALLE DEL CAUCA"]
[{"$nulls":6},"76130 CANDELARIA - VALLE DEL CAUCA"]
[{"$nulls":6},"76147 CARTAGO - VALLE DEL CAUCA"]
[{"$nulls":6},"76233 DAGUA - VALLE DEL CAUCA"]
[{"$nulls":6},"76243 EL ÁGUILA - VALLE DEL CAUCA"]
[{"$nulls":6},"76246 EL CAIRO - VALLE DEL CAUCA"]
[{"$nulls":6},"76248 EL CERRITO - VALLE DEL CAUCA"]
[{"$nulls":6},"76250 EL DOVIO - VALLE DEL CAUCA"]
[{"$nulls":6},"76275 FLORIDA - VALLE DEL CAUCA"]
[{"$nulls":6},"76306 GINEBRA - VALLE DEL CAUCA"]
[{"$nulls":6},"76318 GUACARÍ - VALLE DEL CAUCA"]
[{"$nulls":6},"76364 JAMUNDÍ - VALLE DEL CAUCA"]
[{"$nulls":6},"76377 LA CUMBRE - VALLE DEL CAUCA"]
[{"$nulls":6},"76400 LA UNIÓN - VALLE DEL CAUCA"]
[{"$nulls":6},"76403 LA VICTORIA - VALLE DEL CAUCA"]
[{"$nulls":6},"76497 OBANDO - VALLE DEL CAUCA"]
[{"$nulls":6},"76520 PALMIRA - VALLE DEL CAUCA"]
[{"$nulls":6},"76563 PRADERA - VALLE DEL CAUCA"]
[{"$nulls":6},"76606 RESTREPO - VALLE DEL CAUCA"]
[{"$nulls":6},"76616 RIOFRÍO - VALLE DEL CAUCA"]
[{"$nulls":6},"76622 ROLDANILLO - VALLE DEL CAUCA"]
[{"$nulls":6},"76670 SAN PEDRO - VALLE DEL CAUCA"]
[{"$nulls":6},"76736 SEVILLA - VALLE DEL CAUCA"]
[{"$nulls":6},"76823 TORO - VALLE DEL CAUCA"]
[{"$nulls":6},"76828 TRUJILLO - VALLE DEL CAUCA"]
[{"$nulls":6},"76834 TULUÁ - VALLE DEL CAUCA"]
[{"$nulls":6},"76845 ULLOA - VALLE DEL CAUCA"]
[{"$nulls":6},"76863 VERSALLES - VALLE DEL CAUCA"]
[{"$nulls":6},"76869 VIJES - VALLE DEL CAUCA"]
[{"$nulls":6},"76890 YOTOCO - VALLE DEL CAUCA"]
[{"$nulls":6},"76892 YUMBO - VALLE DEL CAUCA"]
[{"$nulls":6},"76895 ZARZAL - VALLE DEL CAUCA"]
[{"$nulls":6},"81000 DEPARTAMENTO ARAUCA"]
[{"$nulls":6},"81001 ARAUCA - ARAUCA"]
[{"$nulls":6},"81065 ARAUQUITA - ARAUCA"]
[{"$nulls":6},"81220 CRAVO NORTE - ARAUCA"]
[{"$nulls":6},"81300 FORTUL - ARAUCA"]
[{"$nulls":6},"81591 PUERTO RONDÓN - ARAUCA"]
[{"$nulls":6},"81736 SARAVENA - ARAUCA"]
[{"$nulls":6},"81794 TAME - ARAUCA"]
[{"$nulls":6},"85000 DEPARTAMENTO CASANARE"]
[{"$nulls":6},"85001 YOPAL - CASANARE"]
[{"$nulls":6},"85010 AGUAZUL - CASANARE"]
[{"$nulls":6},"85015 CHÁMEZA - CASANARE"]
[{"$nulls":6},"85125 HATO COROZAL - CASANARE"]
[{"$nulls":6},"85136 LA SALINA - CASANARE"]
[{"$nulls":6},"85139 MANÍ - CASANARE"]
[{"$nulls":6},"85162 MONTERREY - CASANARE"]
[{"$nulls":6},"85225 NUNCHÍA - CASANARE"]
[{"$nulls":6},"85230 OROCUÉ - CASANARE"]
[{"$nulls":6},"85250 PAZ DE ARIPORO - CASANARE"]
[{"$nulls":6},"85263 PORE - CASANARE"]
[{"$nulls":6},"85279 RECETOR - CASANARE"]
[{"$nulls":6},"85300 SABANALARGA - CASANARE"]
[{"$nulls":6},"85315 SÁCAMA - CASANARE"]
[{"$nulls":6},"85325 SAN LUIS DE PALENQUE - CASANARE"]
[{"$nulls":6},"85400 TÁMARA - CASANARE"]
[{"$nulls":6},"85410 TAURAMENA - CASANARE"]
[{"$nulls":6},"85430 TRINIDAD - CASANARE"]
[{"$nulls":6},"85440 VILLANUEVA - CASANARE"]
[{"$nulls":6},"86000 DEPARTAMENTO PUTUMAYO"]
[{"$nulls":6},"86001 MOCOA - PUTUMAYO"]
[{"$nulls":6},"86219 COLÓN - PUTUMAYO"]
[{"$nulls":6},"86320 ORITO - PUTUMAYO"]
[{"$nulls":6},"86568 PUERTO ASÍS - PUTUMAYO"]
[{"$nulls":6},"86569 PUERTO CAICEDO - PUTUMAYO"]
[{"$nulls":6},"86571 PUERTO GUZMÁN - PUTUMAYO"]
[{"$nulls":6},"86573 PUERTO LEGUÍZAMO - PUTUMAYO"]
[{"$nulls":6},"86749 SIBUNDOY - PUTUMAYO"]
[{"$nulls":6},"86755 SAN FRANCISCO - PUTUMAYO"]
[{"$nulls":6},"86757 SAN MIGUEL (La Dorada) - PUTUMAYO"]
[{"$nulls":6},"86760 SANTIAGO - PUTUMAYO"]
[{"$nulls":6},"86865 VALLE DEL GUAMUEZ (La Hormiga) - PUTUMAYO"]
[{"$nulls":6},"86885 VILLAGARZÓN - PUTUMAYO"]
[{"$nulls":6},"88000 DEPARTAMENTO SAN ANDRÉS"]
[{"$nulls":6},"88001 SAN ANDRÉS - SAN ANDRÉS PROVIDENCIA Y SANTA CATALINA"]
[{"$nulls":6},"88564 PROVIDENCIA (Santa Isabel) - SAN ANDRÉS PROVIDENCIA Y SANTA CATALINA"]
[{"$nulls":6},"91000 DEPARTAMENTO AMAZONAS"]
[{"$nulls":6},"91001 LETICIA - AMAZONAS"]
[{"$nulls":6},"91540 PUERTO NARIÑO - AMAZONAS"]
[{"$nulls":6},"94000 DEPARTAMENTO GUAINÍA"]
[{"$nulls":6},"94001 INÍRIDA - GUAINÍA"]
[{"$nulls":6},"95000 DEPARTAMENTO GUAVIARE"]
[{"$nulls":6},"95001 SAN JOSÉ DEL GUAVIARE - GUAVIARE"]
[{"$nulls":6},"95015 CALAMAR - GUAVIARE"]
[{"$nulls":6},"95025 EL RETORNO - GUAVIARE"]
[{"$nulls":6},"95200 MIRAFLORES - GUAVIARE"]
[{"$nulls":6},"97000 DEPARTAMENTO VAUPÉS"]
[{"$nulls":6},"97001 MITÚ - VAUPÉS"]
[{"$nulls":6},"97161 CARURÚ - VAUPÉS"]
[{"$nulls":6},"97666 TARAIRA - VAUPÉS"]
[{"$nulls":6},"99000 DEPARTAMENTO VICHADA"]
[{"$nulls":6},"99001 PUERTO CARREÑO - VICHADA"]
[{"$nulls":6},"99524 LA PRIMAVERA - VICHADA"]
[{"$nulls":6},"99624 SANTA ROSALÍA - VICHADA"]
[{"$nulls":6},"99773 CUMARIBO - VICHADA"]
[{"$nulls":6},"99999 ENTE GENERAL"]

{"sheet":"F25  PROG PPTAL GASTOS EMPR ...","index":11,"n_rows":20,"n_cols":6,"rows_kept":20,"merged":[[7,1,7,5]]}
[null,"Tipo Modalidad",51,"M-1: CUENTA O INFORME ANUAL CONSOLIDADO"]
[null,"Formulario",451,"F25: PROG PPTAL GASTOS EMPR INDUST Y CCIALES, ECON MIXTA -ACTIV NO FRAS (Registre cifras EN PESOS)"]
[null,"Moneda Informe",1]
[null,"Entidad",104]
[null,"Fecha","2019-12-31"]
[null,"Periodicidad",12,"ANUAL"]
[]
["[1]","0 PROGRAMACIÓN PRESUPUESTAL DE GASTOS PARA EMPRESAS INDUSTRIALES Y COMERCIALES DEL ESTADO Y SOCIEDADES DE ECONOMIA MIXTA CON ACTIVIDADES NO FINANCIERAS (Registre cifras EN PESOS)"]
[null,null,3,4,7,8]
[null,null,"VIGENCIA ANTERIOR","PRESUPUESTO INICIAL APROPIADO (APROBADO O ADMINISTRADO) DE LA VIGENCIA ANTERIOR","VIGENCIA ACTUAL","PRESUPUESTO INICIAL APROPIADO (APROBADO O ADMINISTRADO) DE LA VIGENCIA ACTUAL"]
[10,"2.1    GASTOS DE FUNCIONAMIENTO....","2019",5336240821,"2020",6769166245]
[20,"2.2    GASTOS DE OPERACIÓN","2019",0,"2020",0]
[30,"2.3    SERVICIO A LA DEUDA","2019",558979302,"2020",8893523]
[40,"2.4    INVERSIÓN","2019",16929077360,"2020",22549162420]
[50,"2.     TOTAL APROPIADO (APROBADO O ADMINISTRADO)","2019",22824297483,"2020",29327222188]
[60,"RECUERDE QUE:","","LOS VALORES DIGITADOS EN ESTA COLUMNA","","LOS VALORES DIGITADOS EN ESTA COLUMNA"]
[70,"","","CORRESPONDEN AL PRESUPUESTO APROPIADO","","CORRESPONDEN AL PRESUPUESTO APROPIADO"]
[80,"","","AL 01 DE ENERO DE LA VIGENCIA ANTERIOR","","AL 01 DE ENERO DE LA VIGENCIA"]
[90,"","","A LA QUE SE ENVIA LA INFORMACIÓN","","EN QUE SE ENVÍA LA INFORMACIÓN (VIGENCIA ACTUAL)"]
[110,"","","REGISTRE LAS CIFRAS EN PESOS, SIN DECIMALES","","Y SIN SEPARADORES DE MILES - MILLONES"]

{"sheet":"F25.2  TRANSFERENCIAS PRESUP...","index":12,"n_rows":351616,"n_cols":8,"rows_kept":351616,"merged":[[7,1,7,7]]}
[null,"Tipo Modalidad",51,"M-1: CUENTA O INFORME ANUAL CONSOLIDADO"]
[null,"Formulario",450,"F25.2: TRANSFERENCIAS PRESUPUESTADAS POR RECIBIR EN LA VIGENCIA ACTUAL (cifras EN PESOS)"]
[null,"Moneda Informe",1]
[null,"Entidad",104]
[null,"Fecha","2019-12-31"]
[null,"Periodicidad",12,"ANUAL"]
[]
["[1]","0 RECURSOS A RECIBIR EN LA VIGENCIA POR TRANSFERENCIAS  DE OTRAS ENTIDADES VIGILADAS POR LA CGR (Registre cifras EN PESOS)"]
[null,null,2,3,8,11,12,16]
[null,null,"FORMULARIO CON INFORMACIÓN","JUSTIFICACIÓN","SUJETO DE CONTROL DE LA CGR QUE TRANSFIERE LOS RECURSOS","VIGENCIA DEL PRESUPUESTO DE LA TRANSFERENCIA","VALOR APROBADO y APROPIADO DE LA TRANSFERENCIA","OBJETO DE LA TRANSFERENCIA"]
[1,"FILA_1","1 SI","","468 EMPRESA MULTIPROPÓSITO DE URRÁ SA-URRÁ SA-","2020",1749686254,"TRANSFERENCIA DEL SECTOR ELECTRICO - URRA (HIDROELECTRICA)"]
[2,"FILA_2","1 SI","","8044 GENERADORA Y COMERCIALIZADORA DE ENERGÍA DEL CARIBE SA ESP-GECELCA-","2020",6333100388,"TRANSFERENCIA DEL SECTOR ELECTRICO GECELCA (TERMOELECTRICA)"]
[3,"FILA_3","1 SI","","504 OLEODUCTO CENTRAL SA-OCENSA-","2020",188657722,"TRANSFERENCIA DEL SECTOR ELECTRIO - OCENSA (TERMOELECTRICA)"]
[-1,null,"","","","","",""]
[999999,"FILA_999999","","","","",null,""]
{"$rows_empty":350987}
["1 SI","1 CORP DE ABASTECIMIENTOS DEL VALLE DEL CAUCA SA-CAVASA-"]
["2 NO","3 CORP DE ABASTOS DE BOGOTÁ SA-CORABASTOS-"]
[null,"5 EMPRESA COL DE PRODUCTOS VETERINARIOS SA-VECOL-"]
[null,"7 GRAN CENTRAL DE ABASTOS DEL CARIBE SA-GRANABASTOS-"]
[null,"8 CENTRAL DE ABASTOS DE BUCARAMANGA SA-CENTROABASTOS-"]
[null,"12 COMPAÑÍA OCCIDENTAL DE CHOCOLATES SA"]
[null,"14 COMPAÑÍA DE FERIAS Y MATADEROS DEL CAQUETÁ SA-COFEMA-"]
[null,"20 CENTRAL DE ABASTOS DEL SUR SA-SURABASTOS-(EN LIQUIDACIÓN)"]
[null,"22 CENTRAL DE ABASTOS DE CÚCUTA SA-CENABASTOS-"]
[null,"24 PASTEURIZADORA EL HOLANDÉS SA"]
[null,"26 MERCADOS DE ARMENIA SA-MERCAR-(EN LIQUIDACIÓN)"]
[null,"28 COMERCIALIZADORA CARIBBEAN SÉSAME SA (EN LIQUIDACIÓN)"]
[null,"32 PISCÍCOLA SAN SILVESTRE SA"]
[null,"34 BOLSA MERCANTIL DE COLOMBIA-BMC-"]
[null,"35 FONDO GANADERO DEL PUTUMAYO SA (EN LIQUIDACIÓN)"]
[null,"36 FONDO GANADERO DEL OCCIDENTE COLOMBIANO QUINDÍO SA (EN LIQUIDACIÓN)"]
[null,"37 FONDO ESTABILIZAC PRECIOS P/AZÚCARES CENTRIFUGADOS, MELAZAS ... -ASOCAÑA-"]
[null,"38 FONDO NAL DEL GANADO-FEDERACIÓN COL DE GANADEROS-FEDEGAN-"]
[null,"39 FONDO ESTABIL P/FOMENTO EXPORTAC CARNE, LECHE Y DERIV-FED COL GANAD-FEDEGAN-"]
[null,"41 FONDO GANADERO DEL HUILA SA"]
[null,"44 FONDO GANADERO DEL CESAR SA"]
[null,"45 FONDO NAL DEL ARROZ-FEDERACIÓN NAL DE ARROCEROS-FEDEARROZ-"]
[null,"46 FONDO GANADERO DE CUNDINAMARCA SA-EN LIQUIDACIÓN-"]
[null,"47 FONDO NAL DEL CACAO-FEDERACIÓN NAL DE CACAOTEROS-FEDECACAO-"]
[null,"48 FONDO IMPORTADOR DE CEREALES-FED NAL CULTIVAD DE CEREALES Y LEGUMINOSAS-FENALCE-"]
[null,"49 FONDO NACIONAL DE LEGUMINOSAS-FED NAL CULTIV CEREALES Y LEGUM-FENALCE-"]
[null,"51 FONDO GANADERO DE BOYACÁ SA"]
[null,"52 FONDO GANADERO DE CÓRDOBA SA"]
[null,"53 FONDO GANADERO DEL MAGDALENA SA"]
[null,"54 FONDO GANADERO DEL META SA"]
[null,"57 FONDO NAL AVÍCOLA FEDERACIÓN NAL DE AVICULTORES DE COLOMBIA-FENAVI-"]
[null,"59 FONDO NAL CEREALISTA-FED NAL CULTIVADORES DE CEREALES Y LEGUMINOSAS-FENALCE-"]
[null,"60 FONDO FOMENTO PALMERO FED NAL DE CULTIVADORES DE PALMA DE ACEITE-FEDEPALMA-"]
[null,"61 FONDO NAL DE TABACO-FEDERACIÓN NAL DE PRODUCTORES DE TABACO-FEDETABACO-"]
[null,"62 TEMPORAL FONDO DE FOMENTO DE FRÍJOL SOYA NACIONAL - FENALCE"]
[null,"63 FONDO GANADERO DE SUCRE SA (EN LIQUIDACIÓN)"]
[null,"64 FONDO GANADERO DEL ATLÁNTICO SA"]
[null,"65 FONDO GANADERO DEL CAUCA SA"]
[null,"66 FEDEPALMA-FONDO ESTAB PRECIOS P/PALMISTE, ACEITE PALMA Y FRACC-FED NAL"]
[null,"67 FONDO FOMENTO FRÍJOL SOYA IMPORTADO COOP AGROPEC DE GINEBRA-COAGRO-"]
[null,"68 FONDO FOMENTO DE FRÍJOL SOYA NAL -COOP AGROP COAGRO-FED NAL FENALCE"]
[null,"69 FONDO FOMENTO PANELERO FED NAL DE LA PANELA-FEDEPANELA-"]
[null,"71 FONDO NAL FOMENTO HORTIFRUTÍCOLA-ASOC HORTIFRUTÍCOLA DE COLOMBIA-ASOHOFRUCOL-"]
[null,"72 FONDO ESTABIL PRECIOS PROD AGROP Y PESQ DEL ALGODÓN-CONFED COL -CONALGODÓN-"]
[null,"73 FONDO FOMENTO ALGODONERO-CONFED COL DEL ALGODÓN-CONALGODÓN-"]
[null,"75 FONDO NAL DE PORCICULTURA-ASOCIACIÓN COL DE PORCICULTORES-ACP-"]
[null,"76 INSTITUTO COLOMBIANO AGROPECUARIO-ICA-"]
[null,"77 CORP COL DE INVESTIGACIÓN AGROPECUARIA-CORPOICA-"]
[null,"79 CORP COLOMBIA INTERNAL-CCI-"]
[null,"80 INCUBAD EMPRESARIAL DE PROD Y COMERCIALIZAC AGROP EU -INCUAGRO-(EN LIQUIDACIÓN)"]
[null,"81 MINISTERIO DE AGRICULTURA Y DESARROLLO RURAL"]
[null,"82 CORP AUTÓN REG DE LA GUAJIRA-CORPOGUAJIRA-"]
[null,"83 CORP PARA DESARROLLO SOSTEN DEL SUR DE LA AMAZONÍA-CORPOAMAZONÍA-"]
[null,"84 CORP AUTÓN REG DE CHIVOR-CORPOCHIVOR-"]
[null,"85 CORP AUTÓN REG DEL CENTRO DE ANTIOQUIA-CORANTIOQUIA-"]
[null,"86 CORP AUTÓN REG DEL ATLÁNTICO-CRA-"]
[null,"87 CORP AUTÓN REG DEL SUR DE BOLÍVAR-CSB-"]
[null,"88 CORP AUTÓN REG DE BOYACÁ-CORPOBOYACÁ-"]
[null,"89 CORP AUTÓN REG PARA LA DEFENSA DE LA MESETA DE BUCARAMANGA-CDMB-"]
[null,"90 CORP AUTÓN REG DE SUCRE-CARSUCRE-"]
[null,"91 CORP PARA DESARROLLO SOST DEL ARCHIP DE SN ANDRÉS PROV Y STA CATALINA-CORALINA-"]
[null,"92 CORP AUTÓN REG DE LA ORINOQUÍA-CORPORINOQUÍA-"]
[null,"93 CORP PARA DESARROLLO SOSTEN DEL NORTE Y EL ORIENTE AMAZÓNICO-CDA-"]
[null,"94 CORP AUTÓN REG DEL QUINDÍO-CRQ-"]
[null,"95 CORP AUTÓN REG DEL TOLIMA-CORTOLIMA-"]
[null,"96 CORP AUTÓN REG DE CALDAS-CORPOCALDAS-"]
[null,"97 CORP AUTÓN REG DEL CESAR-CORPOCESAR-"]
[null,"98 CORP AUTÓN REG DE RISARALDA-CARDER-"]
[null,"99 CORP AUTÓN REG DEL CAUCA-CRC-"]
[null,"100 CORP AUTÓN REG DEL VALLE DEL CAUCA-CVC-"]
[null,"101 CORP AUTÓN REG DE LA FRONTERA NORORIENTAL-CORPONOR-"]
[null,"102 CORP PARA DESARROLLO SOSTEN DEL URABÁ-CORPOURABÁ-"]
[null,"103 CORP AUTÓN REG DE CUENCAS DE LOS RÍOS RIONEGRO Y NARE-CORNARE-"]
[null,"104 CORP AUTÓN REG DE LOS VALLES DEL SINÚ Y SAN JORGE-CVS-"]
[null,"105 CORP AUTÓN REG DE CUNDINAMARCA-CAR-"]
[null,"106 CORP AUTÓN REG PARA DESARROLLO SOSTENIBLE DEL CHOCÓ-CODECHOCÓ-"]
[null,"107 CORP AUTÓN REG DEL CANAL DEL DIQUE-CARDIQUE-"]
[null,"108 CORP AUTÓN REG DE SANTANDER-CAS-"]
[null,"109 CORP AUTÓN REG DE NARIÑO-CORPONARIÑO-"]
[null,"110 CORP AUTÓN REG DEL RÍO GRANDE DE LA M/LENA-CORMAGDALENA-"]
[null,"111 CORP PARA DESARROLLO SOSTEN DEL ÁREA DE MANEJO ESPEC DE LA MACARENA-CORMACARENA-"]
[null,"112 CORP PARA DESARROLLO SOSTEN DE LA MOJANA Y EL SN JORGE-CORPOMOJANA-"]
[null,"113 CORP AUTÓN REG DEL ALTO MAGDALENA-CAM-"]
[null,"114 CORP AUTÓN REG DEL MAGDALENA-CORPAMAG-"]
[null,"115 CORP AUTÓN REG DEL GUAVIO-CORPOGUAVIO-"]
[null,"118 INST INVESTIGAC MARINAS Y COSTERAS JOSÉ BENITO VIVES DE ANDREIS-INVEMAR-"]
[null,"119 INSTITUTO DE INVESTIGACIONES DE RECURSOS BIOLÓGICOS ALEXANDER VON HUMBOLDT"]
[null,"120 INSTITUTO AMAZÓNICO DE INVESTIGACIONES CIENTÍFICAS-SINCHI-"]
[null,"121 INSTITUTO DE HIDROLOGÍA METEOROLOGÍA Y ESTUDIOS AMBIENTALES-IDEAM-"]
[null,"122 INSTITUTO DE INVESTIGACIONES AMBIENTALES DEL PACÍFICO JOHN VON NEWMAN-IIAP-"]
[null,"123 MINISTERIO DE AMBIENTE-VIVIENDA Y DESARROLLO TERRITORIAL-MAVDT-"]
[null,"124 PARQUES NALES NATURALES"]
[null,"126 FONDO NAL PARA LA DEFENSA DE LA LIBERTAD PERSONAL-FONDELIBERTAD-"]
[null,"128 COMANDO EJÉRCITO NAL"]
[null,"129 COMANDO FUERZA AÉREA COL"]
[null,"131 MINISTERIO DE DEFENSA NAL"]
[null,"132 ASOCIACIÓN COL DE INGENIEROS NAVALES Y PROFESIONES AFINES-ACINPA-"]
[null,"133 COMISIÓN COL DEL OCÉANO"]
[null,"134 CORP CIENCIA Y TECNOL PARA DESAR DE IND NAVAL MARÍTIMA Y FLUVIAL -COTECMAR-"]
[null,"135 DIRECCIÓN DE SANIDAD DE LAS FUERZAS MILITARES"]
[null,"136 DIRECCIÓN GENERAL DE SANIDAD MARÍTIMA-DIMAR-"]
[null,"137 CAJA DE RETIRO DE LAS FUERZAS MILITARES"]
[null,"138 CLUB MILITAR DE OFICIALES"]
[null,"139 COMANDO ARMADA NAL-CARMA-"]
[null,"141 CORP DE LA INDUSTRIA AERONÁUTICA COL-CIAC-"]
[null,"142 HOSPITAL MILITAR"]
[null,"144 INDUSTRIA MILITAR-INDUMIL-"]
[null,"145 DEFENSORÍA DEL PUEBLO"]
[null,"146 DIRECCIÓN NAL DE ESTUPEFACIENTES-DNE-"]
[null,"147 FISCALÍA GENERAL DE LA NACIÓN"]
[null,"148 MINISTERIO DEL INTERIOR Y DE JUSTICIA"]
[null,"149 MINISTERIO PÚBLICO-PROCURADURÍA GENERAL DE LA NACIÓN"]
[null,"151 RAMA JUDICIAL-CONSEJO SUPERIOR DE LA JUDICATURA-CSJ-"]
[null,"152 INSTITUTO NAL DE MEDICINA LEGAL Y CIENCIAS FORENSES"]
[null,"153 INSTITUTO NAL PENITENCIARIO Y CARCELARIO-INPEC-"]
[null,"154 CAJA DE SUELDOS DE RETIRO DE LA POLICÍA NAL-CASUR-"]
[null,"156 DEPARTAMENTO ADMINISTRATIVO DE SEGURIDAD-DAS-"]
[null,"157 POLICÍA NAL-PONAL-"]
[null,"158 FONDO ROTATORIO DE LA POLICÍA NAL"]
[null,"159 FONDO ROTATORIO DEL DEPARTAMENTO ADMINISTRATIVO DE SEGURIDAD"]
[null,"160 SUPERINTENDENCIA DE VIGILANCIA Y SEGURIDAD PRIVADA-SUPERVIGILANCIA-"]
[null,"164 DEPARTAMENTO ADMINISTRATIVO NAL DE LA ECONOMÍA SOLLIDARIA-DANSOCIAL-"]
[null,"166 SUPERINTENDENCIA DE LA ECONOMÍA SOLIDARIA-SUPERSOLIDARIA-"]
[null,"169 ALMACENES GRALES DE DEPÓSITO DE CAJA AGRARIA Y BCO GANADERO-ALMAGRARIO-"]
[null,"171 BANCO DE COMERCIO EXTERIOR DE COLOMBIA SA-BANCOLDEX-"]
[null,"174 CENTRAL DE INVERSIONES SA-CISA-"]
[null,"175 FONDO DE GARANTÍAS DE INSTITUCIONES FINANCIERAS-FOGAFIN-"]
[null,"176 FIDUCIARIA LA PREVISORA SA-FIDUPREVISORA-"]
[null,"177 BANCO DE LA REPÚBLICA"]
[null,"184 UNIDAD DE INFORMACIÓN Y ANÁLISIS FINANCIERO-UIAF-"]
[null,"185 FONDO DE GARANTÍAS DE INSTITUCIONES COOPERATIVAS-FOGACOOP-"]
[null,"188 FIDUC COL DE COMERCIO EXTER SA -FIDUCOLDEX  FIDEICOMISO PROEXPORT COLOMBIA -"]
[null,"190 FONDO FINANCIERO DE PROYECTOS DE DESARROLLO-FONADE-"]
[null,"193 POSITIVA COMPAÑÍA DE SEGUROS SA"]
[null,"194 FONDO NAL DE GARANTÍAS SA-FNG-"]
[null,"195 FONDO PARA EL FINANCIEMIENTO DEL SECTOR AGROPECUARIO SA-FINAGRO SA-"]
[null,"196 LEASING SA BANCOLDEX SA COMPAÑÍA DE FINANCIAMIENTO COMERCIAL"]
[null,"197 BANCO AGRARIO DE COLOMBIA SA-BANAGRARIO-"]
[null,"198 SOCIEDAD FIDUCIARIA DE DESARROLLO AGROPERCUARIO SA-FIDUAGRARIA-"]
[null,"207 LA PREVISORA SA-COMPAÑÍA DE SEGUROS"]
[null,"210 AUDITORÍA GENERAL DE LA REPÚBLICA-AGR-"]
[null,"211 ARCHIVO GENERAL DE LA NACIÓN-AGN-"]
[null,"212 DEPARTAMENTO ADMINISTRATIVO DE LA FUNCIÓN PÚBLICA-DAFP-"]
[null,"213 FONDO PARA LA PARTICIPACIÓN CIUDADANA Y EL FORTALECIMIENTO DEMOCRACIA"]
[null,"214 DIRECCIÓN NAL DE DERECHO DE AUTOR"]
[null,"215 DEPARTAMENTO ADMINISTRATIVO DE LA PRESIDENCIA DE LA REPÚBLICA-DAPR-"]
[null,"216 MINISTERIO DE RELACIONES EXTERIORES"]
[null,"217 FONDO ROTATORIO DEL MINISTERIO DE RELACIONES EXTERIORES"]
[null,"219 DEPARTAMENTO ADMINISTRATIVO NAL DE ESTADÌSTICAS-DANE-"]
[null,"220 FONDO ROTATORIO DEL DEPTO ADMINISTARTIVO NAL DE ESTADÍSTICAS-FONDANE-"]
[null,"221 IMPRENTA NAL DE COLOMBIA"]
[null,"223 SUPERINTENDENCIA DE NOTARIADO Y REGISTRO-SUPERNOTARIADO-"]
[null,"224 REGISTRADURÍA NAL DEL ESTADO CIVIL"]
[null,"225 FONDO ROTATORIO DE LA REGISTRADURÍA NAL DEL ESTADO CIVIL"]
[null,"226 DEPARTAMENTO ADMINISTRATIVO NAL DE PLANEACIÓN-DNP-"]
[null,"227 MINISTERIO DE HACIENDA Y CRÉDITO PÚBLICO-MINHACIENDA-"]
[null,"228 FONDO NAL DEL CAFÉ-FEDERACIÓN NAL DE CAFETEROS DE COLOMBIA"]
[null,"229 UNIDAD ADMINISTRATIVA ESPECIAL CONTADURÍA GENERAL DE LA NACIÓN"]
[null,"230 SENADO DE LA REPÚBLICA"]
[null,"231 CÁMARA DE REPRESENTANTES"]
[null,"233 SUPERINTENDENCIA DE SOCIEDADES-SUPERSOCIEDADES-"]
[null,"235 ARTESANÌAS DE COLOMBIA SA"]
[null,"236 INSTITUTO GEOGRÁFICO AGUSTÍN CODAZZI-IGAC-"]
[null,"237 CORP PARA RECONSTRUCCIÓN DEL RÍO PÁEZ Y ZONAS ALEDAÑAS-NASA KI WE-"]
[null,"238 ASOC SUPRADEPTAL DE MUNIC REGIÓN DEL ALTO PATÍA-ASOPATÍA-"]
[null,"240 CÁMARA COMERCIO SANTA MARTA-MAGDALENA"]
[null,"241 CÁMARA COMERCIO URABÁ-ANTIOQUIA"]
[null,"242 CONSORCIO ALIANZA TURÍSTICA-FONDO DE PROMOCIÓN TURÍSTICA COLOMBIA"]
[null,"243 CORP DE LOS CENTROS DE EXPOSICIONES Y CONVENCIONES-CORPOCENTROS-"]
[null,"244 ASOCIACIÓN DE MUNICIPIOS DEL PIEDEMONTE LLANERO (EN LIQUIDACIÓN)"]
[null,"247 CÁMARA COMERCIO AGUACHICA-CESAR"]
[null,"248 CÁMARA COMERCIO ARAUCA-ARAUCA"]
[null,"249 CÁMARA COMERCIO BARRANCABERMEJA-SANTANDER"]
[null,"250 CÁMARA COMERCIO DUITAMA-BOYACÁ"]
[null,"251 CÁMARA COMERCIO BARRANQUILLA-ATLÁNTICO"]
[null,"252 CÁMARA COMERCIO PEREIRA-RISARALDA"]
[null,"253 CÁMARA COMERCIO GIRARDOT-CUNDINAMARCA"]
[null,"254 CÁMARA COMERCIO ARMENIA-QUINDÍO"]
[null,"255 CÁMARA COMERCIO PASTO-NARIÑO"]
[null,"256 CÁMARA COMERCIO FACATATIVÁ-CUNDINAMARCA"]
[null,"257 CÁMARA COMERCIO BOGOTÁ-CUNDINAMARCA"]
[null,"258 CÁMARA COMERCIO BUCARAMANGA-SANTANDER"]
[null,"259 CÁMARA COMERCIO BUENAVENTURA-VALLE"]
[null,"260 CÁMARA COMERCIO BUGA-VALLE"]
[null,"261 CÁMARA COMERCIO DEL CAUCA-POPAYÁN"]
[null,"262 CÁMARA COMERCIO CALI-VALLE"]
[null,"263 CÁMARA COMERCIO MAGANGUÉ-BOLÍVAR"]
[null,"264 CÁMARA COMERCIO SAN ANDRÉS Y PROVIDENCIA-SAN ANDRÉS"]
[null,"265 CÁMARA COMERCIO CARTAGENA-BOLÍVAR"]
[null,"266 CÁMARA COMERCIO FLORENCIA-CAQUETÁ"]
[null,"267 CÁMARA COMERCIO IPIALES-NARIÑO"]
[null,"268 CÁMARA COMERCIO HONDA-TOLIMA"]
[null,"269 CÁMARA COMERCIO IBAGUÉ-TOLIMA"]
[null,"270 CÁMARA COMERCIO PAMPLONA-NORTE DE SANTANDER"]
[null,"271 CÁMARA COMERCIO LA DORADA-CALDAS"]
[null,"272 CÁMARA COMERCIO QUIBDÓ-CHOCÓ"]
[null,"273 CÁMARA COMERCIO SAN JOSÉ DEL GUAVIARE-GUAVIARE"]
[null,"274 CÁMARA COMERCIO VILLAVICENCIO-META"]
[null,"275 CÁMARA COMERCIO MLENA MEDIO Y NORDESTE ANTIOQ-PTO BERRÍO (ANTIOQUIA)"]
[null,"276 CÁMARA COMERCIO DEL PIEDEMONTE ARAUCANO"]
[null,"277 FINANCIERA DE DESARROLLO TERRITORIAL SA-FINDETER-"]
[null,"278 SUPERINTENDECIA DE INDUSTRIA Y COMERCIO-SIC-"]
[null,"279 U.A.E. COMISIÓN DE REGULACIÓN AGUA POTABLE Y SANEAMIENTO BÁSICO-CRA-"]
[null,"280 CÁMARA COMERCIO DOSQUEBRADAS-RISARALDA"]
[null,"281 CÁMARA COMERCIO CÚCUTA-NORTE DE SANTANDER"]
[null,"283 CÁMARA COMERCIO MONTERÍA-CÓRDOBA"]
[null,"284 CÁMARA COMERCIO CASANARE-YOPAL (CASANARE)"]
[null,"285 CÁMARA COMERCIO CHINCHINÁ-CALDAS"]
[null,"286 CÁMARA COMERCIO NEIVA-HUILA"]
[null,"287 CÁMARA COMERCIO OCAÑA-NORTE DE SANTANDER"]
[null,"288 CÁMARA COMERCIO SANTA ROSA DE CABAL-RISARALDA"]
[null,"289 CÁMARA COMERCIO MANIZALES-CALDAS"]
[null,"290 CÁMARA COMERCIO SINCELEJO-SUCRE"]
[null,"291 CÁMARA COMERCIO TUMACO-NARIÑO"]
[null,"292 CÁMARA COMERCIO MEDELLÍN PARA ANTIOQUIA"]
[null,"293 CÁMARA COMERCIO ORIENTE ANTIOQUEÑO RIONEGRO-ANTIOQUIA"]
[null,"294 CÁMARA COMERCIO DEL PUTUMAYO-PUERTO ASÍS (PUTUMAYO)"]
[null,"295 CÁMARA COMERCIO PALMIRA-VALLE DEL CAUCA"]
[null,"297 CÁMARA COMERCIO SEVILLA-VALLE DEL CAUCA"]
[null,"298 CÁMARA COMERCIO SOGAMOSO-BOYACÁ"]
[null,"299 CÁMARA COMERCIO TULUÁ-VALLE DEL CAUCA"]
[null,"300 CÁMARA COMERCIO TUNJA-BOYACÁ"]
[null,"303 CÁMARA COMERCIO LA GUAJIRA-RIOHACHA (LA GUAJIRA)"]
[null,"304 CÁMARA COMERCIO SUR Y ORIENTE DEL TOLIMA-ESPINAL (TOLIMA)"]
[null,"305 CENTRO DE FERIAS-CONVENCIONES Y EXPOSICIONES DE BUCARAMANGA SA- CENFER-"]
[null,"307 CONSEJO NAL DE INGENIERÍA Y SUS PROFESIONES AUXILIARES"]
[null,"308 CONSEJO PROFESIONAL DE ARQUITECTURA Y SUS PROFESIONES AUXILIARES"]
[null,"315 CÁMARA COMERCIO VALLEDUPAR-CESAR"]
[null,"316 CÁMARA COMERCIO DEL ABURRÁ-SUR DE ITAGÜÍ (ANTIOQUIA)"]
[null,"317 SOCIEDAD HOTELERA TEQUENDAMA SA"]
[null,"318 CÁMARA COMERCIO DEL AMAZONAS-LETICIA (AMAZONAS)"]
[null,"320 METROPOLITANA DE TELECOMUNICACIONES SA-METROTEL SA-"]
[null,"326 EMPRESA DE TELECOMUNICACIONES DE BUCARAMANGA SA ESP-TELEBUCARAMANGA-"]
[null,"329 SOCIEDAD CANAL REGIONAL DE TELEVISIÓN LTDA-TEVEANDINA LTDA-"]
[null,"330 MINISTERIO DE TECNOLOGÍAS DE LA INFORMACIÓN Y LAS COMUNICACIONES-MINTIC-"]
[null,"332 CANAL REGIONAL DE TELEVISIÓN DEL CARIBE LTDA-TELECARIBE-"]
[null,"333 SOCIEDAD CANALA REGIONAL DE TELEVISIÓN LTDA-TELECAFÉ-"]
[null,"334 SUPERINTENDENCIA DE SERVICIOS PÚBLICOS DOMICILIARIOS-SUPERSERVICIOS-"]
[null,"344 METROTEL REDES SA"]
[null,"346 COMISIÓN NAL DE TELEVISIÓN-CNTV-"]
[null,"350 FONDO DE TECNOLOGÍAS DE LA INFORMACIÓN Y LAS COMUNICACIONES-FONTIC-"]
[null,"351 INTERNEXA SA ESP"]
[null,"352 U.A.E COMISIÓN DE REGULACIÓN DE COMUNICACIONES-CRC-"]
[null,"353 SOCIEDAD COL DE SERVICIOS PORTUARIOS Y TRANSPORTE SA-SERVIPORT-"]
[null,"354 CONSEJO PROFESIONAL DE INGENIERÍA DE TRANSPORTE Y VÍAS DE COLOMBIA"]
[null,"355 INSTITUTO NAL DE VÍAS-INVÍAS-"]
[null,"356 SUPERINTENDENCIA DE PUERTOS Y TRANSPORTES-SUPERTRANSPORTE-"]
[null,"358 UNIDAD ADMINISTRATIVA ESPECIAL DE LA AERONÁUTICA CIVIL-AEROCIVIL-"]
[null,"359 CONSEJO PROFESIONAL NAL DE TOPOGRAFÍA-CPNT-"]
[null,"360 MINISTERIO DE TRANSPORTE-MINTRANSPORTE-"]
[null,"361 CENTRO DE DIAGNÓSTICO AUTOMOTOR DE CÚCUTA LTDA-CEDAC-"]
[null,"362 SOCIEDAD COL DE TRANSPORTE FERROVIARIO SA-STF-(EN LIQUIDACIÓN)"]
[null,"364 SERVICIO AÉREO A TERRITORIOS NALES-SATENA-"]
[null,"366 INSTIT NAL DE VIVIENDA DE INTERÉS SOCIAL Y REFORMA URBANA-INURBE-(EN LIQUID)"]
[null,"367 CAJA PROMOTORA DE VIVIENDA MILITAR DE POLICÍA-CAPROVIMPO-"]
[null,"368 FONDO SOCIAL DE VIVIENDA DE LA REGISTRADURÍA NAL DEL ESTADO CIVIL"]
[null,"369 INSTITUTO CASAS FISCALES DEL EJÉRCITO"]
[null,"371 FONDO NAL DEL AHORRO-FNA-"]
[null,"372 INSTITUTO TOLIMENSE DE FORMACIÓN TÉCNICA PROFESIONAL-ITFIP-"]
[null,"373 \"\"\"INSTITUTO TÉCNICO NAL DE COMERCIO \"\"\"\"SIMÓN RODRÍGUEZ\"\"\"\" DE CALI\"\"\""]
[null,"374 INSTITUTO COLOMBIANO PARA LA EVALUACIÓN DE LA EDUCACIÓN-ICFES MEJOR SABER-"]
[null,"375 INSTITUTO NAL PARA CIEGOS-INCI-"]
[null,"376 UNIVERSIDAD DEL PACÍFICO"]
[null,"378 INSTITUTO NAL DE FORMACIÓN TÉCNICA PROFESIONAL DE SAN JUAN DEL CESAR"]
[null,"379 INSTITUTO TÉCNICO CENTRAL"]
[null,"381 UNIVERSIDAD NAL ABIERTA Y A DISTANCIA-UNAD-"]
[null,"382 UNIVERSIDAD SURCOL DE NEIVA"]
[null,"384 MINISTERIO DE CULTURA-MINCULTURA-"]
[null,"385 UNIVERSIDAD POPULAR DEL CESAR"]
[null,"387 INSTITUTO DE EDUCACIÓN TÉCNICA PROFESIONAL DE ROLDANILLO-INTEP-"]
[null,"388 INSTITUTO COLOMBIANO DE ANTROPOLOGÍA E HISTORIA"]
[null,"390 UNIVERSIDAD DEL CAUCA-UNICAUCA-"]
[null,"391 UNIVERSIDAD TECNOLÓGICA DE PEREIRA"]
[null,"394 UNIVERSIDAD DE LOS LLANOS"]
[null,"396 UNIVERSIDAD DE CÓRDOBA"]
[null,"399 INSTITUTO NAL DE FORMACIÓN TÉCNICA PROF DE SN ANDRÉS Y PROV-INFOTEP-"]
[null,"400 UNIVERSIDAD PEDAGÓGICA NAL-UPN-"]
[null,"401 UNIVERSIDAD DE CALDAS"]
[null,"403 UNIVERSIDAD TECNOLÓGICA DEL CHOCÓ DIEGO LUIS CÓRDOBA"]
[null,"404 UNIVERSIDAD PEDAGÓGICA Y TECNOLÓGICA DE COLOMBIA-UPTC-"]
[null,"405 INSTIT COL DE CRÉDITO EDUCAT Y ESTUDIOS TÉCN EN EL EXTERIOR-ICETEX-"]
[null,"406 ESCUELA SUPERIOR DE ADMINISTRACIÓN PÚBLICA-ESAP-"]
[null,"407 DEPARTAMENTO ADMINISTRATIVO DE CIENCIA TECNOLOGÍA E INNOVACIÓN-COLCIENCIAS-"]
[null,"408 MINISTERIO DE EDUCACIÓN NAL-MINEDUCACIÓN-"]
[null,"409 INSTITUTO COLOMBIANO DEL DEPORTE-COLDEPORTES-"]
[null,"411 UNIVERSIDAD NAL DE COLOMBIA"]
[null,"412 INSTITUTO CARO Y CUERVO"]
[null,"413 UNIVERSIDAD DE LA AMAZONÍA"]
[null,"414 UNIVERSIDAD COLEGIO MAYOR DE CUNDINAMARCA"]
[null,"416 INSTITUTO NAL PARA SORDOS-INSOR-"]
[null,"417 UNIVERSIDAD MILITAR NUEVA GRANADA"]
[null,"419 FONDO DE BIENESTAR SOCIAL DE LA CONTRALORÍA GENERAL DE LA REPÚBLICA-FBSCGR-"]
[null,"423 FONDO DE DESARROLLO DE LA EDUCACIÓN SUPERIOR-FODESEP-"]
[null,"424 CORP FONDO MIXTO DE PROMOCIÓN CINEMATOGRÁFICA-PROIMÁGENES-"]
[null,"425 CONSEJO PROFESIONAL DE MEDICINA VETERINARIA Y ZOOTECNIA-COMVEZCOL-"]
[null,"426 SORTEO EXTRAORDINARIO DE COLOMBIA"]
[null,"427 EMPRESA TERRITORIAL PARA LA SALUD-ETESA-(EN LIQUIDACIÓN)"]
[null,"429 INSTITUTO NAL DE VIGILANCIA DE MEDICAMENTOS Y ALIMENTOS-INVIMA-"]
[null,"431 SUPERINTENDENCIA NAL DE SALUD"]
[null,"433 SANATORIO DE CONTRATACIÓN"]
[null,"435 LOTERÍA CRUZ ROJA COL"]
[null,"436 SANATORIO DE AGUA DE DIOS"]
[null,"438 INSTITUTO NAL DE CANCEROLOGÍA-INC-"]
[null,"439 INSTITUTO NAL DE SALUD-INS-"]
[null,"441 \"CENTRO DERMATOLÓGICO \"\"FEDERICO LLERAS ACOSTA\"\"\""]
[null,"444 FONDO DE PRESTACIONES SOCIALES DEL MAGISTERIO-FOMAG-"]
[null,"445 SERVICIO NAL DE APRENDIZAJE-SENA-"]
[null,"446 CAJA NAL DE PREVISIÓN SOCIAL-CAJANAL EICE-(EN LIQUIDACIÓN)"]
[null,"447 CAJA DE PREVISIÒN SOCIAL DE COMUNICACIONES-CAPRECOM-"]
[null,"450 INSTITUTO DE SEGUROS SOCIALES-ISS-"]
[null,"452 DEFENSA CIVIL COL"]
[null,"454 INSTITUTO COLOMBIANO DE BIENESTAR FAMILIAR-ICBF-"]
[null,"455 FONDO DE PREVISIÓN SOCIAL DEL CONGRESO-FONPRECON-"]
[null,"456 FONDO PASIVO SOCIAL DE FERROCARRILES NALES DE COLOMBIA"]
[null,"457 SUPERINTENDENCIA DE SUBSIDIO FAMILIAR-SUPERSUBSIDIO-"]
[null,"459 COMISIÓN DE REGULACIÓN DE ENERGÍA Y GAS-CREG-"]
[null,"461 ASOCIACIÓN COL DE INGENIEROS-ACIEM-"]
[null,"462 CONSEJO NAL DE TÉCNICOS ELECTRICISTAS-CONTE-"]
[null,"463 MINISTERIO DE MINAS Y ENERGÍA-MINMINAS-"]
[null,"464 UNIDAD DE PLANEACIÓN MINERO ENERGÉTICA-UPME-"]
[null,"465 FINANCIERA ENERGÉTICA NAL-FEN-"]
[null,"467 ISAGEN-ENERGIA PRODUCTIVA-SA ESP"]
[null,"468 EMPRESA MULTIPROPÓSITO DE URRÁ SA-URRÁ SA-"]
[null,"470 EMPRESA DISTRIBUIDORA DEL PACÍFICO SA ESP-DISPAC-"]
[null,"471 ELECTRIFICADORA DEL CESAR SA ESP-ELECTROCESAR-(EN LIQUIDACIÓN)"]
[null,"472 ELECTRIFICADORA DEL HUILA SA ESP-ELECTROHUILA-"]
[null,"473 ELECTRIFICADORA DEL CARIBE SA ESP-ELECTRICARIBE-"]
[null,"474 EMPRESA TRANSP DE ENERGÍA DE LA COSTA ATLÁNTICA SA ESP-TRANSELCA-"]
[null,"480 ELECTRIFICADORA DEL CAQUETÁ SA ESP-ELECTROCAQUETÁ-"]
[null,"484 ELECTRIFICADORA DEL META SA ESP-EMSA-"]
[null,"486 EMPRESA DE ENERGÍA DE BOYACÁ SA ESP-EBSA-"]
[null,"489 EMPRESA DE ENERGÍA DEL AMAZONAS SA ESP-EEASA-"]
[null,"490 INTERCONEXIÓN ELÉCTRICA SA ESP-ISA-"]
[null,"491 CENTRALES ELÉCTRICAS DEL CAUCA SA-CEDELCA-"]
[null,"494 CENTRALES ELÉCTRICAS DE NARIÑO SA-CEDENAR-"]
[null,"496 CORP ELÉCTRICA DE LA COSTA ATLÁNTICA SA ESP-CORELCA-"]
[null,"498 ELECTRIFICADORA DEL TOLIMA SA ESP-ELECTROLIMA-(EN LIQUIDACIÓN)"]
[null,"499 INSTITUTO DE PLANIFICACIÓN Y PROMOCIÓN DE SOLUCIONES ENERGÉTICAS-IPSE-"]
[null,"501 FONDO PROTECC SOLIDARIA-SOLDICOM-FED NAL DISTRIB DERIV PETRÓL-FEDIPETRÓLEO NAL-"]
[null,"502 INVERSIONES DE GASES DE COLOMBIA SA-INVERCOLSA-"]
[null,"503 OLEODUCTO DE COLOMBIA SA"]
[null,"504 OLEODUCTO CENTRAL SA-OCENSA-"]
[null,"508 EMPRESA COL DE PETRÓLEOS ECOPETROL SA"]
[null,"509 EMPRESA COL DE GAS-ECOGAS-(EN LIQUIDACIÓN)"]
[null,"512 CALES Y DERIVADOS DE LA SIERRA SA-CALDESA-"]
[null,"515 COMERCIALIZADORA DE ANTRACITA DE SANTANDER SA-COMANTRAC-"]
[null,"517 PRODUCTORA DE CARBÓN DE OCCIDENTE SA-PROCARBÓN-(EN LIQUIDACIÓN)"]
[null,"521 INSTITUTO COLOMBIANO DE GEOLOGÍA Y MINERÍA-INGEOMINAS-"]
[null,"522 FONDO GANADERO DEL TOLIMA SA"]
[null,"524 INSTITUTO NAL DE CONCESIONES-INCO-"]
[null,"525 EMPRESA COLOMBIA TELECOMUNICACIONES SA ESP-TELECOM-"]
[null,"526 MINISTERIO DE COMERCIO INDUSTRIA Y TURISMO-MINCOMERCIO-"]
[null,"527 FONDO NAL DE VIVIENDA-FONVIVIENDA-"]
[null,"528 CORP PARA PROTEC AMBIENTAL CULT Y ORDENAM TERRIT-CORPACOT-(EN LIQUIDACIÓN)"]
[null,"530 AGENCIA NAL DE HIDROCARBUROS-ANH-"]
[null,"534 EMPRESA SOCIAL DEL ESTADO-ESE-ANTONIO NARIÑO (EN LIQUIDACIÓN)"]
[null,"542 MINISTERIO DESALUD Y PROTECCIÓN SOCIAL-MINPROTECCIÓN-"]
[null,"543 COMPAÑÍA PROMOTORA DE INVERSIONES DEL CAFÉ SA"]
[null,"544 COMPAÑÍA PROMOTORA DE INVERSIONES DEL CAFÉ SA"]
[null,"545 SOCIEDAD FIDUCIARIA DE COMERCIO EXTERIOR SA-FIDUCOLDEX-"]
[null,"549 FONDO NAL FOMENTO CAUCHERO-FED NAL PRODUCT Y TRANSF CAUCHO NATURAL-FEDECAUCHO-"]
[null,"551 INSTITUTO COLOMBIANO DE DESARROLLO RURAL-INCODER-"]
[null,"552 GESTIÓN ENERGÉTICA SA ESP-GENSA-"]
[null,"553 CONSEJO PROFESIONAL DE ADMINISTRACIÓN DE EMPRESAS"]
[null,"554 CENTRO DE DIAGNÓSTICO AUTOMOTOR DE CALDAS-CDAC-"]
[null,"3257 AGENCIA PRESID PARA ACCIÓN SOCIAL Y COOP INTERNAL-ACCIÓN SOCIAL-"]
[null,"3258 FONDO NAL AMBIENTAL-FONAM-"]
[null,"3259 UAE DIRECCIÓN DE IMPUESTOS Y ADUANAS NALES -DIAN- FUNCIÓN RECAUD Y PAGADORA"]
[null,"3260 FONDO CUENTA DE IMPUESTOS AL CONSUMO DE PRODUCTOS EXTRANJEROS"]
[null,"3262 FONDO REGIONAL DE GARANTÍAS DEL CAFÉ SA-FRGC-"]
[null,"3263 COMISIÓN NAL DEL SERVICIO CIVIL-CNSC-"]
[null,"3264 SUPERINTENDENCIA FINANCIERA DE COLOMBIA-SUPERFINANCIERA-"]
[null,"3265 CORP COLOMBIA DIGITAL NATION"]
[null,"3269 CÁMARA COMERCIO CARTAGO-VALLE DEL CAUCA"]
[null,"3270 FIDEICOMISO PATRIMONIO AUTÓNOMO-PARAPAT FIDUAGRARIA"]
[null,"3271 PATRIM AUTÓN REMANENTES PAR-FIDUAGRARIA FIDUPOPULAR-(TELECOM Y TELEASOCIADAS)"]
[null,"3272 UNIVERSIDAD DE CARTAGENA (ARTÍCULO 7 DE LA LEY 334 DE 1996)"]
[null,"3273 ASOCIACIÓN DE MUNICIPIOS DE URABÁ-MADU-"]
[null,"3274 ASOCIACIÓN DE MUNICIPIOS DEL MACIZO COLOMBIANO-ASOMAC-"]
[null,"3275 ASOC MUNIC DEL MAGDALENA 1/2 BOLIVARENSE Y ZONA INFLUEN-AMMMB-"]
[null,"3276 AGENCIA LOGÍSTICA DE LAS FUERZAS MILITARES"]
[null,"3277 COMANDO GENERAL DE LAS FUERZAS MILITARES"]
[null,"3278 PATRIMONIO AUTÓNOMO DE PENSIONES-PAP-BUEN FUTURO FIDUPREVISORA"]
[null,"3279 FONDO NAL DE ESMERALDAS-FEDERACIÓN NAL DE ESMERALDAS DE COLOMBIA-FEDESMERALDA-"]
[null,"3280 FONDO NAL DE REGALÍAS-FNR-"]
[null,"3315 COMPAÑÍA AGROPISCÍCOLA DEL HUILA SA (EN LIQUIDACIÓN)"]
[null,"3316 COMPAÑÍA PALMERA DE SAN PABLO SUR DE BOLÍVAR SA"]
[null,"3317 COMPAÑÍA PALMERA DE SIMITÍ SUR DE BOLÍVAR SA"]
[null,"3318 COMPAÑÍA PRODUCTORA DE CAUCHO DEL NORTE DE URABÁ SA-PROCAUCHO URABÁ-"]
[null,"3319 COMPAÑÍIA PRODUCTORA DE CAUCHO DE SAN PEDRO SA"]
[null,"3320 FRUTALES DEL MACIZO COLOMBIANO-FRUTIMACIZO SA-(EN LIQUIDACIÓN)"]
[null,"3321 COMPAÑÍA AGRÍCOLA DE INVERSIONES SA-CAISA-"]
[null,"3324 EMPRESA PÚBLICA DE ALCANTARILLADO DE SANTANDER SA ESP-EMPAS-"]
[null,"3329 FED COL MUNIC-ADMIN SIST INTEGRADO DE INF, MULTAS Y SANCIONES DE TRÁNSITO-SIMIT-"]
[null,"3330 CANAL REGIONAL DEL ORIENTE-CANAL TRO LTDA-"]
[null,"3331 RADIO TELEVISIÓN NAL DE COLOMBIA-RTVC-"]
[null,"3332 SERVICIOS POSTALES NALES SA"]
[null,"3333 SOCIEDAD DE TELEVISIÓN DE LAS ISLAS LTDA-TELEISLAS-"]
[null,"3335 EMPRESA MUNICIPAL DE TURISMO DEL LÍBANO SA"]
[null,"3336 PROYECTO PLAYA BLANCA BARÚ"]
[null,"3337 ASOC CABILDOS RESG INDÍG ZENÚ SN ANDRÉS DE SOTAVENTO-CÓRDOBA Y SUCRE-MANEXKA -"]
[null,"3338 ASOCIACIÓN DE CABILDOS INDÍGENAS DEL CESAR Y LA GUAJIRA-DUSAKAWI EPSS"]
[null,"3339 ASOCIACIÓN INDÍGENA DEL CAUCA-AIC EPSS-"]
[null,"3340 ASOCIACIÓN MUTUAL BARRIOS UNIDOS DE QUIBDÓ-AMBUQ EPSS-"]
[null,"3341 ASOCIACIÓN SOLIDARIA DE SALUD DE NARIÑO ESS-EMSSANAR ESS EPSS-"]
[null,"3342 ASOCIACIÓN MUTUAL LA ESPERANZA-ASMET SALUD ESS EPSS-"]
[null,"3343 ASOCIACIÓN MUTUAL SER-EMPRESA SOLIDARIA DE SALUD EPSS-"]
[null,"3345 CAJA COL DE SUBSIDIO FAMILIAR-COLSUBSIDIO-"]
[null,"3348 CAJA DE COMPENSACION FAMILIAR-CAFAM-"]
[null,"3349 CAJA COMPENSACIÓN FAMILIAR-CAJACOPI ATLÁNTICO-"]
[null,"3350 CAJA COMPENSACIÓN FAMILIAR-FENALCO COMFAMILIAR CAMACOL-"]
[null,"3352 CAJA COMPENSACIÓN FAMILIAR-COMFENALCO ANTIOQUIA-"]
[null,"3353 CAJA COMPENSACIÓN FAMILIAR COMFENALCO DEL VALLE DEL CAUCA-COMFENALCO VALLE-"]
[null,"3354 CAJA COMPENSACIÓN FAMILIAR-COMFENALCO SANTANDER-"]
[null,"3355 CAJA COMPENSACIÓN FAMILIAR-COMPENSAR-"]
[null,"3356 CAJA COMPENSACIÓN FAMILIAR DE ANTIOQUIA-COMFAMA-"]
[null,"3357 CAJA COMPENSACIÓN FAMILIAR DE ARAUCA-CONFIAR-"]
[null,"3358 CAJA COMPENSACIÓN FAMILIAR DE BARRANCABERMEJA-CAFABA-"]
[null,"3359 CAJA COMPENSACIÓN FAMILIAR DE BARRANQUILLA-COMBARRANQUILLA-"]
[null,"3360 CAJA COMPENSACIÓN FAMILIAR DE BOYACÁ-COMFABOY-"]
[null,"3361 CAJA COMPENSACIÓN FAMILIAR DE BUENAVENTURA-COMFAMAR-"]
[null,"3362 CAJA COMPENSACIÓN FAMILIAR DE CALDAS-COMFAMILIARES-"]
[null,"3364 CAJA COMPENSACIÓN FAMILIAR DE CÓRDOBA-COMFACOR-"]
[null,"3365 CAJA COMPENSACIÓN FAMILIAR DE CUNDINAMARCA-COMFACUNDI-"]
[null,"3366 CAJA COMPENSACIÓN FAMILIAR DE FENALCO / ANDI-COMFENALCO CARTAGENA-"]
[null,"3367 CAJA COMPENSACIÓN FAMILIAR DE FENALCO-COMFENALCO QUINDÍO-"]
[null,"3368 CAJA COMPENSACIÓN FAMILIAR DE FENALCO DEL TOLIMA-COMFENALCO TOLIMA-"]
[null,"3370 CAJA COMPENSACIÓN FAMILIAR DEL NORTE DEL TOLIMA-COMFAMINORTE-"]
[null,"3371 CAJA COMPENSACIÓN FAMILIAR DE LA DORADA-COMFAMILIAR-"]
[null,"3372 CAJA COMPENSACIÓN FAMILIAR DE LA GUAJIRA"]
[null,"3373 CAJA COMPENSACIÓN FAMILIAR DE NARIÑO"]
[null,"3374 CAJA COMPENSACIÓN FAMILIAR DE RISARALDA-COMFAMILIAR RISARALDA-"]
[null,"3375 CAJA COMPENSACIÓN FAMILIAR DE SAN ANDRÉS Y PROVIDENCIA ISLAS-CAJASAI-"]
[null,"3376 CAJA COMPENSACIÓN FAMILIAR DE SUCRE-COMFASUCRE-"]
[null,"3378 CAJA COMPENSACIÓN FAMILIAR DEL AMAZONAS-CAFAMAZ-"]
[null,"3379 CAJA COMPENSACIÓN FAMILIAR DEL CAQUETÁ-COMFACA-"]
[null,"3380 CAJA COMPENSACIÓN FAMILIAR DEL CASANARE-COMFACASANARE-"]
[null,"3381 CAJA COMPENSACIÓN FAMILIAR DEL CAUCA-COMFACAUCA-"]
[null,"3382 CAJA COMPENSACIÓN FAMILIAR DEL CESAR-COMFACESAR-"]
[null,"3383 CAJA COMPENSACIÓN FAMILIAR DEL CHOCÓ-COMFACHOCÓ-"]
[null,"3384 CAJA COMPENSACIÓN FAMILIAR DEL HUILA-COMFAMILIAR HUILA-"]
[null,"3385 CAJA COMPENSACIÓN FAMILIAR DEL MAGDALENA-CAJAMAG-"]
[null,"3386 CAJA COMPENSACIÓN FAMILIAR DEL NORTE DE SANTANDER-COMFANORTE-"]
[null,"3387 CAJA COMPENSACIÓN FAMILIAR DEL ORIENTE COLOMBIANO-COMFAORIENTE-"]
[null,"3388 CAJA COMPENSACIÓN FAMILIAR DEL PUTUMAYO-COMFAMILIAR PUTUMAYO-"]
[null,"3389 CAJA COMPENSACIÓN FAMILIAR DEL QUINDÍO-COMFAMILIAR-"]
[null,"3390 CAJA COMPENSACIÓN FAMILIAR DEL SUR DEL TOLIMA-CAFASUR-"]
[null,"3392 CAJA COMPENSACIÓN FAMILIAR DEL VALLE DEL CAUCA-COMFAMILIAR ANDI-"]
[null,"3393 CAJA COMPENSACIÓN FAMILIAR REGIONAL DEL META-COFREM-"]
[null,"3394 CAJA SANTANDEREANA DE SUBSIDIO FAMILIAR-CAJASAN-"]
[null,"3396 CALISALUD EPS-ENTIDAD PROMOTORA DE SALUD-"]
[null,"3397 CAPRESOCA EPS-ENTIDAD PROMOTORA DE SALUD-"]
[null,"3398 COLMÉDICA EPS-ENTIDAD PROMOTORA DE SALUD-"]
[null,"3399 CAJA COMPENSACIÓN FAMILIAR COMFAMILIAR ATLÁNTICO"]
[null,"3400 COMFENALCO VALLE EPS-ENTIDAD PROMOTORA DE SALUD-"]
[null,"3401 UNIDAD ADMINISTRATIVA ESPECIAL COMISIÓN DE REGULACIÓN DE SALUD-CRES-"]
[null,"3402 COMPENSAR EPS-ENTIDAD PROMOTORA DE SALUD-"]
[null,"3404 CONVIDA EPS S-CONVIDA-"]
[null,"3405 COOMEVA EPS SA"]
[null,"3406 COOP SALUD COMUNIT EMPRESA SOLID DE SALUD COMPARTA SALUD LTDA-ESS COMPARTA-"]
[null,"3407 COOP SALUD Y DESARROLLO INTEGRAL ZONA SURORIENTAL DE CGENA LTDA-COOSALUD ESS-"]
[null,"3408 COOP SALUD Y DESARROLLO INTEGRAL ZONA SURORIENTAL CGENA LTDA-COOSALUD ESS EPSS-"]
[null,"3409 CRUZ BLANCA EPS SA-ENTIDAD PROMOTORA DE SALUD-"]
[null,"3410 EMPRESA MUTUAL PARA EL DESARROLLO INTEGRAL DE LA SALUD ESS-ENDISALUD-"]
[null,"3411 EMPRESA PROMOTORA DE SALUD INDÍGENA-ANAS WAYUU EPSI-"]
[null,"3412 ENTIDAD COOPERATIVA SOLIDARIA DE SALUD-ECOOPSOS ESS EPSS-"]
[null,"3413 ENTIDAD PROMOTORA DE SALUD CÓNDOR SA EPSS"]
[null,"3414 ENTIDAD PROMOTORA DE SALUD INDÍGENA-MALLAMAS EPSI-"]
[null,"3415 ENTIDAD PROMOTORA DE SALUD ORGANISMO COOPERATIVO-SALUDCOOP-"]
[null,"3416 EPS PROGRAMA COMFENALCO ANTIOQUIA DE CAJA COMPENSAC FLIAR COMFENALCO ANTIOQUIA"]
[null,"3417 FAMISANAR LTDA EPS-ENTIDAD PROMOTORA DE SALUD-"]
[null,"3418 HUMANA VIVIR SA EPS"]
[null,"3419 ENTIDAD PROMOTORA DE SALUD INDÍGENA-PIJAOS SALUD EPSI-"]
[null,"3420 RED SALUD ATENCIÓN HUMANA EPS"]
[null,"3421 SALUD COLOMBIA DE CALI-VALLE EPS"]
[null,"3422 SALUD COLPATRIA EPS"]
[null,"3423 SALUD TOTAL SA EPS-ENTIDAD PROMOTORA DE SALUD-"]
[null,"3424 SALUD VIDA EPS SA-ENTIDAD PROMOTORA DE SALUD-"]
[null,"3425 SANITAS SA EPS-ENTIDAD PROMOTORA DE SALUD-"]
[null,"3426 SELVASALUD SA EPSS-ENTIDAD PROMOTORA DE SALUD"]
[null,"3427 SERVICIO OCCIDENTAL DE SALUD SA EPS-SOS SA EPS-(CALI-VALLE)"]
[null,"3428 SOLIDARIA DE SALUD SOLSALUD E.P.S. DEL RÉG CONTRIBUT Y SUBS"]
[null,"3429 SALUD SURA EPS (Antes SUSALUD EPS)"]
[null,"3430 ADMINISTRADORA DE FONDOS DE PENSIONES Y CESANTÍAS-PROTECCIÓN-"]
[null,"3431 CITI COLFONDOS SA PENSIONES Y CESANTÍAS"]
[null,"3433 SKANDIA-ADMINISTRADORA DE FONDOS DE PENSIONES Y CESANTÍAS-"]
[null,"3434 SOCIEDAD ADMINISTRADORA DE FONDOS DE PENSIONES Y CESANTÍAS-PORVENIR SA-"]
[null,"3435 SOC ADMIN FONDOS DE PENSIONES Y CESANTÍAS -BBVA HORIZONTE S.A.-"]
[null,"3436 CAJA COMPENSACIÓN FAMILIAR CAMPESINA-COMCAJA-"]
[null,"3437 CAJA COMPENSACIÓN FAMILIAR DE CARTAGENA Y BOLÌVAR-COMFAMILIAR-"]
[null,"3438 CONSEJO NAL PROFESIONAL DE ECONOMÌA"]
[null,"3439 FONDO DE AHORRO Y ESTABILIZACIÓN PETROLERA-FAEP-"]
[null,"3440 REFINERÍA DE CARTAGENA SA-REFICAR-"]
[null,"3441 DISTASA SA ESP-DISTASA-"]
[null,"3442 XM COMPAÑÍA DE EXPERTOS DE MERCADO SA ESP"]
[null,"3443 SEGUREXPO DE COLOMBIA SA"]
[null,"4711 UNIVERSIDAD DEL MAGDALENA"]
[null,"5540 UNIVERSIDAD DISTRITAL - FRANCISCO JOSE DE CALDAS"]
[null,"6154 UNIVERSIDAD DEL VALLE"]
[null,"6714 UNIVERSIDAD DE ANTIOQUIA - UDEA"]
[null,"6991 UNIVERSIDAD DE NARIÑO - UDENAR"]
[null,"7268 UNIVERSIDAD DEL QUINDIO - UNIQUIDIO"]
[null,"7427 UNIVERSIDAD FRANCISCO DE PAULA SANTANDER - UFPS"]
[null,"7441 UNIVERSIDAD DE PAMPLONA - UP"]
[null,"7520 UNIVERSIDAD DEL TOLIMA - UT"]
[null,"7805 E.S.E. HOSPITAL DEPARTAMENTAL SAN ANTONIO DE PITALITO"]
[null,"8044 GENERADORA Y COMERCIALIZADORA DE ENERGÍA DEL CARIBE SA ESP-GECELCA-"]
[null,"8048 FONDO REGIONAL DE GARANTÌAS DEL CARIBE COLOMBIANO SA-FRG-"]
[null,"8224 UNIVERSIDAD DE LA GUAJIRA - UNIGUAJIRA"]
[null,"9021 TRIBUNAL DE ÉTICA MÉDICA"]
[null,"9581 TRIBUNAL NACIONAL DE ÉTICA ODONTOLÓGICA - TNEO"]
[null,"9584 UNIVERSIDAD INDUSTRIAL DE SANTANDER- U.I.S."]
[null,"10280 COMPAÑÍA OPERADORA PORTUARIA CAFETERA SA"]
[null,"10281 COMPAÑÍA REFORESTADORA DE URABÁ EL INDIO SA-EL INDIO DE URABÁ SA"]
[null,"10282 COMPAÑÍA REFORESTADORA DE URABÁ LA GIRONDA SA-LA GIRONDA DE URABÁ SA"]
[null,"10283 COOPERATIVA DE PRODUCTORES DE LECHE Y CARNE DE LA SABANA DE SUCRE-COOLECSA-"]
[null,"10284 COOPERATIVA DE PRODUCTOS LÁCTEOS DE NARIÑO LTDA-COLÁCTEOS-"]
[null,"10285 COOPERATIVA GANADERA DEL SUR LTDA-COOGANSUR-"]
[null,"10287 COOPERATIVA INTEGRAL LECHERA DEL CESAR-COOLESAR-"]
[null,"10288 COOPERATIVA LECHERA DE CÓRDOBA-CODELAC-"]
[null,"10289 FRIGORÍFICO DEL SINÚ SA-FRIGOSINÚ SA-"]
[null,"10290 FRIGORÍFICO JONGOVITO SA-FRIGOVITO-"]
[null,"10291 FRIGORÍFICOS GANADEROS DE COLOMBIA SA-FRIOGAN-"]
[null,"10292 SOCIEDAD GANADERA DE EXPORTACIONES SA CI-GANEXPO-"]
[null,"10293 CÁMARA RIESGO CENTRAL CONTRAP DE BOLSA MERCANTIL DE COL SA -CRC MERCANTIL SA-"]
[null,"10295 PATRIMONIO NATURAL FONDO PARA LA BIODIVERSIDAD Y ÁREAS PROTEGIDAS"]
[null,"10296 ASOC DE CORP AUTÓN REGIONALES Y DE DESARROLLO-ASOCARS-"]
[null,"10297 FONDO REGIONAL DE GARANTÍAS DE NARIÑO SA"]
[null,"10298 FONDO REGIONAL DE GARANTÍAS DE BOYACÁ Y CASANARE SA"]
[null,"10299 FONDO REGIONAL DE GARANTÍAS-CONFE-"]
[null,"10300 FONDO REGIONAL DE GARANTÍAS DEL TOLIMA SA"]
[null,"10301 FONDO REGIONAL DE GARANTÍAS DE SANTANDER SA"]
[null,"10302 FONDO DE GARANTÍAS DE ANTIOQUIA SA"]
[null,"10303 FONDO NAL DE LAS ENTIDADES TERRIT-FONPET-MINHACIENDA Y CRÉDITO PÚBLICO"]
[null,"10304 FONDO REGIONAL DE GARANTÍAS DE NORTE DE SANTANDER SA-FOGAN-"]
[null,"10305 COMPUTADORES PARA EDUCAR-CPE-"]
[null,"10306 FONDO EMPRESARIAL DE LA SUPERINTENDENCIA DE SERVICIOS PÚBLICOS DOMICILIARIOS"]
[null,"10307 CORP RED NAL ACADÉMICA DE TECNOLOGÍA AVANZADA-RENATA-"]
[null,"10308 UNIDAD ADMINISTRATIVA ESPECIAL JUNTA CENTRAL DE CONTADORES"]
[null,"10309 CAFESALUD EPS S"]
[null,"10310 NUEVA EMPRESA PROMOTORA DE VIDA SA-NUEVA EPS SA-"]
[null,"10311 CAJA COMPENSACIÓN FAMILIAR DEL TOLIMA-COMFATOLIMA-"]
[null,"10312 EMPRESA ENERGÍA DEL ARCHIP DE SN ANDRÉS-PROV Y STA CATALINA-EEDAS SA ESP-"]
[null,"10313 ING-ADMIN PENSIONES Y CESANTÍAS S.A. -ING PENSIONES Y CESANTÍAS-"]
[null,"10494 UNIVERSIDAD DE SUCRE - UNISUCRE"]
[null,"11100 FIDEICOMISO PAR INURBE (EN LIQUIDACIÓN)"]
[null,"11101 U.A.E. GESTIÓN PENSIONAL Y CONTRIB PARAFISCALES DE PROTEC SOCIAL-UGPP-"]
[null,"11102 CENTRO DE DIAGNÓSTICO AUTOMOTOR TOLIMA-CEDAT LTDA (EN LIQUIDACIÓN)"]
[null,"11110 U.A.E. GESTIÓN PENSIONAL Y CONTRIBUC PARAFISC DE PROTECC SOCIAL-UGPP-"]
[null,"11590 INSTIT ESTUDIOS DEL MIN PÚBLICO - PROCURADURÍA GENERAL DE LA NACIÓN - IEMP -"]
[null,"11608 SOCIEDAD ALMIDONES DE SUCRE-SAS-"]
[null,"11609 SOCIEDAD DE ACTIVOS ESPECIALES-SAE-"]
[null,"11610 CORP PARA EL MANEJO SOSTENIBLE DE LOS BOSQUES-MASBOSQUES-"]
[null,"11611 CÍRCULO DE SUBOFICIALES DE LAS FUERZAS MILITARES"]
[null,"11613 ADMINISTRADORA COL DE PENSIONES-COLPENSIONES-"]
[null,"11615 CORP PARA DESARR-APROP Y APROVECHAM TECNOL DE INFO Y COMUNICAC -CORPOTIC-"]
[null,"11616 UNIDAD ADMINISTRATIVA ESPECIAL AGENCIA NAL DEL ESPECTRO-ANE-"]
[null,"11617 FONDO DE PREVENCIÓN VIAL NAL"]
[null,"11618 PATRIMONIO AUTÓNOMO DE REMANENTES DE ADPOSTAL"]
[null,"11639 FONDO NAL DE CALAMIDADES"]
[null,"11640 PATRIMONIO AUTÓNOMO-FIA-FINANCIAMIENTO DE INVERSIONES EN AGUAS"]
[null,"11641 SOCIEDAD GEOGRÁFICA DE COLOMBIA-ACADEMIA DE CIENCIAS GEOGRÁFICAS-"]
[null,"11642 FONDO DE PENSIONES PÚBLICAS-FOPEP-"]
[null,"11643 FONDO DE SOLIDARIDAD PENSIONAL"]
[null,"11696 CORPORACIÒN PARQUE REGIONAL ECOTURÌSTICO ARVI-CPREA"]
[null,"11697 FONDO ESTABILIZACIÓN PRECIOS DEL CACAO-FEP-"]
[null,"11745 OLEODUCTO BICENTENARIO DE COLOMBIA SAS"]
[null,"11746 CENTRO INTERACTIVO DE CIENCIA Y TECNOLOGÍA-MALOKA-"]
[null,"11747 SOCIEDAD TERMINAL DE TRANSPORTE DE IBAGUÉ SA"]
[null,"11748 MINISTERIO DE AMBIENTE Y DESARROLLO SOSTENIBLE"]
[null,"11749 MINISTERIO DE SALUD Y PROTECCIÓN SOCIAL"]
[null,"11750 MINISTERIO DE TRABAJO"]
[null,"11751 MINISTERIO DEL INTERIOR"]
[null,"11752 MINISTERIO DE JUSTICIA Y DEL DERECHO"]
[null,"11753 AGENCIA NAL DE DEFENSA JURÍDICA DE LA NACIÓN-UAE"]
[null,"11754 MINISTERIO DE VIVIENDA-CIUDAD Y TERRITORIO-MVCT-"]
[null,"11978 FONDO ESTABILIZACIÓN DE PRECIOS DE LOS COMBUSTIBLES - FEPC -"]
[null,"11979 FONDO DE ADAPTACIÓN"]
[null,"11980 ADMINISTRACIÓN COOPERATIVA DE ENTIDADES DE SALUD DE CALDAS Y QUINDÍO -COODESCA-"]
[null,"11981 GOLDEN GROUP E.P.S."]
[null,"11982 MULTIMEDICA E.P.S. S.A."]
[null,"11983 PATRIM AUTÓNOMO DE REMANENTES PAR INURBE (EN LIQUIDACIÓN-FIDEICOMISO 763/2007)"]
[null,"11994 AUTORIDAD NACIONAL DE ACUICULTURA Y PESCA - AUNAP -"]
[null,"11995 UNIDAD DE PLANIF DE TIERRAS RURALES, ADECUAC DE TIERRAS Y USOS AGROPEC -UPRA-"]
[null,"11996 AUTORIDAD NACIONAL DE LICENCIAS  AMBIENTALES - ANLA -"]
[null,"11997 AGENCIA COL PARA LA REINTEGRACIÓN DE PERSONAS Y GRUPOS ALZADOS EN ARMAS - ACR -"]
[null,"11998 DEPARTAMENTO ADMINISTRATIVO DIRECCIÓN NACIONAL DE INTELIGENCIA - DNI -"]
[null,"11999 UNIDAD NACIONAL DE PROTECCIÓN - UNP -"]
[null,"12000 UNIDAD DE SERVICIOS PENITENCIARIOS Y CARCELARIOS - SPC -"]
[null,"12001 U.A.E. AGENCIA DEL INSPECTOR GRAL DE TRIBUTOS, RENTAS Y CONTRIB PARAFISC -ITRC-"]
[null,"12002 E.I.C.E -ADMIN DEL MONOPOLIO RENTÍSTICO DE JUEGOS DE SUERTE Y AZAR -COLJUEGOS-"]
[null,"12003 AGENCIA NACIONAL DE CONTRATACIÓN PÚBLICA - COLOMBIA COMPRA EFICIENTE"]
[null,"12004 AGENCIA PRESIDENCIAL DE COOP INTERNAL DE COLOMBIA - APC COLOMBIA -"]
[null,"12005 UNIDAD ADMINISTRATIVA ESPECIAL MIGRACIÓN COLOMBIA"]
[null,"12006 UNIDAD DE PROYECCIÓN NORMATIVA Y ESTUDIOS DE REGULACIÓN FINANCIERA - URF -"]
[null,"12007 SISTEMAS INTELIGENTES EN RED S.A.S."]
[null,"12008 UNIDAD ADMINISTRATIVA ESPECIAL DE GESTIÓN DE RESTITUCIÓN DE TIERRAS DESPOJADAS"]
[null,"12009 INSTITUTO NACIONAL DE METROLOGÍA "]
[null,"12010 UNIDAD NACIONAL PARA LA GESTIÓN DEL RIESGO DE DESASTRES - UNGRD -"]
[null,"12011 EMPRESA NACIONAL DE RENOVACIÓN Y DESARROLLO URBANO - VIRGILIO BARCO VARGAS"]
[null,"12014 CENTRO DE MEMORIA HISTÓRICA"]
[null,"12015 AGENCIA NAL PARA LA SUPERAC DE LA POBREZA EXTREMA - U.A.E. ANSPE -"]
[null,"12016 UNIDAD DE ATENCIÓN Y REPARACIÓN INTEGRAL A LAS VÍCTIMAS - U.A.E. -"]
[null,"12017 U.A.E. PARA LA CONSOLIDACIÓN TERRITORIAL"]
[null,"12018 UNIVERSIDAD DEL ATLÁNTICO - UDELA -"]
[null,"12019 E.P.M. DEPARTAMENTO MÉDICO CON SEDE EN MEDELLÍN "]
[null,"12022 AGENCIA NACIONAL DE MINERÍA - ANM -"]
[null,"12038 TERMINAL DE TRANSPORTE DE POPAYÁN S.A."]
[null,"12408 AUTORIDAD NACIONAL DE TELEVISIÓN"]
[null,"12694 CONSEJO PROFESIONAL DE BIOLOGIA - CPB -"]
[null,"12695 CONSEJO PROFESIONAL DE INGENIERÍA QUÍMICA DE COLOMBIA - CPIQ -"]
[null,"12696 CONSEJO PROFESIONAL DE INGENIERÍA DE PETRÓLEOS"]
[null,"12697 CONSEJO PROFESIONAL DE QUIMICA - CPQ -"]
[null,"999998 FORMULARIO SIN INFORMACIÓN"]

{"sheet":"F25.3  AUTORIZACIÓN DE NOTIF...","index":13,"n_rows":351004,"n_cols":6,"rows_kept":351004,"merged":[[7,1,7,5]]}
[null,"Tipo Modalidad",51,"M-1: CUENTA O INFORME ANUAL CONSOLIDADO"]
[null,"Formulario",556,"F25.3: AUTORIZACIÓN DE NOTIFICACIÓN POR MEDIOS ELECTRÓNICOS"]
[null,"Moneda Informe",1]
[null,"Entidad",104]
[null,"Fecha","2019-12-31"]
[null,"Periodicidad",12,"ANUAL"]
[]
["[1]","0 AUTORIZACIÓN DE NOTIFICACIÓN POR MEDIOS ELECTRÓNICOS"]
[null,null,3,4,8,12]
[null,null,"VIGENCIA TARIFA FISCAL","AUTORIZACIÓN DE NOTIFICACIÓN","CORREO ELECTRÓNICO 1","CORREO ELECTRÓNICO 2"]
[10,"","2020","1 SI","direccion@cvs.gov.co","presupuesto@cvs.gov.co"]
[30,"La CGR expedirá la Resolución a través de la cual se liquida","la tarifa de control fiscal de la vigencia, misma que","debe ser notificada personalmente a su Representante Legal.","Este ente de control podrá proceder a ello por medios electrónicos,",""]
[40,"siempre y cuando su destinatario haya aceptado dicha","forma de notificación expresamente, de acuerdo con lo previsto","en el art. 56 y el numeral 1° del art. 67 del Código de","Procedimiento Administrativo y de lo Contencioso Administrativo.",""]
[50,"Así mismo,  me comprometo a remitir el respectivo acuse de recibo,","una vez recibida la copia de la resolución de","fija tarifa de control fiscal, estableciendo fecha y hora del mismo;","sólo a partir de este momento se entenderá notificada.",""]
{"$rows_empty":350988}
["1 SI"]
["2 NO"]

{"sheet":"F39.1.1  ACTIVIDADES DE LA P...","index":14,"n_rows":39,"n_cols":6,"rows_kept":39,"merged":[[7,1,7,5],[13,1,13,5],[22,1,22,5],[31,1,31,5]]}
[null,"Tipo Modalidad",51,"M-1: CUENTA O INFORME ANUAL CONSOLIDADO"]
[null,"Formulario",567,"F39.1.1: ACTIVIDADES DE LA PARTICIPACIÓN CIUDADANA EN LA GESTIÓN DE LA ENTIDAD"]
[null,"Moneda Informe",1]
[null,"Entidad",104]
[null,"Fecha","2019-12-31"]
[null,"Periodicidad",12,"ANUAL"]
[]
["[1]","0 ACCIONES DE TRANSPARENCIA Y ACCESO A LA INFORMACIÓN PÚBLICA"]
[null,null,4,8,12,16]
[null,null,"NÚMERO DE ACTIVIDADES EJECUTADAS","PRESUPUESTO EJECUTADO EN LAS ACTIVIDADES","RUBRO PRESUPUESTAL DE LA INVERSIÓN","OBSERVACIONES Y DESCRIPCIÓN DE LAS ACTIVIDADES"]
[10,"Publicaciones de información obligatoria de la entidad según normatividad aplicable",1,200000,"1C431","Publicación informe de gestión"]
[20,"Caracterización de la ciudadanos, organizaciones y grupos de interés",2,300000,"1C431","Pacto de cumplimento"]
[]
["[2]","0 ACCIONES DE PARTICIPACIÓN DE LA CIUDADANÍA EN LA GESTIÓN"]
[null,null,4,8,12,16]
[null,null,"NÚMERO DE ACTIVIDADES EJECUTADAS","PRESUPUESTO EJECUTADO EN LAS ACTIVIDADES","RUBRO PRESUPUESTAL DE LA INVERSIÓN","OBSERVACIONES Y DESCRIPCIÓN DE LAS ACTIVIDADES"]
[10,"Acciones que la entidad adelantó para promover la participación ciudadana",0,0,"NA","No se realizo actividad"]
[20,"Actividades de la estrategia de participación ciudadana destinadas a involucrar a la ciudadanía en la gestión institucional realizadas durante la vigencia",0,0,"NA","No se realizo actividad"]
[30,"Actividades realizadas para promover la participación ciudadana en ejercicios de innovación abierta",0,0,"NA","No se realizo actividad"]
[40,"Actividades de promoción, convocatoria, acompañamiento o respuesta a ejercicios de control social a la gestión de la entidad (veedurías ciudadanas)",1,300000,"1C431","Rendición de cuenta, informe de gestión"]
[50,"Programas y/o servicios institucionales organizados por la entidad administrados y ejecutados por la comunidad",1,300000,"1C511","Taller actualización del DMI del complejo de humedal de Ayapel"]
[]
["[3]","0 ACCIONES DEL PLAN ANTICORRUPCIÓN Y ATENCIÓN AL CIUDADANO"]
[null,null,4,8,12,16]
[null,null,"NÚMERO DE ACTIVIDADES EJECUTADAS","PRESUPUESTO EJECUTADO EN LAS ACTIVIDADES","RUBRO PRESUPUESTAL DE LA INVERSIÓN","OBSERVACIONES Y DESCRIPCIÓN DE LAS ACTIVIDADES"]
[10,"Actividades previstas dentro del Plan de manejo de riesgos de corrupción realizadas con participación de la ciudadanía (construcción, evaluación, seguimiento).",1,200000,"1C431","Se formuló el plan anticorrupción y atención al ciudadano 2019"]
[20,"Actividades de puesta en funcionamiento, mantenimiento y operación de los canales no presenciales de servicio al ciudadano",0,0,"NA","No se realizo actividad"]
[30,"Actividades de adecuación de los puntos presenciales de servicio al ciudadano para atención de población en situación de discapacidad",0,0,"NA","No se realizo actividad"]
[40,"Actividades de fortalecimiento del procedimiento de atención de peticiones, quejas, reclamos, sugerencias y denuncias",1,500000,"1C431","La CVS cuenta con Vital,oficina de archivo,página web para recibir las peticiones, reclamos y quejas"]
[50,"Actividades para la definición y publicación de datos abiertos",0,0,"NA","No se realizo actividad"]
[]
["[4]","0 ACCIONES DE RENDICIÓN DE CUENTAS"]
[null,null,4,8,12,16]
[null,null,"NÚMERO DE ACTIVIDADES EJECUTADAS","PRESUPUESTO EJECUTADO EN LAS ACTIVIDADES","RUBRO PRESUPUESTAL DE LA INVERSIÓN","OBSERVACIONES Y DESCRIPCIÓN DE LAS ACTIVIDADES"]
[10,"Actividades de identificación de las necesidades de información de la población objetivo de la entidad",2,200000,"1C431","Pacto de cumplimiento"]
[20,"Acciones de diálogo definidas por la entidad para la Rendición de Cuentas",3,200000,"1C431","Informe de Gestión y pacto de cumplimiento"]
[30,"Acciones desplegadas a través de los medios utilizados para divulgar la información en el proceso de rendición de cuentas",3,200000,"1C431","Informe de Gestión y pacto de cumplimiento"]
[40,"Acciones de incentivos que se incluyeron en la estrategia de rendición de cuentas",0,0,"NA","No se realizo actividad"]
[50,"Actividades de análisis de la percepción de ciudadanos, usuarios o grupo de interés",0,0,"NA","No se realizo actividad"]

{"sheet":"F39.1.2  ACTIVIDADES Y RESUL...","index":15,"n_rows":24,"n_cols":4,"rows_kept":24,"merged":[[7,1,7,3]]}
[null,"Tipo Modalidad",51,"M-1: CUENTA O INFORME ANUAL CONSOLIDADO"]
[null,"Formulario",568,"F39.1.2: ACTIVIDADES Y RESULTADOS DE LA PARTICIPACIÓN CIUDADANA EN LA GESTIÓN DE LA ENTIDAD"]
[null,"Moneda Informe",1]
[null,"Entidad",104]
[null,"Fecha","2019-12-31"]
[null,"Periodicidad",12,"ANUAL"]
[]
["[1]","0 RESULTADOS CUALITATIVOS DE LAS ACCIONES DE PARTICIPACIÓN CIUDADANA"]
[null,null,4,8]
[null,null,"TOTAL","OBSERVACIONES"]
[10,"Número de organizaciones, grupos de interés y población caracterizada como usuarios de la entidad",210,"Distribuidas asi 143 Asociaciones ambientales 69 asociaciones indigenas 1 asociación de negritudes y 7"]
[20,"Número de asistentes a actividades de promoción de la participación ciudadana",80,"Ninguna"]
[30,"Número de asistentes a actividades de la estrategia de participación ciudadana destinadas a involucrar a la ciudadanía en la gestión institucional realizadas durante la vigencia",80,"Ninguna"]
[40,"Número de participantes en actividades realizadas para promover la participación ciudadana en ejercicios de innovación abierta",0,"Ninguna"]
[50,"Número de convocatorias a veedurías ciudadanas y otras formas de control social en el marco de la contratación administrativa",21,"Se realizaron Concurso de meritos 5, licitaciones 2 y selección abreviada 11"]
[60,"Número de procesos de contratación vigilados por veedurías ciudadanas y otras formas de control social",21,"Se realizaron Concurso de meritos 5, licitaciones 2 y selección abreviada 12"]
[70,"Número de veedurías ciudadanas que han remitido derechos de petición a la entidad",4,"Ninguna"]
[80,"Número de observaciones presentadas por las veedurías ciudadanas u otras formas de organización social",4,"Ninguna"]
[90,"Número de correctivos o mejoras adoptadas por la entidad como resultado de los derechos de petición presentados por las veedurías y la ciudadanía en general",1,"Ninguna"]
[100,"Número iniciativas ciudadanas acogidas en la planeación interna luego realizar las actividades de promoción de participación y actividades destinadas",10,"Ninguna"]
[110,"Número de funcionarios que atienden directamente al público",50,"Ninguna"]
[120,"Número de derechos de petición recibidos por la entidad durante la vigencia",300,"Ninguna"]
[130,"Número de días promedio de trámite (hasta la remisión de la respuesta de fondo al peticionario) de derechos de petición durante la vigencia",10,"Ninguna"]
[140,"Número de participantes de acciones de diálogo definidas por la entidad para la Rendición de Cuentas",120,"Ninguna"]

{"sheet":"F39.1.3  RESULTADOS DE LA PA...","index":16,"n_rows":351004,"n_cols":6,"rows_kept":351004,"merged":[[7,1,7,5],[13,1,13,5]]}
[null,"Tipo Modalidad",51,"M-1: CUENTA O INFORME ANUAL CONSOLIDADO"]
[null,"Formulario",569,"F39.1.3: RESULTADOS DE LA PARTICIPACION CIUDADANA EN LA GESTIÓN DE LA ENTIDAD"]
[null,"Moneda Informe",1]
[null,"Entidad",104]
[null,"Fecha","2019-12-31"]
[null,"Periodicidad",12,"ANUAL"]
[]
["[1]","0 EXPERIENCIAS DE PARTICIPACIÓN CIUDADANA EN LA ENTIDAD"]
[null,null,4,8,12,16]
[null,null,"RESPUESTA","TIPO","DESCRIPCIÓN","OBSERVACIONES"]
[1,"FILA_1","1 SI","1 PRESENCIAL","La ciudadania de cordoba participa en los procesos educativo ambientales","Los PROCEDA en cordoba estan asociados a la instalacion, promocion, divulgacion y proyeccion de proyectos comunitarios ambientales."]
[2,"FILA_2","1 SI","1 PRESENCIAL","La CVS promueve la participacion ciudana en el proceso de investigacion- sistematizacion de los proyectos ambientales escolares, como estrategia para la cualificacion de actores de las instituciones educativas del departamento de cordoba",""]
[]
["[2]","0 INSTANCIAS DE PARTICIPACIÓN ESPECÍFICAS CREADAS POR LEY PARA LA ENTIDAD"]
[null,null,4,8,12,16]
[null,null,"RESPUESTA","TIPO","DESCRIPCIÓN","OBSERVACIONES"]
[1,"FILA_1","1 SI","1 PRESENCIAL","En el cumplimiento de sentencias de acciones populares, la CVS en calidad de autoridad ambiental se ve conminada al cumplimiento de acciones en las cuales es determinante la participacion ciudadana en los temas ambientales que afectan a las comunidades","Acciones populares, tutelas"]
{"$rows_empty":350985}
["1 SI","1 PRESENCIAL"]
["2 NO","2 VIRTUAL"]

{"sheet":"F39.2  ACCIONES PARA GARANTI...","index":17,"n_rows":13,"n_cols":7,"rows_kept":13,"merged":[[7,1,7,6]]}
[null,"Tipo Modalidad",51,"M-1: CUENTA O INFORME ANUAL CONSOLIDADO"]
[null,"Formulario",570,"F39.2: ACCIONES PARA GARANTIZAR EL DERECHO A LA PARTICIPACIÓN CIUDADANA Y EL CONTROL SOCIAL"]
[null,"Moneda Informe",1]
[null,"Entidad",104]
[null,"Fecha","2019-12-31"]
[null,"Periodicidad",12,"ANUAL"]
[]
["[1]","0 ACCIONES DE PROMOCIÓN PARA LA PARTICIPACIÓN CIUDADANA EN LA GESTIÓN PÚBLICA"]
[null,null,4,8,12,16,20]
[null,null,"DEPENDENCIA RESPONSABLE","RECURSOS FINANCIEROS APROBADOS","RECURSOS FINANCIEROS EJECUTADOS","NÚMERO DE ACCIONES","OBSERVACIONES"]
[10,"Acciones de empoderamiento de grupos poblacionales específicos o sectoriales (regalías, medioambiente, infraestructura) incluidos dentro de la misión de la entidad","Subdireccion planeacion",0,0,0,"Niguna"]
[20,"Acciones para la promoción del control social según normatividad específica (Red Institucional de Apoyo a las Veedurías, Comisión Regional de Moralización, Plan Nacional de Formación)","Secretaria General",0,0,0,"Ninguna"]
[30,"Mecanismos de participación ciudadana a cargo de la entidad por norma legal (consultas previas, audiencias públicas ambientales,  mecanismos del artículo 103 de la Constitución Política)","Secretaria General",200000,200000,3,"Ninguna"]